{"text_format":"3","workbook":"xlsx","n_sheets":30,"sheets":["2020年政府采购汇总表","一中","2二中","3职专","4五 中","5六中","6欧中","7八中","8九中","采购目录","9进修","10白莲","11草市","12.大浦","13甘溪","14高湖","15洣水","16南湾","17蓬源","18荣桓","19三樟","20石滩","21石湾","22吴集","23霞流","24新塘","25杨林","26杨桥","27向阳","28杨山"],"not_rendered":{"comments":28},"read":"whole","date_system":"1900"}

{"sheet":"2020年政府采购汇总表","index":0,"n_rows":33,"n_cols":27,"rows_kept":33,"hidden":true,"merged":[[0,0,0,4],[1,0,1,17],[2,0,3,0],[2,1,3,1],[2,2,3,2],[2,3,3,3],[2,4,3,4],[2,5,3,5],[2,6,3,6],[2,7,3,7],[2,8,3,8],[2,9,3,9],[2,10,3,10],[2,11,3,11],[2,12,3,12],[2,13,3,13],[2,14,3,14],[2,15,2,17],[2,19,2,21],[2,22,2,24],[4,0,4,4],[5,1,5,4],[6,1,6,4],[7,1,7,4],[8,1,8,4],[9,1,9,4],[10,1,10,4],[11,1,11,4],[12,1,12,4],[13,1,13,4],[14,1,14,4],[15,1,15,4],[16,1,16,4],[17,1,17,4],[18,1,18,4],[19,1,19,4],[20,1,20,4],[21,1,21,4],[22,1,22,4],[23,1,23,4],[24,1,24,4],[25,1,25,4],[26,1,26,4],[27,1,27,4],[28,1,28,4],[29,1,29,4],[30,1,30,4],[31,1,31,3],[32,1,32,3]]}
["附表二"]
["   2020年衡东县教育系统政府采购计划表"]
["序号","乡",null,"学校名称","采购项目名称","采购项目编码","采购类别","采购项目简述（主要参数）","规格型号","参考\n单价","采购数量","采购预算\n资金合计","拟采用采购方式","采购方式","计划采购时间","资金来源（元）",{"$nulls":3},"学生",null,null,"标准",null,null,"公用经费40%\n合计","40%节余"]
[{"$nulls":15},"合计","预算内资金","其他资金",null,"小学","初中","高中","小学","初中","省示范高中800\n市示范高中640"]
["衡东县教育汇总",{"$nulls":10},{"$f":"SUM(L6:L39)","v":{"v":20005838,"d":"20,005,838"}},0,0,0,{"v":19041720,"d":"19,041,720"},{"v":18339224,"d":"18,339,224"},{"v":702496,"d":"702,496"},null,{"$f":"SUM(T6:T40)","v":{"v":47740,"d":"47,740"}},{"$f":"SUM(U6:U40)","v":{"v":14681,"d":"14,681"}},{"$f":"SUM(V6:V40)","v":{"v":12263,"d":"12,263"}},{"$nulls":3},{"$f":"SUM(Z6:Z40)","v":{"v":24956320,"d":"24,956,320"}},{"$f":"SUM(L5/Z5)","v":{"v":0.801634135160953,"d":"80.16%"}}]
[1,"衡东县第一中学",{"$nulls":9},{"$f":"一中!L6","v":{"v":964118,"d":"964,118"}},{"$nulls":3},{"$f":"Q6+R6","v":{"v":964118,"d":"964,118"}},{"$f":"一中!Q6","v":{"v":964118,"d":"964,118"}},{"$f":"一中!R6","v":0},{"$nulls":3},3009,{"$f":"600*0.4","v":240},{"$f":"800*0.4","v":320},{"$f":"2000*0.4","v":800},{"$f":"SUM(T6*W6+U6*X6+V6*Y6)","v":{"v":2407200,"d":"2,407,200"}},{"v":0.400514290461947,"d":"40.05%"}]
[2,"衡东县第二中学",{"$nulls":9},{"$f":"'2二中'!L6","v":{"v":1561490,"d":"1,561,490"}},{"$nulls":3},{"v":1561490,"d":"1,561,490"},{"$f":"'2二中'!Q6","v":{"v":1561490,"d":"1,561,490"}},{"$nulls":3},1045,2984,{"$f":"600*0.4","v":240},{"$f":"800*0.4","v":320},640,{"v":2244160,"d":"2,244,160"},{"v":0.695801547126765,"d":"69.58%"}]
[3,"衡东职专",{"$nulls":9},{"$f":"'3职专'!K5","v":{"v":1043740,"d":"1,043,740"}},{"$nulls":3},{"v":1043740,"d":"1,043,740"},{"$f":"'3职专'!P5","v":{"v":1043740,"d":"1,043,740"}},{"$nulls":4},1472,null,null,960,{"v":1413120,"d":"1,413,120"},{"v":0.738606770833333,"d":"73.86%"}]
[4,"衡东县第五中学",{"$nulls":9},{"$f":"'4五 中'!L5","v":{"v":534280,"d":"534,280"}},{"$nulls":3},{"v":534280,"d":"534,280"},{"$f":"'4五 中'!Q5","v":{"v":534280,"d":"534,280"}},{"$nulls":3},277,1525,{"$f":"600*0.4","v":240},{"$f":"800*0.4","v":320},640,{"v":1064640,"d":"1,064,640"},{"v":0.501840997896002,"d":"50.18%"}]
[5,"衡东县第六中学",{"$nulls":9},{"$f":"'5六中'!L5","v":{"v":120000,"d":"120,000"}},{"$nulls":3},{"v":120000,"d":"120,000"},{"$f":"'5六中'!Q5","v":{"v":120000,"d":"120,000"}},{"$f":"'5六中'!R5","v":0},null,null,{"v":1146,"d":"1,146"},null,240,320,640,{"v":366720,"d":"366,720"},{"v":0.327225130890052,"d":"32.72%"}]
[6,"欧中",{"$nulls":9},{"$f":"'6欧中'!L4","v":{"v":1029213,"d":"1,029,213"}},{"$nulls":3},{"v":1029213,"d":"1,029,213"},{"$f":"'6欧中'!Q4","v":{"v":931213,"d":"931,213"}},{"$f":"'6欧中'!R4","v":{"v":98000,"d":"98,000"}},null,null,885,2498,240,320,640,{"v":1881920,"d":"1,881,920"},{"v":0.546895192144193,"d":"54.69%"}]
[7,"八中",{"$nulls":9},{"$f":"'7八中'!L5","v":{"v":100000,"d":"100,000"}},{"$nulls":3},{"v":100000,"d":"100,000"},{"$f":"'7八中'!Q5","v":{"v":100000,"d":"100,000"}},{"$nulls":3},603,567,240,320,640,{"v":555840,"d":"555,840"},{"v":0.179907887161773,"d":"17.99%"}]
[8,"九中",{"$nulls":9},{"$f":"'8九中'!L4","v":{"v":383380,"d":"383,380"}},{"$nulls":3},{"v":383380,"d":"383,380"},{"$f":"'8九中'!P4","v":{"v":383380,"d":"383,380"}},{"$nulls":3},1094,0,240,320,640,{"v":350080,"d":"350,080"},{"v":1.09512111517367,"d":"109.51%"}]
[9,"进修",{"$nulls":9},{"$f":"'9进修'!K4","v":{"v":576620,"d":"576,620"}},{"$nulls":3},{"v":576620,"d":"576,620"},{"$f":"'9进修'!O4","v":{"v":576620,"d":"576,620"}},{"$nulls":3},0,208,240,320,640,{"v":133120,"d":"133,120"},{"v":4.33158052884615,"d":"433.16%"}]
[10,"白莲",{"$nulls":9},{"$f":"'10白莲'!L4","v":{"v":387948,"d":"387,948"}},{"$nulls":3},{"v":387948,"d":"387,948"},{"$f":"'10白莲'!P4","v":{"v":387948,"d":"387,948"}},null,null,1251,331,0,240,320,640,{"v":406160,"d":"406,160"},{"v":0.95516052787079,"d":"95.52%"}]
[11,"草市",{"$nulls":9},{"$f":"'11草市'!L5","v":{"v":682346,"d":"682,346"}},{"$nulls":3},{"v":682346,"d":"682,346"},{"$f":"'11草市'!P5","v":{"v":682346,"d":"682,346"}},null,null,2331,794,0,240,320,640,{"v":813520,"d":"813,520"},{"v":0.838757498279084,"d":"83.88%"}]
[12,"大浦",{"$nulls":9},{"$f":"'12.大浦'!L5","v":{"v":985758,"d":"985,758"}},{"$nulls":3},{"v":985758,"d":"985,758"},{"$f":"'12.大浦'!P5","v":{"v":985758,"d":"985,758"}},null,null,3570,1577,0,240,320,640,{"v":1361440,"d":"1,361,440"},{"v":0.724055411916794,"d":"72.41%"}]
[13,"甘溪",{"$nulls":9},{"$f":"'13甘溪'!L5","v":{"v":338660,"d":"338,660"}},{"$nulls":3},{"v":338660,"d":"338,660"},{"$f":"'13甘溪'!P5","v":{"v":338660,"d":"338,660"}},null,null,1223,344,0,240,320,640,{"v":403600,"d":"403,600"},{"v":0.839098116947473,"d":"83.91%"}]
[14,"高湖",{"$nulls":9},{"$f":"'14高湖'!L5","v":{"v":497740,"d":"497,740"}},{"$nulls":3},{"v":497740,"d":"497,740"},{"$f":"'14高湖'!P5","v":{"v":497740,"d":"497,740"}},null,null,1746,622,0,240,320,640,{"v":618080,"d":"618,080"},{"v":0.805300284752783,"d":"80.53%"}]
[15,"洣水",{"$nulls":9},{"$f":"'15洣水'!L5","v":{"v":4114358,"d":"4,114,358"}},{"$nulls":3},{"v":4114358,"d":"4,114,358"},{"$f":"'15洣水'!P5","v":{"v":4114358,"d":"4,114,358"}},null,null,16529,1637,0,240,320,640,{"v":4490800,"d":"4,490,800"},{"v":0.916174846352543,"d":"91.62%"}]
[16,"南湾",{"$nulls":9},{"$f":"'16南湾'!L5","v":{"v":208898,"d":"208,898"}},{"$nulls":3},{"v":208898,"d":"208,898"},{"$f":"'16南湾'!P5","v":{"v":208898,"d":"208,898"}},null,null,598,216,0,240,320,640,{"v":212640,"d":"212,640"},{"v":0.982402182091798,"d":"98.24%"}]
[17,"蓬源",{"$nulls":9},{"$f":"'17蓬源'!L5","v":{"v":188700,"d":"188,700"}},{"$nulls":3},{"v":188700,"d":"188,700"},{"$f":"'17蓬源'!P5","v":{"v":188700,"d":"188,700"}},null,null,891,183,0,240,320,640,{"v":272400,"d":"272,400"},{"v":0.69273127753304,"d":"69.27%"}]
[18,"荣桓",{"$nulls":9},{"$f":"'18荣桓'!L5","v":{"v":277200,"d":"277,200"}},{"$nulls":3},{"v":277200,"d":"277,200"},{"$f":"'18荣桓'!P5","v":{"v":277200,"d":"277,200"}},null,null,1399,302,0,240,320,640,{"v":432400,"d":"432,400"},{"v":0.641073080481036,"d":"64.11%"}]
[19,"三樟",{"$nulls":9},{"$f":"'19三樟'!L5","v":{"v":438119,"d":"438,119"}},{"$nulls":3},{"v":438119,"d":"438,119"},{"$f":"'19三樟'!P5","v":{"v":438119,"d":"438,119"}},null,null,1653,362,0,240,320,640,{"v":512560,"d":"512,560"},{"v":0.854766271265803,"d":"85.48%"}]
[20,"石滩",{"$nulls":9},{"$f":"'20石滩'!L5","v":{"v":480590,"d":"480,590"}},{"$nulls":3},{"v":480590,"d":"480,590"},{"$f":"'20石滩'!P5","v":{"v":480590,"d":"480,590"}},null,null,1748,638,0,240,320,640,{"v":623680,"d":"623,680"},{"v":0.770571446895844,"d":"77.06%"}]
[21,"石湾",{"$nulls":9},{"$f":"'21石湾'!L5","v":{"v":672765,"d":"672,765"}},{"$nulls":3},{"v":672765,"d":"672,765"},{"$f":"'21石湾'!P5","v":{"v":672765,"d":"672,765"}},null,null,2401,195,0,240,320,640,{"v":638640,"d":"638,640"},{"v":1.05343385945133,"d":"105.34%"}]
[22,"吴集",{"$nulls":9},{"$f":"'22吴集'!L5","v":{"v":669858,"d":"669,858"}},{"$nulls":3},{"v":669858,"d":"669,858"},{"$f":"'22吴集'!P5","v":{"v":669858,"d":"669,858"}},null,null,2926,548,0,240,320,640,{"v":877600,"d":"877,600"},{"v":0.763283956244303,"d":"76.33%"}]
[23,"霞流",{"$nulls":9},{"$f":"'23霞流'!L5","v":{"v":579870,"d":"579,870"}},{"$nulls":3},{"v":579870,"d":"579,870"},{"$f":"'23霞流'!P5","v":{"v":579870,"d":"579,870"}},null,null,1769,663,0,240,320,640,{"v":636720,"d":"636,720"},{"v":0.910714285714286,"d":"91.07%"}]
[24,"新塘",{"$nulls":9},{"$f":"'24新塘'!L5","v":{"v":597710,"d":"597,710"}},{"$nulls":3},{"v":597710,"d":"597,710"},{"$f":"'24新塘'!P5","v":{"v":597710,"d":"597,710"}},null,null,3482,379,0,240,320,640,{"v":956960,"d":"956,960"},{"v":0.624592459454941,"d":"62.46%"}]
[25,"杨林",{"$nulls":9},{"$f":"'25杨林'!L5","v":{"v":576093,"d":"576,093"}},{"$nulls":3},{"v":576093,"d":"576,093"},{"$f":"'25杨林'!P5","v":{"v":576093,"d":"576,093"}},null,null,2274,525,0,240,320,640,{"v":713760,"d":"713,760"},{"v":0.807124243443174,"d":"80.71%"}]
[26,"杨桥",{"$nulls":9},{"$f":"'26杨桥'!L5","v":{"v":427770,"d":"427,770"}},{"$nulls":3},{"v":427770,"d":"427,770"},{"$f":"'26杨桥'!P5","v":{"v":427770,"d":"427,770"}},null,null,1949,315,0,240,320,640,{"v":568560,"d":"568,560"},{"v":0.752374419586323,"d":"75.24%"}]
[27,"向阳幼儿园",{"$nulls":9},{"$f":"'27向阳'!L5","v":{"v":604496,"d":"604,496"}},{"$nulls":3},{"$f":"'27向阳'!P5","v":604496},null,{"$f":"'27向阳'!R5","v":604496}]
[28,"杨山",{"$nulls":9},{"$f":"'28杨山'!L6","v":{"v":964118,"d":"964,118"}}]

{"sheet":"一中","index":1,"n_rows":73,"n_cols":27,"rows_kept":73,"hidden":true,"merged":[[0,0,0,4],[1,0,1,17],[2,0,3,0],[2,1,3,1],[2,2,3,2],[2,3,3,3],[2,4,3,4],[2,5,3,5],[2,6,3,6],[2,7,3,7],[2,8,3,8],[2,9,3,9],[2,10,3,10],[2,11,3,11],[2,12,3,12],[2,13,3,13],[2,14,3,14],[2,15,2,17],[2,19,2,21],[2,22,2,24],[4,0,4,4],[5,0,5,4]]}
["附表二"]
["   2020年衡东县教育系统政府采购计划表"]
["序号","乡",null,"学校名称","采购项目名称","采购项目编码","采购类别","采购项目简述（主要参数）","规格型号","参考\n单价","采购数量","采购预算\n资金合计","拟采用采购方式","采购方式","计划采购时间","资金来源（元）",{"$nulls":3},"学生",null,null,"标准",null,null,"公用经费40%\n合计","40%节余"]
[{"$nulls":15},"合计","预算内资金","其他资金",null,"小学","初中","高中","小学","初中","省示范高中800\n市示范高中640"]
["衡东县第一中学汇总",{"$nulls":10},{"$f":"SUM(L6)","v":{"v":964118,"d":"964,118"}},{"$nulls":3},{"$f":"SUM(P6)","v":{"v":964118,"d":"964,118"}},{"$f":"SUM(Q6)","v":{"v":964118,"d":"964,118"}},0,{"$nulls":3},3009,{"$f":"600*0.4","v":240},{"$f":"800*0.4","v":320},{"$f":"2000*0.4","v":800},{"$f":"SUM(T5*W5+U5*X5+V5*Y5)","v":{"v":2407200,"d":"2,407,200"}},{"$f":"SUM(T5*W5+U5*X5+V5*Y5-P5)","v":{"v":1443082,"d":"1,443,082"}}]
["衡东县第一中学",{"$nulls":10},{"$f":"SUM(L7:L73)","v":{"v":964118,"d":"964,118"}},{"$nulls":3},{"$f":"SUM(P7:P73)","v":{"v":964118,"d":"964,118"}},{"$f":"SUM(Q7:Q73)","v":{"v":964118,"d":"964,118"}},0,{"$nulls":3},3009,{"$f":"600*0.4","v":240},{"$f":"800*0.4","v":320},800,{"$f":"SUM(T6*W6+U6*X6+V6*Y6)","v":{"v":2407200,"d":"2,407,200"}},{"$f":"SUM(T6*W6+U6*X6+V6*Y6-P6)","v":{"v":1443082,"d":"1,443,082"}}]
[1,"县直",null,"衡东县一中","台式电脑","A02010104","物资","联想 T4900V I3-810/8G/1TB","台",3680,10,{"$f":"SUM(K7*J7)","v":36800},"自主采购",null,"2019年",{"$f":"SUM(L7)","v":{"v":36800,"d":"36,800"}},{"$f":"SUM(P7)","v":{"v":36800,"d":"36,800"}},0]
[2,"县直",null,"衡东县一中","教师上课用手提电脑","A02010105","物资","教师上课用手提电脑","台",4000,10,40000,"自主采购",null,"2019年",{"v":40000,"d":"40,000"},{"v":40000,"d":"40,000"},0]
[3,"县直",null,"衡东县一中","日立投影机hcp-380x","A020202","物资","包安装","台",3980,15,59700,"自主采购",null,"2019年",{"v":59700,"d":"59,700"},{"v":59700,"d":"59,700"},0]
[4,"县直",null,"衡东县一中","100*100幕布","A02","物资","三星100寸","块",700,10,7000,"自主采购",null,"2019年",{"v":7000,"d":"7,000"},{"v":7000,"d":"7,000"},0]
[5,"县直",null,"衡东县一中","20米VGA线（公母头）","A02","物资","20米VGA线（公母头）","根",400,10,4000,"自主采购",null,"2019年",{"v":4000,"d":"4,000"},{"v":4000,"d":"4,000"},0]
[6,"县直",null,"衡东县一中","3米VGA线（公母头）","A02","物资","3米VGA线（公母头）","根",65,20,1300,"自主采购",null,"2019年",{"v":1300,"d":"1,300"},{"v":1300,"d":"1,300"},0]
[7,"县直",null,"衡东县一中","10米音频线","A02","物资","秋叶原音频线10米安装","根",78,16,1248,"自主采购",null,"2019年",{"v":1248,"d":"1,248"},{"v":1248,"d":"1,248"},0]
[8,"县直",null,"衡东县一中","5120交换机（h3c)","A0201020201","物资","5120交换机（h3c)","台",5000,5,25000,"自主采购",null,"2019年",{"v":25000,"d":"25,000"},{"v":25000,"d":"25,000"},0]
[9,"县直",null,"衡东县一中","无线路由器","A02010202","物资","无线路由器","台",280,10,2800,"自主采购",null,"2019年",{"v":2800,"d":"2,800"},{"v":2800,"d":"2,800"},0]
[10,"县直",null,"衡东县一中","24寸显示器","A0201060401","物资","24寸显示器","台",900,5,4500,"自主采购",null,"2019年",{"v":4500,"d":"4,500"},{"v":4500,"d":"4,500"},0]
[11,"县直",null,"衡东县一中","SSD硬盘240G","A02","物资","SSD硬盘240G","块",480,10,4800,"自主采购",null,"2019年",{"v":4800,"d":"4,800"},{"v":4800,"d":"4,800"},0]
[12,"县直",null,"衡东县一中","内存DDR3 4G","A02","物资","内存DDR3 4G","条",270,10,2700,"自主采购",null,"2019年",{"v":2700,"d":"2,700"},{"v":2700,"d":"2,700"},0]
[13,"县直",null,"衡东县一中","HDD硬盘 1TB","A02","物资","HDD硬盘 1TB","块",300,10,3000,"自主采购",null,"2019年",{"v":3000,"d":"3,000"},{"v":3000,"d":"3,000"},0]
[14,"县直",null,"衡东县一中","内存DDR4 8G","A02","物资","内存DDR4 8G","斤",500,5,2500,"自主采购",null,"2019年",{"v":2500,"d":"2,500"},{"v":2500,"d":"2,500"},0]
[15,"县直",null,"衡东县一中","多媒体、监控、网络维修维护",null,"服务","多媒体、监控、网络维修维护","年",30000,1,30000,"自主采购",null,"2019年",{"v":30000,"d":"30,000"},{"v":30000,"d":"30,000"},0]
[16,"县直",null,"衡东县一中","电脑","A02010104","物资","HP台式机  I5/8G/1TB/24寸","台",4800,3,14400,"自主采购",null,"2019年",{"v":14400,"d":"14,400"},{"v":14400,"d":"14,400"},0]
[17,"县直",null,"衡东县一中","录播摄像头",null,"物资","中庆录播摄像头","台",6000,2,12000,"自主采购",null,"2019年",{"v":12000,"d":"12,000"},{"v":12000,"d":"12,000"},0]
[18,"县直",null,"衡东县一中","电源线",null,"物资","2*0.75","米",2,1000,2000,"自主采购",null,"2019年",{"v":2000,"d":"2,000"},{"v":2000,"d":"2,000"},0]
[19,"县直",null,"衡东县一中","教师电脑桌",null,"物资","1.2米*0.6米","张",1000,1,1000,"自主采购",null,"2019年",{"v":1000,"d":"1,000"},{"v":1000,"d":"1,000"},0]
[20,"县直",null,"衡东县一中","黑板",null,"物资","电脑制作室专用2米*1米","块",600,1,600,"自主采购",null,"2019年",600,600,0]
[21,"县直",null,"衡东县一中","电子显示屏接收器",null,"物资","网络数据卡控制卡","块",480,2,960,"自主采购",null,"2019年",960,960,0]
[22,"县直",null,"衡东县一中","电脑制作室电脑",null,"物资","I5-9600K/8G/1TB/8G组装机","台",6480,1,6480,"自主采购",null,"2019年",{"v":6480,"d":"6,480"},{"v":6480,"d":"6,480"},0]
[23,"县直",null,"衡东县一中","投影机吊架",null,"物资","专用投影机吊架","套",260,3,780,"自主采购",null,"2019年",780,780,0]
[24,"县直",null,"衡东县一中","打印机","A0202","物资","双面打印带复印HP  M427","台",4980,2,9960,"自主采购",null,"2019年",{"v":9960,"d":"9,960"},{"v":9960,"d":"9,960"},0]
[25,"县直",null,"衡东县一中","碎纸机","A02021101","物资","科密3688","台",880,2,1760,"自主采购",null,"2019年",{"v":1760,"d":"1,760"},{"v":1760,"d":"1,760"},0]
[26,"县直",null,"衡东县一中","验钞机",null,"物资","威融验钞机","台",1200,1,1200,"自主采购",null,"2019年",{"v":1200,"d":"1,200"},{"v":1200,"d":"1,200"},0]
[27,"县直",null,"衡东县一中","跑表（60道）",null,"物资","跑表（60道）","块",120,20,2400,"自主采购",null,"2019年",{"v":2400,"d":"2,400"},{"v":2400,"d":"2,400"},0]
[28,"县直",null,"衡东县一中","游泳圈",null,"物资","游泳圈","个",22,100,2200,"自主采购",null,"2019年",{"v":2200,"d":"2,200"},{"v":2200,"d":"2,200"},0]
[29,"县直",null,"衡东县一中","白云军绿刚柄900拖把",null,"物资","白云军绿刚柄900拖把","把",28,40,1120,"自主采购",null,"2019年",{"v":1120,"d":"1,120"},{"v":1120,"d":"1,120"},0]
[30,"县直",null,"衡东县一中","南孚电池5号",null,"物资","南孚电池5号","粒",1.9,850,1615,"自主采购",null,"2019年",{"v":1615,"d":"1,615"},{"v":1615,"d":"1,615"},0]
[31,"县直",null,"衡东县一中","南孚电池7号",null,"物资","南孚电池7号","粒",1.9,450,855,"自主采购",null,"2019年",855,855,0]
[32,"县直",null,"衡东县一中","南孚电池9号",null,"物资","南孚电池9号","粒",12,80,960,"自主采购",null,"2019年",960,960,0]
[33,"县直",null,"衡东县一中","欧普LED9W灯泡",null,"物资","欧普LED9W灯泡","个",15.8,100,{"$f":"SUM(K39*J39)","v":1580},"自主采购",null,"2019年",{"$f":"SUM(L39)","v":{"v":1580,"d":"1,580"}},{"$f":"SUM(P39)","v":{"v":1580,"d":"1,580"}},0]
[34,"县直",null,"衡东县一中","广播线",null,"物资","恒飞2*1.0","米",2.2,1000,2200,"自主采购",null,"2019年",{"v":2200,"d":"2,200"},{"v":2200,"d":"2,200"},0]
[35,"县直",null,"衡东县一中","飞行48寸吊扇",null,"物资","飞行48寸吊扇","把",39,30,1170,"自主采购",null,"2019年",{"v":1170,"d":"1,170"},{"v":1170,"d":"1,170"},0]
[36,"县直",null,"衡东县一中","草酸（洗厕所用）",null,"物资","草酸（洗厕所用）","桶",68,20,1360,"自主采购",null,"2019年",{"v":1360,"d":"1,360"},{"v":1360,"d":"1,360"},0]
[37,"县直",null,"衡东县一中","油墨","A09","物资","油墨","支",180,80,14400,"自主采购",null,"2019年",{"v":14400,"d":"14,400"},{"v":14400,"d":"14,400"},0]
[38,"县直",null,"衡东县一中","版纸","A09","物资","版纸","支",380,40,15200,"自主采购",null,"2019年",{"v":15200,"d":"15,200"},{"v":15200,"d":"15,200"},0]
[39,"县直",null,"衡东县一中","8K油印纸","A09","物资","8K油印纸","锭",310,200,62000,"自主采购",null,"2019年",{"v":62000,"d":"62,000"},{"v":62000,"d":"62,000"},0]
[40,"县直",null,"衡东县一中","A4散装纸","A09","物资","A4散装纸","锭",310,20,6200,"自主采购",null,"2019年",{"v":6200,"d":"6,200"},{"v":6200,"d":"6,200"},0]
[41,"县直",null,"衡东县一中","A4包装纸","A09","物资","A4包装纸","锭",200,40,8000,"自主采购",null,"2019年",{"v":8000,"d":"8,000"},{"v":8000,"d":"8,000"},0]
[42,"县直",null,"衡东县一中","地膜胶",null,"物资","地膜胶","块",70,110,7700,"自主采购",null,"2019年",{"v":7700,"d":"7,700"},{"v":7700,"d":"7,700"},0]
[43,"县直",null,"衡东县一中","不锈钢门",null,"物资","不锈钢门","条",1600,1,1600,"自主采购",null,"2019年",{"v":1600,"d":"1,600"},{"v":1600,"d":"1,600"},0]
[44,"县直",null,"衡东县一中","密码锁",null,"物资","密码锁","把",1280,1,1280,"自主采购",null,"2019年",{"v":1280,"d":"1,280"},{"v":1280,"d":"1,280"},0]
[45,"县直",null,"衡东县一中","铁皮柜（15格）",null,"物资","铁皮柜（15格）","个",800,2,1600,"自主采购",null,"2019年",{"v":1600,"d":"1,600"},{"v":1600,"d":"1,600"},0]
[46,"县直",null,"衡东县一中","电钢琴",null,"物资","电钢琴","台",5000,2,10000,"自主采购",null,"2019年",{"v":10000,"d":"10,000"},{"v":10000,"d":"10,000"},0]
[47,"县直",null,"衡东县一中","校园文化建设设计费",null,"服务","校园文化建设设计费","次",55000,1,55000,"自主采购",null,"2019年",{"v":55000,"d":"55,000"},{"v":55000,"d":"55,000"},0]
[48,"县直",null,"衡东县一中","木课桌椅",null,"物资","木课桌椅","套",180,200,36000,"自主采购",null,"2019年",{"v":36000,"d":"36,000"},{"v":36000,"d":"36,000"},0]
[49,"县直",null,"衡东县一中","空调",null,"物资","空调","台",6000,10,60000,"自主采购",null,"2019年",{"v":60000,"d":"60,000"},{"v":60000,"d":"60,000"},0]
[50,"县直",null,"衡东县一中","医务室用药品",null,"物资","医务室用药品","年",20000,1,20000,"自主采购",null,"2019年",{"v":20000,"d":"20,000"},{"v":20000,"d":"20,000"},0]
[51,"县直",null,"衡东县一中","美术器材",null,"物资","美术器材","一批",20000,1,20000,"自主采购",null,"2019年",{"v":20000,"d":"20,000"},{"v":20000,"d":"20,000"},0]
[52,"县直",null,"衡东县一中","防碰撞据马",null,"物资","防碰撞据马","米",1000,9,9000,"自主采购",null,"2019年",{"v":9000,"d":"9,000"},{"v":9000,"d":"9,000"},0]
[53,"县直",null,"衡东县一中","复合木地板",null,"物资","复合木地板","㎡",70,60,4200,"自主采购",null,"2019年",{"v":4200,"d":"4,200"},{"v":4200,"d":"4,200"},0]
[54,"县直",null,"衡东县一中","物理、化学、生物实验室仪器药品",null,"物资","物理、化学、生物实验室仪器药品","一批",30000,1,30000,"自主采购",null,"2019年",{"v":30000,"d":"30,000"},{"v":30000,"d":"30,000"},0]
[55,"县直",null,"衡东县一中","校园内白蚁防治购买服务",null,"服务","校园内白蚁防治购买服务","年",20000,1,20000,"自主采购",null,"2019年",{"v":20000,"d":"20,000"},{"v":20000,"d":"20,000"},0]
[56,"县直",null,"衡东县一中","窗帘",null,"物资","教室用窗帘","个",700,20,14000,"自主采购",null,"2019年",{"v":14000,"d":"14,000"},{"v":14000,"d":"14,000"},0]
[57,"县直",null,"衡东县一中","护眼灯",null,"物资","护眼灯","盏",80,20,1600,"自主采购",null,"2019年",{"v":1600,"d":"1,600"},{"v":1600,"d":"1,600"},0]
[58,"县直",null,"衡东县一中","前校门华灯",null,"物资","前校门华灯","盏",30000,2,60000,"自主采购",null,"2019年",{"v":60000,"d":"60,000"},{"v":60000,"d":"60,000"},0]
[59,"县直",null,"衡东县一中","速印机、复印一体机租赁费",null,null,"速印机、复印一体机租赁费","年",20000,1,20000,"自主采购",null,"2019年",{"v":20000,"d":"20,000"},{"v":20000,"d":"20,000"},0]
[60,"县直",null,"衡东县一中","“清风园：廉政文化墙下绿化池","B08",null,"工程","项",7000,1,7000,"自主采购",null,"2019年",{"v":7000,"d":"7,000"},{"v":7000,"d":"7,000"},0]
[61,"县直",null,"衡东县一中","13栋205室卫生间、洗漱间防水翻修","B08",null,"维修","项",10000,1,10000,"自主采购",null,"2019年",{"v":10000,"d":"10,000"},{"v":10000,"d":"10,000"},0]
[62,"县直",null,"衡东县一中","体艺组办公室屋顶防水维修","B08",null,"维修","项",23000,1,23000,"自主采购",null,"2019年",{"v":23000,"d":"23,000"},{"v":23000,"d":"23,000"},0]
[63,"县直",null,"衡东县一中","图书馆卫生间漏水维修","B08",null,"一共三层楼","层",10000,3,30000,"自主采购",null,"2019年",{"v":30000,"d":"30,000"},{"v":30000,"d":"30,000"},0]
[64,"县直",null,"衡东县一中","16栋公寓楼屋顶防水","B08",null,"维修","㎡",43,800,34400,"自主采购",null,"2019年",{"v":34400,"d":"34,400"},{"v":34400,"d":"34,400"},0]
[65,"县直",null,"衡东县一中","田径场跑道维修","B08",null,"维修","项",20000,1,{"$f":"SUM(K71*J71)","v":20000},"自主采购",null,"2019年",{"v":20000,"d":"20,000"},{"$f":"SUM(P71)","v":{"v":20000,"d":"20,000"}},0]
[66,"县直",null,"衡东县一中","三栋二楼会议室屋顶维修","B08",null,"维修","项",20000,1,20000,"自主采购",null,"2019年",{"v":20000,"d":"20,000"},{"v":20000,"d":"20,000"},0]
[67,"县直",null,"衡东县一中","3栋至6栋三角坪地段绿化",null,null,"工程","项",49990,1,49990,"自主采购",null,"2019年",{"v":49990,"d":"49,990"},{"v":49990,"d":"49,990"},0]

{"sheet":"2二中","index":2,"n_rows":85,"n_cols":27,"rows_kept":85,"hidden":true,"merged":[[0,0,0,4],[1,0,1,17],[2,0,3,0],[2,1,3,1],[2,2,3,2],[2,3,3,3],[2,4,3,4],[2,5,3,5],[2,6,3,6],[2,7,3,7],[2,8,3,8],[2,9,3,9],[2,10,3,10],[2,11,3,11],[2,12,3,12],[2,13,3,13],[2,14,3,14],[2,15,2,17],[2,19,2,21],[2,22,2,24],[4,0,4,4],[5,0,5,4]]}
["附表二"]
["   2020年衡东县教育系统政府采购计划表"]
["序号","乡",null,"学校名称","采购项目名称","采购项目编码","采购类别","采购项目简述（主要参数）","规格型号","参考\n单价","采购数量","采购预算\n资金合计","拟采用采购方式","采购方式","计划采购时间","资金来源（元）",{"$nulls":3},"学生",null,null,"标准",null,null,"公用经费40%\n合计","40%节余"]
[{"$nulls":15},"合计","预算内资金","其他资金",null,"小学","初中","高中","小学","初中","省示范高中800\n市示范高中640"]
["衡东县二中汇总",{"$nulls":10},{"v":1561490,"d":"1,561,490"},{"$nulls":3},{"v":1561490,"d":"1,561,490"},{"v":1561490,"d":"1,561,490"},0,{"$nulls":4},300,400,{"$f":"800+300","v":1100},{"$f":"SUM(T5*W5+U5*X5+V5*Y5)*2*0.3","v":0}]
["衡东县二中",{"$nulls":10},{"v":1561490,"d":"1,561,490"},{"$nulls":3},{"v":1561490,"d":"1,561,490"},{"v":1561490,"d":"1,561,490"},0,null,null,1045,2984,{"$f":"600*0.4","v":240},{"$f":"800*0.4","v":320},640,{"$f":"SUM(T6*W6+U6*X6+V6*Y6)","v":{"v":2244160,"d":"2,244,160"}},{"$f":"SUM(T6*W6+U6*X6+V6*Y6-P6)","v":{"v":682670,"d":"682,670"}}]
[1,"县直",null,"衡东县二中","篮球",null,"物资","篮球","只",168,80,{"$f":"SUM(J7*K7)","v":13440},"自主采购",null,"2019年",{"v":13440,"d":"13,440"},{"v":13440,"d":"13,440"},0]
[2,"县直",null,"衡东县二中","羽毛球拍",null,"物资","羽毛球拍","付",28,160,4480,"自主采购",null,"2019年",{"v":4480,"d":"4,480"},{"v":4480,"d":"4,480"},0]
[3,"县直",null,"衡东县二中","羽毛球",null,"物资","羽毛球","筒",21,200,4200,"自主采购",null,"2019年",{"v":4200,"d":"4,200"},{"v":4200,"d":"4,200"},0]
[4,"县直",null,"衡东县二中","跳绳",null,"物资","跳绳","根",9.5,420,3990,"自主采购",null,"2019年",{"v":3990,"d":"3,990"},{"v":3990,"d":"3,990"},0]
[5,"县直",null,"衡东县二中","实心球",null,"物资","实心球","个",13,84,1092,"自主采购",null,"2019年",{"v":1092,"d":"1,092"},{"v":1092,"d":"1,092"},0]
[6,"县直",null,"衡东县二中","移动羽毛球柱",null,"物资","移动羽毛球柱","个",400,3,1200,"自主采购",null,"2019年",{"v":1200,"d":"1,200"},{"v":1200,"d":"1,200"},0]
[7,"县直",null,"衡东县二中","音响设备、音美教学器材",null,"物资","音响设备、音美教学器材","项",20000,1,{"$f":"SUM(K13*J13)","v":20000},"自主采购",null,"2019年",{"v":20000,"d":"20,000"},{"v":20000,"d":"20,000"},0]
[8,"县直",null,"衡东县二中","投影仪","A020202","物资","日立投影机hcp-380x（包安装）","台",3880,18,69840,"询价采购",null,"2019年",{"v":69840,"d":"69,840"},{"v":69840,"d":"69,840"},0]
[9,"县直",null,"衡东县二中","20米VGA线（公母头）","A02","物资","20米VGA线（公母头）","根",400,18,7200,"自主采购",null,"2019年",{"v":7200,"d":"7,200"},{"v":7200,"d":"7,200"},0]
[10,"县直",null,"衡东县二中","3米VGA线（公母头）","A02","物资","3米VGA线（公母头）","根",65,20,1300,"自主采购",null,"2019年",{"v":1300,"d":"1,300"},{"v":1300,"d":"1,300"},0]
[11,"县直",null,"衡东县二中","10米音频线","A02","物资","秋叶原音频线10米安装","根",78,18,1404,"自主采购",null,"2019年",{"v":1404,"d":"1,404"},{"v":1404,"d":"1,404"},0]
[12,"县直",null,"衡东县二中","24寸显示器","A0201060401","物资","24寸显示器","台",900,5,4500,"自主采购",null,"2019年",{"v":4500,"d":"4,500"},{"v":4500,"d":"4,500"},0]
[13,"县直",null,"衡东县二中","理化生实验室仪器药品",null,"物资","理、化、生实验仪器及药品","批",30000,1,30000,"自主采购",null,"2019年",{"v":30000,"d":"30,000"},{"v":30000,"d":"30,000"},0]
[14,"县直",null,"衡东县二中","医务室药品",null,"物资","医务室药品","批",30000,1,30000,"自主采购",null,"2019年",{"v":30000,"d":"30,000"},{"v":30000,"d":"30,000"},0]
[15,"县直",null,"衡东县二中","竹扫把",null,"物资","竹扫把","只",15,800,12000,"自主采购",null,"2019年",{"v":12000,"d":"12,000"},{"v":12000,"d":"12,000"},0]
[16,"县直",null,"衡东县二中","铁扫把",null,"物资","铁扫把","只",12,800,9600,"自主采购",null,"2019年",{"v":9600,"d":"9,600"},{"v":9600,"d":"9,600"},0]
[17,"县直",null,"衡东县二中","塑料扫把",null,"物资","塑料扫把","只",8,800,6400,"自主采购",null,"2019年",{"v":6400,"d":"6,400"},{"v":6400,"d":"6,400"},0]
[18,"县直",null,"衡东县二中","拖把",null,"物资","拖把","只",15,400,6000,"自主采购",null,"2019年",{"v":6000,"d":"6,000"},{"v":6000,"d":"6,000"},0]
[19,"县直",null,"衡东县二中","垃圾桶（大型）",null,"物资","垃圾桶（大型）","只",25,200,5000,"自主采购",null,"2019年",{"v":5000,"d":"5,000"},{"v":5000,"d":"5,000"},0]
[20,"县直",null,"衡东县二中","灰斗",null,"物资","灰斗","只",15,300,4500,"自主采购",null,"2019年",{"v":4500,"d":"4,500"},{"v":4500,"d":"4,500"},0]
[21,"县直",null,"衡东县二中","多媒体、监控、网络维护",null,"服务","多媒体、监控、网络维护","年",30000,1,30000,"自主采购",null,"2019年",{"v":30000,"d":"30,000"},{"v":30000,"d":"30,000"},0]
[22,"县直",null,"衡东县二中","电脑","A02010104","物资","HP台式机  I5/8G/1TB/24寸","台",3800,4,{"$f":"SUM(K28*J28)","v":15200},"自主采购",null,"2019年",{"v":15200,"d":"15,200"},{"v":15200,"d":"15,200"},0]
[23,"县直",null,"衡东县二中","强光手电筒",null,"物资","强光手电筒","支",50,162,{"$f":"SUM(K29*J29)","v":8100},"自主采购",null,"2019年",{"v":8100,"d":"8,100"},{"v":8100,"d":"8,100"},0]
[24,"县直",null,"衡东县二中","劳保服（工具）",null,"物资","劳保服（工具）","套",240,110,{"$f":"SUM(K30*J30)","v":26400},"自主采购",null,"2019年",{"v":26400,"d":"26,400"},{"v":26400,"d":"26,400"},0]
[25,"县直",null,"衡东县二中","录音机（中考用）",null,"物资","录音机（中考用）","台",180,30,{"$f":"SUM(K31*J31)","v":5400},"自主采购",null,"2019年",{"v":5400,"d":"5,400"},{"v":5400,"d":"5,400"},0]
[26,"县直",null,"衡东县二中","验钞机",null,"物资","威融验钞机","台",1200,2,2400,"自主采购",null,"2019年",{"v":2400,"d":"2,400"},{"v":2400,"d":"2,400"},0]
[27,"县直",null,"衡东县二中","打印纸",null,"物资","打印纸","件",160,90,{"$f":"SUM(K33*J33)","v":14400},"自主采购",null,"2019年",{"v":14400,"d":"14,400"},{"v":14400,"d":"14,400"},0]
[28,"县直",null,"衡东县二中","硒鼓",null,"物资","硒鼓","根",150,20,3000,"自主采购",null,"2019年",{"v":3000,"d":"3,000"},{"v":3000,"d":"3,000"},0]
[29,"县直",null,"衡东县二中","碳粉",null,"物资","碳粉","盒",45,180,8100,"自主采购",null,"2019年",{"v":8100,"d":"8,100"},{"v":8100,"d":"8,100"},0]
[30,"县直",null,"衡东县二中","办公用笔",null,"物资","办公用笔","支",5,1500,7500,"自主采购",null,"2019年",{"v":7500,"d":"7,500"},{"v":7500,"d":"7,500"},0]
[31,"县直",null,"衡东县二中","高级荣誉证书",null,"物资","高级荣誉证书","本",3.5,600,{"$f":"SUM(K37*J37)","v":2100},"自主采购",null,"2019年",{"v":2100,"d":"2,100"},{"v":2100,"d":"2,100"},0]
[32,"县直",null,"衡东县二中","金杯护套线1.5平",null,"物资","金杯护套线1.5平","砣",195,8,{"$f":"SUM(K38*J38)","v":1560},"自主采购",null,"2019年",{"v":1560,"d":"1,560"},{"v":1560,"d":"1,560"},0]
[33,"县直",null,"衡东县二中","金杯护套线2.5平",null,"物资","金杯护套线2.5平","砣",338,8,{"$f":"SUM(K39*J39)","v":2704},"自主采购",null,"2019年",{"v":2704,"d":"2,704"},{"v":2704,"d":"2,704"},0]
[34,"县直",null,"衡东县二中","金杯线4平",null,"物资","金杯线4平","砣",235,6,1410,"自主采购",null,"2019年",{"v":1410,"d":"1,410"},{"v":1410,"d":"1,410"},0]
[35,"县直",null,"衡东县二中","金杯线6平",null,"物资","金杯线6平","砣",385,6,2310,"自主采购",null,"2019年",{"v":2310,"d":"2,310"},{"v":2310,"d":"2,310"},0]
[36,"县直",null,"衡东县二中","教师办公室（18栋）用空调"," A0206180203","物资","格力挂式1.5P","台",3800,10,{"$f":"SUM(K42*J42)","v":38000},"自主采购",null,"2019年",{"v":38000,"d":"38,000"},{"v":38000,"d":"38,000"},0]
[37,"县直",null,"衡东县二中","灯管","90cm,1.2cm","物资","灯管","根",15,400,6000,"自主采购",null,"2019年",{"v":6000,"d":"6,000"},{"v":6000,"d":"6,000"},0]
[38,"县直",null,"衡东县二中","插座","木林森","物资","插座","只",10,300,3000,"自主采购",null,"2019年",{"v":3000,"d":"3,000"},{"v":3000,"d":"3,000"},0]
[39,"县直",null,"衡东县二中","开关","木林森","物资","开关","只",12,400,4800,"自主采购",null,"2019年",{"v":4800,"d":"4,800"},{"v":4800,"d":"4,800"},0]
[40,"县直",null,"衡东县二中","路灯","TQ-JD160-01","物资","路灯","盏",800,10,8000,"自主采购",null,"2019年",{"v":8000,"d":"8,000"},{"v":8000,"d":"8,000"},0]
[41,"县直",null,"衡东县二中","灯泡","LED节能灯","物资","灯泡","只",8,500,4000,"自主采购",null,"2019年",{"v":4000,"d":"4,000"},{"v":4000,"d":"4,000"},0]
[42,"县直",null,"衡东县二中","水龙头",null,"物资","水龙头","个",6,500,3000,"自主采购",null,"2019年",{"v":3000,"d":"3,000"},{"v":3000,"d":"3,000"},0]
[43,"县直",null,"衡东县二中","学生笔记本奖品（含校园文化）",null,"物资","学生笔记本奖品（含校园文化）","个",10,6500,65000,"自主采购",null,"2019年",{"v":65000,"d":"65,000"},{"v":65000,"d":"65,000"},0]
[44,"县直",null,"衡东县二中","高级笔记本（教师学习用）",null,"物资","高级笔记本（教师学习用）","个",9,800,7200,"自主采购",null,"2019年",{"v":7200,"d":"7,200"},{"v":7200,"d":"7,200"},0]
[45,"县直",null,"衡东县二中","学校宣传制作",null,"物资","校园文化建设教室、寝室布置，党建宣传","批",45000,1,45000,"自主采购",null,"2019年",{"v":45000,"d":"45,000"},{"v":45000,"d":"45,000"},0]
[46,"县直",null,"衡东县二中","教学环保粉笔",null,"物资","教学环保粉笔","箱",320,215,{"$f":"SUM(K52*J52)","v":68800},"自主采购",null,"2019年",{"v":68800,"d":"68,800"},{"v":68800,"d":"68,800"},0]
[47,"县直",null,"衡东县二中","灭火器",null,"物资","灭火器","套",100,70,7000,"自主采购",null,"2019年",{"v":7000,"d":"7,000"},{"v":7000,"d":"7,000"},0]
[48,"县直",null,"衡东县二中","应急灯",null,"物资","应急灯","盏",45,100,4500,"自主采购",null,"2019年",{"v":4500,"d":"4,500"},{"v":4500,"d":"4,500"},0]
[49,"县直",null,"衡东县二中","疏散灯",null,"物资","疏散灯","盏",25,120,3000,"自主采购",null,"2019年",{"v":3000,"d":"3,000"},{"v":3000,"d":"3,000"},0]
[50,"县直",null,"衡东县二中","水带、水枪",null,"物资","水带、水枪","套",150,20,3000,"自主采购",null,"2019年",{"v":3000,"d":"3,000"},{"v":3000,"d":"3,000"},0]
[51,"县直",null,"衡东县二中","校园景观石",null,"物资","校园景观石","块",18000,1,18000,"自主采购",null,"2019年",{"v":18000,"d":"18,000"},{"v":18000,"d":"18,000"},0]
[52,"县直",null,"衡东县二中","劳务费",null,"服务","含税","天",150,400,60000,"自主采购",null,"2019年",{"v":60000,"d":"60,000"},{"v":60000,"d":"60,000"},0]
[53,"县直",null,"衡东县二中","房屋外墙防水","B08","维修","房屋外墙防水","㎡",70,650,{"$f":"SUM(K59*J59)","v":45500},"自主采购",null,"2019年",{"v":45500,"d":"45,500"},{"v":45500,"d":"45,500"},0]
[54,"县直",null,"衡东县二中","屋顶防水","B08","维修","屋顶防水","㎡",45,1100,{"$f":"SUM(K60*J60)","v":49500},"自主采购",null,"2019年",{"v":49500,"d":"49,500"},{"v":49500,"d":"49,500"},0]
[55,"县直",null,"衡东县二中","8、9、19栋学生宿舍安装电风扇",null,"物资","包安装","台",400,208,{"$f":"SUM(K61*J61)","v":83200},"自主采购",null,"2019年",{"v":83200,"d":"83,200"},{"v":83200,"d":"83,200"},0]
[56,"县直",null,"衡东县二中","更换1、2、4、7栋教师公寓厨厕门","B08","维修","维修（包安装）","条",200,240,{"$f":"SUM(K62*J62)","v":48000},"自主采购",null,"2019年",{"v":48000,"d":"48,000"},{"v":48000,"d":"48,000"},0]
[57,"县直",null,"衡东县二中","专用设施设备维修","B08","维修","多媒体维修","项",20000,1,{"$f":"SUM(K63*J63)","v":20000},"自主采购",null,"2019年",{"v":20000,"d":"20,000"},{"v":20000,"d":"20,000"},0]
[58,"县直",null,"衡东县二中","空调维修","B08","维修","空调维修","项",20000,1,20000,"自主采购",null,"2019年",{"v":20000,"d":"20,000"},{"v":20000,"d":"20,000"},0]
[59,"县直",null,"衡东县二中","打印机、电脑维修","B08","维修","打印机、电脑维修","项",15000,1,15000,"自主采购",null,"2019年",{"v":15000,"d":"15,000"},{"v":15000,"d":"15,000"},0]
[60,"县直",null,"衡东县二中","显示屏维修","B08","维修","显示屏维修","项",8000,1,8000,"自主采购",null,"2019年",{"v":8000,"d":"8,000"},{"v":8000,"d":"8,000"},0]
[61,"县直",null,"衡东县二中","广播系统维修","B08","维修","广播系统维修","项",20000,1,20000,"自主采购",null,"2019年",{"v":20000,"d":"20,000"},{"v":20000,"d":"20,000"},0]
[62,"县直",null,"衡东县二中","一般资产性维修","B08","维修","学生课桌维修","张",32,1500,48000,"自主采购",null,"2019年",{"v":48000,"d":"48,000"},{"v":48000,"d":"48,000"},0]
[63,"县直",null,"衡东县二中","学生凳子维修","B08","维修","学生凳子维修","条",20,1800,36000,"自主采购",null,"2019年",{"v":36000,"d":"36,000"},{"v":36000,"d":"36,000"},0]
[64,"县直",null,"衡东县二中","管道疏通","B08","维修","管道疏通","年",14000,1,14000,"自主采购",null,"2019年",{"v":14000,"d":"14,000"},{"v":14000,"d":"14,000"},0]
[65,"县直",null,"衡东县二中","球阀（包工）","B08","维修","球阀（包工）","只",35,200,7000,"自主采购",null,"2019年",{"v":7000,"d":"7,000"},{"v":7000,"d":"7,000"},0]
[66,"县直",null,"衡东县二中","管道（包工）","B08","维修","管道（包工）","米",15,600,9000,"自主采购",null,"2019年",{"v":9000,"d":"9,000"},{"v":9000,"d":"9,000"},0]
[67,"县直",null,"衡东县二中","水龙头维修（工）","B08","维修","水龙头维修（工）","只",3,500,1500,"自主采购",null,"2019年",{"v":1500,"d":"1,500"},{"v":1500,"d":"1,500"},0]
[68,"县直",null,"衡东县二中","电路线路基本维修","B08","维修","电路线路基本维修","项",35000,1,35000,"自主采购",null,"2019年",{"v":35000,"d":"35,000"},{"v":35000,"d":"35,000"},0]
[69,"县直",null,"衡东县二中","校舍门窗维修","B08","维修","校舍门窗维修","㎡",80,600,48000,"自主采购",null,"2019年",{"v":48000,"d":"48,000"},{"v":48000,"d":"48,000"},0]
[70,"县直",null,"衡东县二中","18栋教室维修","B08","维修","18栋教室维修","㎡",12,2500,30000,"自主采购",null,"2019年",{"v":30000,"d":"30,000"},{"v":30000,"d":"30,000"},0]
[71,"县直",null,"衡东县二中","校舍屋顶瓦检修","B08","维修","校舍屋顶瓦检修","㎡",25,1000,25000,"自主采购",null,"2019年",{"v":25000,"d":"25,000"},{"v":25000,"d":"25,000"},0]
[72,"县直",null,"衡东县二中","校舍厨卫防漏维修","B08","维修","校舍厨卫防漏维修","㎡",50,900,45000,"自主采购",null,"2019年",{"v":45000,"d":"45,000"},{"v":45000,"d":"45,000"},0]
[73,"县直",null,"衡东县二中","食堂货物架304不锈钢50#","B08","维修","食堂货物架304不锈钢50#","米",1200,35,42000,"自主采购",null,"2019年",{"v":42000,"d":"42,000"},{"v":42000,"d":"42,000"},0]
[74,"县直",null,"衡东县二中","楼顶维修","B08","维修","楼顶维修","㎡",45,950,42750,"自主采购",null,"2019年",{"v":42750,"d":"42,750"},{"v":42750,"d":"42,750"},0]
[75,"县直",null,"衡东县二中","各项零星维修","B08","维修","各项零星维修","年",50000,1,50000,"自主采购",null,"2019年",{"v":50000,"d":"50,000"},{"v":50000,"d":"50,000"}]
[76,"县直",null,"衡东县二中","立式冰柜","物资",null,"立式冰柜","台",5000,2,10000,"自主采购",null,"2019年",{"v":10000,"d":"10,000"},{"v":10000,"d":"10,000"},0]
[77,"县直",null,"衡东县二中","水泵维修","B08","维修","水泵维修","台",3000,4,12000,"自主采购",null,"2019年",{"v":12000,"d":"12,000"},{"v":12000,"d":"12,000"},0]
[78,"县直",null,"衡东县二中","化粪池清理","B08","维修","化粪池清理","个",800,40,32000,"自主采购",null,"2019年",{"v":32000,"d":"32,000"},{"v":32000,"d":"32,000"},0]
[79,"县直",null,"衡东县二中","校外排污沟工程","B08","维修","工程","米",685,70,47950,"自主采购",null,"2019年",{"v":47950,"d":"47,950"},{"v":47950,"d":"47,950"},0]

{"sheet":"3职专","index":3,"n_rows":19,"n_cols":26,"rows_kept":19,"hidden":true,"merged":[[0,0,0,3],[1,0,1,17],[2,0,3,0],[2,1,3,1],[2,2,3,2],[2,3,3,3],[2,4,3,4],[2,5,3,5],[2,6,3,6],[2,7,3,7],[2,8,3,8],[2,9,3,9],[2,10,3,10],[2,11,3,11],[2,12,3,12],[2,13,3,13],[2,14,2,16],[2,17,3,17],[2,18,2,20],[2,21,2,23],[4,0,4,3]]}
["附表二"]
["   2020年衡东县职业中专学校政府采购计划表"]
["序号","乡","学校名称","采购项目名称","采购目录项目编码","采购类别","采购项目简述                         （主要参数）","规格型号","参考\n单价","采购数量","采购预算\n资金合计","拟采用       采购方式","采购方式","计划采购时间","资金来源（元）",null,null,"说明","学生",null,null,"标准",null,null,"公用经费40%\n合计","40%节余"]
[{"$nulls":14},"合计","预算内资金","其他资金",null,"小学","初中","高中","小学","初中","省示范高中800\n市示范高中640"]
["职专",{"$nulls":9},{"$f":"SUM(K6:K19)","v":{"v":1043740,"d":"1,043,740"}},{"$nulls":3},{"$f":"SUM(O6:O19)","v":{"v":1043740,"d":"1,043,740"}},{"$f":"SUM(P6:P19)","v":{"v":1043740,"d":"1,043,740"}},{"$f":"SUM(Q6:Q19)","v":0},{"$nulls":3},1472,null,{"$f":"800*0.4","v":320},960,{"$f":"SUM(S5*V5+T5*W5+U5*X5)","v":{"v":1413120,"d":"1,413,120"}},{"$f":"SUM(S5*V5+T5*W5+U5*X5-O5)","v":{"v":369380,"d":"369,380"}}]
[1,"县直","衡东职专","水电维修",null,"货物","水电维修","平方米",300,35,{"$f":"I6*J6","v":{"v":10500,"d":"10,500"}},"自主采购",null,"4、6、8、10、12月",{"$f":"SUM(P6:Q6)","v":{"v":10500,"d":"10,500"}},{"v":10500,"d":"10,500"},0]
[2,"县直","衡东职专","老校区校产搬迁",null,"服务","老校区校产搬迁","工时",200,500,{"v":100000,"d":"100,000"},"自主采购",null,"3、4、5、6月",{"v":100000,"d":"100,000"},{"v":100000,"d":"100,000"},0]
[3,"县直","衡东职专","军训服装",null,"货物","军训服装","套",100,1200,{"v":120000,"d":"120,000"},"询价采购",null,"8月",{"v":120000,"d":"120,000"},{"v":120000,"d":"120,000"},0]
[4,"县直","衡东职专","固定资产打码机",null,"货物","锦宫标签机","sr530c",1300,2,{"v":2600,"d":"2,600"},"自主采购",null,"4月",{"v":2600,"d":"2,600"},{"v":2600,"d":"2,600"},0]
[5,"县直","衡东职专","教师办公用品",null,"货物","（中性笔、笔记本、胶水、燕尾夹）","套",25,240,{"v":6000,"d":"6,000"},"自主采购",null,"2月、9月",{"v":6000,"d":"6,000"},{"v":6000,"d":"6,000"},0]
[6,"县直","衡东职专","办公室用烧水壶",null,"货物","办公室用烧水壶","个",110,24,{"v":2640,"d":"2,640"},"自主采购",null,"3月",{"v":2640,"d":"2,640"},{"v":2640,"d":"2,640"},0]
[7,"县直","衡东职专","学生课桌椅",null,"货物","学生课桌椅","套",180,200,{"v":36000,"d":"36,000"},"自主采购",null,"8月",{"v":36000,"d":"36,000"},{"v":36000,"d":"36,000"},0]
[8,"县直","衡东职专","学生铁床",null,"货物","学生铁床","套",590,100,{"v":59000,"d":"59,000"},"自主采购",null,"8月",{"v":59000,"d":"59,000"},{"v":59000,"d":"59,000"},0]
[9,"县直","衡东职专","窗帘",null,"货物","窗帘","套",450,250,{"v":112500,"d":"112,500"},"询价采购",null,"4月",{"v":112500,"d":"112,500"},{"v":112500,"d":"112,500"},0]
[10,"县直","衡东职专","办公室空气治理",null,"货物","办公室空气治理","间",1000,100,{"v":100000,"d":"100,000"},"询价采购",null,"5月",{"v":100000,"d":"100,000"},{"v":100000,"d":"100,000"},0]
[11,"县直","衡东职专","文体卫用品",null,"货物","文体卫用品","套",200,300,{"v":60000,"d":"60,000"},"自主采购",null,"3、8月",{"v":60000,"d":"60,000"},{"v":60000,"d":"60,000"},0]
[12,"县直","衡东职专","教学设备维修费",null,"货物","教学设备维修费","套",16500,3,{"v":49500,"d":"49,500"},"自主采购",null,"5、7、9、11月",{"v":49500,"d":"49,500"},{"v":49500,"d":"49,500"},0]
[13,"县直","衡东职专","学生奖品",null,"货物","学生奖品","套",200,175,{"v":35000,"d":"35,000"},"自主采购",null,"6、12月",{"v":35000,"d":"35,000"},{"v":35000,"d":"35,000"},0]
[14,"县直","衡东职专","教学实训材料",null,"货物","教学实训材料","套",87500,4,{"v":350000,"d":"350,000"},"询价采购",null,"3、5、9、10月",{"v":350000,"d":"350,000"},{"v":350000,"d":"350,000"},0]

{"sheet":"4五 中","index":4,"n_rows":22,"n_cols":27,"rows_kept":22,"hidden":true,"merged":[[0,0,0,4],[1,0,1,17],[2,0,3,0],[2,1,3,1],[2,2,3,2],[2,3,3,3],[2,4,3,4],[2,5,3,5],[2,6,3,6],[2,7,3,7],[2,8,3,8],[2,9,3,9],[2,10,3,10],[2,11,3,11],[2,12,3,12],[2,13,3,13],[2,14,3,14],[2,15,2,17],[2,19,2,21],[2,22,2,24],[4,0,4,4]]}
["附表二"]
["   2020年衡东县教育系统政府采购计划表"]
["序号","乡",null,"学校名称","采购项目名称","采购项目编码","采购类别","采购项目简述（主要参数）","规格型号","参考\n单价","采购数量","采购预算\n资金合计","拟采用采购方式","采购方式","计划采购时间","资金来源（元）",{"$nulls":3},"学生",null,null,"标准",null,null,"公用经费40%\n合计","40%节余"]
[{"$nulls":15},"合计","预算内资金","其他资金",null,"小学","初中","高中","小学","初中","省示范高中800\n市示范高中640"]
["衡东县第五中学",{"$nulls":10},{"$f":"SUM(L6:L22)","v":{"v":534280,"d":"534,280"}},{"$nulls":3},{"$f":"SUM(P6:P22)","v":{"v":534280,"d":"534,280"}},{"$f":"SUM(P6:P22)","v":{"v":534280,"d":"534,280"}},{"$f":"SUM(R6:R22)","v":0},null,null,277,1525,{"$f":"600*0.4","v":240},{"$f":"800*0.4","v":320},640,{"$f":"SUM(T5*W5+U5*X5+V5*Y5)","v":{"v":1064640,"d":"1,064,640"}},{"$f":"SUM(T5*W5+U5*X5+V5*Y5-P5)","v":{"v":530360,"d":"530,360"}}]
[1,"县直",null,"五中","水电维修器材",null,"物资","联塑ppr管，1.0、1.5、2.0、4.0铜线，龙头电热管等","个",20,1000,{"$f":"J6*K6","v":{"v":20000,"d":"20,000"}},"自主采购",null,"2019年",{"$f":"SUM(L6)","v":{"v":20000,"d":"20,000"}},{"v":20000,"d":"20,000"},0]
[2,"县直",null,"五中","碳粉盒、取暖器材",null,"物资","碳粉盒、取暖器材","个",60,168,{"v":10080,"d":"10,080"},"自主采购",null,"2019年",{"v":10080,"d":"10,080"},{"v":10080,"d":"10,080"},{"$f":"SUM(P7-Q7)","v":0}]
[3,"县直",null,"五中","手提电脑",null,"物资","戴尔","台",7000,1,{"v":7000,"d":"7,000"},"自主采购",null,"2019年",{"v":7000,"d":"7,000"},{"v":7000,"d":"7,000"},0]
[4,"县直",null,"五中","电脑",null,"物资","I5CPU/8GDDR4","台",4000,4,{"v":16000,"d":"16,000"},"自主采购",null,"2019年",{"v":16000,"d":"16,000"},{"v":16000,"d":"16,000"},{"$f":"SUM(P9-Q9)","v":0}]
[5,"县直",null,"五中","空调",null,"物资","格力大1.5匹","台",4000,6,{"v":24000,"d":"24,000"},"自主采购",null,"2019年",{"v":24000,"d":"24,000"},{"v":24000,"d":"24,000"},{"$f":"SUM(P10-Q10)","v":0}]
[6,"县直",null,"五中","不锈钢防盗网",null,"物资","201型1.0加厚","m2",130,100,{"v":13000,"d":"13,000"},"自主采购",null,"2019年",{"v":13000,"d":"13,000"},{"v":13000,"d":"13,000"},{"$f":"SUM(P11-Q11)","v":0}]
[7,"县直",null,"五中","教室、寝室铁门",null,"物资","2.0加厚白口铁门","条",800,20,{"v":16000,"d":"16,000"},"自主采购",null,"2019年",{"v":16000,"d":"16,000"},{"v":16000,"d":"16,000"},{"$f":"SUM(P12-Q12)","v":0}]
[8,"县直",null,"五中","校园网络维护",null,"服务","校园网络维护","年",10800,1,{"v":10800,"d":"10,800"},"自主采购",null,"2019年",{"v":10800,"d":"10,800"},{"v":10800,"d":"10,800"},0]
[9,"县直",null,"五中","校园广播系统",null,null,"校园广播系统","套",100000,1,{"v":100000,"d":"100,000"},"询价采购",null,"2019年",{"v":100000,"d":"100,000"},{"v":100000,"d":"100,000"},{"$f":"SUM(P14-Q14)","v":0}]
[10,"县直",null,"五中","新校门监控系统",null,null,"新校门监控系统","套",99000,1,{"v":99000,"d":"99,000"},"询价采购",null,"2019年",{"v":99000,"d":"99,000"},{"v":99000,"d":"99,000"}]
[11,"县直",null,"五中","新校门口安装隔离柱",null,"校舍维修","新校门口安装隔离柱","平方米",1000,50,{"v":50000,"d":"50,000"},"自主采购",null,"2019年",{"v":50000,"d":"50,000"},{"v":50000,"d":"50,000"},0]
[12,"县直",null,"五中","校园路灯",null,null,"校园路灯","套",1200,4,{"v":4800,"d":"4,800"},"自主采购",null,"2019年",{"v":4800,"d":"4,800"},{"v":4800,"d":"4,800"},0]
[13,"县直",null,"五中","舞蹈练功房铺设复合地板",null,"校舍维修","舞蹈练功房铺设复合地板","m2",120,150,{"v":18000,"d":"18,000"},"自主采购",null,"2019年",{"v":18000,"d":"18,000"},{"v":18000,"d":"18,000"},0]
[14,"县直",null,"五中","水电维修",null,null,"水电维修","平方米",400,100,{"v":40000,"d":"40,000"},"自主采购",null,"2019年",{"v":40000,"d":"40,000"},{"v":40000,"d":"40,000"},0]
[15,"县直",null,"五中","零星维修",null,null,"门窗、课桌、电子产品等维修","张",80,650,{"v":52000,"d":"52,000"},"询价采购",null,"2019年",{"v":52000,"d":"52,000"},{"v":52000,"d":"52,000"},{"$f":"SUM(P20-Q20)","v":0}]
[16,"县直",null,"五中","屋面防水",null,"校舍维修","屋面防水","m2",50,800,{"v":40000,"d":"40,000"},"自主采购",null,"2019年",{"v":40000,"d":"40,000"},{"v":40000,"d":"40,000"},{"$f":"SUM(P21-Q21)","v":0}]
[17,"县直",null,"五中","苗木栽种",null,null,"樟树30＃以上、桂花树10＃以上","棵",400,34,{"v":13600,"d":"13,600"},"自主采购",null,"2019年",{"v":13600,"d":"13,600"},{"v":13600,"d":"13,600"},{"$f":"SUM(P22-Q22)","v":0}]

{"sheet":"5六中","index":5,"n_rows":7,"n_cols":27,"rows_kept":7,"hidden":true,"merged":[[0,0,0,4],[1,0,1,17],[2,0,3,0],[2,1,3,1],[2,2,3,2],[2,3,3,3],[2,4,3,4],[2,5,3,5],[2,6,3,6],[2,7,3,7],[2,8,3,8],[2,9,3,9],[2,10,3,10],[2,11,3,11],[2,12,3,12],[2,13,3,13],[2,14,3,14],[2,15,2,17],[2,19,2,21],[2,22,2,24],[4,0,4,4]]}
["附表二"]
["   2020年衡东县教育系统政府采购计划表"]
["序号","乡",null,"学校名称","采购项目名称","采购项目编码","采购类别","采购项目简述（主要参数）","规格型号","参考\n单价","采购数量","采购预算\n资金合计","拟采用采购方式","采购方式","计划采购时间","资金来源（元）",{"$nulls":3},"学生",null,null,"标准",null,null,"公用经费40%\n合计","40%节余"]
[{"$nulls":15},"合计","预算内资金","其他资金",null,"小学","初中","高中","小学","初中","省示范高中800\n市示范高中640"]
["衡东县第六中学",{"$nulls":10},{"$f":"SUM(L6:L7)","v":{"v":120000,"d":"120,000"}},{"$nulls":3},{"$f":"SUM(P6:P7)","v":{"v":120000,"d":"120,000"}},{"$f":"SUM(Q6:Q7)","v":{"v":120000,"d":"120,000"}},{"$f":"SUM(R6:R7)","v":0},null,null,{"v":1146,"d":"1,146"},null,{"$f":"600*0.4","v":240},{"$f":"800*0.4","v":320},640,{"$f":"SUM(T5*W5+U5*X5+V5*Y5)","v":{"v":366720,"d":"366,720"}},{"$f":"SUM(T5*W5+U5*X5+V5*Y5-P5)","v":{"v":246720,"d":"246,720"}}]
[1,"县直",null,"衡东县第六中学","空调",null,"物资","空调","立式6壁式2",10000,8,{"$f":"J6*K6","v":80000},"自主采购",null,"2019-04-01",{"$f":"SUM(L6)","v":{"v":80000,"d":"80,000"}},{"v":80000,"d":"80,000"}]
[2,"县直",null,"衡东县第六中学","校舍维修","B08","维修","教学楼厕所防水、教师公租房化粪池改造和供水改造","平方米",4000,10,{"$f":"J7*K7","v":40000},"询价采购",null,"2019-08-01",{"$f":"SUM(L7)","v":{"v":40000,"d":"40,000"}},{"v":40000,"d":"40,000"}]

{"sheet":"6欧中","index":6,"n_rows":88,"n_cols":27,"rows_kept":88,"hidden":true,"merged":[[0,0,0,17],[1,0,2,0],[1,1,2,1],[1,2,2,2],[1,3,2,3],[1,4,2,4],[1,5,2,5],[1,6,2,6],[1,7,2,7],[1,8,2,8],[1,9,2,9],[1,10,2,10],[1,11,2,11],[1,12,2,12],[1,13,2,13],[1,14,2,14],[1,15,1,17],[1,19,1,21],[1,22,1,24],[3,0,3,4]]}
["   2020年衡东县教育系统政府采购计划表"]
["序号","乡",null,"学校名称","采购项目名称","采购项目编码","采购类别","采购项目简述（主要参数）","规格型号","参考\n单价","采购数量","采购预算\n资金合计","拟采用采购方式","采购方式","计划采购时间","资金来源（元）",{"$nulls":3},"学生",null,null,"标准",null,null,"公用经费40%\n合计","40%节余"]
[{"$nulls":15},"合计","预算内资金","其他资金",null,"小学","初中","高中","小学","初中","省示范高中800\n市示范高中640"]
["衡东县欧阳遇中学汇总",{"$nulls":10},{"$f":"SUM(L5:L88)","v":{"v":1029213,"d":"1,029,213"}},{"$nulls":3},{"$f":"SUM(P5:P88)","v":{"v":1029213,"d":"1,029,213"}},{"$f":"SUM(Q5:Q88)","v":{"v":931213,"d":"931,213"}},{"$f":"SUM(R5:R88)","v":{"v":98000,"d":"98,000"}},null,null,885,2498,{"$f":"600*0.4","v":240},{"$f":"800*0.4","v":320},640,{"$f":"SUM(T4*W4+U4*X4+V4*Y4)","v":{"v":1881920,"d":"1,881,920"}},{"$f":"SUM(T4*W4+U4*X4+V4*Y4-P4)","v":{"v":852707,"d":"852,707"}}]
[1,"县直",null,"衡东县欧阳遇中学","办公室打印机","A02010601","物资","惠普HPM1005","HPM1005台",1700,3,{"$f":"J5*K5","v":{"v":5100,"d":"5,100"}},"自主采购",null,"2019年下半年",{"$f":"SUM(Q5:R5)","v":{"v":5100,"d":"5,100"}},{"$f":"L5","v":{"v":5100,"d":"5,100"}}]
[2,"县直",null,"衡东县欧阳遇中学","电脑","A02010104","物资","联想台式电脑","台",4000,6,{"v":24000,"d":"24,000"},"自主采购",null,"2019年上半年",{"v":24000,"d":"24,000"},{"v":24000,"d":"24,000"}]
[3,"县直",null,"衡东县欧阳遇中学","教师办公室（杨帆楼）用空调","A0206180203","物资","格力柜机4P","4P台",6000,3,{"v":18000,"d":"18,000"},"自主采购",null,"2019年下半年",{"v":18000,"d":"18,000"},{"v":18000,"d":"18,000"}]
[4,"县直",null,"衡东县欧阳遇中学","教师办公室（远航楼）用空调","A0206180203","物资","格力挂式3P","台",5000,6,{"v":30000,"d":"30,000"},"自主采购",null,"2019年下半年",{"v":30000,"d":"30,000"},{"v":30000,"d":"30,000"}]
[5,"县直",null,"衡东县欧阳遇中学","外教宿舍沙发1套",null,"物资","布沙发","套",3000,1,{"v":3000,"d":"3,000"},"自主采购",null,"2019年上半年",{"v":3000,"d":"3,000"},{"v":3000,"d":"3,000"}]
[6,"县直",null,"衡东县欧阳遇中学","外教宿舍厨房全套餐具",null,"物资","电饭煲、刀具、电磁炉、等","套",2500,1,{"v":2500,"d":"2,500"},"自主采购",null,"2019年上半年",{"v":2500,"d":"2,500"},{"v":2500,"d":"2,500"}]
[7,"县直",null,"衡东县欧阳遇中学","外教宿舍热水器",null,"物资","万家乐热水器","台",1700,1,{"v":1700,"d":"1,700"},"自主采购",null,"2019年上半年",{"v":1700,"d":"1,700"},{"v":1700,"d":"1,700"}]
[8,"县直",null,"衡东县欧阳遇中学","外教宿舍书柜",null,"物资","木质免漆板书柜","个",2500,1,{"v":2500,"d":"2,500"},"自主采购",null,"2019年上半年",{"v":2500,"d":"2,500"},{"v":2500,"d":"2,500"}]
[9,"县直",null,"衡东县欧阳遇中学","外教宿写字台",null,"物资","木质书桌","张",1300,1,{"v":1300,"d":"1,300"},"自主采购",null,"2019年上半年",{"v":1300,"d":"1,300"},{"v":1300,"d":"1,300"}]
[10,"县直",null,"衡东县欧阳遇中学","VGA数据线",null,"物资","5米","根",25,50,{"v":1250,"d":"1,250"},"自主采购",null,"2019年上半年",{"v":1250,"d":"1,250"},{"v":1250,"d":"1,250"}]
[11,"县直",null,"衡东县欧阳遇中学","VGA数据线",null,"物资","1.5米","根",12,80,960,"自主采购",null,"2019年上半年",960,960]
[12,"县直",null,"衡东县欧阳遇中学","音频线、电脑用小话筒等",null,"物资","1.5米","根",10,40,400,"自主采购",null,"2019年上半年",400,400]
[13,"县直",null,"衡东县欧阳遇中学","硒鼓",null,"物资","2612A","个",100,36,{"v":3600,"d":"3,600"},"自主采购",null,"2019年上半年",{"v":3600,"d":"3,600"},{"v":3600,"d":"3,600"}]
[14,"县直",null,"衡东县欧阳遇中学","硒鼓",null,"物资","388A","个",100,5,500,"自主采购",null,"2019年上半年",500,500]
[15,"县直",null,"衡东县欧阳遇中学","碳粉",null,"物资","100g","个",12,100,{"v":1200,"d":"1,200"},"自主采购",null,"2019年上半年",{"v":1200,"d":"1,200"},{"v":1200,"d":"1,200"}]
[16,"县直",null,"衡东县欧阳遇中学","图书","A05010104","物资","图书","册",25,1980,{"v":49500,"d":"49,500"},"自主采购",null,"2019年",{"v":49500,"d":"49,500"},{"v":49500,"d":"49,500"}]
[17,"县直",null,"衡东县欧阳遇中学","图书架",null,"物资","图书架","个",1200,10,{"v":12000,"d":"12,000"},"自主采购",null,"2019年上半年",{"v":12000,"d":"12,000"},{"v":12000,"d":"12,000"}]
[18,"县直",null,"衡东县欧阳遇中学","图书馆窗帘",null,"物资","图书馆窗帘","付",400,16,{"v":6400,"d":"6,400"},"自主采购",null,"2019年上半年",{"v":6400,"d":"6,400"},{"v":6400,"d":"6,400"}]
[19,"县直",null,"衡东县欧阳遇中学","轨道小车",null,"物资","轨道小车","辆",30,30,900,"自主采购",null,"2019年上半年",900,900]
[20,"县直",null,"衡东县欧阳遇中学","电火花打点计时器",null,"物资","电火花打点计时器","个",30,30,900,"自主采购",null,"2019年上半年",900,900]
[21,"县直",null,"衡东县欧阳遇中学","游标卡尺",null,"物资","游标卡尺","个",30,30,900,"自主采购",null,"2019年上半年",900,900]
[22,"县直",null,"衡东县欧阳遇中学","学生实验用圆凳",null,"物资","学生实验用圆凳","条",40,150,{"v":6000,"d":"6,000"},"自主采购",null,"2019年上半年",{"v":6000,"d":"6,000"},{"v":6000,"d":"6,000"}]
[23,"县直",null,"衡东县欧阳遇中学","图书馆、教室、办公室窗帘",null,"物资","图书馆、教室、办公室窗帘","付",280,20,{"v":5600,"d":"5,600"},"自主采购",null,"2019年上半年",{"v":5600,"d":"5,600"},{"v":5600,"d":"5,600"}]
[24,"县直",null,"衡东县欧阳遇中学","污水处理系统",null,"物资","污水处理系统","平方米",49500,1,{"v":49500,"d":"49,500"},"自主采购",null,"2019年上半年",{"v":49500,"d":"49,500"},{"v":49500,"d":"49,500"}]
[25,"县直",null,"衡东县欧阳遇中学","图书馆报纸报刊储存柜",null,"物资","图书馆报纸报刊储存柜","个",1100,10,{"v":11000,"d":"11,000"},"自主采购",null,"2019年上半年",{"v":11000,"d":"11,000"},{"v":11000,"d":"11,000"}]
[26,"县直",null,"衡东县欧阳遇中学","试卷袋、密封条",null,"物资","试卷袋、密封条","个",1.7,3000,{"v":5100,"d":"5,100"},"自主采购",null,"2019年",{"v":5100,"d":"5,100"},{"v":5100,"d":"5,100"}]
[27,"县直",null,"衡东县欧阳遇中学","教案",null,"物资","教案","本",8.9,1000,{"v":8900,"d":"8,900"},"自主采购",null,"2019年",{"v":8900,"d":"8,900"},{"v":8900,"d":"8,900"}]
[28,"县直",null,"衡东县欧阳遇中学","听课本",null,"物资","听课本","本",3.5,1000,{"v":3500,"d":"3,500"},"自主采购",null,"2019年",{"v":3500,"d":"3,500"},{"v":3500,"d":"3,500"}]
[29,"县直",null,"衡东县欧阳遇中学","班主任工作记录本",null,"物资","班主任工作记录本","本",6.5,600,{"v":3900,"d":"3,900"},"自主采购",null,"2019年",{"v":3900,"d":"3,900"},{"v":3900,"d":"3,900"}]
[30,"县直",null,"衡东县欧阳遇中学","综合实践档案袋",null,"物资","综合实践档案袋","个",4,3500,{"v":14000,"d":"14,000"},"自主采购",null,"2019年",{"v":14000,"d":"14,000"},{"v":14000,"d":"14,000"}]
[31,"县直",null,"衡东县欧阳遇中学","学生成长档案袋",null,"物资","学生成长档案袋","个",4,3500,{"v":14000,"d":"14,000"},"自主采购",null,"2019年",{"v":14000,"d":"14,000"},{"v":14000,"d":"14,000"}]
[32,"县直",null,"衡东县欧阳遇中学","高级笔记本",null,"物资","高级笔记本","本",7,1000,{"v":7000,"d":"7,000"},"自主采购",null,"2019年",{"v":7000,"d":"7,000"},{"v":7000,"d":"7,000"}]
[33,"县直",null,"衡东县欧阳遇中学","教室、办公室用灯管",null,"物资","LED38W灯管","个",20,300,{"$f":"J37*K37","v":{"v":6000,"d":"6,000"}},"自主采购",null,"2019年",{"$f":"SUM(Q37:R37)","v":{"v":6000,"d":"6,000"}},{"$f":"L37","v":{"v":6000,"d":"6,000"}}]
[34,"县直",null,"衡东县欧阳遇中学","14W灯泡(男生寝室用）",null,"物资","14W灯泡(男生寝室用）","个",18,80,{"v":1440,"d":"1,440"},"自主采购",null,"2019年",{"v":1440,"d":"1,440"},{"v":1440,"d":"1,440"}]
[35,"县直",null,"衡东县欧阳遇中学","6W灯泡",null,"物资","学生寝室厕所及教工宿舍踏步间用","个",12,280,{"v":3360,"d":"3,360"},"自主采购",null,"2019年",{"v":3360,"d":"3,360"},{"v":3360,"d":"3,360"}]
[36,"县直",null,"衡东县欧阳遇中学","水龙头",null,"物资","铁质水龙头","个",7,210,{"v":1470,"d":"1,470"},"自主采购",null,"2019年",{"v":1470,"d":"1,470"},{"v":1470,"d":"1,470"}]
[37,"县直",null,"衡东县欧阳遇中学","女生寝室用水龙头",null,"物资","不锈钢水龙头","个",25,30,750,"自主采购",null,"2019年",750,750]
[38,"县直",null,"衡东县欧阳遇中学","LED灯盘",null,"物资","LED灯盘","个",35,30,{"v":1050,"d":"1,050"},"自主采购",null,"2019年",{"v":1050,"d":"1,050"},{"v":1050,"d":"1,050"}]
[39,"县直",null,"衡东县欧阳遇中学","教室、办公室用电插板",null,"物资","3米线","个",45,35,{"v":1575,"d":"1,575"},"自主采购",null,"2019年",{"v":1575,"d":"1,575"},{"v":1575,"d":"1,575"}]
[40,"县直",null,"衡东县欧阳遇中学","电线",null,"物资","电线","坨",230,6,{"v":1380,"d":"1,380"},"自主采购",null,"2019年",{"v":1380,"d":"1,380"},{"v":1380,"d":"1,380"}]
[41,"县直",null,"衡东县欧阳遇中学","冲水阀",null,"物资","冲水阀","个",38,60,{"v":2280,"d":"2,280"},"自主采购",null,"2019年",{"v":2280,"d":"2,280"},{"v":2280,"d":"2,280"}]
[42,"县直",null,"衡东县欧阳遇中学","水表",null,"物资","水表","个",65,20,{"v":1300,"d":"1,300"},"自主采购",null,"2019年",{"v":1300,"d":"1,300"},{"v":1300,"d":"1,300"}]
[43,"县直",null,"衡东县欧阳遇中学","电表",null,"物资","电表","个",80,15,{"v":1200,"d":"1,200"},"自主采购",null,"2019年",{"v":1200,"d":"1,200"},{"v":1200,"d":"1,200"}]
[44,"县直",null,"衡东县欧阳遇中学","教室、办公室用吊风扇",null,"物资","教室、办公室用吊风扇","台",140,70,{"v":9800,"d":"9,800"},"自主采购",null,"2019年",{"v":9800,"d":"9,800"},{"v":9800,"d":"9,800"}]
[45,"县直",null,"衡东县欧阳遇中学","食堂排气扇",null,"物资","食堂排气扇","台",280,6,{"v":1680,"d":"1,680"},"自主采购",null,"2019年",{"v":1680,"d":"1,680"},{"v":1680,"d":"1,680"}]
[46,"县直",null,"衡东县欧阳遇中学","餐厅壁扇550MM",null,"物资","餐厅壁扇550MM","台",250,7,{"v":1750,"d":"1,750"},"自主采购",null,"2019年",{"v":1750,"d":"1,750"},{"v":1750,"d":"1,750"}]
[47,"县直",null,"衡东县欧阳遇中学","餐厅壁扇600MM",null,"物资","餐厅壁扇600MM","台",250,8,{"v":2000,"d":"2,000"},"自主采购",null,"2019年",{"v":2000,"d":"2,000"},{"v":2000,"d":"2,000"}]
[48,"县直",null,"衡东县欧阳遇中学","油灶风机",null,"物资","油灶风机","台",600,4,{"v":2400,"d":"2,400"},"自主采购",null,"2019年",{"v":2400,"d":"2,400"},{"v":2400,"d":"2,400"}]
[49,"县直",null,"衡东县欧阳遇中学","分户截止阀",null,"物资","教工宿舍13、14、15、19、20栋用","个",26,104,{"v":2704,"d":"2,704"},"自主采购",null,"2019年",{"v":2704,"d":"2,704"},{"v":2704,"d":"2,704"}]
[50,"县直",null,"衡东县欧阳遇中学","分单元截止阀",null,"物资","3栋*6个/栋","个",98,18,{"v":1764,"d":"1,764"},"自主采购",null,"2019年",{"v":1764,"d":"1,764"},{"v":1764,"d":"1,764"}]
[51,"县直",null,"衡东县欧阳遇中学","文印环保纸",null,"物资","文印环保纸","件",200,200,{"v":40000,"d":"40,000"},"自主采购",null,"2019年",{"v":40000,"d":"40,000"},{"v":40000,"d":"40,000"}]
[52,"县直",null,"衡东县欧阳遇中学","A4纸",null,"物资","A4纸","件",190,60,{"v":11400,"d":"11,400"},"自主采购",null,"2019年",{"v":11400,"d":"11,400"},{"v":11400,"d":"11,400"}]
[53,"县直",null,"衡东县欧阳遇中学","学生寝室草席",null,"物资","学生寝室草席","套",20,1000,{"v":20000,"d":"20,000"},"自主采购",null,"2019年下半年",{"v":20000,"d":"20,000"},null,{"v":20000,"d":"20,000"}]
[54,"县直",null,"衡东县欧阳遇中学","学生寝室桶子",null,"物资","学生寝室桶子","套",18,1000,{"v":18000,"d":"18,000"},"自主采购",null,"2019年下半年",{"v":18000,"d":"18,000"},null,{"v":18000,"d":"18,000"}]
[55,"县直",null,"衡东县欧阳遇中学","学生寝室垫被",null,"物资","学生寝室垫被","套",60,1000,{"v":60000,"d":"60,000"},"自主采购",null,"2019年下半年",{"v":60000,"d":"60,000"},null,{"v":60000,"d":"60,000"}]
[56,"县直",null,"衡东县欧阳遇中学","文件柜","A060503","物资","文件柜","个",880,10,{"v":8800,"d":"8,800"},"自主采购",null,"2019年上半年",{"v":8800,"d":"8,800"},{"$f":"L60","v":{"v":8800,"d":"8,800"}}]
[57,"县直",null,"衡东县欧阳遇中学","外教公寓冰箱",null,"物资","外教公寓冰箱","个",2000,1,{"v":2000,"d":"2,000"},"自主采购",null,"2019年上半年",{"v":2000,"d":"2,000"},{"v":2000,"d":"2,000"}]
[58,"县直",null,"衡东县欧阳遇中学","外教床上用品",null,"物资","外教床上用品","套",1000,1,{"v":1000,"d":"1,000"},"自主采购",null,"2019年上半年",{"v":1000,"d":"1,000"},{"v":1000,"d":"1,000"}]
[59,"县直",null,"衡东县欧阳遇中学","篮球",null,"物资","篮球","个",80,40,{"v":3200,"d":"3,200"},"自主采购",null,"2019年",{"v":3200,"d":"3,200"},{"v":3200,"d":"3,200"}]
[60,"县直",null,"衡东县欧阳遇中学","软排球",null,"物资","软排球","付",50,50,{"v":2500,"d":"2,500"},"自主采购",null,"2019年",{"v":2500,"d":"2,500"},{"v":2500,"d":"2,500"}]
[61,"县直",null,"衡东县欧阳遇中学","羽毛球、羽毛球拍",null,"物资","羽毛球、羽毛球拍","付",22,100,{"v":2200,"d":"2,200"},"自主采购",null,"2019年",{"v":2200,"d":"2,200"},{"v":2200,"d":"2,200"}]
[62,"县直",null,"衡东县欧阳遇中学","乒乓球拍、乒乓球",null,"物资","乒乓球拍、乒乓球","付",32,50,{"v":1600,"d":"1,600"},"自主采购",null,"2019年",{"v":1600,"d":"1,600"},{"v":1600,"d":"1,600"}]
[63,"县直",null,"衡东县欧阳遇中学","跳高横杆",null,"物资","跳高横杆","付",600,2,{"v":1200,"d":"1,200"},"自主采购",null,"2019年",{"v":1200,"d":"1,200"},{"v":1200,"d":"1,200"}]
[64,"县直",null,"衡东县欧阳遇中学","足球",null,"物资","足球","个",80,50,{"v":4000,"d":"4,000"},"自主采购",null,"2019年",{"v":4000,"d":"4,000"},{"v":4000,"d":"4,000"}]
[65,"县直",null,"衡东县欧阳遇中学","灭火器",null,"物资","灭火器","个",150,50,{"$f":"J69*K69","v":{"v":7500,"d":"7,500"}},"自主采购",null,"2019年",{"$f":"SUM(Q69:R69)","v":{"v":7500,"d":"7,500"}},{"v":7500,"d":"7,500"}]
[66,"县直",null,"衡东县欧阳遇中学","消防栓水带",null,"物资","消防栓水带","个",300,20,{"v":6000,"d":"6,000"},"自主采购",null,"2019年",{"v":6000,"d":"6,000"},{"v":6000,"d":"6,000"}]
[67,"县直",null,"衡东县欧阳遇中学","图书架",null,"物资","木质图书架","个",1300,10,{"v":13000,"d":"13,000"},"自主采购",null,"2019年",{"v":13000,"d":"13,000"},{"v":13000,"d":"13,000"}]
[68,"县直",null,"衡东县欧阳遇中学","铝合金窗护窗条",null,"物资","铝合金窗护窗条","个",900,12,{"v":10800,"d":"10,800"},"自主采购",null,"2019年",{"v":10800,"d":"10,800"},{"v":10800,"d":"10,800"}]
[69,"县直",null,"衡东县欧阳遇中学","办公楼不锈钢门",null,"物资","办公楼不锈钢门","条",5000,1,{"v":5000,"d":"5,000"},"自主采购",null,"2019年上半年",{"v":5000,"d":"5,000"},{"v":5000,"d":"5,000"}]
[70,"县直",null,"衡东县欧阳遇中学","校舍维修","B08","维修","1、外教宿舍窗户改造","个",900,6,{"v":5400,"d":"5,400"},"自主采购",null,"2019年上半年",{"$f":"L74","v":{"v":5400,"d":"5,400"}},{"$f":"P74","v":{"v":5400,"d":"5,400"}}]
[71,"县直",null,"衡东县欧阳遇中学","维修","B08","维修","2、外教宿舍电路改造及卫生间改造","间",5000,1,{"v":5000,"d":"5,000"},"自主采购",null,"2019年上半年",{"$f":"L75","v":{"v":5000,"d":"5,000"}},{"$f":"P75","v":{"v":5000,"d":"5,000"}}]
[72,"县直",null,"衡东县欧阳遇中学","维修","B08","维修","一食堂维修","平方米",500,80,{"v":40000,"d":"40,000"},"自主采购",null,"2019年",{"$f":"L76","v":{"v":40000,"d":"40,000"}},{"$f":"P76","v":{"v":40000,"d":"40,000"}}]
[73,"县直",null,"衡东县欧阳遇中学","维修","B08","维修","4、二食堂油烟净化改造","平方米",500,90,{"v":45000,"d":"45,000"},"自主采购",null,"2019年上半年",{"$f":"L77","v":{"v":45000,"d":"45,000"}},{"$f":"L77","v":{"v":45000,"d":"45,000"}}]
[74,"县直",null,"衡东县欧阳遇中学","维修","B08","维修","5、女生寝室厕所隔墙门维修","条",680,60,{"v":40800,"d":"40,800"},"自主采购",null,"2019年上半年",{"$f":"SUM(Q78:R78)","v":{"v":40800,"d":"40,800"}},{"v":40800,"d":"40,800"}]
[75,"县直",null,"衡东县欧阳遇中学","维修","B08","维修","6、办公楼1楼、4楼、5楼铝合金窗户安装","平方米",16,800,{"v":12800,"d":"12,800"},"自主采购",null,"2019年上半年",{"v":12800,"d":"12,800"},{"v":12800,"d":"12,800"}]
[76,"县直",null,"衡东县欧阳遇中学","维修","B08","维修","8、公租房护坡维护","平方米",500,80,{"v":40000,"d":"40,000"},"自主采购",null,"2019年",{"v":40000,"d":"40,000"},{"v":40000,"d":"40,000"}]
[77,"县直",null,"衡东县欧阳遇中学","维修","B08","维修","10、校园绿化","平方米",500,100,{"v":50000,"d":"50,000"},"自主采购",null,"2019年",{"v":50000,"d":"50,000"},{"v":50000,"d":"50,000"}]
[78,"县直",null,"衡东县欧阳遇中学","维修","B08","维修","11、党建文化建设","平方米",500,60,{"v":30000,"d":"30,000"},"自主采购",null,"2019年",{"v":30000,"d":"30,000"},{"v":30000,"d":"30,000"}]
[79,"县直",null,"衡东县欧阳遇中学","维修","B08","维修","13、8栋管道改增压泵和节水管道","平方米",500,60,{"v":30000,"d":"30,000"},"自主采购",null,"2019年",{"v":30000,"d":"30,000"},{"v":30000,"d":"30,000"}]
[80,"县直",null,"衡东县欧阳遇中学","维修","B08","维修","14、护栏、扶手加高","平方米",500,60,{"v":30000,"d":"30,000"},"自主采购",null,"2019年",{"v":30000,"d":"30,000"},{"v":30000,"d":"30,000"}]
[81,"县直",null,"衡东县欧阳遇中学","维修","B08","维修","17档案室改造","平方米",500,95,{"v":47500,"d":"47,500"},"自主采购",null,"2019年",{"v":47500,"d":"47,500"},{"v":47500,"d":"47,500"}]
[82,"县直",null,"衡东县欧阳遇中学","维修","B08","维修","18、新建录课室装修","平方米",500,60,{"v":30000,"d":"30,000"},"自主采购",null,"2019年",{"v":30000,"d":"30,000"},{"v":30000,"d":"30,000"}]
[83,"县直",null,"衡东县欧阳遇中学","维修","B08","维修","19、校园文化建设","平方米",500,40,{"v":20000,"d":"20,000"},"自主采购",null,"2019年",{"v":20000,"d":"20,000"},{"v":20000,"d":"20,000"}]
[84,"县直",null,"衡东县欧阳遇中学","维修","B08","维修","20、沟圳疏通、道路维护、下水管道清理疏通","平方米",500,91,{"v":45500,"d":"45,500"},"自主采购",null,"2019年",{"v":45500,"d":"45,500"},{"v":45500,"d":"45,500"}]

{"sheet":"7八中","index":7,"n_rows":8,"n_cols":27,"rows_kept":8,"hidden":true,"merged":[[0,0,0,4],[1,0,1,17],[2,0,3,0],[2,1,3,1],[2,2,3,2],[2,3,3,3],[2,4,3,4],[2,5,3,5],[2,6,3,6],[2,7,3,7],[2,8,3,8],[2,9,3,9],[2,10,3,10],[2,11,3,11],[2,12,3,12],[2,13,3,13],[2,14,3,14],[2,15,2,17],[2,19,2,21],[2,22,2,24],[4,0,4,4]]}
["附表二"]
["   2020年衡东县教育系统政府采购计划表"]
["序号","乡",null,"学校名称","采购项目名称","采购项目编码","采购类别","采购项目简述（主要参数）","规格型号","参考\n单价","采购数量","采购预算\n资金合计","拟采用采购方式","采购方式","计划采购时间","资金来源（元）",{"$nulls":3},"学生",null,null,"标准",null,null,"公用经费40%\n合计","40%节余"]
[{"$nulls":15},"合计","预算内资金","其他资金",null,"小学","初中","高中","小学","初中","省示范高中800\n市示范高中640"]
["八中汇总",{"$nulls":10},{"$f":"SUM(L6:L8)","v":{"v":100000,"d":"100,000"}},{"$nulls":3},{"$f":"SUM(P6:P8)","v":{"v":100000,"d":"100,000"}},{"$f":"SUM(Q6:Q8)","v":{"v":100000,"d":"100,000"}},{"$f":"SUM(R6:R8)","v":0},null,null,637,301,{"$f":"600*0.4","v":240},{"$f":"800*0.4","v":320},640,{"$f":"SUM(T5*W5+U5*X5+V5*Y5)","v":{"v":396480,"d":"396,480"}},{"$f":"SUM(T5*W5+U5*X5+V5*Y5-P5)","v":{"v":296480,"d":"296,480"}}]
[1,"县直",null,"衡东县八中","电脑设备、家具购置","A0201060102","物资","电脑设备、家具购置","件",2000,20,{"$f":"J6*K6","v":{"v":40000,"d":"40,000"}},"自主采购",null,"2019-01-01",{"$f":"L6","v":{"v":40000,"d":"40,000"}},{"v":40000,"d":"40,000"},{"$f":"SUM(P6-Q6)","v":0}]
[2,"县直",null,"衡东县八中","课桌维修",null,"维修","课桌、床铺维修、绿化及水电维修等。","天",200,100,{"$f":"J7*K7","v":{"v":20000,"d":"20,000"}},"自主采购",null,"2019-06-01",{"$f":"L7","v":{"v":20000,"d":"20,000"}},{"v":20000,"d":"20,000"},{"$f":"SUM(P7-Q7)","v":0}]
[3,"县直",null,"衡东县八中","校园监控",null,"物资","校园监控","套",8000,5,{"$f":"J8*K8","v":{"v":40000,"d":"40,000"}},"自主采购",null,"2019-01-01",{"$f":"L8","v":{"v":40000,"d":"40,000"}},{"v":40000,"d":"40,000"}]

{"sheet":"8九中","index":8,"n_rows":79,"n_cols":27,"rows_kept":79,"merged":[[0,0,0,17],[1,0,2,0],[1,1,2,1],[1,2,2,2],[1,3,2,3],[1,4,2,4],[1,5,2,5],[1,6,2,6],[1,7,2,7],[1,8,2,8],[1,9,2,9],[1,10,2,10],[1,11,2,11],[1,12,2,12],[1,13,2,13],[1,14,2,14],[1,15,1,17],[1,19,1,21],[1,22,1,24],[3,0,3,4]]}
["   2022年衡东县教育系统政府采购计划表"]
["序号","乡",null,"学校名称","采购项目名称","采购项目编码","采购类别","采购项目简述（主要参数）","规格型号","参考\n单价","采购数量","采购预算\n资金合计","拟采用采购方式","采购方式","计划采购时间","资金来源（元）",{"$nulls":3},"学生",null,null,"标准",null,null,"公用经费40%\n合计","40%节余"]
[{"$nulls":15},"合计","预算内资金","其他资金",null,"小学","初中","高中","小学","初中","省示范高中800\n市示范高中640"]
["衡东九中汇总",{"$nulls":10},{"$f":"SUM(L5:L81)","v":{"v":383380,"d":"383,380"}},{"$nulls":3},{"$f":"SUM(P5:P81)","v":{"v":383380,"d":"383,380"}},{"$f":"SUM(Q5:Q81)","v":{"v":383380,"d":"383,380"}},{"$f":"SUM(R5:R25)","v":0},null,null,1094,0,{"$f":"600*0.4","v":240},{"$f":"800*0.4","v":320},640,{"$f":"SUM(T4*W4+U4*X4+V4*Y4)","v":{"v":350080,"d":"350,080"}},{"$f":"SUM(T4*W4+U4*X4+V4*Y4-P4)","v":{"v":-33300,"d":"-33,300"}}]
[1,"县直",null,"衡东九中","电脑类","A02010104","物资","联想电脑","台式",4200,4,{"$f":"J5*K5","v":16800},"自主采购","自主采购","2022年",16800,16800]
[2,"县直",null,"衡东九中","电脑类","A02010105","物资","计算机","便携式",6000,1,6000,"自主采购","自主采购","2022年",6000,6000]
[3,"县直",null,"衡东九中","多媒体、监控、网络设备维修维护等","A020102","维修","多媒体、监控、网络维修维护","年",4000,1,4000,"自主采购","自主采购","2022年",4000,4000]
[4,"县直",null,"衡东九中","路由器","A02010201","物资","TP-LINK千兆路由器","AX3200",240,5,1200,"自主采购","自主采购","2022年",1200,1200]
[5,"县直",null,"衡东九中","电脑显示器","A0201060401","物资","27寸显示器","台",1100,1,1100,"自主采购","自主采购","2022年",1100,1100]
[6,"县直",null,"衡东九中","打印复印机","A0201060102","物资","激光打印机","ＨＰ1005",1900,2,3800,"自主采购","自主采购","2022年",3800,3800]
[7,"县直",null,"衡东九中","电脑办公设备","A0202","物资","键盘鼠标","个",200,5,1000,"自主采购","自主采购","2022年",1000,1000]
[8,"县直",null,"衡东九中","电脑音响","A0202","物资","电脑音响","对",50,4,200,"自主采购","自主采购","2022年",200,200]
[9,"县直",null,"衡东九中","一体印刷机","A020204","物资","印刷试卷等","台",30000,1,30000,"自主采购","自主采购","2022年",30000,30000]
[10,"县直",null,"衡东九中","大会音响设备","A0202","物资","室内音响调音台等","套",20000,1,20000,"自主采购","自主采购","2022年",20000,20000]
[17,"县直",null,"衡东九中","南孚电池7号","A0202","物资","南孚电池7号","粒",2,50,100,"自主采购","自主采购","2022年",100,100]
[18,"县直",null,"衡东九中","南孚电池5号","A0202","物资","南孚电池5号","粒",2.5,100,250,"自主采购","自主采购","2022年",250,250]
[19,"县直",null,"衡东九中","南孚电池9号","A0202","物资","南孚电池9号","粒",15,20,300,"自主采购","自主采购","2022年",300,300]
[20,"县直",null,"衡东九中","门卫保安服","A0202","物资","门卫保安服","套",200,4,800,"自主采购","自主采购","2022年",800,800]
[25,"县直",null,"衡东九中","欧普LED9W灯泡","A020618","物资","欧普LED9W灯泡","个",15.8,100,1580,"自主采购","自主采购","2022年",1580,1580]
[27,"县直",null,"衡东九中","空气调节电器","A02061802","物资","开关、电线等","批",200,10,{"$f":"J20*K20","v":2000},"自主采购","自主采购","2022年",2000,2000]
[28,"县直",null,"衡东九中","空调（挂式变频）","A0206180203","物资","格力KFR-35GW(35592)FNAa-A3","台",3800,4,15200,"自主采购","自主采购","2022年",15200,15200]
[29,"县直",null,"衡东九中","空调（立式变频）","A0206180203","物资","格力3匹","台",7000,1,7000,"自主采购","自主采购","2022年",7000,7000]
[30,"县直",null,"衡东九中","垃圾桶（大型）","A0324","物资","垃圾桶（大型）","只",25,20,500,"自主采购","自主采购","2022年",500,500]
[31,"县直",null,"衡东九中","塑料扫把","A0324","物资","塑料扫把","只",8,100,800,"自主采购","自主采购","2022年",800,800]
[32,"县直",null,"衡东九中","拖把","A0324","物资","拖把","只",15,100,1500,"自主采购","自主采购","2022年",1500,1500]
[33,"县直",null,"衡东九中","灰斗","A0324","物资","灰斗","只",15,100,1500,"自主采购","自主采购","2022年",1500,1500]
[34,"县直",null,"衡东九中","棕扫把","A0324","物资","铁扫把","只",8,300,2400,"自主采购","自主采购","2022年",2400,2400]
[35,"县直",null,"衡东九中","竹扫把","A0324","物资","竹扫把","只",15,200,3000,"自主采购","自主采购","2022年",3000,3000]
[36,"县直",null,"衡东九中","档案柜","Ａ060205","物资","铁皮、多层","2m*1.2m",1000,4,4000,"自主采购","自主采购","2022年",4000,4000]
[37,"县直",null,"衡东九中","保管室货架","Ａ060205","物资","铁皮、多层","2m*1.2m",2000,4,8000,"自主采购","自主采购","2022年",8000,8000]
[39,"县直",null,"衡东九中","行政视频会议室会议桌椅","Ａ060205","物资","弧形200*600、免漆板材、12位。","平方米",1000,20,20000,"自主采购","自主采购","2022年",20000,20000]
[40,"县直",null,"衡东九中","小会议室凳","Ａ060302","物资","实木皮质会议椅、木支架","条",500,30,10000,"自主采购","自主采购","2022年",10000,10000]
[41,"县直",null,"衡东九中","对抗服运动背心（4种颜色，每种颜色1至20号）","A09","物资","学生上体育课用","件",10,80,800,"自主采购","自主采购","2022年",800,800]
[42,"县直",null,"衡东九中","跳高垫子（2X2米）","A09","物资","学生上体育课用","床",1500,1,1500,"自主采购","自主采购","2022年",1500,1500]
[43,"县直",null,"衡东九中","体操垫（小）","A09","物资","学生上体育课用","床",60,10,600,"自主采购","自主采购","2022年",600,600]
[44,"县直",null,"衡东九中","体操垫（中）","A09","物资","学生上体育课用","床",200,5,1000,"自主采购","自主采购","2022年",1000,1000]
[45,"县直",null,"衡东九中","杠铃（60KG）","A09","物资","学生上体育课用","个",300,2,600,"自主采购","自主采购","2022年",600,600]
[46,"县直",null,"衡东九中","皮尺（30米）","A09","物资","学生上体育课用","个",40,2,80,"自主采购","自主采购","2022年",80,80]
[47,"县直",null,"衡东九中","标枪（600克3根）","A09","物资","学生上体育课用","根",100,3,300,"自主采购","自主采购","2022年",300,300]
[48,"县直",null,"衡东九中","铁饼（1千克）","A09","物资","学生上体育课用","个",60,4,240,"自主采购","自主采购","2022年",240,240]
[49,"县直",null,"衡东九中","铅球（5千克2个，4千克2个）","A09","物资","学生上体育课用","个",80,4,320,"自主采购","自主采购","2022年",320,320]
[50,"县直",null,"衡东九中","篮球","A09","物资","学生上体育课用","个",100,20,2000,"自主采购","自主采购","2022年",2000,2000]
[51,"县直",null,"衡东九中","篮球（比赛用球）","A09","物资","学生上体育课用","个",400,2,800,"自主采购","自主采购","2022年",800,800]
[52,"县直",null,"衡东九中","计分牌","A09","物资","学生上体育课用","块",50,4,200,"自主采购","自主采购","2022年",200,200]
[53,"县直",null,"衡东九中","足球","A09","物资","学生上体育课用","个",50,20,1000,"自主采购","自主采购","2022年",1000,1000]
[54,"县直",null,"衡东九中","羽毛球拍","A09","物资","学生上体育课用","副",30,20,600,"自主采购","自主采购","2022年",600,600]
[55,"县直",null,"衡东九中","乒乓球拍","A09","物资","学生上体育课用","副",20,20,400,"自主采购","自主采购","2022年",400,400]
[56,"县直",null,"衡东九中","羽毛球（50筒）","A09","物资","学生上体育课用","筒",30,50,1500,"自主采购","自主采购","2022年",1500,1500]
[57,"县直",null,"衡东九中","武术棍","A09","物资","学生上体育课用","根",10,60,600,"自主采购","自主采购","2022年",600,600]
[58,"县直",null,"衡东九中","拉力带","A09","物资","学生上体育课用","块",15,30,450,"自主采购","自主采购","2022年",450,450]
[59,"县直",null,"衡东九中","篮球网","A09","物资","学生上体育课用","个",30,10,300,"自主采购","自主采购","2022年",300,300]
[60,"县直",null,"衡东九中","足球网","A09","物资","学生上体育课用","个",120,4,480,"自主采购","自主采购","2022年",480,480]
[61,"县直",null,"衡东九中","羽毛球（比赛用球）","A09","物资","学生上体育课用","个",100,10,1000,"自主采购","自主采购","2022年",1000,1000]
[64,"县直",null,"衡东九中","仪器室、功能室窗帘","A09","物资","窗帘","平方米",20,100,{"$f":"J54*K54","v":2000},"自主采购","自主采购","2022年",2000,2000]
[65,"县直",null,"衡东九中","油墨","A09","物资","理想油墨F型C S6930C","支",132,40,5280,"自主采购","自主采购","2022年",5280,5280]
[66,"县直",null,"衡东九中","版纸","A09","物资","33C版纸200张B-8249V","支",320,30,9600,"自主采购","自主采购","2022年",9600,9600]
[67,"县直",null,"衡东九中","8K油印纸","A09","物资","8K油印纸","锭",310,40,12400,"自主采购","自主采购","2022年",12400,12400]
[68,"县直",null,"衡东九中","美术器材","A09","物资","学生上美术课用(含文艺活动、窗帘)","一批",2000,1,2000,"自主采购","自主采购","2022年",2000,2000]
[69,"县直",null,"衡东九中","宣传广告类","A09","物资","宣传广告等","平方米",60,500,30000,"自主采购","自主采购","2022年",30000,30000]
[70,"县直",null,"衡东九中","音乐器材","A09","物资","学生上音乐课用","一批",2000,1,2000,"自主采购","自主采购","2022年",2000,2000]
[71,"县直",null,"衡东九中","档案盒","A0901","物资","党建档案盒红色","个",20,20,400,"自主采购","自主采购","2022年",400,400]
[72,"县直",null,"衡东九中","党徽","A0901","物资","党徽","个",5,40,200,"自主采购","自主采购","2022年",200,200]
[75,"县直",null,"衡东九中","日记本","A0901","物资","奖品","个",8,400,3200,"自主采购","自主采购","2022年",3200,3200]
[76,"县直",null,"衡东九中","学生奖状","A0901","物资","A３","张",0.5,800,400,"自主采购","自主采购","2022年",400,400]
[77,"县直",null,"衡东九中","学生奖状","A0901","物资","8K","张",0.5,600,300,"自主采购","自主采购","2022年",300,300]
[78,"县直",null,"衡东九中","荣誉证书","A0901","物资","A４","张",5,400,2000,"自主采购","自主采购","2022年",2000,2000]
[79,"县直",null,"衡东九中","A3复印纸","A090101","物资","70G","件",300,10,3000,"自主采购","自主采购","2022年",3000,3000]
[80,"县直",null,"衡东九中","A4复印纸","A090101","物资","A4包装纸","锭",200,30,6000,"自主采购","自主采购","2022年",6000,6000]
[81,"县直",null,"衡东九中","硒鼓","A090201","物资","M1005鼓粉盒","个",60,40,2400,"自主采购","自主采购","2022年",2400,2400]
[82,"县直",null,"衡东九中","碳粉","A090202","物资","Q2612A","盒",10,100,1000,"自主采购","自主采购","2022年",1000,1000]
[83,"县直",null,"衡东九中","医药用品","A11","物资","医药器械等","件",10000,1,10000,"自主采购","自主采购","2022年",10000,10000]
[84,"县直",null,"衡东九中","宿舍卫生间漏水维修","B08","维修","宿舍维修等","层",1000,3,{"$f":"J72*K72","v":3000},"自主采购","自主采购","2022年",3000,3000]
[85,"县直",null,"衡东九中","科技屋顶防水","B08","维修","维修","㎡",60,1000,null,"自主采购","自主采购","2022年"]
[86,"县直",null,"衡东九中","校舍维修","Ｂ08","维修","餐厅墙壁粉刷、改造、不锈钢等","平方米",28,400,11200,"自主采购","自主采购","2022年",11200,11200]
[87,"县直",null,"衡东九中","校舍维修","Ｂ08","维修","教工食堂安全隐患整治、住房走廊墙壁粉刷等","立方米",13,1400,18200,"自主采购","自主采购","2022年",18200,18200]
[88,"县直",null,"衡东九中","维修","Ｂ08","维修","水、电等零星维修","天",200,150,30000,"自主采购","自主采购","2022年",30000,30000]
[89,"县直",null,"衡东九中","校舍维修","Ｂ09","维修","围墙基本设施等","套",15000,1,15000,"自主采购","自主采购","2022年",15000,15000]
[90,"县直",null,"衡东九中","公共卫生","C1204","服务","垃圾清运","立方米",80,300,24000,"自主采购","自主采购","2022年",24000,24000]
[91,"县直",null,"衡东九中","饮水机","A020618","物资","直饮水设备","台",500,24,12000,"自主采购","自主采购","2022年",12000,12000]

{"sheet":"采购目录","index":9,"n_rows":106,"n_cols":4,"rows_kept":106,"merged":[[0,0,0,3]]}
["湖南省2019年省级政府集中采购目录"]
["  编码","品目名称","说明","备注"]
["A","货物类"]
["A02","通用设备"]
["A0201","计算机设备及软件"]
["A020101","计算机设备"]
["A02010103","服务器",null,"协议供货"]
["A02010104","台式计算机","不包括图形工作站。","协议供货"]
["A02010105","便携式计算机","不包括移动工作站。","协议供货"]
["A020102","计算机网络设备","仅限于计算机网络设备，通信网络设备归入“A0208通信设备”。"]
["A02010201","路由器",null,"协议供货"]
["A02010202","交换设备","指交换机。"]
["A0201020201","以太网交换机",null,"协议供货"]
["A020103","信息安全设备"]
["A02010301","防火墙",null,"协议供货"]
["A020106","输入输出设备"]
["A02010601","打印设备"]
["A0201060101","喷墨打印机",null,"协议供货"]
["A0201060102","激光打印机",null,"协议供货"]
["A0201060103","热式打印机","包括热传式、热敏式打印机。","协议供货"]
["A0201060104","针式打印机",null,"协议供货"]
["A02010604","显示设备"]
["A0201060401","液晶显示器",null,"协议供货"]
["A02010609","图形图像输入设备"]
["A0201060901","扫描仪",null,"协议供货"]
["A020108","计算机软件"]
["A02010803","应用软件","包括应用软件包和用户程序。"]
["A0201080301","通用应用软件","限操作系统、办公软件、杀毒软件。","协议供货"]
["A0202","办公设备"]
["A020201","复印机",null,"协议供货"]
["A020202","投影仪","用于测量测绘等专用投影仪除外。","协议供货"]
["A020204","多功能一体机","具有多种办公功能的设备入此，例如带打印功能的复印机等。","协议供货"]
["A020205","照相机及器材"]
["A02020501","照相机"]
["A0202050101","数字照相机","指数码机，包括单反数码相机、卡片数码相机等。","协议供货"]
["A020208","触控一体机","包括室内型、户外型触摸屏等。","协议供货"]
["A020210","文印设备"]
["A02021001","速印机",null,"协议供货"]
["A020211","销毁设备"]
["A02021101","碎纸机",null,"协议供货"]
["A020212","条码打印机",null,"协议供货"]
["A0203","车辆"]
["A020305","乘用车（轿车）","包括驾驶员座位在内不超过（含）9个座位。"]
["A02030501","轿车",null,"协议供货"]
["A02030502","越野车",null,"协议供货"]
["A02030503","商务车",null,"协议供货"]
["A020306","客车"]
["A02030601","小型客车","除驾驶员座位外，座位数超过9座，但不超过（含）16座.","协议供货"]
["A02030602","大中型客车","除驾驶员座位外，座位数超过（含）16座。","协议供货"]
["A020307","专用车辆"]
["A02030728","清洁卫生车辆"]
["A0203072801","垃圾车",null,"协议供货"]
["A0203072802","洒水车",null,"协议供货"]
["A0203072803","街道清洗清扫车",null,"协议供货"]
["A0206","电气设备"]
["A020615","电源设备"]
["A02061504","不间断电源（UPS)","包括后备式不间断电源、在线式不间断电源等。","协议供货"]
["A020618","生活用电器"]
["A02061802","空气调节电器"]
["A0206180203","空调机","空调类额定制冷量14000W及以下入此，不含多联式空调机组。","协议供货"]
["A03","专用设备"]
["A0324","环境污染防治设备"]
["A032403","固体废弃物处理设备","限破碎压缩设备。","协议供货"]
["A05","图书和档案"]
["A0501","图书"]
["A050101","普通图书"]
["A05010101","书籍、课本","指采购预算在50万元以上，不包括广告品。"]
["A09","办公消耗用品及类似物品"]
["A0901","纸质文具及办公用品"]
["A090101","复印纸","包括再生复印纸。","协议供货"]
["A0902","硒鼓、粉盒"]
["A090201","鼓粉盒","包括再生鼓粉盒。","协议供货"]
["A090202","粉盒",null,"协议供货"]
["A090203","喷墨盒",null,"协议供货"]
["A090205","色带",null,"协议供货"]
["A11","医药品"]
["A1107","生物化学制品"]
["A110703","人用疫苗","指采购预算在50万元以上。"]
["A11070301","脑炎疫苗","包括乙型脑炎灭活疫苗、乙型脑炎纯化疫苗（Vero）细胞、冻干流行性乙型脑炎活疫苗等。"]
["A11070302","脑膜炎疫苗","包括A群脑膜炎球菌多糖疫苗、A+C群脑膜炎球菌多糖疫苗等。"]
["A11070303","麻疹、风疹及腮腺炎疫苗","包括冻干麻疹活疫苗、麻疹减毒活疫苗、风疹减毒活疫苗等。"]
["A11070304","狂犬病疫苗","包括人用浓缩狂犬病疫苗、人用狂犬病纯化疫苗、冻干人用狂犬病疫苗等。"]
["A11070305","脊髓灰质炎疫苗","包括口服脊髓灰质炎减毒活疫苗、脊髓灰质炎活疫苗糖丸等。"]
["A11070306","肝炎疫苗","包括重组（酵母）乙型肝炎疫苗、乙型肝炎血源疫苗、重组酵母乙肝疫苗等。"]
["A11070307","流感疫苗","包括流行性感冒活疫苗、B型流感嗜血杆菌疫苗、流行性感冒及毒株病毒亚单位灭活疫苗等。"]
["A11070308","肾综合症疫苗","包括Ⅰ型肾综合症出血热灭活疫苗、Ⅱ型肾综合症出血热灭活疫苗、双价肾综合症出血热灭活疫苗等。"]
["A11070309","破伤风、白喉及百日咳疫苗","包括吸附破伤风疫苗、吸附白喉疫苗、吸附百日咳白喉联合疫苗等。"]
["A11070310","黄热减毒活疫苗"]
["A11070399","其他人用疫苗"]
["B","工程类"]
["B0303","拆除工程","指长沙市内以内的采购人使用财政性资金投资预算在100万元以上，与建筑物、构筑物新建、改建、扩建无关的单独的拆除工程。"]
["B07","装修工程","指长沙市区以内的采购人使用财政性资金投资预算在100万元以上，与建筑物、构筑物新建、改建、扩建无关的单独的装修工程。"]
["B08","修缮工程","指长沙市区以内的采购人使用财政性资金投资预算在100万元以上，与建筑物、构筑物新建、改建、扩建无关的单独的修缮工程。"]
["B0801","房屋修缮"]
["B0802","工业建筑修缮"]
["B0803","文物保护建筑修缮"]
["B0899","其他建筑物、构筑物修缮"]
["C","服务类"]
["C06","会议和展览服务"]
["C0601","会议服务",null,"按照会议定点相关规定执行。"]
["C060101","大型会议服务","包括全国或区域党代会、人代会、政协会等大型会议服务。"]
["C060102","一般会议服务","包括研讨会、表彰会等会议服务。"]
["C08","商务服务"]
["C0814","印刷和出版服务","采购预算在80万元以上"]
["C12","房地产中介服务"]
["C1204","物业管理服务","指长沙市内以内采购人采购预算在80万元以上的办公场所或其他公用场所水电供应服务、设备运行、门窗保养维护、保洁、绿化养护等的管理及服务，包括：                               ——住宅物业管理服务：住宅小区、住宅楼、公寓等物业的管理服务；                                 ——办公楼物业管理服务：写字楼、单位办公楼等物业管理服务；                                       ——车站、机场、港口码头、医院、学校等物业管理服务：                                               ——其他物业管理服务。"]

{"sheet":"9进修","index":10,"n_rows":14,"n_cols":27,"rows_kept":14,"hidden":true,"merged":[[0,0,0,16],[1,0,2,0],[1,1,2,1],[1,2,2,2],[1,3,2,3],[1,4,2,4],[1,5,2,5],[1,6,2,6],[1,7,2,7],[1,8,2,8],[1,9,2,9],[1,10,2,10],[1,11,2,11],[1,12,2,12],[1,13,2,13],[1,14,1,16],[1,19,1,21],[1,22,1,24],[3,0,3,3]]}
["   2020年衡东进修学校政府采购计划表"]
["序号","乡","学校名称","采购项目名称","采购项目编码","采购类别","采购项目简述（主要参数）","规格型号","参考\n单价","采购数量","采购预算\n资金合计","拟采用采购方式","采购方式","计划采购时间","资金来源（元）",{"$nulls":4},"学生",null,null,"标准",null,null,"公用经费40%\n合计","40%节余"]
[{"$nulls":14},"合计","预算内资金","其他资金",null,null,"小学","初中","高中","小学","初中","省示范高中800\n市示范高中640"]
["进修汇总",{"$nulls":9},{"$f":"SUM(K5:K14)","v":{"v":576620,"d":"576,620"}},{"$nulls":3},{"$f":"SUM(O5:O14)","v":{"v":576620,"d":"576,620"}},{"$f":"SUM(P5:P14)","v":{"v":576620,"d":"576,620"}},{"$f":"SUM(Q5:Q14)","v":0},{"$nulls":3},0,208,{"$f":"600*0.4","v":240},{"$f":"800*0.4","v":320},640,{"$f":"SUM(T4*W4+U4*X4+V4*Y4)","v":{"v":133120,"d":"133,120"}},{"$f":"SUM(T4*W4+U4*X4+V4*Y4-P4)","v":{"v":-443500,"d":"-443,500"}}]
[1,"县直","教师进修学校","推拉黑板",null,"物资","安装与一体机配套的黑板","块",3000,12,{"$f":"SUM(I5*J5)","v":{"v":36000,"d":"36,000"}},"询价采购",null,"2019年",{"v":36000,"d":"36,000"},{"v":36000,"d":"36,000"}]
[2,"县直","教师进修学校","德睿楼教室与办公室门更换",null,"物资","更换成不锈钢门、修葺门框","套",1800,43,{"v":77400,"d":"77,400"},"询价采购",null,"2019年",{"v":77400,"d":"77,400"},{"v":77400,"d":"77,400"}]
[3,"县直","教师进修学校","学生宿舍玻璃推拉门改造",null,"物资","玻璃门换成铝合金门，男舍120条，女舍54条","条",530,174,{"v":92220,"d":"92,220"},"询价采购",null,"2019年",{"v":92220,"d":"92,220"},{"v":92220,"d":"92,220"}]
[4,"县直","教师进修学校","心理咨询室",null,"物资","购置相关设施设备","批",50000,1,{"v":50000,"d":"50,000"},"询价采购",null,"2019年",{"v":50000,"d":"50,000"},{"v":50000,"d":"50,000"}]
[5,"县直","教师进修学校","购置录播设备",null,"物资","简易录像设备","批",40000,1,{"v":40000,"d":"40,000"},"询价采购",null,"2019年",{"v":40000,"d":"40,000"},{"v":40000,"d":"40,000"}]
[6,"县直","教师进修学校","德睿楼教室供电设施改造",null,"工程","改造室内外线路与灯具","批",80000,1,{"v":80000,"d":"80,000"},"询价采购",null,"2019年",{"v":80000,"d":"80,000"},{"v":80000,"d":"80,000"}]
[7,"县直","教师进修学校","学生宿舍卫生间改造",null,"工程","破除原地面、防水排水处理","间",5000,12,{"v":60000,"d":"60,000"},"询价采购",null,"2019年",{"v":60000,"d":"60,000"},{"v":60000,"d":"60,000"}]
[8,"县直","教师进修学校","培训教室升级改造",null,"工程","吊顶、安装空调、墙壁地面装修","间",48000,2,{"v":96000,"d":"96,000"},"询价采购",null,"2019年",{"v":96000,"d":"96,000"},{"v":96000,"d":"96,000"}]
[9,"县直","教师进修学校","杂物房拆除与围墙修缮",null,"工程","拆除杂物房4间共80平方米，修缮围墙20米","平方米",500,40,{"v":20000,"d":"20,000"},"询价采购",null,"2019年",{"v":20000,"d":"20,000"},{"v":20000,"d":"20,000"}]
[10,"县直","教师进修学校","建造晒衣服阳光棚",null,"工程","建造塑料阳光棚50平方米","平方米",500,50,{"v":25000,"d":"25,000"},"询价采购",null,"2019年",{"v":25000,"d":"25,000"},{"v":25000,"d":"25,000"}]

{"sheet":"10白莲","index":11,"n_rows":51,"n_cols":27,"rows_kept":51,"hidden":true,"merged":[[0,0,0,18],[1,0,2,0],[1,1,2,1],[1,2,2,2],[1,3,2,3],[1,4,2,4],[1,5,2,5],[1,6,2,6],[1,7,2,7],[1,8,2,8],[1,9,2,9],[1,10,2,10],[1,11,2,11],[1,12,2,12],[1,13,2,13],[1,14,2,14],[1,15,1,17],[1,18,2,18],[1,19,1,21],[1,22,1,24],[19,4,21,4],[40,6,43,6],[44,6,46,6]]}
["   2020年衡东县教育系统政府采购计划申报表"]
["序号","乡","学校编码","学校名称","采购项目名称","采购目录项目编码","采购类别","采购项目简述                         （主要参数）","规格型号","参考\n单价","采购数量","采购预算\n资金合计","拟采用       采购方式","采购方式","计划采购时间","资金来源（元）",null,null,"说明","学生",null,null,"标准",null,null,"公用经费40%\n合计","40%节余"]
[{"$nulls":15},"合计","预算内资金","其他资金",null,"小学","初中","高中","小学","初中","省示范高中800\n市示范高中640"]
[{"$nulls":3},"白莲总计",{"$nulls":7},{"$f":"SUM(L5+L23+L34+L48)","v":{"v":387948,"d":"387,948"}},{"$nulls":3},{"$f":"SUM(P5+P23+P34+P48)","v":{"v":387948,"d":"387,948"}},{"$f":"SUM(Q5+Q23+Q34+Q48)","v":{"v":387948,"d":"387,948"}},null,null,1251,331,0,{"$f":"600*0.4","v":240},{"$f":"800*0.4","v":320},640,{"$f":"SUM(T4*W4+U4*X4+V4*Y4)","v":{"v":406160,"d":"406,160"}},{"$f":"SUM(T4*W4+U4*X4+V4*Y4-P4)","v":{"v":18212,"d":"18,212"}}]
[{"$nulls":3},"尚德学校合计",{"$nulls":7},{"$f":"SUM(L6:L22)","v":{"v":243660,"d":"243,660"}},{"$nulls":3},{"$f":"SUM(P6:P22)","v":{"v":243660,"d":"243,660"}},{"$f":"SUM(Q6:Q22)","v":{"v":243660,"d":"243,660"}}]
[1,"白莲",null,"尚德学校","投影机及配套添置",null,"物资","投影机添置","极米GIMI",3500,6,{"v":21000,"d":"21,000"},"政府采购",null,201904,{"v":21000,"d":"21,000"},{"v":21000,"d":"21,000"}]
[2,"白莲",null,"尚德学校","投影机及配套维修",null,"维修","投影机维修","极米GIMI",500,18,{"v":9000,"d":"9,000"},"政府采购",null,201904,{"v":9000,"d":"9,000"},{"v":9000,"d":"9,000"}]
[3,"白莲",null,"尚德学校","网络改造",null,"物资","网络改造","100M /年",{"v":15000,"d":"15,000"},1,{"$f":"J8*K8","v":{"v":15000,"d":"15,000"}},"政府采购",null,201909,{"v":15000,"d":"15,000"},{"v":15000,"d":"15,000"}]
[4,"白莲",null,"尚德学校","添置打印机",null,"物资","添置打印机","HP1005",2000,2,{"$f":"J9*K9","v":{"v":4000,"d":"4,000"}},"政府采购",null,201904,{"v":4000,"d":"4,000"},{"v":4000,"d":"4,000"}]
[5,"白莲",null,"尚德学校","床铺添置",null,"物资","床铺添置","张",2000,8,{"$f":"J10*K10","v":{"v":16000,"d":"16,000"}},"政府采购",null,201904,{"v":16000,"d":"16,000"},{"v":16000,"d":"16,000"}]
[6,"白莲",null,"尚德学校","添置图书",null,"物资","添置图书","本",25,600,{"$f":"J11*K11","v":{"v":15000,"d":"15,000"}},"自主采购",null,201911,{"v":15000,"d":"15,000"},{"v":15000,"d":"15,000"}]
[7,"白莲",null,"尚德学校","体育器材",null,"物资","体育器材","件",500,20,{"v":10000,"d":"10,000"},"政府采购",null,201905,{"v":10000,"d":"10,000"},{"v":10000,"d":"10,000"}]
[8,"白莲",null,"尚德学校","尚德教学楼南面窗防盗网","B08","物资","安装防盗网","304不锈钢弘腾","135元/㎡","228㎡",{"v":30780,"d":"30,780"},"自主采购",null,201904,{"v":30780,"d":"30,780"},{"v":30780,"d":"30,780"}]
[9,"白莲",null,"尚德学校","学校水圳及垃圾清理","B08",null,"学校水圳及垃圾清理","米","850/月",10,{"v":8500,"d":"8,500"},"自主采购",null,201904,{"v":8500,"d":"8,500"},{"v":8500,"d":"8,500"}]
[10,"白莲",null,"尚德学校","公寓楼后拆、砌围墙","B08","维修","公寓楼后拆、砌围墙","米","350元/M","32M",{"v":11200,"d":"11,200"},"自主采购",null,201904,{"v":11200,"d":"11,200"},{"v":11200,"d":"11,200"}]
[11,"白莲",null,"尚德学校","大礼堂屋顶及天沟防漏","B08","维修","大礼堂屋顶及天沟防漏","㎡","32元/㎡","1510㎡",{"v":48000,"d":"48,000"},"自主采购",null,201907,{"v":48000,"d":"48,000"},{"v":48000,"d":"48,000"}]
[12,"白莲",null,"尚德学校","梯级道及大操场和大延陵路清理维修","B08","维修","梯级道及大操场和大延陵路清理维修","次","3500/次",2,{"v":7000,"d":"7,000"},"自主采购",null,201905,{"v":7000,"d":"7,000"},{"v":7000,"d":"7,000"}]
[13,"白莲",null,"尚德学校","水电维修",null,"维修","水电维修","期",8000,2,{"v":16000,"d":"16,000"},"自主采购",null,201911,{"v":16000,"d":"16,000"},{"v":16000,"d":"16,000"}]
[14,"白莲",null,"尚德学校","寝室、教学楼、公寓楼、校门不锈扶手门窗小学部窗玻璃维修",null,"维修","寝室、教学楼、公寓楼、校门不锈扶手门窗小学部窗玻璃维修","期",3000,2,{"v":6000,"d":"6,000"},"自主采购",null,201911,{"v":6000,"d":"6,000"},{"v":6000,"d":"6,000"}]
[15,"白莲",null,"尚德学校","食堂添置维修","B08","物资","防蝇门帘","㎡","240元/㎡","32㎡",{"v":7680,"d":"7,680"},"自主采购",null,201904,{"v":7680,"d":"7,680"},{"v":7680,"d":"7,680"}]
[16,"白莲",null,"尚德学校",null,"B08","物资","食堂做不锈钢垃圾箱、货架等","304不锈钢","140元/㎡","70㎡",{"v":9800,"d":"9,800"},"自主采购",null,201903,{"v":9800,"d":"9,800"},{"v":9800,"d":"9,800"}]
[17,"白莲",null,"尚德学校",null,"B08",null,"食堂下水沟、内外排水沟、沉沙池及天沟维修","米",25,348,{"v":8700,"d":"8,700"},"自主采购",null,201903,{"v":8700,"d":"8,700"},{"v":8700,"d":"8,700"}]
[{"$nulls":3},"  中心幼儿园合计",{"$nulls":7},{"$f":"SUM(L24:L33)","v":{"v":20388,"d":"20,388"}},{"$nulls":3},{"$f":"SUM(P24:P33)","v":{"v":20388,"d":"20,388"}},{"$f":"SUM(Q24:Q33)","v":{"v":20388,"d":"20,388"}}]
[18,"白莲",null,"中心幼儿园","联想电脑",null,"物资","联想电脑","台",3980,1,{"$f":"J24*K24","v":{"v":3980,"d":"3,980"}},"政府采购",null,201905,{"v":3980,"d":"3,980"},{"v":3980,"d":"3,980"}]
[19,"白莲",null,"中心幼儿园","凭证柜",null,"物资","凭证柜","个",1050,1,{"v":1050,"d":"1,050"},"政府采购",null,201905,{"v":1050,"d":"1,050"},{"v":1050,"d":"1,050"}]
[20,"白莲",null,"中心幼儿园","体育器材",null,"物资","小精灵隧道","组",2400,1,{"v":2400,"d":"2,400"},"政府采购",null,201905,{"v":2400,"d":"2,400"},{"v":2400,"d":"2,400"}]
[21,"白莲",null,"中心幼儿园","体育器材",null,"物资","独木桥","组",1200,1,{"v":1200,"d":"1,200"},"政府采购",null,201905,{"v":1200,"d":"1,200"},{"v":1200,"d":"1,200"}]
[22,"白莲",null,"中心幼儿园","体育器材",null,"物资","足球架","组",1180,1,{"v":1180,"d":"1,180"},"政府采购",null,201905,{"v":1180,"d":"1,180"},{"v":1180,"d":"1,180"}]
[23,"白莲",null,"中心幼儿园","体育器材",null,"物资","篮球架","组",780,1,780,"政府采购",null,201905,780,780]
[24,"白莲",null,"中心幼儿园","体育器材",null,"物资","塑料拼版","批",1000,1,{"v":1000,"d":"1,000"},"政府采购",null,201905,{"v":1000,"d":"1,000"},{"v":1000,"d":"1,000"}]
[25,"白莲",null,"中心幼儿园","体育器材",null,"物资","积木","箱",398,1,398,"政府采购",null,201905,398,398]
[26,"白莲",null,"中心幼儿园","体育器材",null,"物资","蹦蹦床","组",4900,1,{"v":4900,"d":"4,900"},"政府采购",null,201905,{"v":4900,"d":"4,900"},{"v":4900,"d":"4,900"}]
[27,"白莲",null,"中心幼儿园","体育器材",null,"物资","娃娃家","批",3500,1,{"v":3500,"d":"3,500"},"政府采购",null,201905,{"v":3500,"d":"3,500"},{"v":3500,"d":"3,500"}]
[{"$nulls":3},"  小初完小合计",{"$nulls":7},{"$f":"SUM(L35:L47)","v":{"v":73980,"d":"73,980"}},{"$f":"SUM(M35:M47)","v":0},{"$f":"SUM(N35:N47)","v":0},null,{"$f":"SUM(P35:P47)","v":{"v":73980,"d":"73,980"}},{"$f":"SUM(Q35:Q47)","v":{"v":73980,"d":"73,980"}},{"$f":"SUM(R35:R47)","v":0}]
[28,"白莲",null,"小初完小","切肉机",null,"物资","艾泽拉切肉机","台",600,1,{"$f":"J35*K35","v":600},"自主采购",null,201904,600,600]
[29,"白莲",null,"小初完小","办公楼窗帘",null,"物资","办公楼窗帘","㎡",100,40,{"v":4000,"d":"4,000"},"自主采购",null,201905,{"v":4000,"d":"4,000"},{"v":4000,"d":"4,000"}]
[30,"白莲",null,"小初完小","M1005打印机","A0201","物资","M1005打印机","M1005",1820,1,{"v":1820,"d":"1,820"},"政府采购",null,201905,{"v":1820,"d":"1,820"},{"v":1820,"d":"1,820"}]
[31,"白莲",null,"小初完小","联想电脑","A02010104","物资","台式计算机","台",3800,1,{"v":3800,"d":"3,800"},"政府采购",null,201906,{"v":3800,"d":"3,800"},{"v":3800,"d":"3,800"}]
[32,"白莲",null,"小初完小","学生碗柜架",null,"物资","不锈钢","个",3000,2,{"v":6000,"d":"6,000"},"自主采购",null,201906,{"v":6000,"d":"6,000"},{"v":6000,"d":"6,000"}]
[33,"白莲",null,"小初完小","扬声器",null,"物资","教师教学用扬声器","个",120,5,600,"政府采购",null,201909,600,600]
[34,"白莲",null,"小初完小","校舍维修","B08","维修","山体滑坡抢修","米",200,35,{"v":7000,"d":"7,000"},"自主采购",null,201906,{"v":7000,"d":"7,000"},{"v":7000,"d":"7,000"}]
[35,"白莲",null,"小初完小","校舍维修","B08",null,"门、窗、课桌椅、床修理","张",55,100,{"v":5500,"d":"5,500"},"自主采购",null,201909,{"v":5500,"d":"5,500"},{"v":5500,"d":"5,500"}]
[36,"白莲",null,"小初完小","沟圳疏通","B08",null,"沟圳疏通","米",100,70,{"v":7000,"d":"7,000"},"自主采购",null,201910,{"v":7000,"d":"7,000"},{"v":7000,"d":"7,000"}]
[37,"白莲",null,"小初完小","校园绿化","C1303",null,"校园绿化","期",4295,2,{"v":8590,"d":"8,590"},"自主采购",null,201911,{"v":8590,"d":"8,590"},{"v":8590,"d":"8,590"}]
[38,"白莲",null,"小初完小","水电维修","B08","维修","水电维修","期",5200,2,{"v":10400,"d":"10,400"},"自主采购",null,201910,{"v":10400,"d":"10,400"},{"v":10400,"d":"10,400"}]
[39,"白莲",null,"小初完小","校园文化装饰","B08",null,"校园文化装饰","㎡",200,54,{"v":10800,"d":"10,800"},"自主采购",null,201909,{"v":10800,"d":"10,800"},{"v":10800,"d":"10,800"}]
[40,"白莲",null,"小初完小","校舍检修改造","B08",null,"校舍检修改造","期",3935,2,{"v":7870,"d":"7,870"},"自主采购",null,201909,{"v":7870,"d":"7,870"},{"v":7870,"d":"7,870"}]
[{"$nulls":3},"文实完小合计",{"$nulls":7},{"$f":"SUM(L49:L51)","v":{"v":49920,"d":"49,920"}},{"$nulls":3},{"$f":"SUM(P49:P51)","v":{"v":49920,"d":"49,920"}},{"$f":"SUM(Q49:Q51)","v":{"v":49920,"d":"49,920"}}]
[41,"白莲",null,"文实完小","校园文化建设",null,"物资","宣传栏","8m×2.9m×2.4m",28800,1,{"$f":"SUM(J49*K49)","v":{"v":28800,"d":"28,800"}},"自主采购",null,201905,{"v":28800,"d":"28,800"},{"v":28800,"d":"28,800"}]
[42,"白莲",null,"文实完小","水电维修",null,"维修","教学楼、学生宿舍、食堂水电维修","期",4320,2,{"$f":"SUM(J50*K50)","v":{"v":8640,"d":"8,640"}},"自主采购",null,201910,{"v":8640,"d":"8,640"},{"v":8640,"d":"8,640"}]
[43,"白莲",null,"文实完小","电路维修改造",null,"维修","综合楼电路老化维修改造","期",6240,2,{"$f":"SUM(J51*K51)","v":{"v":12480,"d":"12,480"}},"自主采购",null,201908,{"v":12480,"d":"12,480"},{"v":12480,"d":"12,480"}]

{"sheet":"11草市","index":12,"n_rows":63,"n_cols":27,"rows_kept":63,"hidden":true,"merged":[[0,0,0,4],[1,0,1,17],[2,0,3,0],[2,1,3,1],[2,2,3,2],[2,3,3,3],[2,4,3,4],[2,5,3,5],[2,6,3,6],[2,7,3,7],[2,8,3,8],[2,9,3,9],[2,10,3,10],[2,11,3,11],[2,12,3,12],[2,13,3,13],[2,14,3,14],[2,15,2,17],[2,19,2,21],[2,22,2,24],[4,0,4,4]]}
["附表二"]
["   2020年衡东县教育系统政府采购计划表"]
["序号","乡",null,"学校名称","采购项目名称","采购项目编码","采购类别","采购项目简述（主要参数）","规格型号","参考\n单价","采购数量","采购预算\n资金合计","拟采用采购方式","采购方式","计划采购时间","资金来源（元）",{"$nulls":3},"学生",null,null,"标准",null,null,"公用经费40%\n合计","40%节余"]
[{"$nulls":15},"合计","预算内资金","其他资金",null,"小学","初中","高中","小学","初中","省示范高中800\n市示范高中640"]
["草市合计",{"$nulls":10},{"$f":"SUM(L6:L57)","v":{"v":682346,"d":"682,346"}},{"$nulls":3},{"$f":"SUM(P6:P57)","v":{"v":682346,"d":"682,346"}},{"$f":"SUM(Q6:Q57)","v":{"v":682346,"d":"682,346"}},{"$f":"SUM(R6:R14)","v":0},{"$nulls":7},{"$f":"Z6+Z11+Z19+Z38+Z43+Z53+Z66+Z77","v":{"v":92640,"d":"92,640"}},{"$f":"AA6+AA11+AA19+AA38+AA43+AA53+AA66+AA77","v":{"v":78400,"d":"78,400"}}]
[1,"草市镇",null,"大洲完小","教师办公桌","A0202",null,"教师办公桌","张",1780,8,{"$f":"SUM(J6*K6)","v":14240},"自主采购",null,2019.9,{"v":14240,"d":"14,240"},{"$f":"P6","v":{"v":14240,"d":"14,240"}},{"$f":"SUM(P6-Q6)","v":0},null,null,386,null,300,400,{"$f":"800+300","v":1100},{"$f":"SUM(T6*W6+U6*X6+V6*Y6)*2*0.3","v":{"v":92640,"d":"92,640"}},{"$f":"SUM(Z6-P6)","v":{"v":78400,"d":"78,400"}}]
[2,"草市镇",null,"大洲完小","教师办公椅","A0202",null,"教师办公椅","张",500,8,4000,"自主采购",null,2019.9,{"v":4000,"d":"4,000"},{"v":4000,"d":"4,000"},0]
[3,"草市镇",null,"大洲完小","办公空调",null,null,"办公空调","台",3280,3,9840,"自主采购",null,2019.5,{"v":9840,"d":"9,840"},{"v":9840,"d":"9,840"},0]
[4,"草市镇",null,"大洲完小","复印纸、硒鼓、墨粉、档案盒等","A09",null,"复印纸、硒鼓、墨粉、档案盒等","台、件",200,15,3000,"自主采购",null,2019.6,{"v":3000,"d":"3,000"},{"v":3000,"d":"3,000"},0]
[5,"草市镇",null,"大洲完小","网络、多媒体维修","A0201080301",null,"网络、多媒体维修","平方米",3000,1,3000,"自主采购",null,2019.11,{"v":3000,"d":"3,000"},{"v":3000,"d":"3,000"},0]
[6,"草市镇",null,"焕塘完小","校园广播系统",null,null,"校园广播系统","套",23810,1,23810,"邀标",null,2019.03,{"v":23810,"d":"23,810"},{"v":23810,"d":"23,810"},0]
[7,"草市镇",null,"焕塘完小","打印机",null,null,"打印机","台",2000,3,6000,"自主采购",null,2019.03,{"v":6000,"d":"6,000"},{"v":6000,"d":"6,000"},0]
[8,"草市镇",null,"焕塘完小","钢棚维修",null,null,"钢棚维修","平方米",140,30,4200,"自主采购",null,2019.09,{"v":4200,"d":"4,200"},{"v":4200,"d":"4,200"},0]
[9,"草市镇",null,"焕塘完小","护栏维修",null,null,"护栏维修","平方米",300,13,3900,"自主采购",null,2019.09,{"v":3900,"d":"3,900"},{"v":3900,"d":"3,900"},0]
[10,"草市镇",null,"焕塘完小","电器（空调、热水器）",null,null,"电器（空调、热水器）","台",2500,2,5000,"自主采购",null,2019.04,{"v":5000,"d":"5,000"},{"v":5000,"d":"5,000"},0]
[11,"草市镇",null,"联明小学","联想台式电脑",null,null,"联想台式电脑","台",4000,1,4000,"自主采购",null,201904,{"v":4000,"d":"4,000"},{"v":4000,"d":"4,000"},0]
[12,"草市镇",null,"联明小学","打印机",null,null,"打印机","台",1800,1,1800,"自主采购",null,201904,{"v":1800,"d":"1,800"},{"v":1800,"d":"1,800"},0]
[13,"草市镇",null,"草市完小","办公椅","A0202",null,"办公椅","张",200,40,8000,"自主采购",null,"2019.4-2019.12",{"v":8000,"d":"8,000"},{"v":8000,"d":"8,000"},0]
[14,"草市镇",null,"草市完小","垃圾运费",null,null,"垃圾运费","期",4000,2,8000,"自主采购",null,"2019.4-2019.12",{"v":8000,"d":"8,000"},{"v":8000,"d":"8,000"},0]
[15,"草市镇",null,"草市完小","教室钢门",null,null,"教室钢门","条",900,55,49500,"自主采购",null,"2019.4-2019.12",{"v":49500,"d":"49,500"},{"v":49500,"d":"49,500"},0]
[16,"草市镇",null,"草市完小","校园维修",null,null,"校园维修","平方米",240,200,48000,"自主采购",null,"2019.4-2019.12",{"v":48000,"d":"48,000"},{"v":48000,"d":"48,000"},0]
[17,"草市镇",null,"草市完小","阅读梦飞翔室、留守儿童室、图书室及音像制品",null,null,"阅读梦飞翔室、留守儿童室、图书室及音像制品","本",25,400,10000,"自主采购",null,"2019.4-2019.12",{"v":10000,"d":"10,000"},{"v":10000,"d":"10,000"},0]
[18,"草市镇",null,"草市完小","联想台式电脑",null,null,"联想台式电脑","台",4000,6,24000,"自主采购",null,"2019.4-2019.12",{"v":24000,"d":"24,000"},{"v":24000,"d":"24,000"},0]
[19,"草市镇",null,"草市完小","广播系统更换",null,null,"广播系统更换","套",15000,1,15000,"自主采购",null,"2019.4-2019.12",{"v":15000,"d":"15,000"},{"v":15000,"d":"15,000"},0]
[20,"草市镇",null,"草市完小","网络，多媒体维修",null,null,"网络，多媒体维修","套",15000,1,15000,"自主采购",null,"2019.4-2019.12",{"v":15000,"d":"15,000"},{"v":15000,"d":"15,000"},0]
[21,"草市镇",null,"草市完小","床具与床垫",null,null,"床具与床垫","套",1000,10,10000,"自主采购",null,"2019.4-2019.12",{"v":10000,"d":"10,000"},{"v":10000,"d":"10,000"},0]
[22,"草市镇",null,"米坪完小","宣传栏、公开栏、阳光台及文化长廊的更新；教室、走廊及功能室的布置；环保标牌；各种制度牌；横幅；墙画等。",null,null,"宣传栏、公开栏、阳光台及文化长廊的更新；教室、走廊及功能室的布置；环保标牌；各种制度牌；横幅；墙画等。","套",7000,2,14000,"自主采购",null,2019.03,{"v":14000,"d":"14,000"},{"v":14000,"d":"14,000"},{"$f":"SUM(P27-Q27)","v":0}]
[23,"草市镇",null,"米坪完小","水管、线路、灯具、水泵等",null,null,"水管、线路、灯具、水泵等","套",3000,4,12000,"自主采购",null,2019.03,{"v":12000,"d":"12,000"},{"v":12000,"d":"12,000"},0]
[24,"草市镇",null,"米坪完小","窗户、门、课桌椅、油漆等",null,null,"窗户、门、课桌椅、油漆等"," 张",75,60,4500,"自主采购",null,2019.09,{"v":4500,"d":"4,500"},{"v":4500,"d":"4,500"},0]
[25,"草市镇",null,"米坪完小","电脑2台、打印机2台、耗材、网络维护、广播系统等",null,null,"电脑2台、打印机2台、耗材、网络维护、广播系统等","台",4500,4,18000,"自主采购",null,2019.09,{"v":18000,"d":"18,000"},{"v":18000,"d":"18,000"},0]
[26,"草市镇",null,"米坪完小","阅读梦飞翔室、留守儿童室、图书室及音像制品",null,null,"阅读梦飞翔室、留守儿童室、图书室及音像制品","本",22,400,8800,"自主采购",null,2019.04,{"v":8800,"d":"8,800"},{"v":8800,"d":"8,800"},0]
[27,"草市镇",null,"米坪完小","教师餐厅改造",null,null,"教师餐厅改造","平方米",100,95,9500,"自主采购",null,2019.4,{"v":9500,"d":"9,500"},{"v":9500,"d":"9,500"},0]
[28,"草市镇",null,"米坪完小","添置窗帘或拉帘",null,null,"添置窗帘或拉帘","个",338,72,24336,"自主采购",null,2019.9,{"v":24336,"d":"24,336"},{"v":24336,"d":"24,336"},0]
[29,"草市镇",null,"米坪完小","花池、草皮、树木",null,null,"花池、草皮、树木","平方米",200,50,10000,"自主采购",null,2019.9,{"v":10000,"d":"10,000"},{"v":10000,"d":"10,000"},0]
[30,"草市镇",null,"草市中学","打印机",null,null,"打印机","台",2000,4,8000,"自主采购",null,2019.03,{"v":8000,"d":"8,000"},{"v":8000,"d":"8,000"},0]
[31,"草市镇",null,"草市中学","办公桌和椅",null,null,"办公桌和椅","套",1000,10,10000,"自主采购",null,2019.04,{"v":10000,"d":"10,000"},{"v":10000,"d":"10,000"},0]
[32,"草市镇",null,"草市中学","电房改造",null,null,"电房改造","套",25000,1,25000,"自主采购",null,2019.05,{"v":25000,"d":"25,000"},{"v":25000,"d":"25,000"},0]
[33,"草市镇",null,"草市中学","电器（空调）",null,null,"电器（空调）","台",3500,4,{"$f":"SUM(J38*K38)","v":14000},"自主采购",null,2019.06,{"v":14000,"d":"14,000"},{"$f":"P38","v":{"v":14000,"d":"14,000"}},0]
[34,"草市镇",null,"草市中学","垃圾运费",null,null,"垃圾运费","期",5000,2,10000,"自主采购",null,"2019.07-2019.12",{"v":10000,"d":"10,000"},{"v":10000,"d":"10,000"},0]
[35,"草市镇",null,"草市中学","电脑",null,null,"电脑","台",3800,7,26600,"自主采购",null,2019.09,{"v":26600,"d":"26,600"},{"v":26600,"d":"26,600"},0]
[36,"草市镇",null,"草市中学","校园维修",null,null,"校园维修","平方米",800,30,24000,"自主采购",null,2019.1,{"v":24000,"d":"24,000"},{"v":24000,"d":"24,000"},0]
[37,"草市镇",null,"毛坪小学","沟瓦",null,null,"沟瓦","片",1,6000,6000,"自主采购",null,2019.3,{"v":6000,"d":"6,000"},{"v":6000,"d":"6,000"},0]
[38,"草市镇",null,"毛坪小学","惠普打印机",null,null,"惠普打印机","台",3000,2,6000,"自主采购",null,2019.3,{"v":6000,"d":"6,000"},{"v":6000,"d":"6,000"},0]
[39,"草市镇",null,"毛坪小学","水塔",null,null,"水塔","个",1500,1,1500,"自主采购",null,2019.4,{"v":1500,"d":"1,500"},{"v":1500,"d":"1,500"},0]
[40,"草市镇",null,"毛坪小学","增压泵",null,null,"增压泵","台",1500,2,3000,"自主采购",null,2019.4,{"v":3000,"d":"3,000"},{"v":3000,"d":"3,000"},0]
[41,"草市镇",null,"毛坪小学","铝门",null,null,"铝门","条",1200,2,2400,"自主采购",null,2019.4,{"v":2400,"d":"2,400"},{"v":2400,"d":"2,400"},0]
[42,"草市镇",null,"高塘完小"," 网络维护及电脑耗材",null,null," 网络维护及电脑耗材","套",15000,1,15000,"自主采购",null,"2019.4-2019.12",{"v":15000,"d":"15,000"},{"v":15000,"d":"15,000"},0]
[43,"草市镇",null,"高塘完小","打印机、电脑",null,null,"打印机、电脑","台",6280,4,25120,"自主采购",null,"2019.4-2019.12",{"v":25120,"d":"25,120"},{"v":25120,"d":"25,120"},0]
[44,"草市镇",null,"高塘完小","水电维修",null,null,"日常维护","平方米",268,100,26800,"自主采购",null,"2019.4-2019.12",{"v":26800,"d":"26,800"},{"v":26800,"d":"26,800"},0]
[45,"草市镇",null,"高塘完小",{"$nulls":3},"校园文化建设","平方米",300,50,15000,"自主采购",null,"2019.4-2019.12",{"v":15000,"d":"15,000"},{"v":15000,"d":"15,000"},0]
[46,"草市镇",null,"草市镇高塘中学","挂式空调","B08",null,"挂式空调","台",4000,3,12000,"自主采购",null,"2019.4-2019.12",{"v":12000,"d":"12,000"},{"v":12000,"d":"12,000"},0]
[47,"草市镇",null,"草市镇高塘中学","碗柜","B08",null,"碗柜","个",3000,3,9000,"自主采购",null,"2019.4-2019.12",{"v":9000,"d":"9,000"},{"v":9000,"d":"9,000"},0]
[48,"草市镇",null,"草市镇高塘中学","发电机","A020502",null,"20KW","台",6000,1,6000,"自主采购",null,"2019.4-2019.12",{"v":6000,"d":"6,000"},{"v":6000,"d":"6,000"},0]
[49,"草市镇",null,"草市镇高塘中学","添置电脑、打印机","A02010104",null,"台式联想电脑，惠普多功能打印机。","台",3000,6,18000,"自主采购",null,"2019.4-2019.12",{"v":18000,"d":"18,000"},{"v":18000,"d":"18,000"},0]
[50,"草市镇",null,"草市镇高塘中学","木工零星维修","B08",null,"窗户、房门、课桌椅等","张",70,150,10500,"自主采购",null,"2019.4-2019.12",{"v":10500,"d":"10,500"},{"v":10500,"d":"10,500"},0]
[51,"草市镇",null,"草市镇高塘中学","广播系统更换","A0201080301",null,"教学用","套",20000,1,20000,"自主采购",null,"2019.4-2019.12",{"v":20000,"d":"20,000"},{"v":20000,"d":"20,000"},0]
[52,"草市镇",null,"草市镇高塘中学","多功能一体机","A020204",null,"教学办公用","台",17000,1,17000,"自主采购",null,"2019.4-2019.12",{"v":17000,"d":"17,000"},{"v":17000,"d":"17,000"},0]
[53,"草市镇",null,"联明小学","打印机",null,null,"打印机","台",1800,1,1800,"自主采购",null,201904,{"v":1800,"d":"1,800"},{"v":1800,"d":"1,800"}]
[54,"草市镇",null,"毛坪小学","沟瓦",null,null,"沟瓦","片",1,6000,6000,"自主采购",null,2019.3,{"v":6000,"d":"6,000"},{"v":6000,"d":"6,000"}]
[55,"草市镇",null,"毛坪小学","惠普打印机",null,null,"惠普打印机","台",3000,2,6000,"自主采购",null,2019.3,{"v":6000,"d":"6,000"},{"v":6000,"d":"6,000"}]
[56,"草市镇",null,"毛坪小学","水塔",null,null,"水塔","座",1500,1,1500,"自主采购",null,2019.4,{"v":1500,"d":"1,500"},{"v":1500,"d":"1,500"}]
[57,"草市镇",null,"毛坪小学","增压泵",null,null,"增压泵","个",1500,2,3000,"自主采购",null,2019.4,{"v":3000,"d":"3,000"},{"v":3000,"d":"3,000"}]
[58,"草市镇",null,"毛坪小学","铝门",null,null,"铝门","条",1200,2,2400,"自主采购",null,2019.4,{"v":2400,"d":"2,400"},{"v":2400,"d":"2,400"}]

{"sheet":"12.大浦","index":13,"n_rows":108,"n_cols":27,"rows_kept":108,"hidden":true,"merged":[[0,0,0,4],[1,0,1,17],[2,0,3,0],[2,1,3,1],[2,2,3,2],[2,3,3,3],[2,4,3,4],[2,5,3,5],[2,6,3,6],[2,7,3,7],[2,8,3,8],[2,9,3,9],[2,10,3,10],[2,11,3,11],[2,12,3,12],[2,13,3,13],[2,14,3,14],[2,15,2,17],[2,19,2,21],[2,22,2,24],[4,0,4,4],[5,0,5,4],[15,0,15,4],[27,0,27,4],[44,0,44,4],[60,0,60,4],[66,0,66,4],[75,0,75,4],[81,0,81,4],[84,0,84,4],[90,0,90,4],[100,0,100,4]]}
["附表二"]
["   2020年衡东县教育系统政府采购计划表"]
["序号","乡",null,"学校名称","采购项目名称","采购项目编码","采购类别","采购项目简述（主要参数）","规格型号","参考\n单价","采购数量","采购预算\n资金合计","拟采用采购方式","采购方式","计划采购时间","资金来源（元）",{"$nulls":3},"学生",null,null,"标准",null,null,"公用经费40%\n合计","40%节余"]
[{"$nulls":15},"合计","预算内资金","其他资金",null,"小学","初中","高中","小学","初中","省示范高中800\n市示范高中640"]
["XX学校（乡）汇总",{"$nulls":10},{"$f":"SUM(L6+L16+L28+L45+L61+L67+L76+L82+L85+L91+L101)","v":{"v":985758,"d":"985,758"}},0,0,{"v":654454,"d":"654,454"},{"v":985758,"d":"985,758"},{"v":985758,"d":"985,758"},{"$f":"SUM(R6+R16+R28+R45+R61+R67+R82+R85+R91+R101)","v":0},{"$f":"SUM(S6+S16+S28+S41+S57+S63++S72+S78+S81+S87+S97)","v":0},3570,1577,0,{"$f":"600*0.4","v":240},{"$f":"800*0.4","v":320},640,{"$f":"SUM(T5*W5+U5*X5+V5*Y5)","v":{"v":1361440,"d":"1,361,440"}},{"$f":"SUM(T5*W5+U5*X5+V5*Y5-P5)","v":{"v":375682,"d":"375,682"}}]
["XX教育管理服务中心",{"$nulls":10},{"$f":"SUM(L7:L15)","v":0},{"$nulls":3},{"$f":"SUM(P7:P15)","v":0},{"$f":"SUM(Q7:Q15)","v":0},{"$f":"SUM(R7:R15)","v":0}]
[{"$nulls":11},{"$f":"SUM(J7*K7)","v":0},{"$nulls":3},{"$f":"SUM(L7)","v":0},null,{"$f":"SUM(P7-Q7)","v":0}]
[{"$nulls":11},0,{"$nulls":3},0,null,0]
[{"$nulls":11},0,{"$nulls":3},0,null,0]
[{"$nulls":11},0,{"$nulls":3},0,null,0]
[{"$nulls":11},0,{"$nulls":3},0,null,0]
[{"$nulls":11},0,{"$nulls":3},0,null,0]
[{"$nulls":11},0,{"$nulls":3},0,null,0]
[{"$nulls":11},0,{"$nulls":3},0,null,0]
[{"$nulls":11},0,{"$nulls":3},0,null,0]
["大浦中学学校",{"$nulls":10},{"$f":"SUM(L17:L27)","v":{"v":303500,"d":"303,500"}},{"$f":"SUM(M17:M27)","v":0},{"$f":"SUM(N17:N27)","v":0},null,{"$f":"SUM(P17:P27)","v":{"v":303500,"d":"303,500"}},{"$f":"SUM(Q17:Q27)","v":{"v":303500,"d":"303,500"}},{"$f":"SUM(R17:R27)","v":0},{"$f":"L16-P16","v":{"v":0,"d":"0.00"}}]
[1,"大浦",null,"大浦中学","糕点房钢架棚","A060602","物资","镀锌钢管框架铁棚","平方米",1000,49,{"$f":"J17*K17","v":49000},"询价采购",null,2019.03,{"$f":"L17","v":{"v":49000,"d":"49,000"}},{"$f":"L17","v":{"v":49000,"d":"49,000"}},{"$f":"SUM(P17-Q17)","v":0},{"v":0,"d":"0.00"}]
[2,"大浦",null,"大浦中学","办公空调","A02010201","物资","壁挂式空调","台",3500,1,3500,"询价采购",null,2019.04,{"v":3500,"d":"3,500"},{"v":3500,"d":"3,500"},0,{"v":0,"d":"0.00"}]
[3,"大浦",null,"大浦中学","地面硬化",null,"维修","办公楼通道到教学综合楼地面重新硬化","平方米",520,80,41600,"询价采购",null,2019.05,{"v":41600,"d":"41,600"},{"v":41600,"d":"41,600"},0,{"v":0,"d":"0.00"}]
[4,"大浦",null,"大浦中学","维修","B08","维修","1.水电维修","米",30,800,24000,"询价采购",null,2019.06,{"v":24000,"d":"24,000"},{"v":24000,"d":"24,000"},0,{"v":0,"d":"0.00"}]
[5,"大浦",null,"大浦中学","维修","B08","维修","2.食堂屋顶维修","平方米",76,650,49400,"询价采购",null,2019.06,{"v":49400,"d":"49,400"},{"v":49400,"d":"49,400"},0,{"v":0,"d":"0.00"}]
[6,"大浦",null,"大浦中学","维修","B08","维修","3.男生宿舍屋顶维修","平方米",45,800,36000,"询价采购",null,2019.06,{"v":36000,"d":"36,000"},{"v":36000,"d":"36,000"},0,{"v":0,"d":"0.00"}]
[7,"大浦",null,"大浦中学","维修","B08","维修","4.教学楼1屋顶维修","平方米",45,800,36000,"询价采购",null,2019.06,{"v":36000,"d":"36,000"},{"v":36000,"d":"36,000"},0,{"v":0,"d":"0.00"}]
[8,"大浦",null,"大浦中学","维修","B08","维修","5.教室多媒体维修","套",600,25,15000,"询价采购",null,2019.06,{"v":15000,"d":"15,000"},{"v":15000,"d":"15,000"},0,{"v":0,"d":"0.00"}]
[9,"大浦",null,"大浦中学","维修","B08","维修","1.水电维修","平方米",30,800,24000,"询价采购",null,2019.1,{"v":24000,"d":"24,000"},{"v":24000,"d":"24,000"},0,{"v":0,"d":"0.00"}]
[10,"大浦",null,"大浦中学","维修","B08","维修","2.下水道维修","平方米",50,200,10000,"询价采购",null,2019.1,{"v":10000,"d":"10,000"},{"v":10000,"d":"10,000"},0,{"v":0,"d":"0.00"}]
[11,"大浦",null,"大浦中学","维修","B08","维修","3.教室多媒体维修","套",600,25,15000,"询价采购",null,2019.12,{"v":15000,"d":"15,000"},{"v":15000,"d":"15,000"},0,{"v":0,"d":"0.00"},692,343,null,300,400,{"$f":"800+300","v":1100},{"$f":"SUM(T27*W27+U27*X27+V27*Y27)*2*0.3","v":{"v":206880,"d":"206,880"}},{"$f":"SUM(Z27-P28)","v":{"v":-113620,"d":"-113,620"}}]
["大浦完小学校",{"$nulls":10},{"$f":"SUM(L29:L44)","v":{"v":320500,"d":"320,500"}},{"$f":"SUM(M29:M44)","v":0},null,{"$f":"SUM(O29:O44)","v":{"v":654454,"d":"654,454"}},{"$f":"SUM(P29:P44)","v":{"v":320500,"d":"320,500"}},{"$f":"SUM(Q29:Q44)","v":{"v":320500,"d":"320,500"}},{"$f":"SUM(R29:R44)","v":0},{"v":0,"d":"0.00"}]
[1,"大浦",null,"大浦完小","条形桌","A060302","物资","名日B ,木皮，新胡桃","架",600,50,{"$f":"J29*K29","v":30000},"自主采购",null,"2019-03-30",{"$f":"L29","v":{"v":30000,"d":"30,000"}},{"$f":"L29","v":{"v":30000,"d":"30,000"}},null,{"v":0,"d":"0.00"}]
[2,"大浦",null,"大浦完小","实木椅","A060302","物资","实木","张",200,100,20000,"自主采购",null,"2019-03-30",{"v":20000,"d":"20,000"},{"v":20000,"d":"20,000"},null,{"v":0,"d":"0.00"}]
[3,"大浦",null,"大浦完小","投影仪","A020202","物资","投影仪","台",2500,6,15000,"自主采购",null,"2019-02-28",{"v":15000,"d":"15,000"},{"v":15000,"d":"15,000"},null,{"v":0,"d":"0.00"}]
[4,"大浦",null,"大浦完小","电脑","A02010104","物资","联想台式计算机","台",4500,5,22500,"自主采购",null,"2019-06-30",{"v":22500,"d":"22,500"},{"v":22500,"d":"22,500"},null,{"v":0,"d":"0.00"}]
[5,"大浦",null,"大浦完小","格力变频空调","B0606","物资","1.5匹  变频  冷暖型","台",3700,4,14800,"自主采购",null,"2019-06-30",{"v":14800,"d":"14,800"},{"v":14800,"d":"14,800"},null,{"v":0,"d":"0.00"}]
[6,"大浦",null,"大浦完小","格力变频空调","B0606","物资","  变频  冷暖型","台",7800,6,46800,"自主采购",null,"2019-06-30",{"v":46800,"d":"46,800"},{"v":46800,"d":"46,800"},null,{"v":0,"d":"0.00"}]
[7,"大浦",null,"大浦完小","液体显示屏","A020202","物资","P5长力具彩","台",2000,8.2,16400,"自主采购",null,"2019-01-30",{"v":16400,"d":"16,400"},{"v":16400,"d":"16,400"},null,{"v":0,"d":"0.00"}]
[8,"大浦",null,"大浦完小","篮板",null,"物资","钢化透明玻璃板","架",1000,2,2000,"自主采购",null,"2019-01-30",{"v":2000,"d":"2,000"},{"v":2000,"d":"2,000"},null,{"v":0,"d":"0.00"}]
[9,"大浦",null,"大浦完小","警棒",null,"物资","门卫室电警棒等设备","套",2000,1,2000,"自主采购",null,"2019-02-30",{"v":2000,"d":"2,000"},{"v":2000,"d":"2,000"},null,{"v":0,"d":"0.00"}]
[10,"大浦",null,"大浦完小","第一栋维修","B08","维修","教学楼屋顶维修、校门维修","平方米",150,300,45000,"自主采购",null,"2019-06-30",{"v":45000,"d":"45,000"},{"v":45000,"d":"45,000"},null,{"v":0,"d":"0.00"}]
[11,"大浦",null,"大浦完小","食堂维修","B08","维修","食堂灶台等设备维修、地面铺防滑胶等","平方米",500,20,10000,"自主采购",null,"2019-03-30",{"v":10000,"d":"10,000"},{"v":10000,"d":"10,000"},null,{"v":0,"d":"0.00"}]
[12,"大浦",null,"大浦完小","科学实验仪器",null,"物资","烧杯、器皿、标本、仪器柜等","套",12000,1,12000,"自主采购",null,"2019-09-01",{"v":12000,"d":"12,000"},{"v":12000,"d":"12,000"},null,{"v":0,"d":"0.00"},692,343,null,300,400,{"$f":"800+300","v":1100},{"$f":"SUM(T40*W40+U40*X40+V40*Y40)*2*0.3","v":{"v":206880,"d":"206,880"}},{"$f":"SUM(Z40-P41)","v":{"v":194880,"d":"194,880"}}]
[13,"大浦",null,"大浦完小","教学用具",null,"物资","圆规、三角板等教学用具","套",12000,1,12000,"自主采购",null,"2019-09-01",{"v":12000,"d":"12,000"},{"v":12000,"d":"12,000"},null,{"v":0,"d":"0.00"}]
[14,"大浦",null,"大浦完小","体育器材",null,"物资","羽毛球、篮球、跳绳等体育器材","套",12000,1,12000,"自主采购",null,"2019-09-01",{"v":12000,"d":"12,000"},{"v":12000,"d":"12,000"},null,{"v":0,"d":"0.00"}]
[15,"大浦",null,"大浦完小","第二栋维修","B08","维修","教学楼屋顶、屋面漏水维修","平方米",150,320,48000,"自主采购",null,"2019-11-30",{"v":48000,"d":"48,000"},{"v":48000,"d":"48,000"},null,{"v":0,"d":"0.00"}]
[16,"大浦",null,"大浦完小","办公桌、椅","A060302","物资","密度板办公桌","套",1200,10,12000,"自主采购",null,"2019-10-30",{"v":12000,"d":"12,000"},{"v":12000,"d":"12,000"},null,{"v":0,"d":"0.00"}]
["岭茶学校",{"$nulls":10},{"$f":"SUM(L46:L60)","v":{"v":142840,"d":"142,840"}},{"$nulls":3},{"$f":"SUM(P46:P60)","v":{"v":142840,"d":"142,840"}},{"$f":"SUM(Q46:Q60)","v":{"v":142840,"d":"142,840"}},{"$f":"SUM(R46:R60)","v":0},{"v":0,"d":"0.00"}]
[1,"大浦",null,"岭茶学校","校园监控系统及安装","B06","物资","校园监控系统及安装","套",15000,1,{"$f":"J46*K46","v":15000},"自主采购",null,2019.3,{"$f":"L46","v":{"v":15000,"d":"15,000"}},{"$f":"L46","v":{"v":15000,"d":"15,000"}},{"$f":"SUM(P46-Q46)","v":0},{"v":0,"d":"0.00"}]
[2,"大浦",null,"岭茶学校","消防疏散标志","B05","物资","疏散指示牌及安装","个",40,36,1440,"自主采购",null,2019.3,{"v":1440,"d":"1,440"},{"v":1440,"d":"1,440"},0,{"v":0,"d":"0.00"}]
[3,"大浦",null,"岭茶学校","校园安全防护设施","B05","物资","防撞石蹬","个",420,8,3360,"自主采购",null,2020.3,{"v":3360,"d":"3,360"},{"v":3360,"d":"3,360"},0,{"$f":"L48-P48","v":{"v":0,"d":"0.00"}}]
[4,"大浦",null,"岭茶学校","打印复印一体机","A02","物资","惠普1005MFP","台",2000,1,2000,"自主采购",null,2019.3,{"v":2000,"d":"2,000"},{"v":2000,"d":"2,000"},0,{"v":0,"d":"0.00"}]
[5,"大浦",null,"岭茶学校","财务做账软件","A02","物资","财务做账软件","套",3000,1,3000,"自主采购",null,2019.3,{"v":3000,"d":"3,000"},{"v":3000,"d":"3,000"},0,{"v":0,"d":"0.00"}]
[6,"大浦",null,"岭茶学校","财务装订机","A02","物资","经典或德力","台",3000,1,3000,"自主采购",null,2019.4,{"v":3000,"d":"3,000"},{"v":3000,"d":"3,000"},0,{"v":0,"d":"0.00"}]
[7,"大浦",null,"岭茶学校","教学用具",null,"物资","圆规、三角板等教学用具","套",3000,1,3000,"自主采购",null,2020.4,{"v":3000,"d":"3,000"},{"v":3000,"d":"3,000"},0,{"v":0,"d":"0.00"}]
[8,"大浦",null,"岭茶学校","体育器材",null,"物资","羽毛球、篮球、跳绳等体育器材","套",4500,1,4500,"自主采购",null,2021.4,{"v":4500,"d":"4,500"},{"v":4500,"d":"4,500"},0,{"v":0,"d":"0.00"}]
[9,"大浦",null,"岭茶学校","校园绿化、美化、亮化","B08","维修","教室、校园亮化和学校绿化补苗、护栏安装","组",28000,1,28000,"自主采购",null,2019.12,{"v":28000,"d":"28,000"},{"v":28000,"d":"28,000"},0,{"v":0,"d":"0.00"}]
[10,"大浦",null,"岭茶学校","校园文化建设","B08","物资","校园文化建设","架",5000,2,10000,"自主采购",null,2019.9,{"v":10000,"d":"10,000"},{"v":10000,"d":"10,000"},0,{"v":0,"d":"0.00"}]
[11,"大浦",null,"岭茶学校","食堂维修","B08","维修","用振兴80铝材隔断做面点间和更衣间、窗户钉不锈钢纱网、商店更换卷闸门、面点间和更衣间及走道破除硬化贴防滑地面砖等","套",26000,1,26000,"自主采购",null,2019.2,{"v":26000,"d":"26,000"},{"v":26000,"d":"26,000"},0,{"v":0,"d":"0.00"},692,343,null,300,400,{"$f":"800+300","v":1100},{"$f":"SUM(T56*W56+U56*X56+V56*Y56)*2*0.3","v":{"v":206880,"d":"206,880"}},{"$f":"SUM(Z56-P57)","v":{"v":192380,"d":"192,380"}}]
[12,"大浦",null,"岭茶学校","防盗网","B08","维修","实验楼窗户安装不锈钢防盗网","平方米",145,100,14500,"自主采购",null,2019.5,{"v":14500,"d":"14,500"},{"v":14500,"d":"14,500"},null,{"v":0,"d":"0.00"}]
[13,"大浦",null,"岭茶学校","办公室安装窗帘","B08","维修","小学部教学楼办公室和理化实验室安装窗帘","个",680,18,12240,"自主采购",null,2019.1,{"v":12240,"d":"12,240"},{"v":12240,"d":"12,240"},{"$f":"SUM(P58-Q58)","v":0},{"v":0,"d":"0.00"}]
[14,"大浦",null,"岭茶学校","学校维修","B08","维修","学校水电零星维修等","平方米",210,40,8400,"自主采购",null,2019,{"v":8400,"d":"8,400"},{"v":8400,"d":"8,400"},null,{"v":0,"d":"0.00"}]
[15,"大浦",null,"岭茶学校","围墙维护维修","B08","维修","校园围墙维护及维修","平方米",210,40,8400,"自主采购",null,2019.11,{"v":8400,"d":"8,400"},{"v":8400,"d":"8,400"},{"$f":"SUM(P60-Q60)","v":0},{"v":0,"d":"0.00"}]
["渡江铺小学",{"$nulls":10},{"$f":"SUM(L62:L66)","v":{"v":26500,"d":"26,500"}},{"$nulls":3},{"$f":"SUM(P62:P66)","v":{"v":26500,"d":"26,500"}},{"$f":"SUM(Q62:Q66)","v":{"v":26500,"d":"26,500"}},{"$f":"SUM(R62:R67)","v":0},{"v":0,"d":"0.00"}]
[1,"大浦",null,"渡江铺小学","iPad2018款","A0303","集中采购","四核心  9.7英寸 2048x1536","台",3500,4,{"$f":"J62*K62","v":14000},"自主采购",null,null,{"$f":"SUM(L62)","v":{"v":14000,"d":"14,000"}},{"v":14000,"d":"14,000"},{"$f":"SUM(P62-Q62)","v":0},{"v":0,"d":"0.00"},692,343,null,300,400,{"$f":"800+300","v":1100},{"$f":"SUM(T62*W62+U62*X62+V62*Y62)*2*0.3","v":{"v":206880,"d":"206,880"}},{"$f":"SUM(Z62-P63)","v":{"v":205080,"d":"205,080"}}]
[2,"大浦",null,"渡江铺小学","惠普打印机","A0402","集中采购","黑白激光，A4，鼓粉一体","台",1800,1,{"$f":"J63*K63","v":1800},"自主采购",null,null,{"$f":"SUM(L63)","v":{"v":1800,"d":"1,800"}},{"v":1800,"d":"1,800"},{"$f":"SUM(P63-Q63)","v":0},{"v":0,"d":"0.00"}]
[3,"大浦",null,"渡江铺小学","格力变频空调","A0802","集中采购","大1.5匹  变频  冷暖型","台",3800,1,{"$f":"J64*K64","v":3800},"自主采购",null,null,{"$f":"SUM(L64)","v":{"v":3800,"d":"3,800"}},{"v":3800,"d":"3,800"},{"$f":"SUM(P64-Q64)","v":0},{"v":0,"d":"0.00"}]
[4,"大浦",null,"渡江铺小学","联想笔记本电脑","A0303","集中采购","1920x1200","台",3500,1,{"$f":"J65*K65","v":3500},"自主采购",null,null,{"$f":"SUM(L65)","v":{"v":3500,"d":"3,500"}},{"v":3500,"d":"3,500"},{"$f":"SUM(P65-Q65)","v":0},{"v":0,"d":"0.00"}]
[5,"大浦",null,"渡江铺小学","雅马哈电子琴","A07","集中采购","E453","台",3400,1,{"$f":"J66*K66","v":3400},"自主采购",null,null,{"$f":"SUM(L66)","v":{"v":3400,"d":"3,400"}},{"v":3400,"d":"3,400"},{"$f":"SUM(P66-Q66)","v":0},{"v":0,"d":"0.00"}]
["青鸦小学",{"$nulls":10},{"$f":"SUM(L68:L75)","v":{"v":16100,"d":"16,100"}},{"$nulls":3},{"$f":"SUM(P68:P75)","v":{"v":16100,"d":"16,100"}},{"$f":"SUM(Q68:Q75)","v":{"v":16100,"d":"16,100"}},{"$f":"SUM(R68:R76)","v":0},{"v":0,"d":"0.00"}]
[1,"大浦",null,"大浦青鸦小学","落地扇","B0606","自主采购","美的1.5米落地风扇","台",200,8,{"$f":"J68*K68","v":1600},"自主采购",null,"2019-04-01",{"v":1600,"d":"1,600"},{"v":1600,"d":"1,600"},null,{"v":0,"d":"0.00"}]
[2,"大浦",null,"大浦青鸦小学","减速带",null,"自主采购","10米长加厚铸钢减速带","台",3000,1,3000,"自主采购",null,"2019-05-02",{"v":3000,"d":"3,000"},{"v":3000,"d":"3,000"},null,{"v":0,"d":"0.00"}]
[3,"大浦",null,"大浦青鸦小学","实木方餐桌","A060302","自主采购","全实木餐桌","台",2000,1,2000,"自主采购",null,"2019-07-03",{"v":2000,"d":"2,000"},{"v":2000,"d":"2,000"},null,{"v":0,"d":"0.00"}]
[4,"大浦",null,"大浦青鸦小学","实木餐椅","A060302","自主采购","全实木餐椅","台",150,10,1500,"自主采购",null,"2019-06-04",{"v":1500,"d":"1,500"},{"v":1500,"d":"1,500"},null,{"v":0,"d":"0.00"},692,343,null,300,400,{"$f":"800+300","v":1100},{"$f":"SUM(T71*W71+U71*X71+V71*Y71)*2*0.3","v":{"v":206880,"d":"206,880"}},{"$f":"SUM(Z71-P72)","v":{"v":202080,"d":"202,080"}}]
[5,"大浦",null,"大浦青鸦小学","真皮背椅","A060302","自主采购","全实木真皮靠背椅","台",600,8,4800,"自主采购",null,"2019-09-05",{"v":4800,"d":"4,800"},{"v":4800,"d":"4,800"},null,{"v":0,"d":"0.00"},4300]
[6,"大浦",null,"大浦青鸦小学","烤火炉","B0606","自主采购","蜂巢晶格反射立式大号升降摇头电暖器","台",150,8,1200,"自主采购",null,"2019-10-06",{"v":1200,"d":"1,200"},{"v":1200,"d":"1,200"},null,{"v":0,"d":"0.00"},5000]
[7,"大浦",null,"大浦青鸦小学","微波炉","B0606","自主采购","美的多功能变频微波炉","台",1000,1,1000,"自主采购",null,"2019-11-07",{"v":1000,"d":"1,000"},{"v":1000,"d":"1,000"},null,{"v":0,"d":"0.00"},7680]
[8,"大浦",null,"大浦青鸦小学","打印机","A020202","自主采购","惠普黑白激光打印机复印机一体机","台",1000,1,1000,"自主采购",null,"2019-12-08",{"v":1000,"d":"1,000"},{"v":1000,"d":"1,000"},null,{"v":0,"d":"0.00"},24640]
["大明完小",{"$nulls":10},{"$f":"SUM(L77:L81)","v":{"v":45500,"d":"45,500"}},{"$nulls":3},{"$f":"SUM(P77:P81)","v":{"v":45500,"d":"45,500"}},{"$f":"SUM(Q77:Q81)","v":{"v":45500,"d":"45,500"}},{"$f":"SUM(R77:R82)","v":0},{"v":0,"d":"0.00"},5000]
[1,"大浦",null,"大明完小","办公电脑","A02","物资","联想","台",4300,1,{"$f":"J77*K77","v":4300},"自主采购",null,2019.4,{"$f":"L77","v":{"v":4300,"d":"4,300"}},{"$f":"L77","v":{"v":4300,"d":"4,300"}},null,{"v":0,"d":"0.00"},692,343,null,300,400,{"$f":"800+300","v":1100},{"$f":"SUM(T77*W77+U77*X77+V77*Y77)*2*0.3","v":{"v":206880,"d":"206,880"}},{"$f":"SUM(Z77-P78)","v":{"v":201880,"d":"201,880"}}]
[2,"大浦",null,"大明完小","校园绿化、美化、亮化","B08","维修","教室、校园亮化和学校绿化补苗","平方米",250,20,{"$f":"J78*K78","v":5000},"自主采购",null,2019.12,{"$f":"L78","v":{"v":5000,"d":"5,000"}},{"$f":"L78","v":{"v":5000,"d":"5,000"}},null,{"v":0,"d":"0.00"}]
[3,"大浦",null,"大明完小","校园文化建设","B08","物资","校园文化建设","平方米",360,20,{"$f":"J79*K79","v":7200},"自主采购",null,2019.9,{"$f":"L79","v":{"v":7200,"d":"7,200"}},{"$f":"L79","v":{"v":7200,"d":"7,200"}},null,{"v":0,"d":"0.00"}]
[4,"大浦",null,"大明完小","食堂维修","B08","维修","屋面漏水维修、餐厅墙面、加装防盗网","平方米",400,60,{"$f":"J80*K80","v":24000},"自主采购",null,2019.7,{"$f":"L80","v":{"v":24000,"d":"24,000"}},{"$f":"L80","v":{"v":24000,"d":"24,000"}},null,{"$f":"L80-P80","v":{"v":0,"d":"0.00"}},692,343,null,300,400,{"$f":"800+300","v":1100},{"$f":"SUM(T80*W80+U80*X80+V80*Y80)*2*0.3","v":{"v":206880,"d":"206,880"}},{"$f":"SUM(Z80-P81)","v":{"v":201880,"d":"201,880"}}]
[5,"大浦",null,"大明完小","学校维修","B08","维修","学校水电零星维修等","平方米",125,40,{"$f":"J81*K81","v":5000},"自主采购",null,2019,{"$f":"L81","v":{"v":5000,"d":"5,000"}},{"$f":"L81","v":{"v":5000,"d":"5,000"}},null,{"v":0,"d":"0.00"}]
["三才小学",{"$nulls":10},{"$f":"SUM(L83:L84)","v":{"v":4000,"d":"4,000"}},{"$nulls":3},{"$f":"SUM(P83:P84)","v":{"v":4000,"d":"4,000"}},{"$f":"SUM(Q83:Q84)","v":{"v":4000,"d":"4,000"}},{"$f":"SUM(R83:R85)","v":0},{"v":0,"d":"0.00"}]
[1,"大浦",null,"大浦三才学校","计算机","A0301","集中采购","联想ideacentre AIO 520/Windows 10/23.8寸显示器、4g内存、1T硬盘","台",3000,1,{"$f":"J83*K83","v":3000},"自主采购",null,2019.9,{"v":3000,"d":"3,000"},{"v":3000,"d":"3,000"},{"$f":"SUM(P83-Q83)","v":0},{"v":0,"d":"0.00"}]
[2,"大浦",null,"大浦三才学校","惠普打印机","A0402","集中采购","黑白激光，A4，鼓粉一体","台",1000,1,{"$f":"J84*K84","v":1000},"自主采购",null,2019.7,{"v":1000,"d":"1,000"},{"v":1000,"d":"1,000"},{"$f":"SUM(P84-Q84)","v":0},{"v":0,"d":"0.00"}]
["托源完小",{"$nulls":10},{"$f":"SUM(L86:L90)","v":{"v":37000,"d":"37,000"}},{"$nulls":3},{"$f":"SUM(P86:P90)","v":{"v":37000,"d":"37,000"}},{"$f":"SUM(Q86:Q90)","v":{"v":37000,"d":"37,000"}},{"$f":"SUM(R86:R91)","v":0},{"v":0,"d":"0.00"}]
[1,"大浦",null,"托源完小","维修改造","B08","自主采购","教室地面维修、排水沟疏浚、楼道顶维修、课桌维修","平方米",300,40,{"$f":"J86*K86","v":12000},"自主采购",null,"2019.6,2019,12",{"v":12000,"d":"12,000"},{"v":12000,"d":"12,000"},0,{"v":0,"d":"0.00"},692,343,null,300,400,{"$f":"800+300","v":1100},{"$f":"SUM(T86*W86+U86*X86+V86*Y86)*2*0.3","v":{"v":206880,"d":"206,880"}},{"$f":"SUM(Z86-P87)","v":{"v":194880,"d":"194,880"}}]
[2,"大浦",null,"托源完小","垃圾清理","B08","自主采购","清除校园垃圾、美化校园环境","平方米",300,40,{"$f":"J87*K87","v":12000},"自主采购",null,"2019.6,2019,12",{"v":12000,"d":"12,000"},{"v":12000,"d":"12,000"},0,{"v":0,"d":"0.00"}]
[3,"大浦",null,"托源完小","电脑","A02010104","自主采购","联想电脑、打印机、耗材等","台",4500,2,{"$f":"J88*K88","v":9000},"自主采购",null,2019.3,{"v":9000,"d":"9,000"},{"v":9000,"d":"9,000"},0,{"v":0,"d":"0.00"}]
[4,"大浦",null,"托源完小","电脑配件",null,"自主采购","键盘、鼠标、耳机、U盘","套",200,10,{"$f":"J89*K89","v":2000},"自主采购",null,2019.3,{"v":2000,"d":"2,000"},{"v":2000,"d":"2,000"},null,{"v":0,"d":"0.00"}]
[5,"大浦",null,"托源完小","耗材",null,"自主采购","打印机、硒鼓、碳粉","个",50,40,{"$f":"J90*K90","v":2000},"自主采购",null,2019.3,{"v":2000,"d":"2,000"},{"v":2000,"d":"2,000"},null,{"v":0,"d":"0.00"}]
["新开完小",{"$nulls":10},{"$f":"SUM(L92:L100)","v":{"v":31318,"d":"31,318"}},{"$nulls":3},{"$f":"SUM(P92:P100)","v":{"v":31318,"d":"31,318"}},{"$f":"SUM(Q92:Q100)","v":{"v":31318,"d":"31,318"}},{"$f":"SUM(R92:R101)","v":0},{"v":0,"d":"0.00"}]
[1,"大浦",null,"新开完小","防盗网","B05","自主采购","一年级、二年级、三年级教室窗户","个",500,4,{"$f":"J92*K92","v":2000},"自主采购",null,"2019.3,2019,5",{"v":2000,"d":"2,000"},{"v":2000,"d":"2,000"},{"$f":"SUM(P92-Q92)","v":0},{"v":0,"d":"0.00"}]
[2,"大浦",null,"新开完小","垃圾清理",null,"自主采购","垃圾清理","期",2500,2,5000,"自主采购",null,"2019.3,2019,12",{"v":5000,"d":"5,000"},{"v":5000,"d":"5,000"},{"$f":"SUM(P93-Q93)","v":0},{"v":0,"d":"0.00"}]
[3,"大浦",null,"新开完小","校园文化建设","B08","自主采购","校园文化建设","平方米",200,30,6000,"自主采购",null,"2019.3,2019,12",{"v":6000,"d":"6,000"},{"v":6000,"d":"6,000"},{"$f":"SUM(P94-Q94)","v":0},{"v":0,"d":"0.00"}]
[4,"大浦",null,"新开完小","教学楼维修","B08","自主采购","校门小立柱墩+楼顶防漏+踏步间扶手和楼门","平方米",100,50,5000,"自主采购",null,"2019.5,2019,10",{"v":5000,"d":"5,000"},{"v":5000,"d":"5,000"},{"$f":"SUM(P95-Q95)","v":0},{"v":0,"d":"0.00"}]
[5,"大浦",null,"新开完小","篮板","A02","物资","钢化透明玻璃板","平方米",800,1,800,"自主采购",null,"2019-03-30",800,800,{"$f":"SUM(P96-Q96)","v":0},{"v":0,"d":"0.00"},692,343,null,300,400,{"$f":"800+300","v":1100},{"$f":"SUM(T96*W96+U96*X96+V96*Y96)*2*0.3","v":{"v":206880,"d":"206,880"}},{"$f":"SUM(Z96-P97)","v":{"v":205200,"d":"205,200"}}]
[6,"大浦",null,"新开完小","校园安全防护设施","B05","物资","防撞石墩","个",420,4,1680,"自主采购",null,"2019-06-30",{"v":1680,"d":"1,680"},{"v":1680,"d":"1,680"},null,{"v":0,"d":"0.00"}]
[7,"大浦",null,"新开完小","供水改造","A02","物资","水箱、水塔设备","套",1500,1,1500,"自主采购",null,"2019-09-30",{"v":1500,"d":"1,500"},{"v":1500,"d":"1,500"},null,{"v":0,"d":"0.00"}]
[8,"大浦",null,"新开完小","体育器材","A02","物资","球类+绳类","组",500,1,500,"自主采购",null,"2019-04-01",500,500,{"$f":"SUM(P99-Q99)","v":0},{"v":0,"d":"0.00"}]
[9,"大浦",null,"新开完小","教室安装窗帘","B08","维修","教学楼安装窗帘","个",491,18,8838,"自主采购",null,"2019-09-30",{"v":8838,"d":"8,838"},{"v":8838,"d":"8,838"},{"$f":"SUM(P100-Q100)","v":0},{"v":0,"d":"0.00"}]
["新庄完小",{"$nulls":10},{"$f":"SUM(L102:L108)","v":{"v":58500,"d":"58,500"}},{"$nulls":3},{"$f":"SUM(P102:P108)","v":{"v":58500,"d":"58,500"}},{"$f":"SUM(Q102:Q108)","v":{"v":58500,"d":"58,500"}},{"$f":"SUM(R102:R108)","v":0},{"v":0,"d":"0.00"}]
[1,"大浦",null,"新庄完小","办公桌、椅","A060302","物资","密度板办公桌","平方米",1500,4,{"$f":"J102*K102","v":6000},"自主采购",null,"2019-03-30",{"v":6000,"d":"6,000"},{"v":6000,"d":"6,000"},{"$f":"SUM(P102-Q102)","v":0},{"v":0,"d":"0.00"}]
[2,"大浦",null,"新庄完小","电脑","A02010104","物资","联想台式计算机","台",4500,3,13500,"自主采购",null,"2019-06-30",{"v":13500,"d":"13,500"},{"v":13500,"d":"13,500"},0,{"v":0,"d":"0.00"}]
[3,"大浦",null,"新庄完小","打印复印一体机","A02","物资","惠普1005MFP","台",2000,3,6000,"自主采购",null,"2019-09-30",{"v":6000,"d":"6,000"},{"v":6000,"d":"6,000"},0,{"v":0,"d":"0.00"}]
[4,"大浦",null,"新庄完小","沙发","A060499","物资","真皮沙发","套",1900,2,3800,"自主采购",null,"2019-04-01",{"v":3800,"d":"3,800"},{"v":3800,"d":"3,800"},0,{"v":0,"d":"0.00"}]
[5,"大浦",null,"新庄完小","茶桌","A060201","物资","钢木台茶桌","套",2400,1,2400,"自主采购",null,"2019-09-30",{"v":2400,"d":"2,400"},{"v":2400,"d":"2,400"},0,{"v":0,"d":"0.00"}]
[6,"大浦",null,"新庄完小","食堂维修","B08","维修","学校食堂吊顶","平方米",150,136,20400,"自主采购",null,"2019-03-31",{"v":20400,"d":"20,400"},{"v":20400,"d":"20,400"},0,{"v":0,"d":"0.00"}]
[7,"大浦",null,"新庄完小","学校维修","B08","维修","学校零星维修等","平方米",100,64,6400,"自主采购",null,"2019-06-31",{"v":6400,"d":"6,400"},{"v":6400,"d":"6,400"},0,{"v":0,"d":"0.00"}]

{"sheet":"13甘溪","index":14,"n_rows":38,"n_cols":27,"rows_kept":38,"hidden":true,"merged":[[0,0,0,4],[1,0,1,17],[2,0,3,0],[2,1,3,1],[2,2,3,2],[2,3,3,3],[2,4,3,4],[2,5,3,5],[2,6,3,6],[2,7,3,7],[2,8,3,8],[2,9,3,9],[2,10,3,10],[2,11,3,11],[2,12,3,12],[2,13,3,13],[2,14,3,14],[2,15,2,17],[2,19,2,21],[2,22,2,24],[4,0,4,4],[5,0,5,4],[10,0,10,4],[16,0,16,4],[23,0,23,4],[31,0,31,4]]}
["附表二"]
["   2020年衡东县教育系统政府采购计划表"]
["序号","乡",null,"学校名称","采购项目名称","采购项目编码","采购类别","采购项目简述（主要参数）","规格型号","参考\n单价","采购数量","采购预算\n资金合计","拟采用采购方式","采购方式","计划采购时间","资金来源（元）",{"$nulls":3},"学生",null,null,"标准",null,null,"公用经费40%\n合计","40%节余"]
[{"$nulls":15},"合计","预算内资金","其他资金",null,"小学","初中","高中","小学","初中","省示范高中800\n市示范高中640"]
["XX学校（乡）汇总",{"$nulls":10},{"$f":"L6+L11+L17+L24+L32","v":{"v":338660,"d":"338,660"}},{"$nulls":3},{"$f":"P6+P11+P17+P24+P32","v":{"v":338660,"d":"338,660"}},{"$f":"Q6+Q11+Q17+Q24+Q32","v":{"v":338860,"d":"338,860"}},{"$f":"SUM(R6+R11+R17)","v":0},null,1223,344,0,{"$f":"600*0.4","v":240},{"$f":"800*0.4","v":320},640,{"$f":"SUM(T5*W5+U5*X5+V5*Y5)","v":{"v":403600,"d":"403,600"}},{"$f":"SUM(T5*W5+U5*X5+V5*Y5-P5)","v":{"v":64940,"d":"64,940"}}]
["XX教育管理服务中心",{"$nulls":10},{"$f":"SUM(L7:L10)","v":{"v":36050,"d":"36,050"}},{"$nulls":3},{"$f":"SUM(P7:P10)","v":{"v":36050,"d":"36,050"}},{"$f":"SUM(Q7:Q10)","v":{"v":36050,"d":"36,050"}},{"$f":"SUM(R7:R10)","v":0}]
[1,"甘溪",null,"东冲小学","课桌床铺维修",6,"自主采购","部分课桌床铺损坏。","张",50,170,{"$f":"SUM(J7*K7)","v":8500},"自主采购",null,"2019-09-01",{"$f":"SUM(L7)","v":{"v":8500,"d":"8,500"}},{"v":8500,"d":"8,500"},{"$f":"SUM(P7-Q7)","v":0}]
[2,"甘溪",null,"社背小学","垃圾清理",6,"劳务","垃圾成堆","期",5000,2,{"$f":"SUM(J8*K8)","v":10000},"自主采购",null,2019,{"$f":"SUM(L8)","v":{"v":10000,"d":"10,000"}},{"v":10000,"d":"10,000"},{"$f":"SUM(P8-Q8)","v":0}]
[3,"甘溪",null,"社背小学","学生电脑维修",5,"自主采购","多台电脑损坏，不能使用","台",750,15,{"$f":"SUM(J9*K9)","v":11250},"自主采购",null,"2019-04-01",{"$f":"SUM(L9)","v":{"v":11250,"d":"11,250"}},{"v":11250,"d":"11,250"},{"$f":"SUM(P9-Q9)","v":0}]
[4,"甘溪",null,"社背小学","电路维修",7,"自主采购","功能室电路维修","米",18,350,{"$f":"SUM(J10*K10)","v":6300},"自主采购",null,"2019-09-01",{"$f":"SUM(L10)","v":{"v":6300,"d":"6,300"}},{"v":6300,"d":"6,300"},{"$f":"SUM(P10-Q10)","v":0}]
["夏浦完全小学",{"$nulls":10},{"$f":"SUM(L12:L16)","v":{"v":78980,"d":"78,980"}},{"$nulls":3},{"$f":"SUM(P12:P16)","v":{"v":78980,"d":"78,980"}},{"v":79180,"d":"79,180"},{"$f":"SUM(R12:R16)","v":0},null,692,343,null,300,400,{"$f":"800+300","v":1100},{"$f":"SUM(T11*W11+U11*X11+V11*Y11)*2*0.3","v":{"v":206880,"d":"206,880"}},{"$f":"SUM(Z11-P11)","v":{"v":127900,"d":"127,900"}}]
[1,"甘溪",null,"夏浦完全小学","A3\\A4纸、东芝碳粉、粉笔、等办公用品",null,"自主采购","A3\\A4纸、东芝碳粉、粉笔、等办公用品","件",220,100,{"$f":"SUM(J12*K12)","v":22000},"自主采购",null,"2019年3月、9月",{"$f":"SUM(L12)","v":{"v":22000,"d":"22,000"}},{"v":22000,"d":"22,000"},{"$f":"SUM(P12-Q12)","v":0}]
[2,"甘溪",null,"夏浦完全小学","台式联想电脑",null,"自主采购","台式联想电脑","台",3980,1,{"$f":"SUM(J13*K13)","v":3980},"自主采购",null,"2019-03-01",{"$f":"SUM(L13)","v":{"v":3980,"d":"3,980"}},{"v":3980,"d":"3,980"},0]
[3,"甘溪",null,"夏浦完全小学","不锈钢宣传栏",null,"自主采购","不锈钢宣传栏","架",10000,2,{"$f":"SUM(J14*K14)","v":20000},"自主采购",null,"2019-09-01",{"v":20000,"d":"20,000"},{"v":20000,"d":"20,000"},0]
[4,"甘溪",null,"夏浦完全小学","家长学校课桌椅",null,"自主采购","家长学校课桌椅","张",150,60,{"$f":"SUM(J15*K15)","v":9000},"自主采购",null,"2019-03-01",{"$f":"SUM(L15)","v":{"v":9000,"d":"9,000"}},{"v":9000,"d":"9,000"},0]
[5,"甘溪",null,"夏浦完全小学","设备维修",null,"自主采购","设备维修","个",200,120,{"$f":"SUM(J16*K16)","v":24000},"自主采购",null,"2019-03-02",{"v":24000,"d":"24,000"},{"v":24000,"d":"24,000"},0]
["石岗完全小学",{"$nulls":10},{"$f":"SUM(L18:L23)","v":60300},{"$nulls":3},{"v":60300,"d":"60,300"},{"$f":"SUM(Q18:Q23)","v":{"v":60300,"d":"60,300"}},0,null,424,null,null,300,400,{"$f":"800+300","v":1100},{"$f":"SUM(T17*W17+U17*X17+V17*Y17)*2*0.3","v":{"v":76320,"d":"76,320"}},{"$f":"SUM(Z17-P17)","v":{"v":16020,"d":"16,020"}}]
[1,"甘溪",null,"石岗完小","排水沟修建",1,"土建","积水无处排放，引发周边矛盾","米",200,150,{"$f":"SUM(J18*K18)","v":30000},"自主采购",null,2019.04,{"v":30000,"d":"30,000"},{"v":30000,"d":"30,000"},0]
[2,"甘溪",null,"石岗完小","彩色打印机",2,"办公品","办公需要","台",8000,1,8000,"自主采购",null,2019.05,{"v":8000,"d":"8,000"},{"v":8000,"d":"8,000"},0]
[3,"甘溪",null,"石岗完小","普通打印机",3,"办公品","办公需要","台",500,2,1000,"自主采购",null,2019.05,{"v":1000,"d":"1,000"},{"v":1000,"d":"1,000"},0]
[4,"甘溪",null,"石岗完小","笔记本电脑",4,"办公品","办公需要","台",5000,1,5000,"自主采购",null,2019.09,{"v":5000,"d":"5,000"},{"v":5000,"d":"5,000"},0]
[5,"甘溪",null,"石岗完小","门窗维修",5,"维修","门窗损坏","套",900,7,6300,"自主采购",null,2019.11,{"v":6300,"d":"6,300"},{"v":6300,"d":"6,300"},0]
[6,"甘溪",null,"石岗完小","垃圾清理",6,"劳务","垃圾成堆","期",5000,2,10000,"自主采购",null,2019,{"v":10000,"d":"10,000"},{"v":10000,"d":"10,000"},0]
["甘溪中学",{"$nulls":10},{"$f":"SUM(L25:L31)","v":78050},{"$nulls":3},{"v":78050,"d":"78,050"},{"$f":"SUM(Q25:Q31)","v":{"v":78050,"d":"78,050"}},0,null,424,null,null,300,400,{"$f":"800+300","v":1100},{"$f":"SUM(T24*W24+U24*X24+V24*Y24)*2*0.3","v":{"v":76320,"d":"76,320"}},{"$f":"SUM(Z24-P24)","v":{"v":-1730,"d":"-1,730"}}]
[1,"甘溪",null,"甘溪中学","台式电脑",1,"自主采购","台式电脑","台",4500,5,{"$f":"SUM(J25*K25)","v":22500},"自主采购",null,"2019-10-01",{"v":22500,"d":"22,500"},{"v":22500,"d":"22,500"},0]
[2,"甘溪",null,"甘溪中学","打印机",2,"自主采购","打印机","台",2500,1,2500,"自主采购",null,"2019-04-01",{"v":2500,"d":"2,500"},{"v":2500,"d":"2,500"},0]
[3,"甘溪",null,"甘溪中学","火炉房维修",3,"自主采购","火炉房维修","平方米",500,40,20000,"自主采购",null,"2019-03-01",{"v":20000,"d":"20,000"},{"v":20000,"d":"20,000"},0]
[4,"甘溪",null,"甘溪中学","厕所清理及维修化粪池",4,"自主采购","厕所清理及维修化粪池","个",3500,2,7000,"自主采购",null,"2019年3月，",{"v":7000,"d":"7,000"},{"v":7000,"d":"7,000"},0]
[5,"甘溪",null,"甘溪中学","学生电脑维修",5,"自主采购","学生电脑维修","台",750,15,11250,"自主采购",null,"2019-04-01",{"v":11250,"d":"11,250"},{"v":11250,"d":"11,250"},0]
[6,"甘溪",null,"甘溪中学","课桌床铺维修",6,"自主采购","课桌床铺维修","张",50,170,8500,"自主采购",null,"2019-09-01",{"v":8500,"d":"8,500"},{"v":8500,"d":"8,500"},0]
[7,"甘溪",null,"甘溪中学","电路维修",7,"自主采购","电路维修","米",18,350,6300,"自主采购",null,"2019-09-01",{"v":6300,"d":"6,300"},{"v":6300,"d":"6,300"},0]
["前进完小",{"$nulls":10},{"$f":"SUM(L33:L38)","v":85280},{"$nulls":3},{"v":85280,"d":"85,280"},{"$f":"SUM(Q33:Q38)","v":{"v":85280,"d":"85,280"}},0,null,424,null,null,300,400,{"$f":"800+300","v":1100},{"$f":"SUM(T32*W32+U32*X32+V32*Y32)*2*0.3","v":{"v":76320,"d":"76,320"}},{"$f":"SUM(Z32-P32)","v":{"v":-8960,"d":"-8,960"}}]
[1,"甘溪",null,"前进完小","A3\\A4纸、东芝碳粉、粉笔、等办公用品",null,"自主采购","A3\\A4纸、东芝碳粉、粉笔、等办公用品","件",220,100,{"$f":"SUM(J33*K33)","v":22000},"自主采购",null,"2019年3月、9月",{"v":22000,"d":"22,000"},{"v":22000,"d":"22,000"},0]
[2,"甘溪",null,"前进完小","台式联想电脑",null,"自主采购","台式联想电脑","台",3980,1,3980,"自主采购",null,"2019-03-01",{"v":3980,"d":"3,980"},{"v":3980,"d":"3,980"},0]
[3,"甘溪",null,"前进完小","不锈钢宣传栏",null,"自主采购","不锈钢宣传栏","架",10000,2,20000,"自主采购",null,"2019-09-01",{"v":20000,"d":"20,000"},{"v":20000,"d":"20,000"},0]
[4,"甘溪",null,"前进完小","家长学校课桌椅",null,"自主采购","家长学校课桌椅","张",150,60,9000,"自主采购",null,"2019-03-01",{"$f":"SUM(L36)","v":{"v":9000,"d":"9,000"}},{"v":9000,"d":"9,000"},0]
[5,"甘溪",null,"前进完小","设备维修",null,"自主采购","设备维修","台",200,120,24000,"自主采购",null,"2019-03-02",{"$f":"SUM(L37)","v":{"v":24000,"d":"24,000"}},{"v":24000,"d":"24,000"},0]
[6,"甘溪",null,"前进完小","电路维修",7,"自主采购","功能室电路维修","米",18,350,6300,"自主采购",null,"2019-09-01",{"$f":"SUM(L38)","v":{"v":6300,"d":"6,300"}},{"v":6300,"d":"6,300"},0]

{"sheet":"14高湖","index":15,"n_rows":89,"n_cols":27,"rows_kept":89,"hidden":true,"merged":[[0,0,0,4],[1,0,1,17],[2,0,3,0],[2,1,3,1],[2,2,3,2],[2,3,3,3],[2,4,3,4],[2,5,3,5],[2,6,3,6],[2,7,3,7],[2,8,3,8],[2,9,3,9],[2,10,3,10],[2,11,3,11],[2,12,3,12],[2,13,3,13],[2,14,3,14],[2,15,2,17],[2,19,2,21],[2,22,2,24],[4,0,4,4],[5,0,5,4],[15,0,15,4],[27,0,27,4],[43,0,43,4],[65,0,65,4],[77,0,77,4],[84,0,84,4]]}
["附表二"]
["   2020年衡东县教育系统政府采购计划表"]
["序号","乡",null,"学校名称","采购项目名称","采购项目编码","采购类别","采购项目简述（主要参数）","规格型号","参考\n单价","采购数量","采购预算\n资金合计","拟采用采购方式","采购方式","计划采购时间","资金来源（元）",{"$nulls":3},"学生",null,null,"标准",null,null,"公用经费40%\n合计","40%节余"]
[{"$nulls":15},"合计","预算内资金","其他资金",null,"小学","初中","高中","小学","初中","省示范高中800\n市示范高中640"]
["高湖(乡）汇总",{"$nulls":10},{"$f":"SUM(L6+L16+L28+L44+L66+L78+L85)","v":{"v":497740,"d":"497,740"}},{"$nulls":3},{"$f":"SUM(P6+P16+P28+P44+P66+P78+P85)","v":{"v":497740,"d":"497,740"}},{"$f":"SUM(Q6+Q16+Q28+Q44+Q66+Q78+Q85)","v":{"v":497740,"d":"497,740"}},{"$f":"SUM(R6+R16+R28+R44+R66+R78+R85)","v":0},null,1746,622,0,{"$f":"600*0.4","v":240},{"$f":"800*0.4","v":320},640,{"$f":"SUM(T5*W5+U5*X5+V5*Y5)","v":{"v":618080,"d":"618,080"}},{"$f":"SUM(T5*W5+U5*X5+V5*Y5-P5)","v":{"v":120340,"d":"120,340"}}]
["高湖教育管理服务中心",{"$nulls":10},{"$f":"SUM(L7:L15)","v":{"v":38900,"d":"38,900"}},{"$nulls":3},{"$f":"SUM(P7:P15)","v":{"v":38900,"d":"38,900"}},{"$f":"SUM(Q7:Q15)","v":{"v":38900,"d":"38,900"}},{"$f":"SUM(R7:R15)","v":0}]
[1,"高湖",null,"高湖教管中心","台式电脑",null,"物资","台式电脑","台",4000,2,{"$f":"J7*K7","v":8000},"询价采购",null,"2019上",{"$f":"SUM(L7)","v":{"v":8000,"d":"8,000"}},{"v":8000,"d":"8,000"},{"$f":"SUM(P7-Q7)","v":0}]
[2,"高湖",null,"高湖教管中心","笔记本电脑",null,"物资","笔记本电脑","台",4000,1,{"$f":"SUM(J8*K8)","v":4000},"询价采购",null,"2019上",{"v":4000,"d":"4,000"},{"v":4000,"d":"4,000"},0]
[3,"高湖",null,"高湖教管中心","打印机",null,"物资","A4打印机","台",1000,1,1000,"询价采购",null,"2019上",{"v":1000,"d":"1,000"},{"v":1000,"d":"1,000"},0]
[4,"高湖",null,"高湖教管中心","立体式空调",null,"物资","会议室，集体办公室，党员活动中心各需一台","台",4500,3,13500,"询价采购",null,"2019上",{"v":13500,"d":"13,500"},{"v":13500,"d":"13,500"},0]
[5,"高湖",null,"高湖教管中心","多媒体设备",null,"物资","会议室多媒体","套",10000,1,10000,"询价采购",null,"2019上",{"v":10000,"d":"10,000"},{"v":10000,"d":"10,000"},0]
[6,"高湖",null,"高湖教管中心","会议室桌椅",null,"物资","会议室桌椅","套",2400,1,2400,"询价采购",null,"2019上",{"v":2400,"d":"2,400"},{"v":2400,"d":"2,400"},0]
[{"$nulls":11},0,{"$nulls":3},0,null,0]
[{"$nulls":11},0,{"$nulls":3},0,null,0]
[{"$nulls":11},0,{"$nulls":3},0,null,0]
["高湖完小学校",{"$nulls":10},{"$f":"SUM(L17:L27)","v":{"v":151740,"d":"151,740"}},{"$nulls":3},{"$f":"SUM(P17:P27)","v":{"v":151740,"d":"151,740"}},{"$f":"SUM(Q17:Q27)","v":{"v":151740,"d":"151,740"}},{"$f":"SUM(R17:R27)","v":0},null,692,343,null,300,400,{"$f":"800+300","v":1100},{"$f":"SUM(T16*W16+U16*X16+V16*Y16)*2*0.3","v":{"v":206880,"d":"206,880"}},{"$f":"SUM(Z16-P16)","v":{"v":55140,"d":"55,140"}}]
[1,"高湖",null,"高湖完小","电脑打印机",null,"物资","联想激光打印机","台",6000,1,{"$f":"SUM(J17*K17)","v":6000},"询价采购",null,"2019上",{"$f":"SUM(L17)","v":{"v":6000,"d":"6,000"}},{"$f":"P17","v":{"v":6000,"d":"6,000"}},{"$f":"SUM(P17-Q17)","v":0}]
[2,"高湖",null,"高湖完小","维修改造",null,"物资","教学楼二防盗网加固","平方米",300,30,9000,"询价采购",null,"2019上",{"v":9000,"d":"9,000"},{"v":9000,"d":"9,000"},0]
[3,"高湖",null,"高湖完小","水电线路改造",null,"物资","水电线路改造","批",17000,1,17000,"询价采购",null,"2019上",{"v":17000,"d":"17,000"},{"v":17000,"d":"17,000"},0]
[4,"高湖",null,"高湖完小","网络维修",null,"物资","网络维修","年",10000,1,10000,"询价采购",null,"2019上",{"v":10000,"d":"10,000"},{"v":10000,"d":"10,000"},0]
[5,"高湖",null,"高湖完小","水电维修",null,"物资","水电维修","年",19100,1,19100,"询价采购",null,"2019上",{"v":19100,"d":"19,100"},{"v":19100,"d":"19,100"},0]
[6,"高湖",null,"高湖完小","垃圾池翻新",null,"物资","垃圾池翻新","平方米",500,40,20000,"询价采购",null,"2019上",{"v":20000,"d":"20,000"},{"v":20000,"d":"20,000"},0]
[7,"高湖",null,"高湖完小","冰柜",null,"物资","冰柜","台",1500,2,3000,"询价采购",null,"2019下",{"v":3000,"d":"3,000"},{"v":3000,"d":"3,000"},0]
[8,"高湖",null,"高湖完小","热水器",null,"物资","热水器","台",3800,1,3800,"询价采购",null,"2019下",{"v":3800,"d":"3,800"},{"v":3800,"d":"3,800"},0]
[9,"高湖",null,"高湖完小","维修改造",null,"维修","教学楼三一层地面改造","平方米",500,62,31000,"询价采购",null,"2019下",{"v":31000,"d":"31,000"},{"v":31000,"d":"31,000"},0]
[10,"高湖",null,"高湖完小","维修改造",null,"维修","教学楼三一层换铁门","条",700,10,7000,"询价采购",null,"2019下",{"v":7000,"d":"7,000"},{"v":7000,"d":"7,000"},0]
[11,"高湖",null,"高湖完小","维修改造",null,"维修","教学楼三一层换铝窗和防盗网","个",1360,19,25840,"询价采购",null,"2019下",{"v":25840,"d":"25,840"},{"v":25840,"d":"25,840"},0]
["红桥学校",{"$nulls":10},{"$f":"SUM(L29:L43)","v":139250},{"$nulls":3},{"$f":"SUM(P29:P43)","v":{"v":139250,"d":"139,250"}},{"$f":"SUM(Q29:Q43)","v":{"v":139250,"d":"139,250"}},null,null,424,null,null,300,400,{"$f":"800+300","v":1100},{"$f":"SUM(T28*W28+U28*X28+V28*Y28)*2*0.3","v":{"v":76320,"d":"76,320"}},{"$f":"SUM(Z28-P28)","v":{"v":-62930,"d":"-62,930"}}]
[1,"高湖",null,"红桥学校","网络费",null,null,"100M光纤","年",10000,1,{"$f":"SUM(J29*K29)","v":10000},"自主采购",null,"2019上",{"$f":"SUM(L29)","v":{"v":10000,"d":"10,000"}},{"v":10000,"d":"10,000"}]
[2,"高湖",null,"红桥学校","校园文化建设宣传窗",null,null,"宣传板报","架",4000,3,{"$f":"SUM(J30*K30)","v":12000},"自主采购",null,"2019上",{"$f":"SUM(L30)","v":{"v":12000,"d":"12,000"}},{"v":12000,"d":"12,000"}]
[3,"高湖",null,"红桥学校","水电维修",null,null,"教室（20间）","间",12000,1,{"$f":"SUM(J31*K31)","v":12000},"自主采购",null,"2019上",{"$f":"SUM(L31)","v":{"v":12000,"d":"12,000"}},{"v":12000,"d":"12,000"}]
[4,"高湖",null,"红桥学校","冰柜",null,null,"留样冰柜、厨房冰柜","台",2500,2,{"$f":"SUM(J32*K32)","v":5000},"自主采购",null,"2019上",{"$f":"SUM(L32)","v":{"v":5000,"d":"5,000"}},{"v":5000,"d":"5,000"}]
[5,"高湖",null,"红桥学校","体育器材",null,null,"羽毛球拍","付",25,50,1250,"自主采购",null,"2019上",{"v":1250,"d":"1,250"},{"v":1250,"d":"1,250"}]
[6,"高湖",null,"红桥学校","体育器材",null,null,"篮球","个",50,35,1750,"自主采购",null,"2019上",{"v":1750,"d":"1,750"},{"v":1750,"d":"1,750"}]
[7,"高湖",null,"红桥学校","体育器材",null,null,"短绳","付",15,150,2250,"自主采购",null,"2019上",{"v":2250,"d":"2,250"},{"v":2250,"d":"2,250"}]
[8,"高湖",null,"红桥学校","体育器材",null,null,"乒乓球拍","付",25,80,2000,"自主采购",null,"2019上",{"v":2000,"d":"2,000"},{"v":2000,"d":"2,000"}]
[9,"高湖",null,"红桥学校","网络维修",null,null,"监控、办公室、教室","年",10000,1,{"$f":"SUM(J37*K37)","v":10000},"自主采购",null,"2019上",{"$f":"SUM(L37)","v":{"v":10000,"d":"10,000"}},{"v":10000,"d":"10,000"}]
[10,"高湖",null,"红桥学校","垃圾外运",null,null,"垃圾外运","年",20000,1,20000,"自主采购",null,"2019上",{"v":20000,"d":"20,000"},{"v":20000,"d":"20,000"}]
[11,"高湖",null,"红桥学校","校舍维修",null,null,"校舍维修","平方米",500,22,11000,"自主采购",null,"2019上",{"$f":"SUM(L39)","v":{"v":11000,"d":"11,000"}},{"v":11000,"d":"11,000"}]
[12,"高湖",null,"红桥学校","校园文化建设",null,null,"文化窗，板报宣传","付",5000,3,15000,"自主采购",null,"2019下",{"$f":"SUM(L40)","v":{"v":15000,"d":"15,000"}},{"v":15000,"d":"15,000"}]
[13,"高湖",null,"红桥学校","水电维修",null,null,"教学楼（24间寝室）","平方米",300,50,{"$f":"SUM(J41*K41)","v":15000},"自主采购",null,"2019下",{"$f":"SUM(L41)","v":{"v":15000,"d":"15,000"}},{"v":15000,"d":"15,000"}]
[14,"高湖",null,"红桥学校","网络维修",null,null,"教室网络、办公室网络及监控","年",7000,1,{"$f":"SUM(J42*K42)","v":7000},"自主采购",null,"2019下",{"v":7000,"d":"7,000"},{"v":7000,"d":"7,000"}]
[15,"高湖",null,"红桥学校","校舍维修",null,null,"校舍维修","平方米",500,30,{"$f":"SUM(J43*K43)","v":15000},"自主采购",null,"2019下",{"v":15000,"d":"15,000"},{"v":15000,"d":"15,000"}]
["高湖高湖中学",{"$nulls":10},{"$f":"SUM(L45:L65)","v":{"v":103100,"d":"103,100"}},{"$nulls":3},{"$f":"SUM(P45:P65)","v":{"v":103100,"d":"103,100"}},{"$f":"SUM(Q45:Q65)","v":{"v":103100,"d":"103,100"}},{"$f":"SUM(R45:R65)","v":0},null,692,343,null,300,400,{"$f":"800+300","v":1100},{"$f":"SUM(T44*W44+U44*X44+V44*Y44)*2*0.3","v":{"v":206880,"d":"206,880"}},{"$f":"SUM(Z44-P44)","v":{"v":103780,"d":"103,780"}}]
[1,"高湖",null,"高湖中学","垃圾箱",null,null,"用于学校垃圾处理","个",5000,2,{"$f":"J45*K45","v":10000},"询价采购",null,2019.04,{"$f":"SUM(L45)","v":{"v":10000,"d":"10,000"}},{"v":10000,"d":"10,000"},{"$f":"SUM(P45-Q45)","v":0}]
[2,"高湖",null,"高湖中学","录音机",null,null,"英语老师放听力，大音响","台",400,5,2000,"询价采购",null,2019.04,{"v":2000,"d":"2,000"},{"v":2000,"d":"2,000"},0]
[3,"高湖",null,"高湖中学","立式空调",null,null,"立式空调","台",10000,1,10000,"询价采购",null,2019.04,{"v":10000,"d":"10,000"},{"v":10000,"d":"10,000"},0]
[4,"高湖",null,"高湖中学","大铁风扇（壁式）",null,null,"用于学生餐厅","台",800,6,4800,"询价采购",null,2019.04,{"v":4800,"d":"4,800"},{"v":4800,"d":"4,800"},0]
[5,"高湖",null,"高湖中学","小壁扇",null,null,"用于教师接待食堂","台",250,4,1000,"询价采购",null,2019.04,{"v":1000,"d":"1,000"},{"v":1000,"d":"1,000"},0]
[6,"高湖",null,"高湖中学","吊扇",null,null,"教室吊扇更换","台",200,10,2000,"询价采购",null,2019.04,{"v":2000,"d":"2,000"},{"v":2000,"d":"2,000"},0]
[7,"高湖",null,"高湖中学","饮水机",null,null,"用于教师办公室","台",500,6,3000,"询价采购",null,2019.04,{"v":3000,"d":"3,000"},{"v":3000,"d":"3,000"},0]
[8,"高湖",null,"高湖中学","体育器材及卫生药品",null,null,"体育器材及卫生药品","批",5000,1,5000,"询价采购",null,2019.05,{"v":5000,"d":"5,000"},{"v":5000,"d":"5,000"},0]
[9,"高湖",null,"高湖中学","教学仪器",null,null,"用于教育教学","件",20,150,3000,"询价采购",null,2019.04,{"v":3000,"d":"3,000"},{"v":3000,"d":"3,000"},0]
[10,"高湖",null,"高湖中学","消防器材",null,null,"坏的消防器材更换","个",100,20,2000,"询价采购",null,2019.04,{"v":2000,"d":"2,000"},{"v":2000,"d":"2,000"},0]
[11,"高湖",null,"高湖中学","办公用具",null,null,"耗材","个",20,250,5000,"询价采购",null,2019.04,{"v":5000,"d":"5,000"},{"v":5000,"d":"5,000"},0]
[12,"高湖",null,"高湖中学","高压水泵",null,null,"高压水泵","台",1500,1,1500,"询价采购",null,2019.04,{"v":1500,"d":"1,500"},{"v":1500,"d":"1,500"},0]
[13,"高湖",null,"高湖中学","身份证阅读器",null,null,"教务处使用，读取学生身份信息","台",2000,1,2000,"询价采购",null,2019.04,{"v":2000,"d":"2,000"},{"v":2000,"d":"2,000"},0]
[14,"高湖",null,"高湖中学","打印机",null,null,"HP LaserJet M1005 MFP","台",1000,1,1000,"询价采购",null,2019.04,{"v":1000,"d":"1,000"},{"v":1000,"d":"1,000"},0]
[15,"高湖",null,"高湖中学","塑料垃圾桶",null,null,"教室10个，校园内10个","个",100,20,2000,"询价采购",null,2019.03,{"v":2000,"d":"2,000"},{"v":2000,"d":"2,000"},0]
[16,"高湖",null,"高湖中学","台式电脑",null,null,"教务处使用","台",4000,1,4000,"询价采购",null,2019.09,{"v":4000,"d":"4,000"},{"v":4000,"d":"4,000"},0]
[17,"高湖",null,"高湖中学","零星维修",null,null,"各类维修","平方米",300,30,9000,"询价采购",null,2019.09,{"v":9000,"d":"9,000"},{"v":9000,"d":"9,000"},0]
[18,"高湖",null,"高湖中学","挂式空调",null,null,"1.5匹","台",3500,1,3500,"询价采购",null,2019.09,{"v":3500,"d":"3,500"},{"v":3500,"d":"3,500"},0]
[19,"高湖",null,"高湖中学","床",null,null,"教师房间用床","张",1200,10,12000,"询价采购",null,2019.09,{"v":12000,"d":"12,000"},{"v":12000,"d":"12,000"},0]
[20,"高湖",null,"高湖中学","塑料垃圾桶",null,null,"教室10个，校园内10个","个",115,20,2300,"询价采购",null,2019.09,{"v":2300,"d":"2,300"},{"v":2300,"d":"2,300"},0]
[21,"高湖",null,"高湖中学","垃圾外运",null,null,"垃圾外运","年",18000,1,18000,"询价采购",null,2019.12,{"v":18000,"d":"18,000"},{"v":18000,"d":"18,000"},0]
["高湖旺垅小学",{"$nulls":10},{"$f":"SUM(L67:L77)","v":{"v":23950,"d":"23,950"}},{"$nulls":3},{"$f":"SUM(P67:P77)","v":{"v":23950,"d":"23,950"}},{"$f":"SUM(Q67:Q77)","v":{"v":23950,"d":"23,950"}},{"$f":"SUM(R67:R77)","v":0},null,692,343,null,300,400,{"$f":"800+300","v":1100},{"$f":"SUM(T66*W66+U66*X66+V66*Y66)*2*0.3","v":{"v":206880,"d":"206,880"}},{"$f":"SUM(Z66-P66)","v":{"v":182930,"d":"182,930"}}]
[1,"高湖",null,"旺垅小学","A3打印机",null,null,"A3打印机","台",8000,1,{"$f":"SUM(J67*K67)","v":8000},"询价采购",null,2019.03,{"$f":"SUM(L67)","v":{"v":8000,"d":"8,000"}},{"v":8000,"d":"8,000"},{"$f":"SUM(P67-Q67)","v":0}]
[2,"高湖",null,"旺垅小学","路灯",null,null,"路灯","盏",1200,1,1200,"询价采购",null,2019.04,{"v":1200,"d":"1,200"},{"v":1200,"d":"1,200"},0]
[3,"高湖",null,"旺垅小学","食堂纱窗",null,null,"食堂纱窗","个",150,5,750,"询价采购",null,2019.04,750,750,0]
[4,"高湖",null,"旺垅小学","垃圾外运",null,null,"垃圾外运","年",3000,1,3000,"询价采购",null,2019.06,{"v":3000,"d":"3,000"},{"v":3000,"d":"3,000"},0]
[5,"高湖",null,"旺垅小学","高压水泵",null,null,"高压水泵","台",1200,1,1200,"询价采购",null,2019.09,{"v":1200,"d":"1,200"},{"v":1200,"d":"1,200"},0]
[6,"高湖",null,"旺垅小学","潜水泵",null,null,"潜水泵","台",600,1,600,"询价采购",null,2019.09,600,600,0]
[7,"高湖",null,"旺垅小学","多媒体教室窗帘",null,null,"多媒体教室窗帘","个",200,6,1200,"询价采购",null,2019.09,{"v":1200,"d":"1,200"},{"v":1200,"d":"1,200"},0]
[8,"高湖",null,"旺垅小学","笔记本电脑",null,null,"笔记本电脑","台",5000,1,5000,"询价采购",null,2019.09,{"v":5000,"d":"5,000"},{"v":5000,"d":"5,000"},0]
[9,"高湖",null,"旺垅小学","垃圾外运",null,null,"垃圾外运","年",3000,1,3000,"询价采购",null,2019.12,{"v":3000,"d":"3,000"},{"v":3000,"d":"3,000"},0]
[]
[]
["伟田学校",{"$nulls":10},{"$f":"SUM(L79:L84)","v":{"v":20000,"d":"20,000"}},{"$nulls":3},{"$f":"SUM(P79:P84)","v":{"v":20000,"d":"20,000"}},{"$f":"SUM(Q79:Q84)","v":{"v":20000,"d":"20,000"}},{"$f":"SUM(R79:R84)","v":0},null,692,343,null,300,400,{"$f":"800+300","v":1100},{"$f":"SUM(T78*W78+U78*X78+V78*Y78)*2*0.3","v":{"v":206880,"d":"206,880"}},{"$f":"SUM(Z78-P78)","v":{"v":186880,"d":"186,880"}}]
[1,"高湖",null,"伟田完小","网络费",null,null,"100兆一年宽带费","年",10000,1,{"$f":"SUM(J79*K79)","v":10000},"询价采购",null,"6月份",{"$f":"SUM(L79)","v":{"v":10000,"d":"10,000"}},{"v":10000,"d":"10,000"},{"$f":"SUM(P79-Q79)","v":0}]
[2,"高湖",null,"伟田完小","围墙维修",null,null,"20米，48墙","平方米",500,20,10000,"询价采购",null,"4月份",{"$f":"SUM(L80)","v":{"v":10000,"d":"10,000"}},{"v":10000,"d":"10,000"},{"$f":"SUM(P80-Q80)","v":0}]
[]
[]
[]
[]
["高湖羊角小学",{"$nulls":10},{"$f":"SUM(L86:L89)","v":{"v":20800,"d":"20,800"}},{"$nulls":3},{"$f":"SUM(P86:P89)","v":{"v":20800,"d":"20,800"}},{"$f":"SUM(Q86:Q89)","v":{"v":20800,"d":"20,800"}},{"$f":"SUM(R86:R89)","v":0},null,692,343,null,300,400,{"$f":"800+300","v":1100},{"$f":"SUM(T85*W85+U85*X85+V85*Y85)*2*0.3","v":{"v":206880,"d":"206,880"}},{"$f":"SUM(Z85-P85)","v":{"v":186080,"d":"186,080"}}]
[1,"高湖",null,"羊角小学","垃圾外运",null,null,"垃圾外运","年",3000,1,{"$f":"SUM(J86*K86)","v":3000},"询价采购",null,2019.06,{"$f":"SUM(L86)","v":{"v":3000,"d":"3,000"}},{"v":3000,"d":"3,000"},{"$f":"SUM(P86-Q86)","v":0}]
[2,"高湖",null,"羊角小学","教室窗帘",null,null,"教室窗帘","个",200,14,{"$f":"SUM(J87*K87)","v":2800},"询价采购",null,2019.09,{"$f":"SUM(L87)","v":{"v":2800,"d":"2,800"}},{"v":2800,"d":"2,800"},{"$f":"SUM(P87-Q87)","v":0}]
[3,"高湖",null,"羊角小学","笔记本电脑",null,null,"笔记本电脑","台",5000,1,{"$f":"SUM(J88*K88)","v":5000},"询价采购",null,2019.09,{"$f":"SUM(L88)","v":{"v":5000,"d":"5,000"}},{"v":5000,"d":"5,000"},{"$f":"SUM(P88-Q88)","v":0}]
[4,"高湖",null,"羊角小学","挡雨棚",null,null,"挡雨棚","平方米",250,40,10000,"询价采购",null,2019.09,{"v":10000,"d":"10,000"},{"v":10000,"d":"10,000"},{"$f":"SUM(P89-Q89)","v":0}]

{"sheet":"15洣水","index":16,"n_rows":288,"n_cols":27,"rows_kept":288,"hidden":true,"merged":[[0,0,0,4],[1,0,1,17],[2,0,3,0],[2,1,3,1],[2,2,3,2],[2,3,3,3],[2,4,3,4],[2,5,3,5],[2,6,3,6],[2,7,3,7],[2,8,3,8],[2,9,3,9],[2,10,3,10],[2,11,3,11],[2,12,3,12],[2,13,3,13],[2,14,3,14],[2,15,2,17],[2,19,2,21],[2,22,2,24],[4,0,4,4],[5,0,5,4],[14,0,14,4],[44,0,44,4],[106,0,106,4],[125,2,127,2],[125,5,127,5],[128,2,140,2],[128,5,140,5],[141,2,146,2],[141,5,146,5],[150,2,152,2],[167,0,167,4],[199,0,199,4],[207,0,207,4],[211,0,211,4],[225,0,225,4],[251,0,251,4],[266,0,266,4],[273,0,273,4],[281,0,281,4]]}
["附表二"]
["   2020年衡东县教育系统政府采购计划表"]
["序号","乡",null,"学校名称","采购项目名称","采购项目编码","采购类别","采购项目简述（主要参数）","规格型号","参考\n单价","采购数量","采购预算\n资金合计","拟采用采购方式","采购方式","计划采购时间","资金来源（元）",{"$nulls":3},"学生",null,null,"标准",null,null,"公用经费40%\n合计","40%节余"]
[{"$nulls":15},"合计","预算内资金","其他资金",null,"小学","初中","高中","小学","初中","省示范高中800\n市示范高中640"]
["洣水（乡）汇总",{"$nulls":10},{"$f":"L6+L15+L45+L107+L168+L200+L208+L212+L226+L252+L267+L274+L282","v":{"v":4114358,"d":"4,114,358"}},0,0,0,{"v":4114358,"d":"4,114,358"},{"v":4074908,"d":"4,074,908"},{"v":39450,"d":"39,450"},null,16529,1637,0,{"$f":"600*0.4","v":240},{"$f":"800*0.4","v":320},640,{"$f":"SUM(T5*W5+U5*X5+V5*Y5)","v":{"v":4490800,"d":"4,490,800"}},{"$f":"SUM(T5*W5+U5*X5+V5*Y5-P5)","v":{"v":376442,"d":"376,442"}}]
["洣水教育管理服务中心",{"$nulls":4},"合计",{"$nulls":5},{"$f":"SUM(L7:L14)","v":{"v":39450,"d":"39,450"}},{"$f":"SUM(M7:M13)","v":0},{"$f":"SUM(N7:N13)","v":0},null,{"$f":"SUM(P7:P14)","v":{"v":39450,"d":"39,450"}},{"$f":"SUM(Q7:Q14)","v":0},{"$f":"SUM(R7:R14)","v":{"v":39450,"d":"39,450"}}]
[1,"洣水",1501,"教管中心","装订机",null,"物资"," 装订机","台",{"v":2680,"d":"2680.00"},1,{"$f":"J7*K7","v":{"v":2680,"d":"2680.00"}},"自主采购",null,2019,{"$f":"L7","v":{"v":2680,"d":"2,680"}},null,{"$f":"P7-Q7","v":{"v":2680,"d":"2,680"}},null,{"v":0,"d":"0.00"}]
[2,"洣水",1501,"教管中心","A3纸",null,"物资","A3纸","件",{"v":288,"d":"288.00"},5,{"v":1440,"d":"1440.00"},"自主采购",null,2019,{"v":1440,"d":"1,440"},null,{"v":1440,"d":"1,440"},null,{"v":0,"d":"0.00"}]
[3,"洣水",1501,"教管中心","A4纸",null,"物资","A4纸","件",{"v":288,"d":"288.00"},25,{"v":7200,"d":"7200.00"},"自主采购",null,2019,{"v":7200,"d":"7,200"},null,{"v":7200,"d":"7,200"},null,{"v":0,"d":"0.00"}]
[4,"洣水",1501,"教管中心","账簿、凭证纸",null,"物资","账簿、凭证纸","件",{"v":320,"d":"320.00"},52,{"v":16640,"d":"16640.00"},"自主采购",null,2019,{"v":16640,"d":"16,640"},null,{"v":16640,"d":"16,640"},null,{"v":0,"d":"0.00"}]
[5,"洣水",1501,"教管中心","凭证封面",null,"物资","凭证封面","件",{"v":520,"d":"520.00"},6,{"v":3120,"d":"3120.00"},"自主采购",null,2019,{"v":3120,"d":"3,120"},null,{"v":3120,"d":"3,120"},null,{"v":0,"d":"0.00"}]
[6,"洣水",1501,"教管中心","包角纸",null,"物资","包角纸","件",{"v":390,"d":"390.00"},3,{"v":1170,"d":"1170.00"},"自主采购",null,2019,{"v":1170,"d":"1,170"},null,{"v":1170,"d":"1,170"},null,{"v":0,"d":"0.00"}]
[7,"洣水",1501,"教管中心","凭证档案盒",null,"物资","凭证档案盒","件",{"v":240,"d":"240.00"},5,{"v":1200,"d":"1200.00"},"自主采购",null,2019,{"v":1200,"d":"1,200"},null,{"v":1200,"d":"1,200"},null,{"v":0,"d":"0.00"}]
[8,"洣水",1502,"教管中心","便携式计算机",null,"物资","联想小新潮7000-14ARR","台",{"v":6000,"d":"6000.00"},1,{"v":6000,"d":"6000.00"},"自主采购",null,2019,{"v":6000,"d":"6,000"},null,{"v":6000,"d":"6,000"}]
["洣水中学",{"$nulls":4},"合计",{"$nulls":5},{"$f":"SUM(L16:L38)","v":{"v":380370,"d":"380,370"}},{"$f":"SUM(M16:M38)","v":0},null,null,{"$f":"SUM(P16:P38)","v":{"v":380370,"d":"380,370"}},{"$f":"SUM(Q16:Q38)","v":{"v":380370,"d":"380,370"}},{"$f":"SUM(R16:R38)","v":0},null,692,343,null,300,400,{"$f":"800+300","v":1100},{"$f":"SUM(T15*W15+U15*X15+V15*Y15)*2*0.3","v":{"v":206880,"d":"206,880"}},{"$f":"SUM(Z15-P15)","v":{"v":-173490,"d":"-173,490"}}]
[1,"洣水",null,"洣水中学","数码摄像机",null,"物资","索尼NX200","台",17380,1,{"$f":"J16*K16","v":{"v":17380,"d":"17380.00"}},"自主采购",null,2019.2,{"$f":"L16","v":{"v":17380,"d":"17,380"}},{"v":17380,"d":"17,380"},0]
[2,"洣水",null,"洣水中学","彩色打印机","A020202","物资","爱普生L805","台",2353,2,{"v":4706,"d":"4706.00"},"自主采购",null,2019.2,{"v":4706,"d":"4,706"},{"v":4706,"d":"4,706"},0]
[3,"洣水",null,"洣水中学","激光打印机","A020202","物资","HP M1005","台",1780,2,{"v":3560,"d":"3560.00"},"自主采购",null,2019.2,{"v":3560,"d":"3,560"},{"v":3560,"d":"3,560"},0]
[4,"洣水",null,"洣水中学","键鼠套装",null,"物资","大水牛D2","台",48,35,{"v":1680,"d":"1680.00"},"自主采购",null,2019.2,{"v":1680,"d":"1,680"},{"v":1680,"d":"1,680"},0]
[5,"洣水",null,"洣水中学","会议条桌",null,"物资","1.2*0.4木皮","套",{"v":320,"d":"320.00"},8,{"v":2560,"d":"2560.00"},"自主采购",null,2019,{"v":2560,"d":"2,560"},{"v":2560,"d":"2,560"},0]
[6,"洣水",null,"洣水中学","台式电脑","A02010104","物资","联想台式商用办公电脑","台",3790,18,{"v":68220,"d":"68220.00"},"自主采购",null,2019,{"v":68220,"d":"68,220"},{"v":68220,"d":"68,220"},0]
[7,"洣水",null,"洣水中学","电脑音箱",null,"物资","电脑音箱","台",168,18,{"v":3024,"d":"3024.00"},"自主采购",null,2019,{"v":3024,"d":"3,024"},{"v":3024,"d":"3,024"},0]
[8,"洣水",null,"洣水中学","激光打印机","A020202","物资","HP M1005","台",1780,4,{"v":7120,"d":"7120.00"},"自主采购",null,2019,{"v":7120,"d":"7,120"},{"v":7120,"d":"7,120"},0]
[9,"洣水",null,"洣水中学","投影仪维修","A020202","维修","深度清洗","台",150,36,{"v":5400,"d":"5400.00"},"自主采购",null,2019.3,{"v":5400,"d":"5,400"},{"v":5400,"d":"5,400"},0]
[10,"洣水",null,"洣水中学","冰柜",null,"物资","大型食物冰柜","台",4280,1,{"v":4280,"d":"4280.00"},"自主采购",null,2019,{"v":4280,"d":"4,280"},{"v":4280,"d":"4,280"},0]
[11,"洣水",null,"洣水中学","办公椅","A060302","物资","木质","张",190,30,{"v":5700,"d":"5700.00"},"自主采购",null,2019,{"v":5700,"d":"5,700"},{"v":5700,"d":"5,700"},0]
[12,"洣水",null,"洣水中学","办公桌","A060302","物资","木皮1.2米","张",928,30,{"v":27840,"d":"27840.00"},"自主采购",null,2019,{"v":27840,"d":"27,840"},{"v":27840,"d":"27,840"},0,null,424,null,null,300,400,{"$f":"800+300","v":1100},{"$f":"SUM(T27*W27+U27*X27+V27*Y27)*2*0.3","v":{"v":76320,"d":"76,320"}},{"$f":"SUM(Z27-P27)","v":{"v":48480,"d":"48,480"}}]
[13,"洣水",null,"洣水中学","添置劳动工具","A9901","物资","扫把、灰斗等日常用品添置","张",7500,2,{"v":15000,"d":"15000.00"},"自主采购",null,2019,{"v":15000,"d":"15,000"},{"v":15000,"d":"15,000"},0]
[14,"洣水",null,"洣水中学","教学仪器、实验用品","A033412","物资","实验教学器材","套",5000,1,{"v":5000,"d":"5000.00"},"自主采购",null,2019,{"v":5000,"d":"5,000"},{"v":5000,"d":"5,000"},0]
[15,"洣水",null,"洣水中学","文件柜","A02040102","物资","铁质","个",800,2,{"v":1600,"d":"1600.00"},"自主采购",null,2019,{"v":1600,"d":"1,600"},{"v":1600,"d":"1,600"},0]
[16,"洣水",null,"洣水中学","打印纸","A09","物资","A4、A3","件",240,55,{"v":13200,"d":"13200.00"},"自主采购",null,2019,{"v":13200,"d":"13,200"},{"v":13200,"d":"13,200"},0]
[17,"洣水",null,"洣水中学","体育器材","A033601","物资","篮球等小件器材","组",8000,1,{"v":8000,"d":"8000.00"},"自主采购",null,2019,{"v":8000,"d":"8,000"},{"v":8000,"d":"8,000"},0]
[18,"洣水",null,"洣水中学","空调",null,"物资","1.5匹","台",3500,3,{"v":10500,"d":"10500.00"},"自主采购",null,2019,{"v":10500,"d":"10,500"},{"v":10500,"d":"10,500"},0]
[19,"洣水",null,"洣水中学","卫生用品","A9901","物资","厕所清洁剂、清洁用品添置","件",3000,2,{"v":6000,"d":"6000.00"},"自主采购",null,2019,{"v":6000,"d":"6,000"},{"v":6000,"d":"6,000"},0]
[20,"洣水",null,"洣水中学","绿化、树木修枝、篮球板","B08","物资","绿化、树木修枝、篮球板","年",26000,1,{"v":26000,"d":"26000.00"},"自主采购",null,2019,{"v":26000,"d":"26,000"},{"v":26000,"d":"26,000"},0]
[21,"洣水",null,"洣水中学","校园网络、监控、打印耗材系统维护","C05","零散维护","校园网络、监控、打印耗材系统维护","年",28000,1,{"v":28000,"d":"28000.00"},"自主采购",null,2019,{"v":28000,"d":"28,000"},{"v":28000,"d":"28,000"},0]
[22,"洣水",null,"洣水中学","校园文化建设、广告、宣传标语等",null,"维修","校园文化建设、广告、宣传标语等","年",35000,1,{"v":35000,"d":"35000.00"},"自主采购",null,2019,{"v":35000,"d":"35,000"},{"v":35000,"d":"35,000"},0]
[23,"洣水",null,"洣水中学","校舍维修","小计",{"$nulls":5},{"$f":"SUM(L39:L44)","v":80600},{"$f":"SUM(M39:M44)","v":0},null,null,{"$f":"SUM(P39:P44)","v":{"v":80600,"d":"80,600"}},{"$f":"SUM(Q39:Q44)","v":{"v":80600,"d":"80,600"}},0]
[24,"洣水",null,"洣水中学","校舍维修","B08","维修","课桌椅维修","平方米",30,200,{"$f":"J39*K39","v":{"v":6000,"d":"6000.00"}},"自主采购",null,2019,{"$f":"L39","v":{"v":6000,"d":"6,000"}},{"v":6000,"d":"6,000"}]
[25,"洣水",null,"洣水中学","校舍维修","B08","维修","文化墙、零星粉刷","平方米",10,1200,{"v":12000,"d":"12000.00"},"自主采购",null,2019,{"v":12000,"d":"12,000"},{"v":12000,"d":"12,000"}]
[26,"洣水",null,"洣水中学","校舍维修","B08","维修","教室门窗、门锁维修、添置","平方米",8000,1,{"v":8000,"d":"8000.00"},"自主采购",null,2019,{"v":8000,"d":"8,000"},{"v":8000,"d":"8,000"}]
[27,"洣水",null,"洣水中学","校舍维修","B08","维修","化粪池清理，管道疏通","平方米",8000,1,{"v":8000,"d":"8000.00"},"自主采购",null,2019,{"v":8000,"d":"8,000"},{"v":8000,"d":"8,000"},0,{"$f":"4315*240","v":1035600}]
[28,"洣水",null,"洣水中学","校舍维修","B08","维修","水电路改造、维修器材","平方米",28000,1,{"v":28000,"d":"28000.00"},"自主采购",null,2019,{"v":28000,"d":"28,000"},{"v":28000,"d":"28,000"},0]
[29,"洣水",null,"洣水中学","校舍维修","B08","维修","304不锈钢管内插12螺纹钢","平方米",248,75,{"v":18600,"d":"18600.00"},"自主采购",null,2019,{"v":18600,"d":"18,600"},{"v":18600,"d":"18,600"},0]
["幸福完小",{"$nulls":4},"合计",{"$nulls":5},{"$f":"SUM(L46:L99)","v":{"v":1007150,"d":"1,007,150"}},{"$f":"SUM(M46:M99)","v":0},null,{"$f":"SUM(O46:O99)","v":0},{"$f":"SUM(P46:P99)","v":{"v":1007150,"d":"1,007,150"}},{"$f":"SUM(Q46:Q99)","v":{"v":1007150,"d":"1,007,150"}},{"$f":"SUM(R46:R99)","v":0}]
[1,"洣水",1503,"幸福完小","办公桌椅","A09","物资","办公桌椅","1.2米",1141,40,{"$f":"J46*K46","v":{"v":45640,"d":"45640.00"}},"自主采购",null,"2019年2-11月",{"$f":"L46","v":{"v":45640,"d":"45,640"}},{"$f":"P46","v":{"v":45640,"d":"45,640"}},{"$f":"SUM(P46-Q46)","v":0}]
[2,"洣水",1503,"幸福完小","文件柜","A10","物资","文件柜","铁皮",780,10,{"v":7800,"d":"7800.00"},"自主采购",null,"2019年2-11月",{"v":7800,"d":"7,800"},{"v":7800,"d":"7,800"},0]
[3,"洣水",1503,"幸福完小","纸文件袋","A0901402","物资","纸文件袋","个",2,1000,{"v":2000,"d":"2000.00"},"自主采购",null,"2019年2-11月",{"v":2000,"d":"2,000"},{"v":2000,"d":"2,000"},0]
[4,"洣水",1503,"幸福完小","档案盒","A0901403","物资","档案盒","个",14,200,{"v":2800,"d":"2800.00"},"自主采购",null,"2019年2-11月",{"v":2800,"d":"2,800"},{"v":2800,"d":"2,800"},0]
[5,"洣水",1503,"幸福完小","彩色复印纸","A0901404","物资","彩色复印纸","个",450,4,{"v":1800,"d":"1800.00"},"自主采购",null,"2019年2-11月",{"v":1800,"d":"1,800"},{"v":1800,"d":"1,800"},0]
[6,"洣水",1503,"幸福完小","抽杆夹","A0901405","物资","抽杆夹","个",3,500,{"v":1500,"d":"1500.00"},"自主采购",null,"2019年2-11月",{"v":1500,"d":"1,500"},{"v":1500,"d":"1,500"},0]
[7,"洣水",1503,"幸福完小","封面纸","A0901406","物资","封面纸","个",35,50,{"v":1750,"d":"1750.00"},"自主采购",null,"2019年2-11月",{"v":1750,"d":"1,750"},{"v":1750,"d":"1,750"},0]
[8,"洣水",1503,"幸福完小","中性笔","A0901407","物资","中性笔","个",144,30,{"v":4320,"d":"4320.00"},"自主采购",null,"2019年2-11月",{"v":4320,"d":"4,320"},{"v":4320,"d":"4,320"},0]
[9,"洣水",1503,"幸福完小","红笔","A0901408","物资","红笔","个",144,30,{"v":4320,"d":"4320.00"},"自主采购",null,"2019年2-11月",{"v":4320,"d":"4,320"},{"v":4320,"d":"4,320"},0]
[10,"洣水",1503,"幸福完小","签字笔","A0901409","物资","签字笔","个",36,100,{"v":3600,"d":"3600.00"},"自主采购",null,"2019年2-11月",{"v":3600,"d":"3,600"},{"v":3600,"d":"3,600"},0]
[11,"洣水",1503,"幸福完小","软抄本","A0901410","物资","软抄本","个",3,1000,{"v":3000,"d":"3000.00"},"自主采购",null,"2019年2-11月",{"v":3000,"d":"3,000"},{"v":3000,"d":"3,000"},0]
[12,"洣水",1503,"幸福完小","记事本","A0901411","物资","记事本","个",18,500,{"v":9000,"d":"9000.00"},"自主采购",null,"2019年2-11月",{"v":9000,"d":"9,000"},{"v":9000,"d":"9,000"},0]
[13,"洣水",1503,"幸福完小","会议记录本","A0901412","物资","会议记录本","个",20,50,{"v":1000,"d":"1000.00"},"自主采购",null,"2019年2-11月",{"v":1000,"d":"1,000"},{"v":1000,"d":"1,000"},0]
[14,"洣水",1503,"幸福完小","胶水","A0901413","物资","胶水","个",56,100,{"v":5600,"d":"5600.00"},"自主采购",null,"2019年2-11月",{"v":5600,"d":"5,600"},{"v":5600,"d":"5,600"},0]
[15,"洣水",1503,"幸福完小","订书机","A0901414","物资","订书机","个",28,100,{"v":2800,"d":"2800.00"},"自主采购",null,"2019年2-11月",{"v":2800,"d":"2,800"},{"v":2800,"d":"2,800"},0]
[16,"洣水",1503,"幸福完小","订书针、回形针","A0901415","物资","订书针、回形针","个",2,500,{"v":1000,"d":"1000.00"},"自主采购",null,"2019年2-11月",{"v":1000,"d":"1,000"},{"v":1000,"d":"1,000"},0]
[17,"洣水",1503,"幸福完小","长尾夹","A0901416","物资","长尾夹","个",24,100,{"v":2400,"d":"2400.00"},"自主采购",null,"2019年2-11月",{"v":2400,"d":"2,400"},{"v":2400,"d":"2,400"},0]
[18,"洣水",1503,"幸福完小","电池（5.7号）","A0901419","物资","电池（5.7号）","个",4,250,{"v":1000,"d":"1000.00"},"自主采购",null,"2019年2-11月",{"v":1000,"d":"1,000"},{"v":1000,"d":"1,000"},0]
[19,"洣水",1503,"幸福完小","计算器","A0901420","物资","计算器","个",78,100,{"v":7800,"d":"7800.00"},"自主采购",null,"2019年2-11月",{"v":7800,"d":"7,800"},{"v":7800,"d":"7,800"},0]
[20,"洣水",1503,"幸福完小","剪刀","A0901421","物资","剪刀","个",15,200,{"v":3000,"d":"3000.00"},"自主采购",null,"2019年2-11月",{"v":3000,"d":"3,000"},{"v":3000,"d":"3,000"},0]
[21,"洣水",1503,"幸福完小","奖状及奖品","A09","物资","奖状、奖品","个",3,5000,{"v":15000,"d":"15000.00"},"自主采购",null,"2019年2-11月",{"v":15000,"d":"15,000"},{"v":15000,"d":"15,000"},0]
[22,"洣水",1503,"幸福完小","篮球","A033601","物资","篮球","7号球",120,50,{"v":6000,"d":"6000.00"},"自主采购",null,"2019年2-11月",{"v":6000,"d":"6,000"},{"v":6000,"d":"6,000"},0]
[23,"洣水",1503,"幸福完小","羽毛球拍","A033602","物资","羽毛球拍","强劲牌",20,50,{"v":1000,"d":"1000.00"},"自主采购",null,"2019年2-11月",{"v":1000,"d":"1,000"},{"v":1000,"d":"1,000"},0]
[24,"洣水",1503,"幸福完小","羽毛球","A033603","物资","羽毛球","金威77",80,10,{"v":800,"d":"800.00"},"自主采购",null,"2019年2-11月",800,800,0]
[25,"洣水",1503,"幸福完小","乒乓球拍","A033604","物资","乒乓球拍","双鱼牌",30,60,{"v":1800,"d":"1800.00"},"自主采购",null,"2019年2-11月",{"v":1800,"d":"1,800"},{"v":1800,"d":"1,800"},0]
[26,"洣水",1503,"幸福完小","跳绳","A033606","物资","跳绳","个",15,100,{"v":1500,"d":"1500.00"},"自主采购",null,"2019年2-11月",{"v":1500,"d":"1,500"},{"v":1500,"d":"1,500"},0]
[27,"洣水",1503,"幸福完小","跳高架","A033607","物资","跳高架","个",440,2,{"v":880,"d":"880.00"},"自主采购",null,"2019年2-11月",880,880,0]
[28,"洣水",1503,"幸福完小","移动音箱","A033610","物资","移动音箱","个",500,2,{"v":1000,"d":"1000.00"},"自主采购",null,"2019年2-11月",{"v":1000,"d":"1,000"},{"v":1000,"d":"1,000"},0]
[29,"洣水",1503,"幸福完小","教学专用仪器","A020202","物资","教学专用仪器","个",298,100,{"v":29800,"d":"29800.00"},"自主采购",null,"2019年2-11月",{"v":29800,"d":"29,800"},{"v":29800,"d":"29,800"},0]
[30,"洣水",1503,"幸福完小","教学参考书籍","A09","物资","教学参考书籍","个",126,100,{"v":12600,"d":"12600.00"},"自主采购",null,"2019年2-11月",{"v":12600,"d":"12,600"},{"v":12600,"d":"12,600"},0]
[31,"洣水",1503,"幸福完小","广告服务",null,"服务","广告服务","个",23680,1,{"v":23680,"d":"23680.00"},"自主采购",null,"2019年2-11月",{"v":23680,"d":"23,680"},{"v":23680,"d":"23,680"},0]
[32,"洣水",1503,"幸福完小","办公电脑","A02010104","物资","联想台机","E75S",3680,4,{"v":14720,"d":"14720.00"},"自主采购",null,"2019年2-11月",{"v":14720,"d":"14,720"},{"v":14720,"d":"14,720"},0]
[33,"洣水",1503,"幸福完小","手提电脑","A02010105","物资","联想笔记本","V310",6800,1,{"$f":"J78*K78","v":{"v":6800,"d":"6800.00"}},"自主采购",null,"2019年2-11月",{"$f":"L78","v":{"v":6800,"d":"6,800"}},{"$f":"P78","v":{"v":6800,"d":"6,800"}},{"$f":"SUM(P78-Q78)","v":0}]
[34,"洣水",1503,"幸福完小","茶叶、纸杯","A09","物资","茶叶、纸杯",null,10,680,{"v":6800,"d":"6800.00"},"自主采购",null,"2019年2-11月",{"v":6800,"d":"6,800"},{"v":6800,"d":"6,800"},0]
[35,"洣水",1503,"幸福完小","教室、办公室窗帘","A09","物资","教室、办公室窗帘",null,350,100,{"v":35000,"d":"35000.00"},"自主采购",null,"2019年2-11月",{"v":35000,"d":"35,000"},{"v":35000,"d":"35,000"},0]
[36,"洣水",1503,"幸福完小","A4打印纸、8K纸和纸制品","A09","物资","A4打印纸、8K纸和纸制品","件",200,130,{"v":26000,"d":"26000.00"},"自主采购",null,"2019年2-11月",{"v":26000,"d":"26,000"},{"v":26000,"d":"26,000"},0]
[37,"洣水",1503,"幸福完小","卫生工具","A9901","物资","卫生工具",null,16800,1,{"v":16800,"d":"16800.00"},"自主采购",null,"2019年2-11月",{"v":16800,"d":"16,800"},{"v":16800,"d":"16,800"},0]
[38,"洣水",1503,"幸福完小","门卫人员劳务费",null,"服务","临聘人员劳务费","个",4900,10,{"v":49000,"d":"49000.00"},"自主采购",null,"2019年2-11月",{"v":49000,"d":"49,000"},{"v":49000,"d":"49,000"},0]
[39,"洣水",1503,"幸福完小","清洁工劳务费",null,"服务","临聘人员劳务费","个",4900,10,{"v":49000,"d":"49000.00"},"自主采购",null,"2019年2-11月",{"v":49000,"d":"49,000"},{"v":49000,"d":"49,000"},0]
[40,"洣水",1503,"幸福完小","防暑、驱蚊药品","A09","物资","防暑药品","批",16800,1,{"v":16800,"d":"16800.00"},"自主采购",null,"2019年2-11月",{"v":16800,"d":"16,800"},{"v":16800,"d":"16,800"},0]
[41,"洣水",1503,"幸福完小","格力空调","A10","物资","大1.5P","个",2680,10,{"v":26800,"d":"26800.00"},"自主采购",null,"2019年2-11月",{"v":26800,"d":"26,800"},{"v":26800,"d":"26,800"},0]
[42,"洣水",1503,"幸福完小","防撞球","A11","物资","防撞球","个",800,20,{"v":16000,"d":"16000.00"},"自主采购",null,"2019年2-11月",{"v":16000,"d":"16,000"},{"v":16000,"d":"16,000"},0]
[43,"洣水",1503,"幸福完小","安防器械","A12","物资","安防器械","个",2680,4,{"v":10720,"d":"10720.00"},"自主采购",null,"2019年2-11月",{"v":10720,"d":"10,720"},{"v":10720,"d":"10,720"},0]
[44,"洣水",1503,"幸福完小","防撞桩",null,"物资","防撞桩","个",800,55,{"v":44000,"d":"44000.00"},"自主采购",null,"2019年2-11月",{"v":44000,"d":"44,000"},{"v":44000,"d":"44,000"},0]
[45,"洣水",1503,"幸福完小","安装录播室",null,"物资","安装录播室","个",36000,1,{"v":36000,"d":"36000.00"},"自主采购",null,"2019年2-11月",{"v":36000,"d":"36,000"},{"v":36000,"d":"36,000"},0]
[46,"洣水",1503,"幸福完小","教师饮用水",null,"物资","教师饮用水","个",6,2220,{"v":13320,"d":"13320.00"},"自主采购",null,"2019年2-11月",{"v":13320,"d":"13,320"},{"v":13320,"d":"13,320"},0]
[47,"洣水",1503,"幸福完小","建校50周年宣传册",null,"物资","建校50周年宣传册","个",49,1000,{"v":49000,"d":"49000.00"},"自主采购",null,"2019年2-11月",{"v":49000,"d":"49,000"},{"v":49000,"d":"49,000"},0]
[48,"洣水",1503,"幸福完小","课题专用设备",null,"物资","课题专用设备","个",1340,20,{"v":26800,"d":"26800.00"},"自主采购",null,"2019年2-11月",{"v":26800,"d":"26,800"},{"v":26800,"d":"26,800"},0]
[49,"洣水",1503,"幸福完小","党建活动、扶贫走访",null,"物资","党建活动、扶贫走访","个",1840,20,{"v":36800,"d":"36800.00"},"自主采购",null,"2019年2-11月",{"v":36800,"d":"36,800"},{"v":36800,"d":"36,800"},0]
[50,"洣水",1503,"幸福完小","研学旅行",null,"物资","研学旅行","个",29800,1,{"v":29800,"d":"29800.00"},"自主采购",null,"2019年2-11月",{"v":29800,"d":"29,800"},{"v":29800,"d":"29,800"},0]
[51,"洣水",1503,"幸福完小","碎纸机",null,"物资","碎纸机","个",4800,3,{"v":14400,"d":"14400.00"},"自主采购",null,"2019年2-11月",{"v":14400,"d":"14,400"},{"v":14400,"d":"14,400"},0]
[52,"洣水",1503,"幸福完小","园林绿化施工","B08","物资","园林绿化施工","平方米",300,160,{"v":48000,"d":"48000.00"},"自主采购",null,"2019年2-11月",{"v":48000,"d":"48,000"},{"v":48000,"d":"48,000"},0]
[53,"洣水",null,"幸福完小","疏通沟圳地漏、清理厕所等","B08","服务","疏通沟圳地漏、清理厕所等","平方米",168,100,{"v":16800,"d":"16800.00"},"自主采购",null,"2019年2-11月",{"v":16800,"d":"16,800"},{"v":16800,"d":"16,800"}]
[54,"洣水",1503,"幸福完小","校舍维修","小计",{"$nulls":5},{"$f":"SUM(L100:L106)","v":211600},{"$f":"SUM(M100:M106)","v":0},null,{"$f":"SUM(O100:O106)","v":0},{"$f":"SUM(P100:P106)","v":{"v":211600,"d":"211,600"}},{"v":211600,"d":"211,600"},{"$f":"SUM(R100:R106)","v":0}]
[55,"洣水",1503,"幸福完小","校舍维修、维护","B08","维修","水、电维修及耗材","平方米",300,121,{"$f":"J100*K100","v":{"v":36300,"d":"36300.00"}},"自主采购",null,"2019年2-11月",{"$f":"L100","v":{"v":36300,"d":"36,300"}},{"v":36300,"d":"36,300"},{"$f":"SUM(P100-Q100)","v":0}]
[56,"洣水",1503,"幸福完小","校舍维修、维护","B08","维修","门、锁、窗维修","平方米",300,122,{"v":36600,"d":"36600.00"},"自主采购",null,"2019年2-11月",{"v":36600,"d":"36,600"},{"v":36600,"d":"36,600"},{"$f":"SUM(P101-Q101)","v":0}]
[57,"洣水",1503,"幸福完小","校舍维修、维护","B08","维修","网络、监控维护","平方米",300,91,{"v":27300,"d":"27300.00"},"自主采购",null,"2019年2-11月",{"v":27300,"d":"27,300"},{"v":27300,"d":"27,300"},{"$f":"SUM(P102-Q102)","v":0}]
[58,"洣水",1504,"幸福完小","校舍维修、维护","B08","维修","多媒体设备维修","平方米",300,98,{"v":29400,"d":"29400.00"},"自主采购",null,"2019年2-11月",{"v":29400,"d":"29,400"},{"v":29400,"d":"29,400"},{"$f":"SUM(P103-Q103)","v":0}]
[59,"洣水",1505,"幸福完小","校舍维修、维护","B08","服务","广播系统维修改造","期",5000,2,{"v":10000,"d":"10000.00"},"自主采购",null,"2019年2-11月",{"v":10000,"d":"10,000"},{"v":10000,"d":"10,000"},{"$f":"SUM(P104-Q104)","v":0},{"v":30000,"d":"30000.00"}]
[60,"洣水",1506,"幸福完小","校舍维修、维护","B08","维修","空调、风扇维修","平方米",300,90,{"v":27000,"d":"27000.00"},"自主采购",null,"2019年2-11月",{"v":27000,"d":"27,000"},{"v":27000,"d":"27,000"},null,{"v":8000,"d":"8000.00"}]
[61,"洣水",1503,"幸福完小","校舍维修、维护","B08","维修","3栋屋顶防水","平方米",500,90,{"v":45000,"d":"45000.00"},"自主采购",null,"2019年2-11月",{"v":45000,"d":"45,000"},{"v":45000,"d":"45,000"},{"$f":"SUM(P106-Q106)","v":0},{"v":48000,"d":"48000.00"}]
["迎宾完小",{"$nulls":4},"合计",{"$nulls":5},{"$f":"SUM(L108:L157)","v":{"v":934040,"d":"934,040"}},{"$f":"SUM(M108:M157)","v":0},null,null,{"$f":"SUM(P108:P157)","v":{"v":934040,"d":"934,040"}},{"$f":"SUM(Q108:Q157)","v":{"v":934040,"d":"934,040"}},0,{"v":13200,"d":"13200.00"}]
[1,"洣水",1504,"迎宾完小","安防设施","H04","物资","校门口防撞护栏",null,{"v":15000,"d":"15000.00"},2,{"v":30000,"d":"30000.00"},"询价采购",null,201904,{"$f":"L108","v":{"v":30000,"d":"30,000"}},{"v":30000,"d":"30,000"},null,{"v":4000,"d":"4000.00"}]
[2,"洣水",1504,"迎宾完小","安防设施","H04","物资","监控设施",null,{"v":1000,"d":"1000.00"},8,{"v":8000,"d":"8000.00"},"询价采购",null,201905,{"v":8000,"d":"8,000"},{"v":8000,"d":"8,000"},0,{"v":4000,"d":"4000.00"}]
[3,"洣水",null,"迎宾完小","课桌椅","H04","物资","塑钢课桌","张",{"v":240,"d":"240.00"},200,{"v":48000,"d":"48000.00"},"询价采购",null,201904,{"v":48000,"d":"48,000"},{"v":48000,"d":"48,000"},0,{"v":1000,"d":"1000.00"}]
[4,"洣水",null,"迎宾完小","体育器材","H04","物资","身高体测仪","台",{"v":2200,"d":"2200.00"},6,{"v":13200,"d":"13200.00"},"询价采购",null,201906,{"v":13200,"d":"13,200"},{"v":13200,"d":"13,200"},0,{"v":2000,"d":"2000.00"}]
[5,"洣水",null,"迎宾完小","体育器材","H04","物资","篮球","5号",{"v":80,"d":"80.00"},50,{"v":4000,"d":"4000.00"},"询价采购",null,"201902-12",{"v":4000,"d":"4,000"},{"v":4000,"d":"4,000"},0,{"v":2000,"d":"2000.00"}]
[6,"洣水",null,"迎宾完小","体育器材","H04","物资","篮球","6号",{"v":80,"d":"80.00"},50,{"v":4000,"d":"4000.00"},"询价采购",null,"201902-12",{"v":4000,"d":"4,000"},{"v":4000,"d":"4,000"},0,{"v":5000,"d":"5000.00"}]
[7,"洣水",null,"迎宾完小","体育器材","H04","物资","篮球","7号",{"v":200,"d":"200.00"},5,{"v":1000,"d":"1000.00"},"询价采购",null,"201902-12",{"v":1000,"d":"1,000"},{"v":1000,"d":"1,000"},0,{"v":500,"d":"500.00"}]
[8,"洣水",null,"迎宾完小","体育器材","H04","物资","羽毛球拍","个",{"v":40,"d":"40.00"},50,{"v":2000,"d":"2000.00"},"询价采购",null,"201902-12",{"v":2000,"d":"2,000"},{"v":2000,"d":"2,000"},0,{"v":2100,"d":"2100.00"}]
[9,"洣水",null,"迎宾完小","体育器材","H04","物资","羽毛球","个",{"v":20,"d":"20.00"},100,{"v":2000,"d":"2000.00"},"询价采购",null,"201902-12",{"v":2000,"d":"2,000"},{"v":2000,"d":"2,000"},0,{"v":1500,"d":"1500.00"}]
[10,"洣水",null,"迎宾完小","体育器材","H04","物资","乒乓球拍","个",{"v":100,"d":"100.00"},50,{"v":5000,"d":"5000.00"},"询价采购",null,"201902-12",{"v":5000,"d":"5,000"},{"v":5000,"d":"5,000"},0,{"v":1800,"d":"1800.00"}]
[11,"洣水",null,"迎宾完小","体育器材","H04","物资","呼啦圈","个",{"v":30,"d":"30.00"},70,{"v":2100,"d":"2100.00"},"询价采购",null,"201902-12",{"v":2100,"d":"2,100"},{"v":2100,"d":"2,100"},0,{"v":1000,"d":"1000.00"}]
[12,"洣水",null,"迎宾完小","体育器材","H04","物资","长跳绳","个",{"v":30,"d":"30.00"},50,{"v":1500,"d":"1500.00"},"询价采购",null,"201902-12",{"v":1500,"d":"1,500"},{"v":1500,"d":"1,500"},0,{"v":400,"d":"400.00"}]
[13,"洣水",null,"迎宾完小","体育器材","H04","物资","短跳绳","个",{"v":18,"d":"18.00"},100,{"v":1800,"d":"1800.00"},"询价采购",null,"201902-12",{"v":1800,"d":"1,800"},{"v":1800,"d":"1,800"},0,{"v":4000,"d":"4000.00"}]
[14,"洣水",null,"迎宾完小","体育器材","H04","物资","跨栏架","个",{"v":100,"d":"100.00"},10,{"v":1000,"d":"1000.00"},"询价采购",null,"201902-12",{"v":1000,"d":"1,000"},{"v":1000,"d":"1,000"},0,{"v":43240,"d":"43240.00"}]
[15,"洣水",null,"迎宾完小","体育器材","H04","物资","羽毛球架","个",{"v":2000,"d":"2000.00"},2,{"v":4000,"d":"4000.00"},"询价采购",null,"201902-12",{"v":4000,"d":"4,000"},{"v":4000,"d":"4,000"},0,{"v":20000,"d":"20000.00"}]
[16,"洣水",null,"迎宾完小","体育器材","H04","物资","坐卧体前屈","个",{"v":400,"d":"400.00"},12,{"v":4800,"d":"4800.00"},"询价采购",null,201906,{"v":4800,"d":"4,800"},{"v":4800,"d":"4,800"},0,{"v":10000,"d":"10000.00"}]
[17,"洣水",null,"迎宾完小","粉笔","H04","物资","白色粉笔","个",{"v":188,"d":"188.00"},230,{"v":43240,"d":"43240.00"},"询价采购",null,201904,{"v":43240,"d":"43,240"},{"v":43240,"d":"43,240"},0,{"v":20000,"d":"20000.00"}]
[18,"洣水",null,"迎宾完小","粉笔","H04","物资","彩色粉笔","个",{"v":320,"d":"320.00"},120,{"v":38400,"d":"38400.00"},"询价采购",null,201904,{"v":38400,"d":"38,400"},{"v":38400,"d":"38,400"},0,{"v":5000,"d":"5000.00"}]
[19,"洣水",null,"迎宾完小","广告业务费","H04","广告业务费","宣传栏","个",{"v":214,"d":"214.00"},100,{"v":21400,"d":"21400.00"},"询价采购",null,"201902-12",{"v":21400,"d":"21,400"},{"v":21400,"d":"21,400"},0,{"v":5000,"d":"5000.00"}]
[20,"洣水",null,"迎宾完小","广告业务费",null,"广告业务费","广告牌","个",{"v":100,"d":"100.00"},100,{"v":10000,"d":"10000.00"},"询价采购",null,"201902-12",{"v":10000,"d":"10,000"},{"v":10000,"d":"10,000"},0,{"v":20000,"d":"20000.00"}]
[21,"洣水",null,"迎宾完小","广告业务费",null,"广告业务费","宣传标语","个",{"v":80,"d":"80.00"},250,{"v":20000,"d":"20000.00"},"询价采购",null,"201902-12",{"v":20000,"d":"20,000"},{"v":20000,"d":"20,000"},0,{"v":7500,"d":"7500.00"}]
[22,"洣水",null,"迎宾完小","办公套件","H5","办公套件","会议本","个",{"v":10,"d":"10.00"},500,{"v":5000,"d":"5000.00"},"询价采购",null,"201902-12",{"v":5000,"d":"5,000"},{"v":5000,"d":"5,000"},0,{"v":3000,"d":"3000.00"}]
[23,"洣水",null,"迎宾完小","办公套件",null,"办公套件","笔","个",{"v":5,"d":"5.00"},1000,{"v":5000,"d":"5000.00"},"询价采购",null,"201902-12",{"v":5000,"d":"5,000"},{"v":5000,"d":"5,000"},0,{"v":7500,"d":"7500.00"}]
[24,"洣水",null,"迎宾完小","办公套件",null,"办公套件","笔芯（红、蓝、黑）","个",{"v":50,"d":"50.00"},400,{"v":20000,"d":"20000.00"},"询价采购",null,"201902-12",{"v":20000,"d":"20,000"},{"v":20000,"d":"20,000"},0,{"v":2400,"d":"2400.00"}]
[25,"洣水",null,"迎宾完小","办公套件",null,"办公套件","教案本","个",{"v":15,"d":"15.00"},500,{"v":7500,"d":"7500.00"},"询价采购",null,"201902-12",{"v":7500,"d":"7,500"},{"v":7500,"d":"7,500"},0,{"v":1500,"d":"1500.00"}]
[26,"洣水",null,"迎宾完小","办公套件",null,"办公套件","听课本","个",{"v":6,"d":"6.00"},500,{"v":3000,"d":"3000.00"},"询价采购",null,"201902-12",{"v":3000,"d":"3,000"},{"v":3000,"d":"3,000"},0,{"v":2500,"d":"2500.00"}]
[27,"洣水",null,"迎宾完小","办公套件",null,"办公套件","软皮本（奖品等）","个",{"v":1500,"d":"1500.00"},5,{"v":7500,"d":"7500.00"},"询价采购",null,"201902-12",{"v":7500,"d":"7,500"},{"v":7500,"d":"7,500"},0,{"v":4800,"d":"4800.00"}]
[28,"洣水",null,"迎宾完小","办公套件",null,"办公套件","胶水","个",{"v":8,"d":"8.00"},300,{"v":2400,"d":"2400.00"},"询价采购",null,"201902-12",{"v":2400,"d":"2,400"},{"v":2400,"d":"2,400"},0,{"v":2500,"d":"2500.00"}]
[29,"洣水",null,"迎宾完小","办公套件",null,"办公套件","材料纸","个",{"v":5,"d":"5.00"},300,{"v":1500,"d":"1500.00"},"询价采购",null,"201902-12",{"v":1500,"d":"1,500"},{"v":1500,"d":"1,500"},0,{"v":24000,"d":"24000.00"}]
[30,"洣水",null,"迎宾完小","办公套件",null,"办公套件","记事本","个",{"v":25,"d":"25.00"},100,{"v":2500,"d":"2500.00"},"询价采购",null,"201902-12",{"v":2500,"d":"2,500"},{"v":2500,"d":"2,500"},0,{"v":16000,"d":"16000.00"}]
[31,"洣水",null,"迎宾完小","办公套件",null,"办公套件","硬盘","个",{"v":800,"d":"800.00"},6,{"v":4800,"d":"4800.00"},"询价采购",null,"201902-12",{"v":4800,"d":"4,800"},{"v":4800,"d":"4,800"},0,{"v":1200,"d":"1200.00"}]
[32,"洣水",null,"迎宾完小","办公套件",null,"办公套件","黑板刷","个",{"v":10,"d":"10.00"},250,{"v":2500,"d":"2500.00"},"询价采购",null,"201902-12",{"v":2500,"d":"2,500"},{"v":2500,"d":"2,500"},0,{"v":1800,"d":"1800.00"}]
[33,"洣水",null,"迎宾完小","办公套件",null,"办公套件","A4纸","件",{"v":300,"d":"300.00"},80,{"v":24000,"d":"24000.00"},"询价采购",null,"201902-12",{"$f":"L140","v":{"v":24000,"d":"24,000"}},{"v":24000,"d":"24,000"},0,{"v":500,"d":"500.00"}]
[34,"洣水",null,"迎宾完小","办公套件",null,"办公套件","A3纸","件",{"v":320,"d":"320.00"},50,{"v":16000,"d":"16000.00"},"询价采购",null,"201902-12",{"v":16000,"d":"16,000"},{"v":16000,"d":"16,000"},0,{"v":1800,"d":"1800.00"}]
[35,"洣水",null,"迎宾完小","清洁工具","H5","清洁工具","棕扫把","个",{"v":12,"d":"12.00"},100,{"v":1200,"d":"1200.00"},"询价采购",null,"201902-12",{"v":1200,"d":"1,200"},{"v":1200,"d":"1,200"},0,{"v":4500,"d":"4500.00"}]
[36,"洣水",null,"迎宾完小","清洁工具",null,"清洁工具","胶桶","个",{"v":9,"d":"9.00"},200,{"v":1800,"d":"1800.00"},"询价采购",null,"201902-12",{"v":1800,"d":"1,800"},{"v":1800,"d":"1,800"},0,{"v":4500,"d":"4500.00"}]
[37,"洣水",null,"迎宾完小","清洁工具",null,"清洁工具","垃圾桶","个",{"v":180,"d":"180.00"},10,{"v":1800,"d":"1800.00"},"询价采购",null,"201902-12",{"v":1800,"d":"1,800"},{"v":1800,"d":"1,800"},0,{"v":180,"d":"180.00"}]
[38,"洣水",null,"迎宾完小","清洁工具",null,"清洁工具","灰斗","个",{"v":15,"d":"15.00"},300,{"v":4500,"d":"4500.00"},"询价采购",null,"201902-12",{"v":4500,"d":"4,500"},{"v":4500,"d":"4,500"},0,{"v":50000,"d":"50000.00"}]
[39,"洣水",null,"迎宾完小","清洁工具",null,"清洁工具","拖把","个",{"v":15,"d":"15.00"},300,{"v":4500,"d":"4500.00"},"询价采购",null,"201902-12",{"v":4500,"d":"4,500"},{"v":4500,"d":"4,500"},0,{"v":73000,"d":"73000.00"}]
[40,"洣水",null,"迎宾完小","清洁工具",null,"清洁工具","铁扫把","个",{"v":15,"d":"15.00"},600,{"v":9000,"d":"9000.00"},"询价采购",null,"201902-12",{"v":9000,"d":"9,000"},{"v":9000,"d":"9,000"},0,{"v":21000,"d":"21000.00"}]
[41,"洣水",1504,"迎宾完小","设备维修","WO2","维修","多媒体及网络系统维修","个",{"v":24900,"d":"24900.00"},{"v":2,"d":"2.00"},{"v":49800,"d":"49800.00"},"询价采购",null,"201902-12",{"v":49800,"d":"49,800"},{"v":49800,"d":"49,800"},0,{"v":300,"d":"300.00"}]
[42,"洣水",null,"迎宾完小","设备维修","WO2","广播系统设备购置","壁挂扬声器","个",{"v":170,"d":"170.00"},{"v":52,"d":"52.00"},{"v":8840,"d":"8840.00"},"询价采购",null,"201902-12",{"v":8840,"d":"8,840"},{"v":8840,"d":"8,840"},0,{"v":300,"d":"300.00"}]
[43,"洣水",1504,"迎宾完小","设备维修","WO2","广播系统设备购置","音柱","个",{"v":560,"d":"560.00"},{"v":9,"d":"9.00"},{"v":5040,"d":"5040.00"},"询价采购",null,"201902-12",{"v":5040,"d":"5,040"},{"v":5040,"d":"5,040"},0]
[44,"洣水",null,"迎宾完小","设备维修","WO2","广播系统设备购置","功放","个",{"v":4630,"d":"4630.00"},{"v":2,"d":"2.00"},{"v":9260,"d":"9260.00"},"询价采购",null,"201902-12",{"v":9260,"d":"9,260"},{"v":9260,"d":"9,260"},0,{"v":20000,"d":"20000.00"}]
[45,"洣水",null,"迎宾完小","设备维修","WO2","广播系统设备购置","无线麦克风","个",{"v":3360,"d":"3360.00"},{"v":1,"d":"1.00"},{"v":3360,"d":"3360.00"},"询价采购",null,"201902-12",{"v":3360,"d":"3,360"},{"v":3360,"d":"3,360"},0,{"v":100000,"d":"100000.00"}]
[46,"洣水",null,"迎宾完小","设备维修","WO2","广播系统设备购置","智能播放主机","个",{"v":5500,"d":"5500.00"},{"v":1,"d":"1.00"},{"v":5500,"d":"5500.00"},"询价采购",null,"201902-12",{"v":5500,"d":"5,500"},{"v":5500,"d":"5,500"},0,{"v":12000,"d":"12000.00"}]
[47,"洣水",null,"迎宾完小","设备维修","WO2","维修","广播系统维修改造","个",{"v":43800,"d":"43800.00"},{"v":1,"d":"1.00"},{"v":43800,"d":"43800.00"},"询价采购",null,"201902-12",{"v":43800,"d":"43,800"},{"v":43800,"d":"43,800"},null,{"v":20000,"d":"20000.00"}]
[48,"洣水",null,"迎宾完小","窗帘布","H04","物资","办公室窗帘更换","遮光",{"v":500,"d":"500.00"},42,{"v":21000,"d":"21000.00"},"询价采购",null,201905,{"v":21000,"d":"21,000"},{"v":21000,"d":"21,000"},null,{"v":100000,"d":"100000.00"}]
[49,"洣水",null,"迎宾完小","其他文教用品","H04","物资","电脑耗材（硒鼓、碳粉、配件等）",null,{"v":45000,"d":"45000.00"},1,{"v":45000,"d":"45000.00"},"询价采购",null,"201902-12",{"v":45000,"d":"45,000"},{"v":45000,"d":"45,000"},null,{"v":72900,"d":"72900.00"}]
[50,"洣水",null,"迎宾完小","校舍维修","小计",{"$nulls":5},{"$f":"SUM(L158:L167)","v":{"v":352500,"d":"352500.00"}},{"$f":"SUM(M158:M167)","v":{"v":0,"d":"0.00"}},null,null,{"v":352500,"d":"352,500"},{"v":352500,"d":"352,500"},{"$f":"SUM(R158:R167)","v":0}]
[51,"洣水",null,"迎宾完小","校园、校舍维修维护","B08","维修","下水道清理",null,{"v":10000,"d":"10000.00"},2,{"v":20000,"d":"20000.00"},"询价采购",null,201911,{"v":20000,"d":"20,000"},{"v":20000,"d":"20,000"}]
[52,"洣水",null,"迎宾完小","校园、校舍维修维护","B08","维修","护栏等维修",null,{"v":49000,"d":"49000.00"},1,{"v":49000,"d":"49000.00"},"询价采购",null,"201902-12",{"v":49000,"d":"49,000"},{"v":49000,"d":"49,000"}]
[53,"洣水",null,"迎宾完小","校园、校舍维修维护","B08","维修","门窗等维修",null,{"v":49800,"d":"49800.00"},1,{"v":49800,"d":"49800.00"},"询价采购",null,"201902-12",{"v":49800,"d":"49,800"},{"v":49800,"d":"49,800"},0]
[54,"洣水",null,"迎宾完小","校园、校舍维修维护","B08","维修","水路维护维修",null,{"v":6000,"d":"6000.00"},2,{"v":12000,"d":"12000.00"},"询价采购",null,"201902-12",{"v":12000,"d":"12,000"},{"v":12000,"d":"12,000"},0]
[55,"洣水",null,"迎宾完小","校园、校舍维修维护","B08","维修","电路维护维修",null,{"v":10000,"d":"10000.00"},2,{"v":20000,"d":"20000.00"},"询价采购",null,"201902-12",{"v":20000,"d":"20,000"},{"v":20000,"d":"20,000"},0]
[56,"洣水",null,"迎宾完小","校园、校舍维修维护","B08","维修","综合楼屋顶防水",null,{"v":49800,"d":"49800.00"},1,{"v":49800,"d":"49800.00"},"询价采购",null,"201902-12",{"v":49800,"d":"49,800"},{"v":49800,"d":"49,800"},0]
[57,"洣水",null,"迎宾完小","校园、校舍维修维护","B08","维修","2栋教学楼屋顶防水",null,{"v":49000,"d":"49000.00"},1,{"v":49000,"d":"49000.00"},"询价采购",null,201907,{"v":49000,"d":"49,000"},{"v":49000,"d":"49,000"},0]
[58,"洣水",null,"迎宾完小","校园、校舍维修维护","B08","维修","报告厅东面钢结构棚安装",null,{"v":26000,"d":"26000.00"},1,{"v":26000,"d":"26000.00"},"询价采购",null,"201902-12",{"v":26000,"d":"26,000"},{"v":26000,"d":"26,000"}]
[59,"洣水",null,"迎宾完小","校园、校舍维修维护","B08","维修","零星维修维护",null,{"v":46900,"d":"46900.00"},1,{"v":46900,"d":"46900.00"},"询价采购",null,"201902-12",{"v":46900,"d":"46,900"},{"v":46900,"d":"46,900"}]
[60,"洣水",null,"迎宾完小","校园、校舍维修维护","B08","维修","树木修枝",null,{"v":15000,"d":"15000.00"},2,{"v":30000,"d":"30000.00"},"询价采购",null,201910,{"v":30000,"d":"30,000"},{"v":30000,"d":"30,000"},0]
["文冲完小",{"$nulls":4},"合计",{"$nulls":5},{"$f":"SUM(L169:L188)","v":1078580},{"$f":"SUM(M169:M188)","v":0},null,{"$f":"SUM(O169:O188)","v":0},{"$f":"SUM(P169:P188)","v":{"v":1078580,"d":"1,078,580"}},{"$f":"SUM(Q169:Q188)","v":{"v":1078580,"d":"1,078,580"}},{"$f":"SUM(R169:R186)","v":0}]
[1,"洣水",null,"文冲完小","鼓号队设备","A033501","物资","鼓、号等设备",null,5000,1,{"$f":"J169*K169","v":5000},"自主采购",null,"2019年2-11月",{"$f":"L169","v":{"v":5000,"d":"5,000"}},{"v":5000,"d":"5,000"},{"$f":"SUM(N169)","v":0}]
[2,"洣水",null,"文冲完小","鼓号队服装","A033502","物资","鼓号队服装",null,200,100,20000,"自主采购",null,"2019年2-11月",{"v":20000,"d":"20,000"},{"v":20000,"d":"20,000"},0]
[3,"洣水",null,"文冲完小","旗帜",null,"物资","国旗、队旗、校旗",null,320,6,1920,"自主采购",null,"2019年2-11月",{"v":1920,"d":"1,920"},{"v":1920,"d":"1,920"},0]
[4,"洣水",null,"文冲完小","投影机","A020202","物资","投影机","台",3800,20,76000,"自主采购",null,"2019年2-11月",{"v":76000,"d":"76,000"},{"v":76000,"d":"76,000"},0]
[5,"洣水",null,"文冲完小","办公电脑","A02010104","物资","电脑一体机","台",3800,1,3800,"自主采购",null,"2019年2-11月",{"v":3800,"d":"3,800"},{"v":3800,"d":"3,800"},0]
[6,"洣水",null,"文冲完小","打印机","A02010601","物资","打印机","台",1500,1,1500,"自主采购",null,"2019年2-11月",{"v":1500,"d":"1,500"},{"v":1500,"d":"1,500"},0]
[7,"洣水",null,"文冲完小","教学仪器","A033412","物资","数学、科学教学仪器","台",20720,1,20720,"自主采购",null,"2019年2-11月",{"v":20720,"d":"20,720"},{"v":20720,"d":"20,720"},0]
[8,"洣水",null,"文冲完小","体育器材","A0336","物资","球类、器械",null,90000,1,90000,"自主采购",null,"2019年2-11月",{"v":90000,"d":"90,000"},{"v":90000,"d":"90,000"},0]
[9,"洣水",null,"文冲完小","碎纸机","A031810","物资","碎纸机",null,980,1,980,"自主采购",null,"2019年2-11月",980,980,0]
[10,"洣水",null,"文冲完小","白色粉笔",null,"物资","白色粉笔","件",188,240,45120,"自主采购",null,"2019年2-11月",{"v":45120,"d":"45,120"},{"v":45120,"d":"45,120"},0]
[11,"洣水",null,"文冲完小","彩色粉笔",null,"物资","彩色粉笔","件",320,130,41600,"自主采购",null,"2019年2-11月",{"v":41600,"d":"41,600"},{"v":41600,"d":"41,600"},0]
[12,"洣水",null,"文冲完小","窗帘","A07030305","物资","教室遮阳窗帘","件",550,30,16500,"自主采购",null,"2019年2-11月",{"v":16500,"d":"16,500"},{"v":16500,"d":"16,500"},0]
[13,"洣水",null,"文冲完小","绿化","C1303",null,"补苗及维护","件",40000,1,40000,"自主采购",null,"2019年2-11月",{"v":40000,"d":"40,000"},{"v":40000,"d":"40,000"},0]
[14,"洣水",null,"文冲完小","教室门","B08","物资","定制铁教室、办公室门","件",1500,20,30000,"自主采购",null,"2019年2-11月",{"v":30000,"d":"30,000"},{"v":30000,"d":"30,000"},0]
[15,"洣水",null,"文冲完小","笔记本电脑","A02010105","物资","联想笔记本电脑","台",6800,1,6800,"自主采购",null,"2019年2-11月",{"v":6800,"d":"6,800"},{"v":6800,"d":"6,800"},0]
[16,"洣水",null,"文冲完小","印刷品","A080299","物资","各类纸质资料及户外海报",null,92200,1,92200,"自主采购",null,"2019年2-11月",{"v":92200,"d":"92,200"},{"v":92200,"d":"92,200"},0]
[17,"洣水",null,"文冲完小","校园文化建设",null,"物资","广告材料、宣传栏等",null,95240,1,95240,"自主采购",null,"2019年2-11月",{"v":95240,"d":"95,240"},{"v":95240,"d":"95,240"},0]
[18,"洣水",null,"文冲完小","墙面粉刷材料",null,"物资","教学楼墙面刷白",null,5,4000,20000,"自主采购",null,"2019年2-11月",{"v":20000,"d":"20,000"},{"v":20000,"d":"20,000"}]
[19,"洣水",null,"文冲完小","安防设备",null,"物资","防撞球、红外线、监控等",null,50000,1,50000,"自主采购",null,"2019年2-11月",{"v":50000,"d":"50,000"},{"v":50000,"d":"50,000"},0]
[20,"洣水",null,"文冲完小","维修合计","小计",{"$nulls":5},{"$f":"SUM(L189:L199)","v":421200},{"$f":"SUM(M189:M199)","v":0},null,{"$f":"SUM(O189:O199)","v":0},{"$f":"SUM(P189:P199)","v":{"v":421200,"d":"421,200"}},{"$f":"SUM(Q189:Q199)","v":{"v":421200,"d":"421,200"}},0]
[21,"洣水",null,"文冲完小","校舍维修","B08","维修","防漏维修","平方米",49,1000,{"$f":"J189*K189","v":49000},"自主采购",null,"2019年2-11月",{"$f":"L189","v":{"v":49000,"d":"49,000"}},{"v":49000,"d":"49,000"},0]
[22,"洣水",null,"文冲完小","校舍维修","B07","维修","教学楼墙面刷白","平方米",10,4000,40000,"自主采购",null,"2019年2-11月",{"v":40000,"d":"40,000"},{"v":40000,"d":"40,000"},0]
[23,"洣水",null,"文冲完小","校舍维修","B08","维修","器材室地面翻修","平方米",150,128,19200,"自主采购",null,"2019年2-11月",{"v":19200,"d":"19,200"},{"v":19200,"d":"19,200"},0]
[24,"洣水",null,"文冲完小","校舍维修","C0599","维修","教学楼扶手加固","平方米",80,100,8000,"自主采购",null,"2019年2-11月",{"v":8000,"d":"8,000"},{"v":8000,"d":"8,000"}]
[25,"洣水",null,"文冲完小","校舍维修","C0501","维修","教学电脑及设备维修","平方米",45000,1,45000,"自主采购",null,"2019年2-12月",{"v":45000,"d":"45,000"},{"v":45000,"d":"45,000"}]
[26,"洣水",null,"文冲完小","校舍维修","C0501","维修","投影仪及多媒体设备维修","平方米",45000,1,45000,"自主采购",null,"2019年2-11月",{"v":45000,"d":"45,000"},{"v":45000,"d":"45,000"}]
[27,"洣水",null,"文冲完小","校舍维修","B07","维修","田径场内墙装修","平方米",30000,1,30000,"自主采购",null,"2019年2-11月",{"v":30000,"d":"30,000"},{"v":30000,"d":"30,000"}]
[28,"洣水",null,"文冲完小","校舍维修","W03","维修","电器、电路维修","平方米",49000,1,49000,"自主采购",null,"2019年2-11月",{"v":49000,"d":"49,000"},{"v":49000,"d":"49,000"},0]
[29,"洣水",null,"文冲完小","校舍维修","W03","维修","水路、水管及配件维修","平方米",41000,1,41000,"自主采购",null,"2019年2-12月",{"v":41000,"d":"41,000"},{"v":41000,"d":"41,000"},0]
[30,"洣水",null,"文冲完小","校舍维修","W03","维修","基建维修","平方米",48000,1,48000,"自主采购",null,"2019年2-11月",{"v":48000,"d":"48,000"},{"v":48000,"d":"48,000"},0]
[31,"洣水",null,"文冲完小","校舍维修","W03","维修","门、窗、棚维修","平方米",47000,1,47000,"自主采购",null,"2019年2-11月",{"v":47000,"d":"47,000"},{"v":47000,"d":"47,000"},0]
["金花完小",{"$nulls":4},"合计",{"$nulls":5},{"$f":"SUM(L201:L206)","v":{"v":248724,"d":"248,724"}},{"$nulls":3},{"$f":"SUM(P201:P206)","v":{"v":248724,"d":"248,724"}},{"$f":"SUM(Q201:Q206)","v":{"v":248724,"d":"248,724"}},{"$f":"SUM(R201:R206)","v":0}]
[1,"洣水",null,"金花完小","电脑","联想E95","电脑","教师办公用","联想E95",3980,3,{"$f":"SUM(J201*K201)","v":11940},"政府采购",null,"2019-03-07",{"$f":"SUM(L201)","v":{"v":11940,"d":"11,940"}},{"v":11940,"d":"11,940"},{"$f":"SUM(P201-Q201)","v":0}]
[2,"洣水",null,"金花完小","办公桌","宽1.4米","家具","教师办公用","宽1.4米",780,12,{"$f":"SUM(J202*K202)","v":9360},"政府采购",null,"2019-08-25",{"$f":"SUM(L202)","v":{"v":9360,"d":"9,360"}},{"v":9360,"d":"9,360"}]
[3,"洣水",null,"金花完小","防盗网","不锈钢304","安装","教学楼宿舍预防安全","不锈钢304",170,588,{"$f":"SUM(J203*K203)","v":99960},"政府采购",null,"2019-03-07",{"$f":"SUM(L203)","v":{"v":99960,"d":"99,960"}},{"v":99960,"d":"99,960"},{"$f":"SUM(P203-Q203)","v":0}]
[4,"洣水",null,"金花完小","教师办公用品","A4纸等办公用品","文具","教师办公用",null,13464,1,{"$f":"SUM(J204*K204)","v":13464},"政府采购",null,"2019-09-01",{"$f":"SUM(L204)","v":{"v":13464,"d":"13,464"}},{"v":13464,"d":"13,464"}]
[5,"洣水",null,"金花完小","空调","美的","家电","教师办公室用","KFR-35GE1.5匹",2800,5,{"$f":"SUM(J205*K205)","v":14000},"政府采购",null,"2019-03-07",{"$f":"SUM(L205)","v":{"v":14000,"d":"14,000"}},{"v":14000,"d":"14,000"},{"$f":"SUM(P205-Q205)","v":0}]
[6,"洣水",null,"金花完小","校舍维修","小计",{"$nulls":5},{"$f":"SUM(L207)","v":100000},{"$nulls":3},{"$f":"SUM(P207)","v":{"v":100000,"d":"100,000"}},{"$f":"SUM(Q207)","v":{"v":100000,"d":"100,000"}}]
[7,"洣水",null,"金花完小","老教学楼地面","B08","维修","地面贴木地板",null,125,800,{"$f":"SUM(J207*K207)","v":100000},"政府采购",null,"2019-08-20",{"$f":"SUM(L207)","v":{"v":100000,"d":"100,000"}},{"v":100000,"d":"100,000"},{"$f":"SUM(P207-Q207)","v":0}]
["踏庄中学",{"$nulls":4},"合计",{"$nulls":5},{"$f":"SUM(L209:L211)","v":{"v":45000,"d":"45,000"}},{"$nulls":3},{"$f":"SUM(P209:P211)","v":{"v":45000,"d":"45,000"}},{"$f":"SUM(Q209:Q211)","v":{"v":45000,"d":"45,000"}},{"$f":"SUM(R209:R211)","v":0}]
[1,"洣水",null,"踏庄中学","行政办公楼三楼门窗更换","B08","维修","行政办公楼三楼门窗更换","平方米",250,40,{"$f":"SUM(J209*K209)","v":10000},"自主采购",null,201907,{"$f":"SUM(L209)","v":{"v":10000,"d":"10,000"}},{"v":10000,"d":"10,000"},{"$f":"SUM(P209-Q209)","v":0}]
[2,"洣水",null,"踏庄中学","安装宣传栏橱窗","B08","维修","安装宣传栏橱窗","平方米",250,20,{"$f":"SUM(J210*K210)","v":5000},"自主采购",null,201907,{"$f":"SUM(L210)","v":{"v":5000,"d":"5,000"}},{"v":5000,"d":"5,000"},{"$f":"SUM(P210-Q210)","v":0}]
[3,"洣水",null,"踏庄中学","环形跑道维修","B08","维修","环形跑道维修","平方米",50,600,{"$f":"SUM(J211*K211)","v":30000},"自主采购",null,201907,{"$f":"SUM(L211)","v":{"v":30000,"d":"30,000"}},{"v":30000,"d":"30,000"},{"$f":"SUM(P211-Q211)","v":0},null,"2019年3、9月",{"$f":"V211+W211","v":{"v":30000,"d":"30000.00"}},{"$f":"Q211","v":{"v":30000,"d":"30,000.00"}}]
["踏庄完小",{"$nulls":4},"合计",{"$nulls":5},{"$f":"SUM(L213:L220)","v":{"v":82080,"d":"82,080"}},{"$nulls":3},{"$f":"SUM(P213:P220)","v":{"v":82080,"d":"82,080"}},{"$f":"SUM(Q213:Q220)","v":{"v":82080,"d":"82,080"}},0,null,"2019年3、9月",{"v":82080,"d":"82080.00"},{"v":82080,"d":"82,080.00"}]
[1,"洣水",null,"踏庄完小","立式空调",null,"物资","格力","大3匹",7500,3,{"$f":"SUM(J213*K213)","v":22500},"自主采购",null,2019.4,{"$f":"SUM(L213)","v":{"v":22500,"d":"22,500"}},{"$f":"P213","v":{"v":22500,"d":"22,500"}},{"$f":"SUM(P213-Q213)","v":0},null,"2019-01-01",{"v":22500,"d":"22500.00"},{"v":22500,"d":"22,500.00"}]
[2,"洣水",null,"踏庄完小","壁挂式空调",null,"物资","格力","大1.5匹",3800,3,11400,"自主采购",null,2019.4,{"v":11400,"d":"11,400"},{"v":11400,"d":"11,400"},{"$f":"SUM(P214-Q214)","v":0},null,"2019-01-02",{"v":11400,"d":"11400.00"},{"v":11400,"d":"11,400.00"}]
[3,"洣水",null,"踏庄完小","办公桌","A060302","物资","名日木皮","1.4米",1250,3,3750,"自主采购",null,2019.9,{"v":3750,"d":"3,750"},{"v":3750,"d":"3,750"},{"$f":"SUM(P215-Q215)","v":0},null,"2019-04-01",{"v":3750,"d":"3750.00"},{"v":3750,"d":"3,750.00"}]
[4,"洣水",null,"踏庄完小","办公椅","A060302","物资","名日木皮","D42",270,3,810,"自主采购",null,2019.9,810,810,{"$f":"SUM(P216-Q216)","v":0},null,"2019年3、9月",{"v":810,"d":"810.00"},{"v":810,"d":"810.00"}]
[5,"洣水",null,"踏庄完小","电脑",null,"物资","联想天逸510PRO.四核R5-2400、4G195屏","R5-2400",4200,2,8400,"自主采购",null,2019.9,{"v":8400,"d":"8,400"},{"v":8400,"d":"8,400"},{"$f":"SUM(P217-Q217)","v":0},null,"2019年6、12月",{"v":8400,"d":"8400.00"},{"v":8400,"d":"8,400.00"}]
[6,"洣水",null,"踏庄完小","文件柜",null,"物资","兆信","9000*4500*2000",1100,4,4400,"自主采购",null,2019.5,{"v":4400,"d":"4,400"},{"v":4400,"d":"4,400"},null,null,"2019-01-01",{"v":4400,"d":"4400.00"},{"v":4400,"d":"4,400.00"}]
[7,"洣水",null,"踏庄完小","会议桌",null,"物资","创黎","hyz-111",14000,1,14000,"自主采购",null,2019.9,{"v":14000,"d":"14,000"},{"v":14000,"d":"14,000"},null,null,"2019-01-01",{"v":14000,"d":"14000.00"},{"v":14000,"d":"14,000.00"}]
[8,"洣水",null,"踏庄完小","校舍维修","小计",{"$nulls":5},{"$f":"SUM(L221:L225)","v":16820},{"$nulls":3},{"v":16820,"d":"16,820"},{"v":16820,"d":"16,820"},null,null,"2019年6、12 月",{"v":16820,"d":"16820.00"},{"v":16820,"d":"16,820.00"}]
[9,"洣水",null,"踏庄完小","校舍维修","B08","维修","屋顶防漏",null,50,30,{"$f":"SUM(J221*K221)","v":1500},"自主采购",null,2019.4,{"v":1500,"d":"1,500"},{"v":1500,"d":"1,500"},{"$f":"SUM(P221-Q221)","v":0},null,"2019-07-01",{"v":1500,"d":"1500.00"},{"v":1500,"d":"1,500.00"}]
[10,"洣水",null,"踏庄完小","校舍维修","B08","维修","水圳维修",null,80,20,{"$f":"SUM(J222*K222)","v":1600},"自主采购",null,2019.4,{"v":1600,"d":"1,600"},{"v":1600,"d":"1,600"},{"$f":"SUM(P222-Q222)","v":0},null,"2019年8",{"v":1600,"d":"1600.00"},{"v":1600,"d":"1,600.00"}]
[11,"洣水",null,"踏庄完小","校舍维修","B08","维修","会议室铺木地板","750*60*16",120,60,{"$f":"SUM(J223*K223)","v":7200},"自主采购",null,2019.8,{"v":7200,"d":"7,200"},{"v":7200,"d":"7,200"},{"$f":"SUM(P223-Q223)","v":0},null,"2019年9",{"v":7200,"d":"7200.00"},{"v":7200,"d":"7,200.00"}]
[12,"洣水",null,"踏庄完小","校舍维修","B08","维修","北教学楼防漏",null,20,150,{"$f":"SUM(J224*K224)","v":3000},"自主采购",null,2019.8,{"v":3000,"d":"3,000"},{"v":3000,"d":"3,000"},{"$f":"SUM(P224-Q224)","v":0},null,"2019年3、9月",{"v":3000,"d":"3000.00"},{"v":3000,"d":"3,000.00"}]
[13,"洣水",null,"踏庄完小","校舍维修","B08","维修","厕所通道两侧硬化","立方米",440,8,{"$f":"SUM(J225*K225)","v":3520},"自主采购",null,2019.8,{"v":3520,"d":"3,520"},{"v":3520,"d":"3,520"},{"$f":"SUM(P225-Q225)","v":0}]
["珍珠学校",{"$nulls":4},"合计",{"$nulls":5},{"$f":"SUM(L227:L241)","v":{"v":164084,"d":"164,084"}},{"$nulls":3},{"$f":"SUM(P227:P241)","v":{"v":164084,"d":"164,084"}},{"$f":"SUM(Q227:Q241)","v":{"v":164084,"d":"164,084"}},null,null,"2018年7月",{"$f":"V226+W226","v":{"v":164084,"d":"164084.00"}},{"$f":"Q226","v":{"v":164084,"d":"164,084.00"}}]
[1,"洣水",null,"珍珠学校","添置劳动工具",null,"物资","垃圾桶、拖把、扫把、铲子卫生工具","常规",2000,2,{"$f":"J227*K227","v":{"v":4000,"d":"4,000.00"}},"自主采购",null,"2019年3、9月",{"$f":"Q227+R227","v":{"v":4000,"d":"4,000"}},{"$f":"L227","v":{"v":4000,"d":"4,000"}},null,null,"2018年1月",{"v":4000,"d":"4000.00"},{"v":4000,"d":"4,000.00"}]
[2,"洣水",null,"珍珠学校","添置办公用品",null,"物资","教师用教案、笔、档案盒、学生奖品等",null,6000,2,{"v":12000,"d":"12,000.00"},"自主采购",null,"2019年3、9月",{"v":12000,"d":"12,000"},{"v":12000,"d":"12,000"},null,null,"2019年3、9月",{"v":12000,"d":"12000.00"},{"v":12000,"d":"12,000.00"}]
[3,"洣水",null,"珍珠学校","添置电脑","A02010104","物资","台式计算机","T490-I/4170",3780,2,{"v":7560,"d":"7,560.00"},"自主采购",null,"2019-01-01",{"v":7560,"d":"7,560"},{"v":7560,"d":"7,560"},null,null,"2019年4月",{"v":7560,"d":"7560.00"},{"v":7560,"d":"7,560.00"}]
[4,"洣水",null,"珍珠学校","添置一体机",null,"物资","惠普打印复印一体机","M1005",1600,2,{"v":3200,"d":"3,200.00"},"自主采购",null,"2019-01-02",{"v":3200,"d":"3,200"},{"v":3200,"d":"3,200"},null,null,"2019年4月",{"v":3200,"d":"3200.00"},{"v":3200,"d":"3,200.00"}]
[5,"洣水",null,"珍珠学校","添置小件体育器材",null,"物资","篮球、跳绳、裁判哨、球网、乒乓球拍等",null,4000,1,{"v":4000,"d":"4,000.00"},"自主采购",null,"2019-04-01",{"v":4000,"d":"4,000"},{"v":4000,"d":"4,000"},null,null,"2019年7月",{"v":4000,"d":"4000.00"},{"v":4000,"d":"4,000.00"}]
[6,"洣水",null,"珍珠学校","订购书籍",null,"物资","党报党刊、报刊杂志、教师用书、学生试卷等",null,6000,2,{"v":12000,"d":"12,000.00"},"自主采购",null,"2019年3、9月",{"v":12000,"d":"12,000"},{"v":12000,"d":"12,000"},null,null,"2019年4月",{"v":12000,"d":"12000.00"},{"v":12000,"d":"12,000.00"}]
[7,"洣水",null,"珍珠学校","广告、宣传",null,"物资","横幅、板报、专栏、标语等","批",2000,6,{"v":12000,"d":"12,000.00"},"自主采购",null,"2019年6、12月",{"v":12000,"d":"12,000"},{"v":12000,"d":"12,000"},null,null,"2019年5月",{"v":12000,"d":"12000.00"},{"v":12000,"d":"12,000.00"}]
[8,"洣水",null,"珍珠学校","安装窗帘",null,"物资","窗帘，遮光布","扇",280,9,{"v":2520,"d":"2,520.00"},"自主采购",null,"2019-01-01",{"v":2520,"d":"2,520"},{"v":2520,"d":"2,520"},null,null,"2018年10月",{"v":2520,"d":"2520.00"},{"v":2520,"d":"2,520.00"}]
[9,"洣水",null,"珍珠学校","租赁",null,"服务","文艺汇演舞台、音响、道具租赁费","次",5000,1,{"v":5000,"d":"5,000.00"},"自主采购",null,"2019-01-01",{"v":5000,"d":"5,000"},{"v":5000,"d":"5,000"},null,null,"2018年3月",{"v":5000,"d":"5000.00"},{"v":5000,"d":"5,000.00"}]
[10,"洣水",null,"珍珠学校","网络、多媒体维护",null,"服务","校园网络、监控、打印耗材系统维护",null,4000,2,{"v":8000,"d":"8,000.00"},"自主采购",null,"2019年6、12 月",{"v":8000,"d":"8,000"},{"v":8000,"d":"8,000"}]
[11,"洣水",null,"珍珠学校","智能广播系统维护",null,"物资","更换校园智能广播系统主机","次",4000,1,{"v":4000,"d":"4,000.00"},"自主采购",null,"2019-07-01",{"v":4000,"d":"4,000"},{"v":4000,"d":"4,000"},null,null,692,343,null,300,400,1100,{"v":206880,"d":"206,880"},{"v":106200,"d":"106,200"}]
[12,"洣水",null,"珍珠学校","木工维修",null,"零散维修","维修课桌椅、门窗等","点工",180,20,{"v":3600,"d":"3,600.00"},"自主采购",null,"2019年8",{"v":3600,"d":"3,600"},{"v":3600,"d":"3,600"}]
[13,"洣水",null,"珍珠学校","物资",null,"物资","教师办公座椅","套",600,20,{"v":12000,"d":"12,000.00"},"自主采购",null,"2019年9",{"v":12000,"d":"12,000"},{"v":12000,"d":"12,000"}]
[14,"洣水",null,"珍珠学校","校园环卫","B08","服务","垃圾斗、及垃圾运输",null,6000,2,{"v":12000,"d":"12,000.00"},"自主采购",null,"2019年3、9月",{"v":12000,"d":"12,000"},{"v":12000,"d":"12,000"}]
[15,"洣水",null,"珍珠学校","校舍维修","小计",{"$nulls":5},{"$f":"SUM(L242:L251)","v":{"v":62204,"d":"62,204.00"}},{"$f":"SUM(M242:M251)","v":{"v":0,"d":"0.00"}},null,{"$f":"SUM(O242:O251)","v":{"v":0,"d":"0.00"}},{"$f":"SUM(P242:P251)","v":{"v":62204,"d":"62,204"}},{"$f":"SUM(Q242:Q251)","v":{"v":62204,"d":"62,204"}}]
[16,"洣水",null,"珍珠学校","校园、校舍维修、维护","B08","维修","零星地面硬化","平方米",88,48,{"$f":"J242*K242","v":{"v":4224,"d":"4,224.00"}},"自主采购",null,"2019年1月",{"$f":"Q242+R242","v":{"v":4224,"d":"4,224"}},{"v":4224,"d":"4,224"}]
[17,"洣水",null,"珍珠学校","校园、校舍维修、维护","B08","维修","疏通沟圳、清化粪池、请点工","天",180,35,{"v":6300,"d":"6,300.00"},"自主采购",null,"2019年3、9月",{"v":6300,"d":"6,300"},{"v":6300,"d":"6,300"}]
[18,"洣水",null,"珍珠学校","校园、校舍维修、维护","B08","维修","运动场、跑道、沟盖板维修，沙池、跑道填沙。","平方米",1900,2,{"v":3800,"d":"3,800.00"},"自主采购",null,"2019年4月",{"v":3800,"d":"3,800"},{"v":3800,"d":"3,800"}]
[19,"洣水",null,"珍珠学校","校园、校舍维修、维护","B08","维修","更换综合楼、办公楼下水管","米",30,80,{"v":2400,"d":"2,400.00"},"自主采购",null,"2019年4月",{"v":2400,"d":"2,400"},{"v":2400,"d":"2,400"}]
[20,"洣水",null,"珍珠学校","校园、校舍维修、维护","B08","维修","改造幼儿园厕所排污管道","米",30,80,{"v":2400,"d":"2,400.00"},"自主采购",null,"2019年7月",{"v":2400,"d":"2,400"},{"v":2400,"d":"2,400"}]
[21,"洣水",null,"珍珠学校","校园、校舍维修、维护","B08","维修","更换学生宿舍楼层隔门","平方米",12,160,{"v":1920,"d":"1,920.00"},"自主采购",null,"2019年4月",{"v":1920,"d":"1,920"},{"v":1920,"d":"1,920"}]
[22,"洣水",null,"珍珠学校","校园、校舍维修、维护","B08","维修","食堂操作间内顶面改造","平方米",72,50,{"v":3600,"d":"3,600.00"},"自主采购",null,"2019年5月",{"v":3600,"d":"3,600"},{"v":3600,"d":"3,600"}]
[23,"洣水",null,"珍珠学校","校园、校舍维修、维护","B08","维修","教学楼铝合金窗户、防盗网","平方米",15,280,{"v":4200,"d":"4,200.00"},"自主采购",null,"2019年10月",{"v":4200,"d":"4,200"},{"v":4200,"d":"4,200"}]
[24,"洣水",null,"珍珠学校","校园、校舍维修、维护","B08","维修","宿舍楼、办公楼屋面防水","米",356,60,{"v":21360,"d":"21,360.00"},"自主采购",null,"2019年3月",{"v":21360,"d":"21,360"},{"v":21360,"d":"21,360"}]
[25,"洣水",null,"珍珠学校","校园、校舍维修、维护","B08","维修","维护校园内水、电设施、电器",null,6000,2,{"v":12000,"d":"12,000.00"},"自主采购",null,"2019年",{"v":12000,"d":"12,000"},{"v":12000,"d":"12,000"}]
["珍珠完小",{"$nulls":4},"合计",{"$nulls":5},{"$f":"SUM(L253:L260)","v":{"v":62880,"d":"62,880"}},{"$f":"SUM(M253:M260)","v":0},null,null,{"$f":"SUM(P253:P260)","v":{"v":62880,"d":"62,880"}},{"$f":"SUM(Q253:Q260)","v":{"v":62880,"d":"62,880"}},{"$f":"SUM(R253:R260)","v":0},11720]
[1,"洣水",null,"珍珠完小","添置劳动工具",null,"物资","垃圾桶、拖把、扫把、铲子卫生工具","常规",2000,2,{"$f":"J253*K253","v":{"v":4000,"d":"4,000.00"}},"自主采购",null,"2019年3、9月",{"$f":"L253","v":{"v":4000,"d":"4,000"}},{"v":4000,"d":"4,000"},null,1200]
[2,"洣水",null,"珍珠完小","添置电脑",null,"物资","笔记本电脑","ThinkPad E580",4980,1,{"v":4980,"d":"4,980.00"},"自主采购",null,"2019-05-01",{"v":4980,"d":"4,980"},{"v":4980,"d":"4,980"},null,1980]
[3,"洣水",null,"珍珠完小","添置小件体育器材",null,"物资","篮球、跳绳、裁判哨、球网、乒乓球拍等",null,2200,1,{"v":2200,"d":"2,200.00"},"自主采购",null,"2019-04-01",{"v":2200,"d":"2,200"},{"v":2200,"d":"2,200"},null,5860]
[4,"洣水",null,"珍珠完小","广告、宣传",null,"物资","横幅、板报、专栏、标语等","批",2000,6,{"v":12000,"d":"12,000.00"},"自主采购",null,"2019年6、12月",{"v":12000,"d":"12,000"},{"v":12000,"d":"12,000"}]
[5,"洣水",null,"珍珠完小","网络、多媒体维护",null,"服务","校园网络、监控、打印耗材系统维护",null,4000,2,{"v":8000,"d":"8,000.00"},"自主采购",null,"2019年6、12 月",{"v":8000,"d":"8,000"},{"v":8000,"d":"8,000"},null,3240]
[6,"洣水",null,"珍珠完小","防爆设施",null,"物资","防爆盾牌、手套、警棍、强光炫目灯、安全鞋等",null,6000,1,{"v":6000,"d":"6,000.00"},"自主采购",null,"2019年7",{"v":6000,"d":"6,000"},{"v":6000,"d":"6,000"}]
[7,"洣水",null,"珍珠完小","木工维修",null,"零散维修","维修课桌椅、门窗等","点工",180,20,{"v":3600,"d":"3,600.00"},"自主采购",null,"2019年8",{"v":3600,"d":"3,600"},{"v":3600,"d":"3,600"}]
[8,"洣水",null,"珍珠完小","校舍维修","小计",{"$nulls":5},{"$f":"SUM(L261:L266)","v":{"v":22100,"d":"22100.00"}},{"$f":"SUM(M261:M266)","v":{"v":0,"d":"0.00"}},null,{"$f":"SUM(O261:O266)","v":{"v":0,"d":"0.00"}},{"$f":"SUM(P261:P266)","v":{"v":22100,"d":"22,100"}},{"$f":"SUM(Q261:Q266)","v":{"v":22100,"d":"22,100"}}]
[9,"洣水",null,"珍珠完小","校舍维修","B08","维修","疏通沟圳、请点工","天",180,22,{"v":3000,"d":"3,000.00"},"自主采购",null,"2019年3、9月",{"$f":"L261","v":{"v":3000,"d":"3,000"}},{"v":3000,"d":"3,000"}]
[10,"洣水",null,"珍珠完小","校舍维修","B08","维修","清化粪池、请点工","天",180,23,{"v":3300,"d":"3,300.00"},"自主采购",null,"2019年3、9月",{"v":3300,"d":"3,300"},{"v":3300,"d":"3,300"}]
[11,"洣水",null,"珍珠完小","校舍维修","B08","维修","运动场跑道沟盖板维修","平方米",1900,1,{"v":1900,"d":"1,900.00"},"自主采购",null,"2019年4月",{"v":1900,"d":"1,900"},{"v":1900,"d":"1,900"}]
[12,"洣水",null,"珍珠完小","校舍维修","B08","维修","沙池跑道填沙","平方米",1900,1,{"v":1900,"d":"1,900.00"},"自主采购",null,"2019年4月",{"v":1900,"d":"1,900"},{"v":1900,"d":"1,900"}]
[13,"洣水",null,"珍珠完小","校舍维修","B08","维修","维护校园内水电设施维修",null,6000,1,{"v":6000,"d":"6,000.00"},"自主采购",null,"2019年",{"v":6000,"d":"6,000"},{"v":6000,"d":"6,000"}]
[14,"洣水",null,"珍珠完小","校舍维修","B08","维修","电器维修",null,6000,1,{"v":6000,"d":"6,000.00"},"自主采购",null,"2019年",{"v":6000,"d":"6,000"},{"v":6000,"d":"6,000"}]
["大托小学",{"$nulls":4},"合计",{"$nulls":5},{"$f":"SUM(L268:L272)","v":{"v":24000,"d":"24,000.00"}},{"$nulls":3},{"$f":"SUM(P268:P272)","v":{"v":24000,"d":"24,000"}},{"$f":"SUM(Q268:Q272)","v":{"v":24000,"d":"24,000"}},{"$f":"SUM(R268:R272)","v":0}]
[1,"洣水",null,"大托小学","笔记本计算机",2010104,"通用设备","固态盘",null,5860,2,{"$f":"SUM(J268*K268)","v":11720},"自主采购",null,201905,{"$f":"SUM(L268)","v":{"v":11720,"d":"11,720"}},{"v":11720,"d":"11,720"},{"$f":"SUM(R269:R274)","v":0}]
[2,"洣水",null,"大托小学","电脑显示器",2010604,"通用设备",null,null,1200,1,{"$f":"SUM(J269*K269)","v":1200},"自主采购",null,201904,{"$f":"SUM(L269)","v":{"v":1200,"d":"1,200"}},{"v":1200,"d":"1,200"},{"$f":"SUM(R270:R275)","v":0}]
[3,"洣水",null,"大托小学","打印机",20201,"通用设备","黑白打印机","惠普MF1005",1980,1,{"$f":"SUM(J270*K270)","v":1980},"自主采购",null,201904,{"$f":"SUM(L270)","v":{"v":1980,"d":"1,980"}},{"v":1980,"d":"1,980"},{"$f":"SUM(R271:R276)","v":0}]
[4,"洣水",null,"大托小学","笔记本计算机",2010104,"通用设备","固态盘",null,5860,1,{"$f":"SUM(J271*K271)","v":5860},"自主采购",null,201907,{"$f":"SUM(L271)","v":{"v":5860,"d":"5,860"}},{"v":5860,"d":"5,860"},{"$f":"SUM(R273:R277)","v":0}]
[5,"洣水",null,"大托小学","校舍维修","小计",{"$nulls":5},{"$f":"SUM(L273)","v":3240},{"$nulls":3},{"$f":"SUM(P273)","v":{"v":3240,"d":"3,240"}},{"$f":"SUM(Q273)","v":{"v":3240,"d":"3,240"}}]
[6,"洣水",null,"大托小学","校舍维修",null,null,"防盗网",null,108,30,{"$f":"SUM(J273*K273)","v":3240},"自主采购",null,201907,{"$f":"SUM(L273)","v":{"v":3240,"d":"3,240"}},{"v":3240,"d":"3,240"},{"$f":"SUM(R274:R278)","v":0}]
["朗山小学",{"$nulls":4},"合计",{"$nulls":5},{"$f":"SUM(L275:L280)","v":{"v":24000,"d":"24,000"}},{"$nulls":3},{"$f":"SUM(P275:P280)","v":{"v":24000,"d":"24,000"}},{"$f":"SUM(Q275:Q280)","v":{"v":24000,"d":"24,000"}},{"$f":"SUM(R275:R280)","v":0}]
[1,"洣水",null,"朗山小学","台式办公电脑",null,"物资","台式固态硬盘电脑",null,4980,1,{"$f":"J275*K275","v":4980},"自主采购",null,"2019-06-01",{"$f":"SUM(L275)","v":{"v":4980,"d":"4,980"}},{"v":4980,"d":"4,980"}]
[2,"洣水",null,"朗山小学","打印机","A0201060102","物资","激光打印机","HP1005",1980,1,{"$f":"SUM(J276*K276)","v":1980},"自主采购",null,"2019-09-01",{"$f":"SUM(L276)","v":{"v":1980,"d":"1,980"}},{"v":1980,"d":"1,980"}]
[3,"洣水",null,"朗山小学","办公桌",null,"物资",null,null,1280,2,{"$f":"SUM(J277*K277)","v":2560},"自主采购",null,"2019-06-01",{"$f":"SUM(L277)","v":{"v":2560,"d":"2,560"}},{"v":2560,"d":"2,560"}]
[4,"洣水",null,"朗山小学","办公椅",null,"物资",null,null,228,2,{"$f":"SUM(J278*K278)","v":456},"自主采购",null,"2019-06-01",{"$f":"SUM(L278)","v":456},456]
[5,"洣水",null,"朗山小学","笔记本电脑",null,"物资","联想i5",null,5860,2,{"$f":"SUM(J279*K279)","v":11720},"自主采购",null,"2019-09-01",{"$f":"SUM(L279)","v":{"v":11720,"d":"11,720"}},{"v":11720,"d":"11,720"}]
[6,"洣水",null,"朗山小学","校舍维修","小计",{"$nulls":5},{"$f":"SUM(L281)","v":2304},{"$nulls":3},{"$f":"SUM(P281)","v":{"v":2304,"d":"2,304"}},{"$f":"SUM(Q281)","v":{"v":2304,"d":"2,304"}},{"$f":"SUM(R281)","v":0}]
[7,"洣水",null,"朗山小学","校舍维修",null,"维修","地面维修",null,48,48,{"$f":"SUM(J281*K281)","v":2304},"自主采购",null,"2019-07-01",{"$f":"SUM(L281)","v":{"v":2304,"d":"2,304"}},{"v":2304,"d":"2,304"}]
["北冲小学",{"$nulls":4},"合计",{"$nulls":5},{"$f":"SUM(L283:L287)","v":{"v":24000,"d":"24,000"}},{"$nulls":3},{"$f":"SUM(P283:P287)","v":{"v":24000,"d":"24,000"}},{"$f":"SUM(Q283:Q287)","v":{"v":24000,"d":"24,000"}},{"$f":"SUM(R283:R287)","v":0}]
[1,"洣水",null,"北冲小学","台式办公电脑",null,"物资","台式固态硬盘电脑",null,4980,1,{"$f":"SUM(J283*K283)","v":4980},"自主采购",null,201904,{"$f":"SUM(L283)","v":{"v":4980,"d":"4,980"}},{"v":4980,"d":"4,980"},{"$f":"SUM(P283-Q283)","v":0}]
[2,"洣水",null,"北冲小学","打印机",null,"物资","激光打印机","HP1005",1980,1,{"$f":"SUM(J284*K284)","v":1980},"自主采购",null,201904,{"$f":"SUM(L284)","v":{"v":1980,"d":"1,980"}},{"v":1980,"d":"1,980"},{"$f":"SUM(P284-Q284)","v":0}]
[3,"洣水",null,"北冲小学","办公桌",null,"物资",null,null,1280,2,{"$f":"SUM(J285*K285)","v":2560},"自主采购",null,201904,{"$f":"SUM(L285)","v":{"v":2560,"d":"2,560"}},{"v":2560,"d":"2,560"},{"$f":"SUM(P285-Q285)","v":0}]
[4,"洣水",null,"北冲小学","笔记本电脑",null,"物资","联想i5",null,5800,2,{"$f":"SUM(J286*K286)","v":11600},"自主采购",null,201909,{"$f":"SUM(L286)","v":{"v":11600,"d":"11,600"}},{"v":11600,"d":"11,600"},{"$f":"SUM(P286-Q286)","v":0}]
[5,"洣水",null,"北冲小学","校舍维修","小计",{"$nulls":5},{"$f":"SUM(L288)","v":2880},{"$nulls":3},{"$f":"SUM(P288)","v":{"v":2880,"d":"2,880"}},{"$f":"SUM(Q288)","v":{"v":2880,"d":"2,880"}},{"$f":"SUM(R288)","v":0}]
[6,"洣水",null,"北冲小学","校舍维修",null,"维修","屋顶换瓦维修",null,72,40,{"$f":"SUM(J288*K288)","v":2880},"自主采购",null,201907,{"$f":"SUM(L288)","v":{"v":2880,"d":"2,880"}},{"v":2880,"d":"2,880"},{"$f":"SUM(P288-Q288)","v":0}]

{"sheet":"16南湾","index":17,"n_rows":53,"n_cols":27,"rows_kept":53,"hidden":true,"merged":[[0,0,0,4],[1,0,1,17],[2,0,3,0],[2,1,3,1],[2,2,3,2],[2,3,3,3],[2,4,3,4],[2,5,3,5],[2,6,3,6],[2,7,3,7],[2,8,3,8],[2,9,3,9],[2,10,3,10],[2,11,3,11],[2,12,3,12],[2,13,3,13],[2,14,3,14],[2,15,2,17],[2,19,2,21],[2,22,2,24],[4,0,4,4],[5,0,5,4],[12,0,12,4],[28,0,28,4],[46,0,46,4]]}
["附表二"]
["   2020年衡东县教育系统政府采购计划表"]
["序号","乡",null,"学校名称","采购项目名称","采购项目编码","采购类别","采购项目简述（主要参数）","规格型号","参考\n单价","采购数量","采购预算\n资金合计","拟采用采购方式","采购方式","计划采购时间","资金来源（元）",{"$nulls":3},"学生",null,null,"标准",null,null,"公用经费40%\n合计","40%节余"]
[{"$nulls":15},"合计","预算内资金","其他资金",null,"小学","初中","高中","小学","初中","省示范高中800\n市示范高中640"]
["XX学校（乡）汇总",{"$nulls":10},{"$f":"SUM(L6+L13+L29+L39+L47)","v":{"v":208898,"d":"208,898"}},0,0,0,{"v":208898,"d":"208,898"},{"v":208898,"d":"208,898"},0,null,598,216,0,{"$f":"600*0.4","v":240},{"$f":"800*0.4","v":320},640,{"$f":"SUM(T5*W5+U5*X5+V5*Y5)","v":{"v":212640,"d":"212,640"}},{"$f":"SUM(T5*W5+U5*X5+V5*Y5-P5)","v":{"v":3742,"d":"3,742"}}]
["XX教育管理服务中心",{"$nulls":10},{"$f":"SUM(L7:L12)","v":{"v":9840,"d":"9,840"}},{"$nulls":3},{"$f":"SUM(P7:P12)","v":{"v":9840,"d":"9,840"}},{"$f":"SUM(Q7:Q12)","v":{"v":9840,"d":"9,840"}},{"$f":"SUM(R7:R12)","v":0}]
[1,"南湾",null,"教育管理服务中心","高档A4复印机",null,null,"HPM1005MEP","台",2000,2,{"$f":"K7*J7","v":4000},"自主采购",null,"2019-03-01",{"v":4000,"d":"4,000"},{"v":4000,"d":"4,000"}]
[2,"南湾",null,"教育管理服务中心","硒鼓",null,null,"LSIC-CC388A-E打印机粉盒","个",100,6,600,"自主采购",null,"2019-03-02",600,600]
[3,"南湾",null,"教育管理服务中心","打印纸",null,null,"A3打印纸","件",6,240,1440,"自主采购",null,"2019-03-04",{"v":1440,"d":"1,440"},{"v":1440,"d":"1,440"}]
[4,"南湾",null,"教育管理服务中心","网络维护、覆盖",null,null,"网络维护","组",1000,1,1000,"自主采购",null,"2019-04-01",{"$f":"SUM(L10)","v":{"v":1000,"d":"1,000"}},{"v":1000,"d":"1,000"}]
[5,"南湾",null,"教育管理服务中心","饮水机",null,null,"万宝冷热节能芯饮水机","台",400,2,800,"自主采购",null,"2019-03-04",800,800]
[6,"南湾",null,"教育管理服务中心","水路电路维修",null,null,"水管道、电路维修维护","年",2000,1,2000,"自主采购",null,"2019-10-06",{"$f":"SUM(L12)","v":{"v":2000,"d":"2,000"}},{"v":2000,"d":"2,000"}]
["南湾学校",{"$nulls":10},{"$f":"SUM(L14:L26)","v":{"v":116058,"d":"116,058"}},{"$nulls":3},{"$f":"SUM(P14:P26)","v":{"v":116058,"d":"116,058"}},{"$f":"SUM(Q14:Q26)","v":{"v":116058,"d":"116,058"}},{"$f":"SUM(R14:R26)","v":0},null,692,343,null,300,400,{"$f":"800+300","v":1100},{"$f":"SUM(T13*W13+U13*X13+V13*Y13)*2*0.3","v":{"v":206880,"d":"206,880"}},{"$f":"SUM(Z13-P13)","v":{"v":90822,"d":"90,822"}}]
[1,"南湾",null,"南湾学校","空调",null,null,"格力变频大1.5匹","台",3500,6,{"$f":"SUM(J14*K14)","v":21000},"自主采购",null,"2019-04-01",{"$f":"SUM(L14)","v":{"v":21000,"d":"21,000"}},{"v":21000,"d":"21,000"},{"$f":"SUM(P14-Q14)","v":0}]
[2,"南湾",null,"南湾学校","饮水机",null,null,"桶装立式","台",699,2,1398,"自主采购",null,"2019-04-01",{"v":1398,"d":"1,398"},{"v":1398,"d":"1,398"}]
[3,"南湾",null,"南湾学校","美术室用品",null,null,"彩笔、彩铅、蜡笔、颜料、毛笔","批",2000,1,2000,"自主采购",null,"2019-04-01",{"v":2000,"d":"2,000"},{"v":2000,"d":"2,000"},0]
[4,"南湾",null,"南湾学校","办公椅",null,null,"橡木西皮办公椅","张",268,10,2680,"自主采购",null,"2019-04-01",{"v":2680,"d":"2,680"},{"v":2680,"d":"2,680"},0]
[5,"南湾",null,"南湾学校","劳动卫生工具",null,null,"工具","条",30,100,3000,"自主采购",null,"2019-04-01",{"v":3000,"d":"3,000"},{"v":3000,"d":"3,000"},0]
[6,"南湾",null,"南湾学校","绿化带栅栏油漆",null,null,"油漆维护","平方米",200,30,6000,"自主采购",null,"2019-05-01",{"$f":"SUM(L19)","v":{"v":6000,"d":"6,000"}},{"v":6000,"d":"6,000"},{"$f":"SUM(P19-Q19)","v":0}]
[7,"南湾",null,"南湾学校","校园网络维护、覆盖",null,null,"网络维护","年",10000,1,10000,"自主采购",null,"2019-04-01",{"v":10000,"d":"10,000"},{"v":10000,"d":"10,000"},0]
[8,"南湾",null,"南湾学校","宽带网络费",null,null,"电信宽带","100兆带宽",10000,1,10000,"自主采购",null,"2019-06-01",{"v":10000,"d":"10,000"},{"v":10000,"d":"10,000"},0]
[9,"南湾",null,"南湾学校","校园宣传、文化建设",null,null,"宣传、文化建设","平方米",900,20,18000,"自主采购",null,"2019-06-01",{"v":18000,"d":"18,000"},{"v":18000,"d":"18,000"},0]
[10,"南湾",null,"南湾学校","电脑",null,null,"联想电脑","台",3980,1,3980,"自主采购",null,"2019-09-01",{"v":3980,"d":"3,980"},{"v":3980,"d":"3,980"},0]
[11,"南湾",null,"南湾学校","劳动卫生工具",null,null,"工具","工具",50,70,3500,"自主采购",null,"2019-09-01",{"v":3500,"d":"3,500"},{"v":3500,"d":"3,500"},0]
[12,"南湾",null,"南湾学校","校园宣传、文化建设",null,null,"宣传、文化建设","平方米",400,70,28000,"自主采购",null,"2019-10-01",{"v":28000,"d":"28,000"},{"v":28000,"d":"28,000"},0]
[13,"南湾",null,"南湾学校","水泵、水电维修",null,null,"水泵、水电维修","水泵、水电维修",6500,1,6500,"自主采购",null,"2019-09-01",{"v":6500,"d":"6,500"},{"v":6500,"d":"6,500"},0]
[14,"南湾",null,"南湾学校","热水器",null,null,"海尔电热水器","台",8000,1,8000,"自主采购",null,"2019-11-01",{"v":8000,"d":"8,000"},{"v":8000,"d":"8,000"},0]
[15,"南湾",null,"南湾学校","体育室用品",null,null,"篮球、乒乓球、羽毛球、球拍、跳绳","批",1800,1,1800,"自主采购",null,"2019-11-01",{"$f":"SUM(L28)","v":{"v":1800,"d":"1,800"}},{"v":1800,"d":"1,800"},{"$f":"SUM(P28-Q28)","v":0}]
["南湾完小",{"$nulls":10},{"$f":"SUM(L30:L38)","v":{"v":47000,"d":"47,000"}},{"$nulls":3},{"$f":"SUM(P30:P38)","v":{"v":47000,"d":"47,000"}},{"$f":"SUM(Q30:Q38)","v":{"v":47000,"d":"47,000"}},{"$f":"SUM(R30:R38)","v":0}]
[1,"南湾",null,"南湾完小","厨房大型油烟机",null,null,"学校食堂用柴火炒菜，油烟特别大","台",6000,1,{"$f":"SUM(J30*K30)","v":6000},"自主采购",null,"2019-05-01",{"$f":"SUM(L30)","v":{"v":6000,"d":"6,000"}},{"v":6000,"d":"6,000"},{"$f":"SUM(P30-Q30)","v":0}]
[2,"南湾",null,"南湾完小","学校水井水磅更换",null,null,"水井水磅","台",2000,1,2000,"自主采购",null,"2019-04-01",{"v":2000,"d":"2,000"},{"v":2000,"d":"2,000"},0]
[3,"南湾",null,"南湾完小","水路电路维修",null,null,"校园水管道、电路维修维护","水路电路维修",3000,1,3000,"自主采购",null,"2019-06-01",{"v":3000,"d":"3,000"},{"v":3000,"d":"3,000"},0]
[4,"南湾",null,"南湾完小","校园文化建设、广告费用",null,null,"学校相关制度牌、公示栏、阳光栏","平方米",100,58,5800,"自主采购",null,"2019-06-01",{"v":5800,"d":"5,800"},{"v":5800,"d":"5,800"},0]
[5,"南湾",null,"南湾完小","办公用品",null,null,"学校办公用品","年",5000,1,5000,"自主采购",null,"2019-09-01",{"v":5000,"d":"5,000"},{"v":5000,"d":"5,000"},0]
[6,"南湾",null,"南湾完小","劳动卫生工具、厨房用具",null,null,"卫生工具、厨房用具",null,4000,1,4000,"自主采购",null,"2019-09-01",{"v":4000,"d":"4,000"},{"v":4000,"d":"4,000"},0]
[7,"南湾",null,"南湾完小","校园网络费",null,null,"校园网络费","年",10000,1,10000,"自主采购",null,"2019-10-01",{"v":10000,"d":"10,000"},{"v":10000,"d":"10,000"},0]
[8,"南湾",null,"南湾完小","办公室空调",null,null,"美的空调","台",2300,4,9200,"自主采购",null,"2019-09-01",{"v":9200,"d":"9,200"},{"v":9200,"d":"9,200"},0]
[9,"南湾",null,"南湾完小","垃圾处理",null,null,"劳务费","年",2000,1,2000,"自主采购",null,"2019-11-01",{"v":2000,"d":"2,000"},{"v":2000,"d":"2,000"},0]
[{"$nulls":4},"南湾江东小学",{"$nulls":6},{"v":18000,"d":"18,000"},{"$nulls":3},{"v":18000,"d":"18,000"},{"v":18000,"d":"18,000"}]
[1,"南湾",null,"江东小学","办公用品",null,null,"学校办公用品","个",120,35,{"$f":"SUM(J40*K40)","v":4200},"自主采购",null,"2019-11-01",{"$f":"SUM(L40)","v":{"v":4200,"d":"4,200"}},{"v":4000,"d":"4,000"}]
[2,"南湾",null,"江东小学","劳务费",null,null,"劳务费","年",3000,1,{"$f":"SUM(J41*K41)","v":3000},"自主采购",null,"2019-07-02",{"$f":"SUM(L41)","v":{"v":3000,"d":"3,000"}},{"v":3000,"d":"3,000"}]
[3,"南湾",null,"江东小学","校园网络费",null,null,"校园网络费","年",1200,1,{"$f":"SUM(J42*K42)","v":1200},"自主采购",null,"2019-04-03",{"v":1200,"d":"1,200"},{"v":1200,"d":"1,200"}]
[4,"南湾",null,"江东小学","校园文化建设、广告费用",null,null,"学校相关制度牌、公示栏、阳光栏","平方米",40,70,{"$f":"SUM(J43*K43)","v":2800},"自主采购",null,"2019-06-04",{"$f":"SUM(L43)","v":{"v":2800,"d":"2,800"}},{"v":2800,"d":"2,800"}]
[5,"南湾",null,"江东小学","零星维修",null,null,"维修课桌椅和门窗","张",40,80,3200,"自主采购",null,"2019-12-05",{"v":3200,"d":"3,200"},{"v":3200,"d":"3,200"}]
[6,"南湾",null,"江东小学","水路电路维修",null,null,"校园水管道、电路维修维护","年",2000,1,{"$f":"SUM(J45*K45)","v":2000},"自主采购",null,"2019-10-06",{"$f":"SUM(L45)","v":{"v":2000,"d":"2,000"}},{"v":2000,"d":"2,000"}]
[7,"南湾",null,"江东小学","体育室用品",null,null,"篮球、羽毛球、球拍、跳绳","套",1800,1,{"$f":"SUM(J46*K46)","v":1800},"自主采购",null,"2019-11-01",{"$f":"SUM(L46)","v":{"v":1800,"d":"1,800"}},{"v":1800,"d":"1,800"}]
["南湾塘下小学",{"$nulls":10},{"v":18000,"d":"18,000"},{"$nulls":3},{"v":18000,"d":"18,000"},{"v":18000,"d":"18,000"}]
[1,"南湾",null,"塘下小学","劳务费",null,null,"劳务费","年",3000,1,{"$f":"SUM(J48*K48)","v":3000},"自主采购",null,"2019-11-01",{"$f":"SUM(L48)","v":{"v":3000,"d":"3,000"}},{"v":3000,"d":"3,000"}]
[2,"南湾",null,"塘下小学","零星维修",null,null,"维修课桌椅和门窗","张",80,40,3200,"自主采购",null,"2019-07-02",{"v":3200,"d":"3,200"},{"v":3200,"d":"3,200"}]
[3,"南湾",null,"塘下小学","体育室用品",null,null,"篮球、乒乓球、羽毛球、跳绳等","套",2800,1,2800,"自主采购",null,"2019-04-03",{"$f":"SUM(L50)","v":{"v":2800,"d":"2,800"}},{"v":1800,"d":"1,800"}]
[4,"南湾",null,"塘下小学","办公用品",null,null,"学校办公用品","年",4000,1,4000,"自主采购",null,"2019-06-04",{"$f":"SUM(L51)","v":{"v":4000,"d":"4,000"}},{"v":4000,"d":"4,000"}]
[5,"南湾",null,"塘下小学","垃圾处理",null,null,"运费","年",2200,1,2200,"自主采购",null,"2019-12-05",{"$f":"SUM(L52)","v":{"v":2200,"d":"2,200"}},{"v":2200,"d":"2,200"},{"$f":"SUM(P52-Q52)","v":0}]
[6,"南湾",null,"塘下小学","校园文化建设、广告费用",null,null,"校园文化建设、广告费用","平方米",70,40,2800,"自主采购",null,"2019-10-06",{"$f":"SUM(L53)","v":{"v":2800,"d":"2,800"}},{"v":2800,"d":"2,800"}]

{"sheet":"17蓬源","index":18,"n_rows":21,"n_cols":27,"rows_kept":21,"hidden":true,"merged":[[0,0,0,4],[1,0,1,17],[2,0,3,0],[2,1,3,1],[2,2,3,2],[2,3,3,3],[2,4,3,4],[2,5,3,5],[2,6,3,6],[2,7,3,7],[2,8,3,8],[2,9,3,9],[2,10,3,10],[2,11,3,11],[2,12,3,12],[2,13,3,13],[2,14,3,14],[2,15,2,17],[2,19,2,21],[2,22,2,24],[4,0,4,4],[5,0,5,4],[11,0,11,4],[13,0,13,4]]}
["附表二"]
["   2020年衡东县教育系统政府采购计划表"]
["序号","乡",null,"学校名称","采购项目名称","采购项目编码","采购类别","采购项目简述（主要参数）","规格型号","参考\n单价","采购数量","采购预算\n资金合计","拟采用采购方式","采购方式","计划采购时间","资金来源（元）",{"$nulls":3},"学生",null,null,"标准",null,null,"公用经费40%\n合计","40%节余"]
[{"$nulls":15},"合计","预算内资金","其他资金",null,"小学","初中","高中","小学","初中","省示范高中800\n市示范高中640"]
["蓬源学校（乡）汇总",{"$nulls":10},{"$f":"SUM(L6+L12+L14)","v":{"v":188700,"d":"188,700"}},{"$nulls":3},{"$f":"SUM(P6+P12+P14)","v":{"v":188700,"d":"188,700"}},{"$f":"SUM(Q6+Q12+Q14)","v":{"v":188700,"d":"188,700"}},{"$f":"SUM(R6+R12+R14)","v":0},null,891,183,0,{"$f":"600*0.4","v":240},{"$f":"800*0.4","v":320},640,{"$f":"SUM(T5*W5+U5*X5+V5*Y5)","v":{"v":272400,"d":"272,400"}},{"$f":"SUM(T5*W5+U5*X5+V5*Y5-P5)","v":{"v":83700,"d":"83,700"}}]
["XX教育管理服务中心",{"$nulls":10},{"$f":"SUM(L7:L11)","v":{"v":105600,"d":"105,600"}},{"$nulls":3},{"$f":"SUM(P7:P11)","v":{"v":105600,"d":"105,600"}},{"$f":"SUM(Q7:Q11)","v":{"v":105600,"d":"105,600"}},{"$f":"SUM(R7:R11)","v":0}]
[1,"蓬源",null,"蓬源完小","打印机",null,"物资","激光打印复印机","台",1800,2,{"$f":"SUM(J7*K7)","v":3600},"自主采购",null,2019.5,{"$f":"SUM(L7)","v":{"v":3600,"d":"3,600"}},{"v":3600,"d":"3,600"},{"$f":"SUM(P7-Q7)","v":0}]
[2,"蓬源",null,"蓬源完小","添置电脑","A02010104","物资","台式计算机","台",4000,2,{"$f":"SUM(J8*K8)","v":8000},"自主采购",null,2019.5,{"$f":"SUM(L8)","v":{"v":8000,"d":"8,000"}},{"v":8000,"d":"8,000"},{"$f":"SUM(P8-Q8)","v":0}]
[3,"蓬源",null,"蓬源完小","校舍维修",null,null,"教学楼、生活楼墙面维修","平方米",40,1000,{"$f":"SUM(J9*K9)","v":40000},"自主采购",null,2019.5,{"$f":"SUM(L9)","v":{"v":40000,"d":"40,000"}},{"v":40000,"d":"40,000"},{"$f":"SUM(P9-Q9)","v":0}]
[4,"蓬源",null,"蓬源完小","教室、办公室电脑多媒体维护",null,null,"教室、办公室电脑多媒体维护","台",300,20,{"$f":"SUM(J10*K10)","v":6000},"自主采购",null,2019.1,{"$f":"SUM(L10)","v":{"v":6000,"d":"6,000"}},{"v":6000,"d":"6,000"},{"$f":"SUM(P10-Q10)","v":0}]
[5,"蓬源",null,"蓬源完小","操场、生活区地面维修","B08",null,"2.教学楼、生活楼地面维修","立方米",480,100,{"$f":"SUM(J11*K11)","v":48000},"自主采购",null,2019.11,{"$f":"SUM(L11)","v":{"v":48000,"d":"48,000"}},{"v":48000,"d":"48,000"},{"$f":"SUM(P11-Q11)","v":0}]
["蓬源中学",{"$nulls":10},{"$f":"SUM(L13)","v":{"v":20000,"d":"20,000"}},{"$nulls":3},{"$f":"SUM(P13)","v":{"v":20000,"d":"20,000"}},{"$f":"SUM(Q13)","v":{"v":20000,"d":"20,000"}},{"$f":"SUM(R13)","v":0},null,692,343,null,300,400,{"$f":"800+300","v":1100},{"$f":"SUM(T12*W12+U12*X12+V12*Y12)*2*0.3","v":{"v":206880,"d":"206,880"}},{"$f":"SUM(Z12-P12)","v":{"v":186880,"d":"186,880"}}]
[1,"蓬源",null,"蓬源中学","添置办公电脑","A02010104","物资","台式计算机","台",4000,5,20000,"自主采购",null,2019.1,{"v":20000,"d":"20,000"},{"v":20000,"d":"20,000"}]
["云集学校",{"$nulls":10},{"$f":"SUM(L15:L21)","v":63100},{"$nulls":3},{"$f":"SUM(L14)","v":{"v":63100,"d":"63,100"}},{"v":63100,"d":"63,100"},{"$f":"SUM(P14-Q14)","v":0},null,424,null,null,300,400,{"$f":"800+300","v":1100},{"$f":"SUM(T14*W14+U14*X14+V14*Y14)*2*0.3","v":{"v":76320,"d":"76,320"}},{"$f":"SUM(Z14-P14)","v":{"v":13220,"d":"13,220"}}]
[1,"蓬源",null,"云集学校","教师办公室用空调",null,"物资","壁挂式，1.5P","台",4000,1,4000,"自主采购",null,2019.6,{"v":4000,"d":"4,000"},{"v":4000,"d":"4,000"},0]
[2,"蓬源",null,"云集学校","教室用图书柜",null,"物资","教室用图书柜","个",600,11,6600,"自主采购",null,2019.5,{"v":6600,"d":"6,600"},{"v":6600,"d":"6,600"},0]
[3,"蓬源",null,"云集学校","公租房排污工程","B08","维修","化粪池到围墙外排污","立方米",6000,1,6000,"自主采购",null,2019.5,{"v":6000,"d":"6,000"},{"v":6000,"d":"6,000"},0]
[4,"蓬源",null,"云集学校","二栋教学楼水管维修","B08","维修","总水管到二栋教学地下水管维修","平方米",6500,1,6500,"自主采购",null,2019.5,{"v":6500,"d":"6,500"},{"v":6500,"d":"6,500"},0]
[5,"蓬源",null,"云集学校","学生餐厅屋顶漏水维修","B08","维修","屋顶防水防漏维修","平方米",8000,1,8000,"自主采购",null,2019.5,{"v":8000,"d":"8,000"},{"v":8000,"d":"8,000"},0]
[6,"蓬源",null,"云集学校","校园网络与教室一体机维护",null,"维修","校园网络与教室一体机维护","年",4000,1,4000,"自主采购",null,2019.1,{"v":4000,"d":"4,000"},{"v":4000,"d":"4,000"},0]
[7,"蓬源",null,"云集学校","门卫室前坪硬化","B08","维修","门卫室前坪硬化","立方米",28000,1,28000,"自主采购",null,2019.11,{"v":28000,"d":"28,000"},{"v":28000,"d":"28,000"},0]

{"sheet":"18荣桓","index":19,"n_rows":24,"n_cols":27,"rows_kept":24,"hidden":true,"merged":[[0,0,0,4],[1,0,1,17],[2,0,3,0],[2,1,3,1],[2,2,3,2],[2,3,3,3],[2,4,3,4],[2,5,3,5],[2,6,3,6],[2,7,3,7],[2,8,3,8],[2,9,3,9],[2,10,3,10],[2,11,3,11],[2,12,3,12],[2,13,3,13],[2,14,3,14],[2,15,2,17],[2,19,2,21],[2,22,2,24],[4,0,4,4],[5,0,5,4],[7,0,7,4],[9,0,9,4],[18,0,18,4],[21,0,21,4]]}
["附表二"]
["   2020年衡东县教育系统政府采购计划表"]
["序号","乡",null,"学校名称","采购项目名称","采购项目编码","采购类别","采购项目简述（主要参数）","规格型号","参考\n单价","采购数量","采购预算\n资金合计","拟采用采购方式","采购方式","计划采购时间","资金来源（元）",{"$nulls":3},"学生",null,null,"标准",null,null,"公用经费40%\n合计","40%节余"]
[{"$nulls":15},"合计","预算内资金","其他资金",null,"小学","初中","高中","小学","初中","省示范高中800\n市示范高中640"]
["荣桓（乡）汇总",{"$nulls":10},{"$f":"SUM(L6+L8+L10+L19+L22)","v":{"v":277200,"d":"277,200"}},{"$nulls":3},{"$f":"SUM(P6+P8+P10+P19+P22)","v":{"v":277200,"d":"277,200"}},{"$f":"SUM(Q6+Q8+Q10+Q19+Q22)","v":{"v":277200,"d":"277,200"}},{"$f":"SUM(R6+R8+R10+R19+R22)","v":0},{"$f":"L5-P5","v":{"v":0,"d":"0.00"}},1399,302,0,{"$f":"600*0.4","v":240},{"$f":"800*0.4","v":320},640,{"$f":"SUM(T5*W5+U5*X5+V5*Y5)","v":{"v":432400,"d":"432,400"}},{"$f":"SUM(T5*W5+U5*X5+V5*Y5-P5)","v":{"v":155200,"d":"155,200"}}]
["荣桓教育管理服务中心",{"$nulls":10},{"$f":"SUM(L7)","v":0},{"$nulls":3},{"$f":"SUM(P7)","v":0},{"$f":"SUM(Q7)","v":0},{"$f":"SUM(R7)","v":0},{"v":0,"d":"0.00"}]
[{"$nulls":11},{"$f":"SUM(J7*K7)","v":0},{"$nulls":3},{"$f":"SUM(L7)","v":0},null,{"$f":"SUM(P7-Q7)","v":0},{"v":0,"d":"0.00"}]
["荣桓中学",{"$nulls":10},{"$f":"SUM(L9)","v":{"v":40000,"d":"40,000"}},{"$nulls":3},{"$f":"SUM(P9)","v":{"v":40000,"d":"40,000"}},{"$f":"SUM(Q9)","v":{"v":40000,"d":"40,000"}},{"$f":"SUM(R9)","v":0},{"v":0,"d":"0.00"},692,343,null,300,400,{"$f":"800+300","v":1100},{"$f":"SUM(T8*W8+U8*X8+V8*Y8)*2*0.3","v":{"v":206880,"d":"206,880"}},{"$f":"SUM(Z8-P8)","v":{"v":166880,"d":"166,880"}}]
[1,"荣桓",null,"荣桓中学","校园文化建设",{"$nulls":3},"平方米",800,50,{"$f":"SUM(J9*K9)","v":40000},"自主采购",null,"2019、7",{"v":40000,"d":"40,000"},{"v":40000,"d":"40,000"},{"$f":"SUM(P9-Q9)","v":0},{"v":0,"d":"0.00"}]
["荣桓完小",{"$nulls":10},{"$f":"SUM(L11:L18)","v":{"v":156900,"d":"156,900"}},{"$nulls":3},{"$f":"SUM(P11:P18)","v":{"v":156900,"d":"156,900"}},{"$f":"SUM(Q11:Q18)","v":{"v":156900,"d":"156,900"}},{"$f":"SUM(R11:R18)","v":0},{"v":0,"d":"0.00"},692,343,null,300,400,{"$f":"800+300","v":1100},{"$f":"SUM(T10*W10+U10*X10+V10*Y10)*2*0.3","v":{"v":206880,"d":"206,880"}},{"$f":"SUM(Z10-P10)","v":{"v":49980,"d":"49,980"}}]
[1,"荣桓",null,"荣桓完小","教学楼电路改造",null,"维修","教学楼电路改造","平方米",40,125,{"$f":"SUM(J11*K11)","v":5000},"自主采购",null,"2019、5",{"$f":"SUM(L11)","v":{"v":5000,"d":"5,000"}},{"v":5000,"d":"5,000"},{"$f":"SUM(P11-Q11)","v":0},{"v":0,"d":"0.00"}]
[2,"荣桓",null,"荣桓完小","行政办公室维修",null,"维修","行政办公室维修","平方米",150,200,30000,"自主采购",null,"2019、7",{"v":30000,"d":"30,000"},{"v":30000,"d":"30,000"},0,{"v":0,"d":"0.00"}]
[3,"荣桓",null,"荣桓完小","综合楼换门",null,"添置","综合楼功能室换门","条",1200,12,14400,"自主采购",null,"2019、8",{"v":14400,"d":"14,400"},{"v":14400,"d":"14,400"},0,{"v":0,"d":"0.00"}]
[4,"荣桓",null,"荣桓完小","网络维护",null,"维修","学校网络维护","年",20000,1,20000,"自主采购",null,"2019、5",{"v":20000,"d":"20,000"},{"v":20000,"d":"20,000"},0,{"v":0,"d":"0.00"}]
[5,"荣桓",null,"荣桓完小","教师办公室添置空调",null,"添置","台","台",4000,6,24000,"自主采购",null,"2019、7",{"v":24000,"d":"24,000"},{"v":24000,"d":"24,000"},0,{"v":0,"d":"0.00"}]
[6,"荣桓",null,"荣桓完小","围墙维修",null,"维修","围墙维修","平方米",500,35,17500,"自主采购",null,"2019、8",{"v":17500,"d":"17,500"},{"v":17500,"d":"17,500"},0,{"v":0,"d":"0.00"}]
[7,"荣桓",null,"荣桓完小","教师办公电脑、打印机",null,"添置","电脑添置","台",5000,6,30000,"自主采购",null,"2019、5",{"v":30000,"d":"30,000"},{"v":30000,"d":"30,000"},0,{"v":0,"d":"0.00"}]
[8,"荣桓",null,"荣桓完小","行政办公室添置空调",null,"添置","空调添置","台",4000,4,16000,"自主采购",null,"2019、7",{"v":16000,"d":"16,000"},{"v":16000,"d":"16,000"},0,{"v":0,"d":"0.00"}]
["鱼形完小",{"$nulls":10},{"$f":"SUM(L20:L21)","v":{"v":38000,"d":"38,000"}},{"$nulls":3},{"$f":"SUM(P20:P21)","v":{"v":38000,"d":"38,000"}},{"$f":"SUM(Q20:Q21)","v":{"v":38000,"d":"38,000"}},{"$f":"SUM(R20:R21)","v":0},{"v":0,"d":"0.00"},692,343,null,300,400,{"$f":"800+300","v":1100},{"$f":"SUM(T19*W19+U19*X19+V19*Y19)*2*0.3","v":{"v":206880,"d":"206,880"}},{"$f":"SUM(Z19-P19)","v":{"v":168880,"d":"168,880"}}]
[1,"荣桓",null,"鱼形完小","网络维护及设备维修添置",null,"维修","网络及电脑维护，添置","年",18000,1,{"$f":"SUM(J20*K20)","v":18000},"自主采购",null,2019.5,{"v":18000,"d":"18,000"},{"v":18000,"d":"18,000"},{"$f":"SUM(P20-Q20)","v":0},{"v":0,"d":"0.00"}]
[2,"荣桓",null,"鱼形完小","校园电力改造",null,"改造","配电房新建，500米线路改造","平方米",40,500,{"$f":"SUM(J21*K21)","v":20000},"自主采购",null,2019.8,{"v":20000,"d":"20,000"},{"v":20000,"d":"20,000"},{"$f":"SUM(P21-Q21)","v":0},{"v":0,"d":"0.00"}]
["船湾完小",{"$nulls":10},{"$f":"SUM(L23:L24)","v":{"v":42300,"d":"42,300"}},{"$nulls":3},{"$f":"SUM(P23:P24)","v":{"v":42300,"d":"42,300"}},{"$f":"SUM(Q23:Q24)","v":{"v":42300,"d":"42,300"}},{"$f":"SUM(R23:R24)","v":0},{"v":0,"d":"0.00"},692,343,null,300,400,{"$f":"800+300","v":1100},{"$f":"SUM(T22*W22+U22*X22+V22*Y22)*2*0.3","v":{"v":206880,"d":"206,880"}},{"$f":"SUM(Z22-P22)","v":{"v":164580,"d":"164,580"}}]
[1,"荣桓",null,"船湾完小","更换教室门",null,"维修","教学楼3楼6条门急需更换为不锈钢门","条",1200,6,{"$f":"SUM(J23*K23)","v":7200},"自主采购",null,2019.4,{"$f":"SUM(L23)","v":{"v":7200,"d":"7,200"}},{"v":7200,"d":"7,200"},{"$f":"SUM(P23-Q23)","v":0},{"v":0,"d":"0.00"}]
[2,"荣桓",null,"船湾完小","功能室屋顶维修",null,"维修","更换功能室屋顶瓦及下水道管，粉刷女儿墙","平 方米",260,135,{"$f":"SUM(J24*K24)","v":35100},"自主采购",null,2019.11,{"$f":"SUM(L24)","v":{"v":35100,"d":"35,100"}},{"v":35100,"d":"35,100"},{"$f":"SUM(P24-Q24)","v":0},{"v":0,"d":"0.00"}]

{"sheet":"19三樟","index":20,"n_rows":59,"n_cols":27,"rows_kept":59,"hidden":true,"merged":[[0,0,0,4],[1,0,1,17],[2,0,3,0],[2,1,3,1],[2,2,3,2],[2,3,3,3],[2,4,3,4],[2,5,3,5],[2,6,3,6],[2,7,3,7],[2,8,3,8],[2,9,3,9],[2,10,3,10],[2,11,3,11],[2,12,3,12],[2,13,3,13],[2,14,3,14],[2,15,2,17],[2,19,2,21],[2,22,2,24],[4,0,4,4],[5,0,5,4],[15,0,15,4],[22,0,22,4],[26,0,26,4],[39,0,39,4],[42,0,42,4],[52,0,52,4]]}
["附表二"]
["   2020年衡东县教育系统政府采购计划表"]
["序号","乡",null,"学校名称","采购项目名称","采购项目编码","采购类别","采购项目简述（主要参数）","规格型号","参考\n单价","采购数量","采购预算\n资金合计","拟采用采购方式","采购方式","计划采购时间","资金来源（元）",{"$nulls":3},"学生",null,null,"标准",null,null,"公用经费40%\n合计","40%节余"]
[{"$nulls":15},"合计","预算内资金","其他资金",null,"小学","初中","高中","小学","初中","省示范高中800\n市示范高中640"]
["三樟教育管理服务中心",{"$nulls":10},{"$f":"L6+L16+L23+L27+L40+L43+L53","v":{"v":438119,"d":"438,119"}},{"$nulls":3},{"$f":"P6+P16+P23+P27+P40+P43+P53","v":{"v":438119,"d":"438,119"}},{"$f":"Q6+Q16+Q23+Q27+Q40+Q43+Q53","v":{"v":438119,"d":"438,119"}},null,{"$f":"S6+S16+S23+S27+S40","v":0},1653,362,0,{"$f":"600*0.4","v":240},{"$f":"800*0.4","v":320},640,{"$f":"SUM(T5*W5+U5*X5+V5*Y5)","v":{"v":512560,"d":"512,560"}},{"$f":"SUM(T5*W5+U5*X5+V5*Y5-P5)","v":{"v":74441,"d":"74,441"}}]
["三樟大桥中学学",{"$nulls":10},{"$f":"SUM(L7:L15)","v":{"v":40400,"d":"40,400"}},{"$nulls":3},{"$f":"SUM(P7:P15)","v":{"v":40400,"d":"40,400"}},{"$f":"SUM(Q7:Q15)","v":{"v":40400,"d":"40,400"}},null,null,692,343,null,300,400,{"$f":"800+300","v":1100},{"$f":"SUM(T6*W6+U6*X6+V6*Y6)*2*0.3","v":{"v":206880,"d":"206,880"}},{"$f":"SUM(Z6-P6)","v":{"v":166480,"d":"166,480"}}]
[1,"三樟",null,"三樟大桥中学","办公电脑","A0201060102",null,"台式机","台",3500,1,{"$f":"SUM(J7*K7)","v":3500},"自主采购",null,2019.3,{"$f":"SUM(L7)","v":{"v":3500,"d":"3,500"}},{"v":3500,"d":"3,500"}]
[2,"三樟",null,"三樟大桥中学","屋面防水","B08",null,"门卫室，教学楼","平米",63,100,6300,"自主采购",null,2019.4,{"v":6300,"d":"6,300"},{"v":6300,"d":"6,300"}]
[3,"三樟",null,"三樟大桥中学","维修","B08",null,"厨房三防设施、水电改造","平米",30,170,5100,"自主采购",null,2019.5,{"v":5100,"d":"5,100"},{"v":5100,"d":"5,100"}]
[4,"三樟",null,"三樟大桥中学","沟圳维修","B08",null,"厨房周边","平米",30,70,2100,"自主采购",null,2019.5,{"v":2100,"d":"2,100"},{"v":2100,"d":"2,100"}]
[5,"三樟",null,"三樟大桥中学","田径场维修","B08",null,"跑道清理、除排水设施维护","米",30,140,4200,"自主采购",null,2019.5,{"$f":"SUM(L11)","v":{"v":4200,"d":"4,200"}},{"v":4200,"d":"4,200"}]
[6,"三樟",null,"三樟大桥中学","维修","B08",null,"学生课桌椅","套",50,100,5000,"自主采购",null,2019.8,{"$f":"SUM(L12)","v":{"v":5000,"d":"5,000"}},{"v":5000,"d":"5,000"}]
[7,"三樟",null,"三樟大桥中学","维修","B08",null,"教师多媒体设备","套",840,5,4200,"自主采购",null,2019.9,{"$f":"SUM(L13)","v":{"v":4200,"d":"4,200"}},{"v":4200,"d":"4,200"}]
[8,"三樟",null,"三樟大桥中学","维修","B08",null,"劳动实践基地","平 方",30,100,3000,"自主采购",null,2019.8,{"$f":"SUM(L14)","v":{"v":3000,"d":"3,000"}},{"v":3000,"d":"3,000"}]
[9,"三樟",null,"三樟大桥中学","设备采购",null,null,"办公室打印机、电脑","台",3500,2,7000,"自主采购",null,2019.1,{"$f":"SUM(L15)","v":{"v":7000,"d":"7,000"}},{"v":7000,"d":"7,000"}]
["三樟树中学",{"$nulls":10},{"$f":"SUM(L17:L22)","v":{"v":56000,"d":"56,000"}},{"$nulls":3},{"$f":"SUM(P17:P22)","v":{"v":56000,"d":"56,000"}},{"$f":"SUM(Q17:Q22)","v":{"v":56000,"d":"56,000"}},{"$f":"SUM(P16-Q16)","v":0},null,424,null,null,300,400,{"$f":"800+300","v":1100},{"$f":"SUM(T16*W16+U16*X16+V16*Y16)*2*0.3","v":{"v":76320,"d":"76,320"}},{"$f":"SUM(Z16-P16)","v":{"v":20320,"d":"20,320"}}]
[1,"三樟",null,"三樟树中学","教学楼水电维修","B07","维修工程","灯具，铜线、水管、开关、线槽等","间",500,16,{"$f":"SUM(J17*K17)","v":8000},"自主采购",null,2019.04,{"v":8000,"d":"8,000"},{"v":8000,"d":"8,000"}]
[2,"三樟",null,"三樟树中学","宿舍楼、食堂水电维修","B07","维修工程","灯具，铜线、水管、开关、线槽等","间",500,30,15000,"招标承包",null,2019.06,{"v":15000,"d":"15,000"},{"v":15000,"d":"15,000"}]
[3,"三樟",null,"三樟树中学","实验楼墙壁维修","B08","修缮工程","砂石油漆等建筑装饰材料","平方",100,50,5000,"招标承包",null,2019.07,{"v":5000,"d":"5,000"},{"v":5000,"d":"5,000"}]
[4,"三樟",null,"三樟树中学","办公室、教师住房维修","B08","修缮工程","砂石油漆灯具水管等建筑装饰材料","平方",200,70,14000,"招标承包",null,2019.09,{"v":14000,"d":"14,000"},{"v":14000,"d":"14,000"}]
[5,"三樟",null,"三樟树中学","教室墙壁地面维修","B08","修缮工程","砂石油漆瓷片等建筑装饰材料","平方",100,60,6000,"招标承包",null,2019.11,{"v":6000,"d":"6,000"},{"v":6000,"d":"6,000"}]
[6,"三樟",null,"三樟树中学","围墙、操场地面维修","B08","修缮工程","砂石、钢材等建筑材料","平方",100,80,8000,"招标承包",null,2019.12,{"v":8000,"d":"8,000"},{"v":8000,"d":"8,000"}]
["柴山洲完小",{"$nulls":10},{"$f":"SUM(L24:L26)","v":{"v":66400,"d":"66,400"}},{"$nulls":3},{"$f":"SUM(P24:P26)","v":{"v":66400,"d":"66,400"}},{"$f":"SUM(Q24:Q26)","v":{"v":66400,"d":"66,400"}}]
[1,"三樟",null,"柴山洲完小","路灯","B0608","新建","路灯","台",3000,3,{"$f":"SUM(J24*K24)","v":9000},"自主采购",null,2019.4,{"v":9000,"d":"9,000"},{"v":9000,"d":"9,000"}]
[2,"三樟",null,"柴山洲完小","教学楼屋面维修","B08","维修","教学楼屋面维修","平方米",500,50,{"$f":"SUM(J25*K25)","v":25000},"自主采购",null,2019.6,{"v":25000,"d":"25,000"},{"v":25000,"d":"25,000"}]
[3,"三樟",null,"柴山洲完小","教学楼维修翻新","B08","维修","教学楼维修翻新","平方米",18,1800,{"$f":"SUM(J26*K26)","v":32400},"自主采购",null,2019.8,{"v":32400,"d":"32,400"},{"v":32400,"d":"32,400"}]
["大桥完全小学",{"$nulls":10},{"$f":"SUM(L28:L39)","v":{"v":80700,"d":"80,700"}},{"$nulls":3},{"$f":"SUM(P28:P39)","v":{"v":80700,"d":"80,700"}},{"$f":"SUM(Q28:Q39)","v":{"v":80700,"d":"80,700"}}]
[1,"三樟",null,"大桥完全小学","空调","B0606","物资","教室用空调格力大3匹","台",5700,3,{"$f":"SUM(J28*K28)","v":17100},"自主采购",null,"2019-05-01",{"v":17100,"d":"17,100"},{"v":17100,"d":"17,100"}]
[2,"三樟",null,"大桥完全小学","窗帘","B0705","物资","双层窗帘布窗帘","平方米",750,6,4500,"自主采购",null,"2019-05-02",{"v":4500,"d":"4,500"},{"v":4500,"d":"4,500"}]
[3,"三樟",null,"大桥完全小学","平板灯","B0608","物资","教室用LED灯","台",350,12,4200,"自主采购",null,"2019-05-03",{"v":4200,"d":"4,200"},{"v":4200,"d":"4,200"}]
[4,"三樟",null,"大桥完全小学","一体机","A0201060102","物资","教学一体机","台",12000,1,12000,"自主采购",null,"2019-05-04",{"v":12000,"d":"12,000"},{"v":12000,"d":"12,000"}]
[5,"三樟",null,"大桥完全小学","网络费","A0208","物资","光钎年费","100兆",10000,1,10000,"自主采购",null,"2019-05-05",{"v":10000,"d":"10,000"},{"v":10000,"d":"10,000"}]
[6,"三樟",null,"大桥完全小学","水电维修","B07","工程","学校水电维修","平方米",200,30,6000,"自主采购",null,"2019-10-06",{"v":6000,"d":"6,000"},{"v":6000,"d":"6,000"}]
[7,"三樟",null,"大桥完全小学","打印纸","A0901","物资","泰格打印纸","A4纸",200,20,4000,"自主采购",null,"2019-10-07",{"v":4000,"d":"4,000"},{"v":4000,"d":"4,000"}]
[8,"三樟",null,"大桥完全小学","硒鼓","A0902","物资","惠普硒鼓","惠普M1005",300,10,3000,"自主采购",null,"2019-10-08",{"v":3000,"d":"3,000"},{"v":3000,"d":"3,000"}]
[9,"三樟",null,"大桥完全小学","碳粉","A0902","物资","惠普惠普","惠普M1005",75,20,1500,"自主采购",null,"2019-10-09",{"v":1500,"d":"1,500"},{"v":1500,"d":"1,500"}]
[10,"三樟",null,"大桥完全小学","打印机","A0201060102","物资","惠普","惠普M1005",1800,3,5400,"自主采购",null,"2019-10-10",{"v":5400,"d":"5,400"},{"v":5400,"d":"5,400"}]
[11,"三樟",null,"大桥完全小学","路灯","B0608","物资","校内安装路灯","祥瑞36V",4500,2,9000,"自主采购",null,"2019-10-11",{"v":9000,"d":"9,000"},{"v":9000,"d":"9,000"}]
[12,"三樟",null,"大桥完全小学","广告材料","A100203","物资","学校横幅标语等","泰普斯",4000,1,4000,"自主采购",null,"2019-10-12",{"v":4000,"d":"4,000"},{"v":4000,"d":"4,000"}]
["黄双联校",{"$nulls":10},{"$f":"SUM(L41:L42)","v":{"v":32000,"d":"32,000"}},{"$nulls":3},{"$f":"SUM(P41:P42)","v":{"v":32000,"d":"32,000"}},{"$f":"SUM(Q41:Q42)","v":{"v":32000,"d":"32,000"}}]
[1,"三樟",null,"黄双联校","校舍维修","B08",null,"教学楼雨棚铺沥青及更换下水管","平方米",400,40,{"$f":"SUM(J41*K41)","v":16000},"自主采购",null,"2019-06-01",{"v":16000,"d":"16,000"},{"v":16000,"d":"16,000"}]
[2,"三樟",null,"黄双联校","宿舍楼维修","B08",null,"宿舍楼雨棚铺沥青及更换下水管","平方米",400,40,{"$f":"SUM(J42*K42)","v":16000},"自主采购",null,"2019年10",{"v":16000,"d":"16,000"},{"v":16000,"d":"16,000"}]
["和平完小",{"$nulls":10},{"$f":"SUM(L44:L52)","v":{"v":40239,"d":"40,239"}},{"$nulls":3},{"$f":"SUM(P44:P52)","v":{"v":40239,"d":"40,239"}},{"$f":"SUM(Q44:Q52)","v":{"v":40239,"d":"40,239"}}]
[1,"三樟",null,"和平完小","打印机","A0201060102",null,"打印机","台",1839,1,{"$f":"SUM(J44*K44)","v":1839},"政府采购",null,2019.3,{"v":1839,"d":"1,839"},{"v":1839,"d":"1,839"}]
[2,"三樟",null,"和平完小","校园广播音响",null,null,"校园广播音响","套",4800,1,4800,"政府采购",null,2019.4,{"v":4800,"d":"4,800"},{"v":4800,"d":"4,800"}]
[3,"三樟",null,"和平完小","学生宿舍门、栏杆更换","B08",null,"学生宿舍门、栏杆更换","平 方",200,18,3600,"政府采购",null,2019.4,{"v":3600,"d":"3,600"},{"v":3600,"d":"3,600"}]
[4,"三樟",null,"和平完小","屋面防水","B08",null,"屋面防水","平 方",60,100,6000,"政府采购",null,2019.5,{"v":6000,"d":"6,000"},{"v":6000,"d":"6,000"}]
[5,"三樟",null,"和平完小","电脑、打印机","A0201060102",null,"电脑、打印机","台",5800,1,5800,"政府采购",null,2019.9,{"v":5800,"d":"5,800"},{"v":5800,"d":"5,800"}]
[6,"三樟",null,"和平完小","立式空调","B0606",null,"立式空调","台",5000,1,5000,"政府采购",null,2019.9,{"v":5000,"d":"5,000"},{"v":5000,"d":"5,000"}]
[7,"三樟",null,"和平完小","校园四周沟圳维护清理",null,null,"校园四周沟圳维护清理","米",300,10,3000,"政府采购",null,2019.9,{"v":3000,"d":"3,000"},{"v":3000,"d":"3,000"}]
[8,"三樟",null,"和平完小","净水器",null,null,"净水器","台",4200,2,8400,"政府采购",null,2019.9,{"v":8400,"d":"8,400"},{"v":8400,"d":"8,400"}]
[9,"三樟",null,"和平完小","阳光台","B08",null,"阳光台","台",1800,1,1800,"政府采购",null,2019.9,{"v":1800,"d":"1,800"},{"v":1800,"d":"1,800"}]
["三樟树完小",{"$nulls":10},{"$f":"SUM(L54:L59)","v":{"v":122380,"d":"122,380"}},{"$nulls":3},{"$f":"SUM(P54:P59)","v":{"v":122380,"d":"122,380"}},{"$f":"SUM(Q54:Q59)","v":{"v":122380,"d":"122,380"}}]
[1,"三樟",null,"三樟树完小","食堂外侧雨棚","B08","维修","食堂外侧雨棚","平方米",198,150,{"$f":"SUM(J54*K54)","v":29700},"自主采购",null,"2019-03-01",{"v":29700,"d":"29,700"},{"v":29700,"d":"29,700"}]
[2,"三樟",null,"三樟树完小","柏山楼室内地面防水维修","B08","维修","柏山楼室内地面防水维修","平方米",110,200,22000,"自主采购",null,"2019-06-01",{"v":22000,"d":"22,000"},{"v":22000,"d":"22,000"}]
[3,"三樟",null,"三樟树完小","日常水电维修等","B08","维修","日常水电维修等","平方米",40,240,9600,"自主采购",null,"2019-06-01",{"v":9600,"d":"9,600"},{"v":9600,"d":"9,600"}]
[4,"三樟",null,"三樟树完小","老教学楼地面维修","B08","维修","老教学楼地面维修","平方米",102,315,32130,"自主采购",null,"2019-07-01",{"v":32130,"d":"32,130"},{"v":32130,"d":"32,130"}]
[5,"三樟",null,"三樟树完小","校园文化建设设施新建安装","B08","新建","校园文化建设设施新建安装","套",2150,9,19350,"自主采购",null,"2019-09-01",{"v":19350,"d":"19,350"},{"v":19350,"d":"19,350"}]
[6,"三樟",null,"三樟树完小","日常水电维修等","B08","维修","日常水电维修等","平方米",40,240,9600,"自主采购",null,"2019-09-01",{"v":9600,"d":"9,600"},{"v":9600,"d":"9,600"}]

{"sheet":"20石滩","index":21,"n_rows":46,"n_cols":27,"rows_kept":46,"hidden":true,"merged":[[0,0,0,4],[1,0,1,17],[2,0,3,0],[2,1,3,1],[2,2,3,2],[2,3,3,3],[2,4,3,4],[2,5,3,5],[2,6,3,6],[2,7,3,7],[2,8,3,8],[2,9,3,9],[2,10,3,10],[2,11,3,11],[2,12,3,12],[2,13,3,13],[2,14,3,14],[2,15,2,17],[2,19,2,21],[2,22,2,24],[4,0,4,4],[5,0,5,4],[6,0,6,4],[14,0,14,4],[18,0,18,4],[25,0,25,4],[32,0,32,4],[36,0,36,4]]}
["附表二"]
["   2020年衡东县教育系统政府采购计划表"]
["序号","乡",null,"学校名称","采购项目名称","采购项目编码","采购类别","采购项目简述（主要参数）","规格型号","参考\n单价","采购数量","采购预算\n资金合计","拟采用采购方式","采购方式","计划采购时间","资金来源（元）",{"$nulls":3},"学生",null,null,"标准",null,null,"公用经费40%\n合计","40%节余"]
[{"$nulls":15},"合计","预算内资金","其他资金",null,"小学","初中","高中","小学","初中","省示范高中800\n市示范高中640"]
["石滩乡汇总",{"$nulls":10},{"$f":"L7+L15+L19+L26+L33+L37","v":{"v":480590,"d":"480,590"}},{"$nulls":3},{"$f":"P7+P15+P19+P26+P33+P37","v":{"v":480590,"d":"480,590"}},{"$f":"Q7+Q15+Q19+Q26+Q33+Q37","v":{"v":480590,"d":"480,590"}},null,null,1748,638,0,{"$f":"600*0.4","v":240},{"$f":"800*0.4","v":320},640,{"$f":"SUM(T5*W5+U5*X5+V5*Y5)","v":{"v":623680,"d":"623,680"}},{"$f":"SUM(T5*W5+U5*X5+V5*Y5-P5)","v":{"v":143090,"d":"143,090"}}]
["石滩教育管理服务中心",{"$nulls":10},{"$f":"L5","v":{"v":480590,"d":"480,590"}},{"$nulls":3},{"$f":"P5","v":{"v":480590,"d":"480,590"}},{"$f":"Q5","v":{"v":480590,"d":"480,590"}}]
["真塘中学",{"$nulls":10},{"$f":"SUM(L8:L14)","v":{"v":112630,"d":"112,630"}},{"$nulls":3},{"$f":"SUM(P8:P14)","v":{"v":112630,"d":"112,630"}},{"$f":"SUM(Q8:Q14)","v":{"v":112630,"d":"112,630"}}]
[1,"石滩乡",null,"真塘中学","广播室维修",null,"自主采购","广播室维修","套",2430,1,{"$f":"J8*K8","v":2430},"自主采购",null,2019.3,2430,2430]
[2,"石滩乡",null,"真塘中学","移动白板",null,"自主采购","移动白板","套",8400,3,25200,"自主采购",null,2019.4,25200,25200]
[3,"石滩乡",null,"真塘中学","电子显示屏",null,"自主采购","电子显示屏","台",7000,1,7000,"自主采购",null,2019.4,7000,7000]
[4,"石滩乡",null,"真塘中学","屋顶防漏",null,"自主采购","屋顶防漏","平方",500,40,20000,"自主采购",null,2019.5,{"$f":"SUM(L11)","v":20000},20000]
[5,"石滩乡",null,"真塘中学","移动光纤",null,"自主采购","移动光纤","条",10000,1,10000,"自主采购",null,2019.6,{"$f":"SUM(L12)","v":10000},10000]
[6,"石滩乡",null,"真塘中学","外线改造",null,"自主采购","外线改造","平方",500,30,15000,"自主采购",null,2019.1,{"$f":"SUM(L13)","v":15000},15000]
[7,"石滩乡",null,"真塘中学","校园文化建设",null,"自主采购","校园文化建设","平方",300,110,33000,"自主采购",null,2019.11,{"$f":"SUM(L14)","v":33000},33000]
["石滩中学",{"$nulls":10},{"$f":"SUM(L16:L18)","v":{"v":38000,"d":"38,000"}},{"$nulls":3},{"$f":"SUM(P16:P18)","v":{"v":38000,"d":"38,000"}},{"$f":"SUM(Q16:Q18)","v":{"v":38000,"d":"38,000"}}]
[1,"石滩乡",null,"石滩中学","跑道、校舍及水电维修",null,"自主采购","跑道、校舍及水电维修","平方",500,40,{"$f":"J16*K16","v":20000},"自主采购",null,"2019.上及2019.下",20000,20000]
[2,"石滩乡",null,"石滩中学","网费",null,"自主采购","网费","年",10000,1,{"$f":"J17*K17","v":10000},"自主采购",null,"2019.上及2019.下",{"$f":"SUM(L17)","v":10000},10000]
[3,"石滩乡",null,"石滩中学","校园文化建设",null,"自主采购","各功能室、校园及教室","平方",400,20,{"$f":"J18*K18","v":8000},"自主采购",null,"2019.上及2020.下",8000,8000]
["真塘完小",{"$nulls":10},{"$f":"L20+L21+L22+L23+L24+L25","v":161760},{"$nulls":3},161760,{"$f":"SUM(Q20:Q25)","v":161760}]
[1,"石滩乡",null,"真塘完小","老综合楼楼顶防水",null,"自行采购","SBS防水维修","平方",60,456,{"$f":"SUM(J20*K20)","v":27360},"自行采购",null,"2019-03-01",27360,27360]
[2,"石滩乡",null,"真塘完小","班班通、监控",null,"政府采购","办公局域网、广播、监控综合布线，监控安防主要设备","平方",660,100,66000,"政府采购",null,"2019-05-01",66000,66000]
[3,"石滩乡",null,"真塘完小","零星维修",null,"自行采购","宣传栏、水泥地坪、沟盖板、货架、水电等","平方",500,26,13000,"自行采购",null,"2019-08-01",13000,13000]
[4,"石滩乡",null,"真塘完小","校园文化建设",null,"自行采购","窗帘安装、铁门油漆、围墙修补翻新、印刷","平方",500,44,22000,"自行采购",null,"2019-08-01",22000,22000]
[5,"石滩乡",null,"真塘完小","新建垃圾池及停车坪",null,"自行采购","新建3M长，2.5M宽，1.2M高垃圾池内外粉刷。停车坪平整场地，新铺8CM厚碎石等。详见合同","平方",520,45,23400,"自行采购",null,"2019-08-01",23400,23400]
[6,"石滩乡",null,"真塘完小","网络使用费",null,"自行采购","学校2019年网络使用费","100M",10000,1,10000,"自行采购",null,"2019-08-01",10000,10000]
["新虎小学",{"$nulls":10},{"$f":"L27+L28+L29+L30+L31+L32","v":43200},{"$nulls":3},43200,{"$f":"SUM(Q27:Q32)","v":43200}]
[1,"石滩乡",null,"新虎小学","校舍维修",null,"自主采购","教学楼铁棚加固、更换水桶和水管","平方",400,20,{"$f":"SUM(J27*K27)","v":8000},"自主采购",null,2019.3,8000,8000]
[2,"石滩乡",null,"新虎小学","劳务费",null,"自主采购","清理厕所、垃圾处理","平方",400,12,4800,"自主采购",null,2019.3,4800,4800]
[3,"石滩乡",null,"新虎小学","教学楼粉刷",null,"自主采购","教室、办公室、走廊粉刷","平方",15,1280,19200,"自主采购",null,2019.9,19200,19200]
[4,"石滩乡",null,"新虎小学","网费、网络维修",null,"自主采购","网费、网络维修","平方",500,10,5000,"自主采购",null,2019.12,5000,5000]
[5,"石滩乡",null,"新虎小学","净水器维修",null,"自主采购","水泵、及零件","平方",1200,1,1200,"自主采购",null,2019.3,1200,1200]
[6,"石滩乡",null,"新虎小学","校园绿化",null,"自主采购","校门前荒地整理，埋下水管道","平方",500,10,5000,"自主采购",null,2019.4,5000,5000]
["真陂小学",{"$nulls":10},{"$f":"L34+L35+L36","v":21000},{"$nulls":3},21000,{"$f":"SUM(Q34:Q36)","v":21000}]
[1,"石滩乡",null,"真陂小学","校舍维修",null,"自主采购","换门窗、校门口及围墙","平方",500,14,{"$f":"SUM(J34*K34)","v":7000},"自主采购",null,2019.4,7000,7000]
[2,"石滩乡",null,"真陂小学","校舍维修",null,"自主采购","教学楼翻新","平方",400,10,{"$f":"SUM(J35*K35)","v":4000},"自主采购",null,2019.5,4000,4000]
[3,"石滩乡",null,"真陂小学","校园文化建设",null,"自主采购","各功能室、校园及教室","平方",500,20,{"$f":"SUM(J36*K36)","v":10000},"自主采购",null,2019.9,10000,10000]
["石滩完小",{"$nulls":10},{"$f":"SUM(L38:L46)","v":104000},{"$nulls":3},{"$f":"SUM(P38:P46)","v":104000},{"$f":"SUM(Q38:Q46)","v":104000}]
[2,"石滩乡",null,"石滩完小","校园网络维护","A020102","自主采购","100M光纤，校园网络系统维护","年",10000,1,10000,"自主采购",null,"2019-12-01",10000,10000]
[3,"石滩乡",null,"石滩完小","垃圾处理","B08","自主采购","垃圾外运","年",7000,1,7000,"自主采购",null,"2019-10-01",7000,7000]
[4,"石滩乡",null,"石滩完小","零星维修","W03","自主采购","水电、门窗维修","平方",500,400,20000,"自主采购",null,"2019年全年",20000,20000]
[5,"石滩乡",null,"石滩完小","扫把、灰斗等","A9901","自主采购","竹扫把300个、灰斗50个，棕扫把50个，拖把30个","个",18,400,7000,"自主采购",null,"2019年全年",7000,7000]
[6,"石滩乡",null,"石滩完小","印刷品",null,"自主采购","资料印刷一批","张",1,20000,20000,"自主采购",null,"2019年全年",20000,20000]
[7,"石滩乡",null,"石滩完小","办公用品","H04","自主采购","办公用品","个",5,3000,15000,"自主采购",null,"2019年全年",15000,15000]
[8,"石滩乡",null,"石滩完小","打印机",null,"自主采购","惠普1005","台",2000,3,6000,"自主采购",null,"2019-05-01",6000,6000]
[9,"石滩乡",null,"石滩完小","教室安装电风扇",null,"自主采购","教室安装电风扇","台",250,60,15000,"自主采购",null,"2019-05-01",15000,15000]
[10,"石滩乡",null,"石滩完小","食堂锅炉更换烟窗",null,"自主采购","食堂锅炉更换烟窗","米",500,8,4000,"自主采购",null,"2019-04-01",4000,4000]

{"sheet":"21石湾","index":22,"n_rows":50,"n_cols":27,"rows_kept":50,"hidden":true,"merged":[[0,0,0,4],[1,0,1,17],[2,0,3,0],[2,1,3,1],[2,2,3,2],[2,3,3,3],[2,4,3,4],[2,5,3,5],[2,6,3,6],[2,7,3,7],[2,8,3,8],[2,9,3,9],[2,10,3,10],[2,11,3,11],[2,12,3,12],[2,13,3,13],[2,14,3,14],[2,15,2,17],[2,19,2,21],[2,22,2,24],[4,0,4,4],[5,0,5,4],[21,0,21,4],[39,0,39,4],[45,0,45,4]]}
["附表二"]
["   2020年衡东县教育系统政府采购计划表"]
["序号","乡",null,"学校名称","采购项目名称","采购项目编码","采购类别","采购项目简述（主要参数）","规格型号","参考\n单价","采购数量","采购预算\n资金合计","拟采用采购方式","采购方式","计划采购时间","资金来源（元）",{"$nulls":3},"学生",null,null,"标准",null,null,"公用经费40%\n合计","40%节余"]
[{"$nulls":15},"合计","预算内资金","其他资金",null,"小学","初中","高中","小学","初中","省示范高中800\n市示范高中640"]
["石湾（乡）汇总",{"$nulls":10},{"$f":"L6+L22+L40+L46","v":672765},{"$nulls":3},{"$f":"P6+P22+P40+P46","v":{"v":672765,"d":"672,765"}},{"$f":"Q6+Q22+Q40+Q46","v":{"v":619065,"d":"619,065"}},{"$f":"R6+R22+R40+R46","v":{"v":53700,"d":"53,700"}},null,2401,195,0,{"$f":"600*0.4","v":240},{"$f":"800*0.4","v":320},640,{"$f":"SUM(T5*W5+U5*X5+V5*Y5)","v":{"v":638640,"d":"638,640"}},{"$f":"SUM(T5*W5+U5*X5+V5*Y5-P5)","v":{"v":-34125,"d":"-34,125"}}]
["石湾教育管理服务中心",{"$nulls":10},{"$f":"SUM(L7:L21)","v":79400},{"$nulls":3},{"$f":"SUM(P7:P21)","v":{"v":79400,"d":"79,400"}},{"$f":"SUM(Q7:Q21)","v":{"v":25700,"d":"25,700"}},{"$f":"SUM(R7:R21)","v":{"v":53700,"d":"53,700"}}]
[1,"石湾",null,"石湾教管中心","空调",null,"物资","立式、会议室添置","台",700,1,{"$f":"J7*K7","v":700},"询价采购",null,"2019-05-01",{"$f":"SUM(L7)","v":700},null,{"$f":"SUM(P7-Q7)","v":700}]
[2,"石湾",null,"石湾教管中心","网络费",null,"外包","网络费","年",6000,1,6000,"询价采购",null,"2019-07-01",{"v":6000,"d":"6,000"},null,{"v":6000,"d":"6,000"}]
[3,"石湾",null,"中心幼儿园","添置电脑",null,"物资","笔记本、台式电脑","台",3000,1,3000,"询价采购",null,"2019-04-02",{"v":3000,"d":"3,000"},null,{"v":3000,"d":"3,000"}]
[4,"石湾",null,"中心幼儿园","增压泵",null,"物资","增压泵","台",1000,1,1000,"询价采购",null,"2019-05-03",{"v":1000,"d":"1,000"},null,{"v":1000,"d":"1,000"}]
[5,"石湾",null,"中心幼儿园","室内外玩具添置",null,"物资","室内外玩具添置","套",5000,1,5000,"询价采购",null,"2019-05-01",{"v":5000,"d":"5,000"},null,{"v":5000,"d":"5,000"}]
[6,"石湾",null,"中心幼儿园","空调",null,"物资","空调","台",4000,4,16000,"询价采购",null,"2019-05-01",{"v":16000,"d":"16,000"},null,{"v":16000,"d":"16,000"}]
[7,"石湾",null,"中心幼儿园","平房瓦面维修",null,"维修","购买材料及维修人工费","平方",500,40,20000,"询价采购",null,"2019-08-01",{"v":20000,"d":"20,000"},null,{"v":20000,"d":"20,000"}]
[8,"石湾",null,"中心幼儿园","多媒体维护",null,"维修","购买材料及维修人工费","平方",2000,1,2000,"询价采购",null,"2019-10-01",{"v":2000,"d":"2,000"},null,{"v":2000,"d":"2,000"}]
[9,"石湾",null,"甲枣小学","网络费","B08","物资","网络费","年",2200,1,2200,"询价采购",null,"2019-02-02",{"v":2200,"d":"2,200"},{"v":2200,"d":"2,200"},null,2000]
[10,"石湾",null,"甲枣小学","升旗杆",null,"物资","购买材料及安装人工费","架",3000,1,3000,"询价采购",null,"2019-02-02",{"v":3000,"d":"3,000"},{"v":3000,"d":"3,000"}]
[11,"石湾",null,"甲枣小学","校舍维修","B08","外包","校门口路面硬化","平方",80,60,4800,"询价采购",null,"2019-03-03",{"v":4800,"d":"4,800"},{"v":4800,"d":"4,800"},null,4800]
[12,"石湾",null,"甲枣小学","校舍维修","B08","外包","幼儿班教室装修","平方",450,10,4500,"询价采购",null,"2019-03-04",{"v":4500,"d":"4,500"},{"v":4500,"d":"4,500"},null,4500]
[13,"石湾",null,"甲枣小学","电脑、打印机维护","B08","物资","电脑、打印机耗材","台",3200,1,3200,"自主采购",null,"2019-09-01",{"v":3200,"d":"3,200"},{"v":3200,"d":"3,200"},null,3200]
[14,"石湾",null,"甲枣小学","水电维修","B08","外包","水电维修","年",2000,1,2000,"自主采购",null,"2019-09-01",{"v":2000,"d":"2,000"},{"v":2000,"d":"2,000"},null,2000]
[15,"石湾",null,"甲枣小学","卫生费","C160101","外包","校园垃圾外运","年",6000,1,6000,"询价采购",null,"2019-11-02",{"v":6000,"d":"6,000"},{"v":6000,"d":"6,000"},null,6000]
["石湾完小学校",{"$nulls":10},{"$f":"SUM(L23:L39)","v":502985},{"$nulls":3},{"$f":"SUM(P23:P39)","v":{"v":502985,"d":"502,985"}},{"$f":"SUM(Q23:Q39)","v":{"v":502985,"d":"502,985"}},null,null,692,343,null,300,400,{"$f":"800+300","v":1100},{"$f":"SUM(T22*W22+U22*X22+V22*Y22)*2*0.3","v":{"v":206880,"d":"206,880"}},{"$f":"SUM(Z22-P22)","v":{"v":-296105,"d":"-296,105"}}]
[1,"石湾",null,"石湾完小","教室多媒体设备维修","B08","维修","购买配件及维修人工费","年",500,90,{"$f":"J23*K23","v":45000},"询价采购",null,"2019-03-01",{"$f":"SUM(L23)","v":{"v":45000,"d":"45,000"}},{"$f":"SUM(L23)","v":{"v":45000,"d":"45,000"}}]
[2,"石湾",null,"石湾完小","卫生费","C160101","外包","校园垃圾外运","年",30000,1,30000,"询价采购",null,"2019-03-01",{"$f":"SUM(L24)","v":{"v":30000,"d":"30,000"}},{"$f":"SUM(L24)","v":{"v":30000,"d":"30,000"}}]
[3,"石湾",null,"石湾完小","购买劳动工具",null,"物资","购买劳动工具","把",40,750,30000,"询价采购",null,"2019-03-01",{"$f":"SUM(L25)","v":{"v":30000,"d":"30,000"}},{"$f":"SUM(L25)","v":{"v":30000,"d":"30,000"}}]
[4,"石湾",null,"石湾完小","添置联想电脑","A02010104","物资","笔记本、台式电脑","T4900-I/4170",3980,10,39800,"询价采购",null,"2019-03-01",{"$f":"SUM(L26)","v":{"v":39800,"d":"39,800"}},{"$f":"SUM(L26)","v":{"v":39800,"d":"39,800"}}]
[5,"石湾",null,"石湾完小","添置打印机","A0201060102","物资","激光打印机","HP1005",1889,5,9445,"询价采购",null,"2019-03-01",{"$f":"SUM(L27)","v":{"v":9445,"d":"9,445"}},{"$f":"SUM(L27)","v":{"v":9445,"d":"9,445"}}]
[6,"石湾",null,"石湾完小","二校区地面及围墙除险、维修","B08","维修","购买材料及维修人工费","平方",400,30,12000,"询价采购",null,"2019-03-02",{"v":12000,"d":"12,000"},{"v":12000,"d":"12,000"}]
[7,"石湾",null,"石湾完小","购买空调",null,"物资","购买空调","台",3880,8,31040,"询价采购",null,"2019-06-01",{"$f":"SUM(L29)","v":{"v":31040,"d":"31,040"}},{"$f":"SUM(L29)","v":{"v":31040,"d":"31,040"}}]
[8,"石湾",null,"石湾完小","教师办公室、功能室等维修及改造","B08","维修","购买材料及改造人工费","平方",490,100,49000,"询价采购",null,"2019-07-01",{"$f":"SUM(L30)","v":{"v":49000,"d":"49,000"}},{"$f":"SUM(L30)","v":{"v":49000,"d":"49,000"}}]
[9,"石湾",null,"石湾完小","教室门窗维修及更换","B08","维修","购买材料及维修人工费","平方",500,70,35000,"询价采购",null,"2019-07-02",{"$f":"SUM(L31)","v":{"v":35000,"d":"35,000"}},{"$f":"SUM(L31)","v":{"v":35000,"d":"35,000"}}]
[10,"石湾",null,"石湾完小","一校区校园地下排污管道改造","B08","维修","购买材料及维修人工费","平方",500,20,10000,"询价采购",null,"2019-07-03",{"$f":"SUM(L32)","v":{"v":10000,"d":"10,000"}},{"$f":"SUM(L32)","v":{"v":10000,"d":"10,000"}}]
[11,"石湾",null,"石湾完小","一、二校区室外电路维修改造","B09","维修","购买材料及维修人工费","平方",500,30,15000,"询价采购",null,"2019-07-04",{"v":15000,"d":"15,000"},{"v":15000,"d":"15,000"}]
[12,"石湾",null,"石湾完小","校园舞台扩建","A010322","新建","购买材料及搭建人工费","平方",490,100,49000,"询价采购",null,"2019-08-03",{"$f":"SUM(L34)","v":{"v":49000,"d":"49,000"}},{"$f":"SUM(L34)","v":{"v":49000,"d":"49,000"}}]
[13,"石湾",null,"石湾完小","校园绿化、美化建设","C060204","新建","购买材料及搭建人工费","平方",500,90,45000,"询价采购",null,"2019-08-04",{"v":45000,"d":"45,000"},{"v":45000,"d":"45,000"}]
[14,"石湾",null,"石湾完小","一校区厕所与二校区化粪池、地下管道、水箱、电路维修","B08","维修","购买材料及维修人工费","平方",500,60,30000,"询价采购",null,"2019-08-05",{"v":30000,"d":"30,000"},{"v":30000,"d":"30,000"}]
[15,"石湾",null,"石湾完小","添置体育器材","C200499","物资","购买排球、足球、篮球、羽毛球等器材","个",200,200,40000,"询价采购",null,"2019-08-06",{"v":40000,"d":"40,000"},{"v":40000,"d":"40,000"}]
[16,"石湾",null,"石湾完小","添置办公桌、椅","A07030399","物资","木骨架为主桌椅类","名日D--22",1980,15,29700,"询价采购",null,"2019-08-07",{"v":29700,"d":"29,700"},{"v":29700,"d":"29,700"}]
[17,"石湾",null,"石湾完小","添置档案柜","A060599","物资","钢骨架铁皮","个",1000,3,3000,"询价采购",null,"2019-08-08",{"v":3000,"d":"3,000"},{"v":3000,"d":"3,000"}]
["石湾中学学校",{"$nulls":10},{"$f":"SUM(L41:L45)","v":45000},{"$nulls":3},{"v":45000,"d":"45,000"},{"$f":"SUM(Q41:Q45)","v":{"v":45000,"d":"45,000"}}]
[1,"石湾",null,"石湾中学","水电维收",null,"维修","购买材料及维修人工费","平方",8000,1,{"$f":"J41*K41","v":8000},"询价采购",null,"2019-06-01",{"v":8000,"d":"8,000"},{"v":8000,"d":"8,000"}]
[2,"石湾",null,"石湾中学","添置会议桌",null,"物资","教师会议室会议桌","张",20000,1,{"$f":"J42*K42","v":20000},"询价采购",null,"2019-06-01",{"v":20000,"d":"20,000"},{"v":20000,"d":"20,000"}]
[3,"石湾",null,"石湾中学","电脑网络维护",null,"外包","购买配件及维修人工费","年",8000,1,{"$f":"J43*K43","v":8000},"询价采购",null,"2019-07-01",{"$f":"SUM(L43)","v":{"v":8000,"d":"8,000"}},{"v":8000,"d":"8,000"}]
[4,"石湾",null,"石湾中学","水电维收",null,"维修","购买材料及维修人工费","年",6000,1,{"$f":"J44*K44","v":6000},"询价采购",null,"2019-10-01",{"$f":"SUM(L44)","v":{"v":6000,"d":"6,000"}},{"v":6000,"d":"6,000"}]
[5,"石湾",null,"石湾中学","添置电脑",null,"物资","台式电脑","台",3000,1,{"$f":"J45*K45","v":3000},"询价采购",null,"2019-11-01",{"$f":"SUM(L45)","v":{"v":3000,"d":"3,000"}},{"v":3000,"d":"3,000"}]
["石湾平里完小学校",{"$nulls":10},{"$f":"SUM(L47:L50)","v":45380},{"$nulls":3},{"$f":"SUM(P47:P50)","v":{"v":45380,"d":"45,380"}},{"$f":"SUM(Q47:Q50)","v":{"v":45380,"d":"45,380"}}]
[1,"石湾",null,"平里完小","老教学楼电路改造","A02061908","物资","电线、灯具","㎡",30,340,{"$f":"J47*K47","v":10200},"自主采购",null,"2019-04-02",{"v":10200,"d":"10,200"},{"v":10200,"d":"10,200"}]
[2,"石湾",null,"平里完小","学生宿舍屋顶维修","B08","维修","瓦面维修","㎡",40,252,{"$f":"J48*K48","v":10080},"自主采购",null,"2019-05-03",{"v":10080,"d":"10,080"},{"v":10080,"d":"10,080"}]
[3,"石湾",null,"平里完小","打水井","A12030103","新建","设备、工钱","㎡",300,70,{"$f":"J49*K49","v":21000},"自主采购",null,"2019-10-01",{"v":21000,"d":"21,000"},{"v":21000,"d":"21,000"}]
[4,"石湾",null,"平里完小","食堂屋顶维修","B08","维修","瓦面维修","㎡",41,100,{"$f":"J50*K50","v":4100},"自主采购",null,"2019-12-04",{"v":4100,"d":"4,100"},{"v":4100,"d":"4,100"}]

{"sheet":"22吴集","index":23,"n_rows":105,"n_cols":27,"rows_kept":105,"hidden":true,"merged":[[0,0,0,4],[1,0,1,17],[2,0,3,0],[2,1,3,1],[2,2,3,2],[2,3,3,3],[2,4,3,4],[2,5,3,5],[2,6,3,6],[2,7,3,7],[2,8,3,8],[2,9,3,9],[2,10,3,10],[2,11,3,11],[2,12,3,12],[2,13,3,13],[2,14,3,14],[2,15,2,17],[2,19,2,21],[2,22,2,24],[4,0,4,4],[5,0,5,4]]}
["附表二"]
["   2020年衡东县教育系统政府采购计划表"]
["序号","乡",null,"学校名称","采购项目名称","采购项目编码","采购类别","采购项目简述（主要参数）","规格型号","参考\n单价","采购数量","采购预算\n资金合计","拟采用采购方式","采购方式","计划采购时间","资金来源（元）",{"$nulls":3},"学生",null,null,"标准",null,null,"公用经费40%\n合计","40%节余"]
[{"$nulls":15},"合计","预算内资金","其他资金",null,"小学","初中","高中","小学","初中","省示范高中800\n市示范高中640"]
["XX学校（乡）汇总",{"$nulls":10},{"$f":"L6","v":{"v":669858,"d":"669,858"}},{"$nulls":3},{"$f":"P6","v":{"v":669858,"d":"669,858"}},{"$f":"Q6","v":{"v":669858,"d":"669,858"}},{"$f":"R6","v":0},null,2926,548,0,{"$f":"600*0.4","v":240},{"$f":"800*0.4","v":320},640,{"$f":"SUM(T5*W5+U5*X5+V5*Y5)","v":{"v":877600,"d":"877,600"}},{"$f":"SUM(T5*W5+U5*X5+V5*Y5-P5)","v":{"v":207742,"d":"207,742"}}]
["XX教育管理服务中心",{"$nulls":10},{"$f":"SUM(L7:L105)","v":{"v":669858,"d":"669,858"}},{"$nulls":3},{"$f":"SUM(P7:P105)","v":{"v":669858,"d":"669,858"}},{"$f":"SUM(Q7:Q105)","v":{"v":669858,"d":"669,858"}},{"$f":"SUM(R7:R105)","v":0}]
[1,"吴集",null,"教管中心","台式电脑",null,"办公用品","台式电脑","台",5500,3,{"$f":"SUM(J7*K7)","v":16500},"自主采购",null,"2019年下期",{"$f":"SUM(L7)","v":{"v":16500,"d":"16,500"}},{"v":16500,"d":"16,500"}]
[2,"吴集",null,"教管中心","打印机",201902,"办公用品","惠普打印机","台",1980,3,5940,"自主采购",null,"2019年下期",{"v":5940,"d":"5,940"},{"v":5940,"d":"5,940"}]
[3,"吴集",null,"教管中心","办公桌椅",null,"办公用品","1.4米","张",1500,5,7500,"自主采购",null,"2019年上期",{"v":7500,"d":"7,500"},{"v":7500,"d":"7,500"}]
[4,"吴集",null,"教管中心","办公室单凳",null,"家具用具","办公室单凳","张",200,8,1600,"自主采购",null,"2020年上期",{"v":1600,"d":"1,600"},{"v":1600,"d":"1,600"}]
[5,"吴集",null,"教管中心","单人床",null,"家具用具","1.2米","张",800,8,6400,"自主采购",null,"2021年上期",{"v":6400,"d":"6,400"},{"v":6400,"d":"6,400"}]
[6,"吴集",null,"吴集中学","会议室桌椅",201901,null,"详细见合同","套",45000,1,45000,"自主采购",null,"2019-05-01",{"v":45000,"d":"45,000"},{"v":45000,"d":"45,000"}]
[7,"吴集",null,"吴集中学","办公桌椅",201902,null,"详细见合同","套",12000,1,12000,"自主采购",null,"2019-05-02",{"v":12000,"d":"12,000"},{"v":12000,"d":"12,000"}]
[8,"吴集",null,"吴集中学","饭厅空调",201904,null,"立式空调","台",8000,1,8000,"自主采购",null,"2019-05-04",{"v":8000,"d":"8,000"},{"v":8000,"d":"8,000"}]
[9,"吴集",null,"吴集中学","电脑",201905,null,"台式电脑","台",5500,1,5500,"自主采购",null,"2019-05-01",{"v":5500,"d":"5,500"},{"v":5500,"d":"5,500"}]
[10,"吴集",null,"吴集中学","打印机",201906,null,"惠普打印机","台",1500,1,1500,"自主采购",null,"2019-05-02",{"v":1500,"d":"1,500"},{"v":1500,"d":"1,500"}]
[11,"吴集",null,"红坪完小","打印机",1,"专用设备","台","台",1800,2,{"$f":"J17*K17","v":3600},"自主采购",null,"2019-04-01",{"v":3600,"d":"3,600"},{"v":3600,"d":"3,600"}]
[12,"吴集",null,"红坪完小","卫生工具",2,"工具","大扫除用","把",10,160,1600,"自主采购",null,"2019-02-01",{"v":1600,"d":"1,600"},{"v":1600,"d":"1,600"}]
[13,"吴集",null,"红坪完小","食堂屋顶维修",3,"维修","屋顶维修","平方",200,25,5000,"自主采购",null,"2019-05-01",{"v":5000,"d":"5,000"},{"v":5000,"d":"5,000"}]
[14,"吴集",null,"红坪完小","垃圾运走",4,"卫生",null,"次",180,10,1800,"自主采购",null,"2019-05-01",{"v":1800,"d":"1,800"},{"v":1800,"d":"1,800"}]
[15,"吴集",null,"红坪完小","整理树枝",5,"美化","美化校园","次",200,10,2000,"自主采购",null,"2019-09-01",{"v":2000,"d":"2,000"},{"v":2000,"d":"2,000"}]
[16,"吴集",null,"红坪完小","小学教学楼天沟维修及粉刷",6,"维修","小学教学楼天沟维修及粉刷","平方",500,10,5000,"自主采购",null,"2019-10-01",{"v":5000,"d":"5,000"},{"v":5000,"d":"5,000"}]
[17,"吴集",null,"红坪完小","校长室档案柜",7,"添置","校长室档案柜","架",1500,1,1500,"自主采购",null,"2019-10-01",{"v":1500,"d":"1,500"},{"v":1500,"d":"1,500"}]
[18,"吴集",null,"红坪完小","垃圾清运",8,"卫生","车","车次",180,10,1800,"自主采购",null,"2019-11-01",{"v":1800,"d":"1,800"},{"v":1800,"d":"1,800"}]
[19,"吴集",null,"红坪完小","卫生",9,"卫生","个","个",10,170,1700,"自主采购",null,"2019-09-01",{"v":1700,"d":"1,700"},{"v":1700,"d":"1,700"}]
[20,"吴集",null,"新民完小","新砌垃圾池",1,"房屋建筑","新砌垃圾池","立方",3000,1,3000,"自主采购",null,2019.05,{"v":3000,"d":"3,000"},{"v":3000,"d":"3,000"}]
[21,"吴集",null,"新民完小","地面维修",2,"房屋建筑","地面维修","平方",100,30,3000,"自主采购",null,2019.05,{"v":3000,"d":"3,000"},{"v":3000,"d":"3,000"}]
[22,"吴集",null,"新民完小","打井",3,"房屋建筑","打井","立方",900,25,22500,"自主采购",null,2019.09,{"v":22500,"d":"22,500"},{"v":22500,"d":"22,500"}]
[23,"吴集",null,"新民完小","宣传栏",4,"房屋建筑","宣传栏","架",5000,2,{"$f":"SUM(J29*K29)","v":10000},"自主采购",null,2019.09,{"v":10000,"d":"10,000"},{"v":10000,"d":"10,000"}]
[24,"吴集",null,"吴集完小","设备添置","WJWX002",null,"幼儿课桌椅","套",700,20,14000,"自主采购",null,"2019-05-01",{"v":14000,"d":"14,000"},{"v":14000,"d":"14,000"}]
[25,"吴集",null,"吴集完小","设备添置","WJWX003",null,"幼儿大型户外活动器材","组",28000,1,28000,"自主采购",null,"2019-10-01",{"v":28000,"d":"28,000"},{"v":28000,"d":"28,000"}]
[26,"吴集",null,"吴集完小","设备添置","WJWX004",null,"自来水开户及材料","套",12000,1,{"$f":"SUM(J32*K32)","v":12000},"自主采购",null,"2019-06-01",{"v":12000,"d":"12,000"},{"v":12000,"d":"12,000"}]
[27,"吴集",null,"吴集完小","校园文化建设","WJWX005",null,"校园文化建设","架",8000,1,8000,"自主采购",null,"2019-09-01",{"v":8000,"d":"8,000"},{"v":8000,"d":"8,000"}]
[28,"吴集",null,"双园完小","一体式打印机",null,"通用","一体式打印机","台",8000,1,8000,"自主采购",null,"2019-03-01",{"v":8000,"d":"8,000"},{"v":8000,"d":"8,000"}]
[29,"吴集",null,"双园完小","厨房货架、洗菜盆、纱门等",null,"家具用具","厨房货架、洗菜盆、纱门等","套",6000,1,6000,"自主采购",null,"2019-03-01",{"v":6000,"d":"6,000"},{"v":6000,"d":"6,000"}]
[30,"吴集",null,"双园完小","立式空调",null,"家具用具","大3匹","台",10000,1,10000,"自主采购",null,"2019-06-01",{"v":10000,"d":"10,000"},{"v":10000,"d":"10,000"}]
[31,"吴集",null,"双园完小","砌护坡",null,"房屋类","砌护坡","平方",600,20,12000,"自主采购",null,"2019-10-01",{"v":12000,"d":"12,000"},{"v":12000,"d":"12,000"}]
[32,"吴集",null,"栗木完小","老教学楼屋顶漏水维修",null,null,"屋顶漏水","平方",400,25,10000,"自主采购",null,"2019-04-01",{"v":10000,"d":"10,000"},{"v":10000,"d":"10,000"}]
[33,"吴集",null,"栗木完小","教师零星办公设施添置",null,null,"办公桌椅、等添置床","张",762,10,7620,"自主采购",null,"2019-05-01",{"$f":"SUM(L39)","v":{"v":7620,"d":"7,620"}},{"v":7620,"d":"7,620"}]
[34,"吴集",null,"栗木完小","临时就餐棚搭建",null,null,"拆老食堂建新食堂","平方",200,100,20000,"自主采购",null,"2019-04-01",{"v":20000,"d":"20,000"},{"v":20000,"d":"20,000"}]
[35,"吴集",null,"栗木完小","新食堂就餐设施添置",null,null,"就餐设施添置","个",400,25,10000,"自主采购",null,"2019-09-01",{"v":10000,"d":"10,000"},{"v":10000,"d":"10,000"}]
[36,"吴集",null,"栗木完小","学生综合楼顶维修",null,null,"换瓦、树、船片等","平方",300,65,17620,"自主采购",null,"2019-10-01",{"v":17620,"d":"17,620"},{"v":17620,"d":"17,620"}]
[37,"吴集",null,"栗木完小","学校校门维修",null,null,"刷漆、贴瓷片等","平方",250,40,10000,"自主采购",null,"2019-08-01",{"v":10000,"d":"10,000"},{"v":10000,"d":"10,000"}]
[38,"吴集",null,"泉新完全小学","校园文化建设","QXWX001","房屋构筑类","走廊椣梁","平方",300,36,{"$f":"SUM(J44*K44)","v":10800},"自主采购",null,"2019-03-01",{"v":10800,"d":"10,800"},{"v":10800,"d":"10,800"}]
[39,"吴集",null,"泉新完全小学","校园文化建设","QXWX002",null,"教室外墙","平方",450,12,5400,"自主采购",null,"2019-03-01",{"v":5400,"d":"5,400"},{"v":5400,"d":"5,400"}]
[40,"吴集",null,"泉新完全小学","校园文化建设","QXWX003",null,"走廊廊柱","平方",400,12,4800,"自主采购",null,"2019-03-01",{"v":4800,"d":"4,800"},{"v":4800,"d":"4,800"}]
[41,"吴集",null,"泉新完全小学","校园文化建设","QXWX004",null,"跑步斜面","平方",520,32,16640,"自主采购",null,"2019-03-01",{"v":16640,"d":"16,640"},{"v":16640,"d":"16,640"}]
[42,"吴集",null,"泉新完全小学","校园文化建设","QXWX006",null,"班级公告栏","平方",365,15,5475,"自主采购",null,"2019-09-01",{"v":5475,"d":"5,475"},{"v":5475,"d":"5,475"}]
[43,"吴集",null,"泉新完全小学","校园文化建设","QXWX007",null,"班牌","平方",365,15,5475,"自主采购",null,"2019-09-01",{"v":5475,"d":"5,475"},{"v":5475,"d":"5,475"}]
[44,"吴集",null,"泉新完全小学","校园文化建设","QXWX008",null,"教室内荣誉栏","平方",1290,15,19350,"自主采购",null,"2019-09-01",{"v":19350,"d":"19,350"},{"v":19350,"d":"19,350"}]
[45,"吴集",null,"莫井中学","网络费",1,"专用设备","网络费","年",1900,1,{"$f":"J51*K51","v":1900},"自主采购",null,"2019-03-01",{"v":1900,"d":"1,900"},{"v":1900,"d":"1,900"}]
[46,"吴集",null,"莫井中学","垃圾池维修及垃圾费",2,"房屋及构筑物","垃圾池维修及垃圾费","年",10000,1,10000,"自主采购",null,"2019-02-01",{"v":10000,"d":"10,000"},{"v":10000,"d":"10,000"}]
[47,"吴集",null,"莫井中学","监控维修",3,"房屋及构筑物","监控维修","套",1000,1,1000,"自主采购",null,"2019-05-01",{"v":1000,"d":"1,000"},{"v":1000,"d":"1,000"}]
[48,"吴集",null,"莫井中学","门卫室维修",5,"房屋及构筑物","门卫室维修","间",1500,1,1500,"自主采购",null,"2019-09-01",{"v":1500,"d":"1,500"},{"v":1500,"d":"1,500"}]
[49,"吴集",null,"莫井中学","围墙跑道维修",6,"房屋及构筑物","围墙跑道维修","米",10,200,2000,"自主采购",null,"2019-10-01",{"v":2000,"d":"2,000"},{"v":2000,"d":"2,000"}]
[50,"吴集",null,"莫井中学","卫生工具",7,"家具、用具及装具","卫生工具","个",10,200,2000,"自主采购",null,"2019-03-01",{"v":2000,"d":"2,000"},{"v":2000,"d":"2,000"}]
[51,"吴集",null,"莫井中学","修剪树枝及除草",8,"动植物","修剪树枝及除草","平方",20,100,2000,"自主采购",null,"2019-12-01",{"v":2000,"d":"2,000"},{"v":2000,"d":"2,000"}]
[52,"吴集",null,"莫井中学","办公费",9,"通用设备","办公用品","个",20,150,3000,"自主采购",null,"2019-09-01",{"v":3000,"d":"3,000"},{"v":3000,"d":"3,000"}]
[53,"吴集",null,"莫井完小","教师住房窗帘","FM-18","家具、用具及装具","教师住房窗帘","个",120,100,{"$f":"SUM(J59*K59)","v":12000},"自主采购",null,"2019-05-01",{"v":12000,"d":"12,000"},{"v":12000,"d":"12,000"}]
[54,"吴集",null,"莫井完小","宿舍楼及教学楼屋顶维修",null,"房屋及构筑物","宿舍楼及教学楼屋顶维修","平方",500,36,18000,"自主采购",null,"2019-04-01",{"v":18000,"d":"18,000"},{"v":18000,"d":"18,000"}]
[55,"吴集",null,"莫井完小","电脑及复印机","800G3 TWR","通用设备","电脑及复印机","台",6000,3,{"$f":"SUM(J61*K61)","v":18000},"自主采购",null,"2019-09-02",{"v":18000,"d":"18,000"},{"v":18000,"d":"18,000"}]
[56,"吴集",null,"莫井完小","办公桌椅",null,"家具、用具及装具","办公桌椅","张",1500,6,{"$f":"SUM(J62*K62)","v":9000},"自主采购",null,"2019-10-03",{"v":9000,"d":"9,000"},{"v":9000,"d":"9,000"}]
[57,"吴集",null,"德圳学校","网络改造",1,"专用设备","网络改造","年",10000,1,10000,"自主采购",null,"2019-05-01",{"v":10000,"d":"10,000"},{"v":10000,"d":"10,000"}]
[58,"吴集",null,"德圳学校","女教师卫生间改造",2,"房屋及构筑物","女教师卫生间改造","平方",50,16,8000,"自主采购",null,"2019-03-01",{"v":8000,"d":"8,000"},{"v":8000,"d":"8,000"}]
[59,"吴集",null,"德圳学校","学生宿舍化粪池改造",3,"房屋及构筑物","学生宿舍化粪池改造","立方",3000,1,{"$f":"J65*K65","v":3000},"自主采购",null,"2019-04-01",{"v":3000,"d":"3,000"},{"v":3000,"d":"3,000"}]
[60,"吴集",null,"德圳学校","厕所路防护栏兴建",4,"房屋及构筑物","厕所路防护栏兴建","平方",270,100,{"$f":"J66*K66","v":27000},"自主采购",null,"2019-10-09",{"v":27000,"d":"27,000"},{"v":27000,"d":"27,000"}]
[61,"吴集",null,"吴集五里坪学校","显示屏",201901,null,"电子显示屏","平方",5500,1,{"$f":"SUM(J67*K67)","v":5500},"自主采购",null,"2019-03-20",{"$f":"SUM(L67)","v":{"v":5500,"d":"5,500"}},{"v":5500,"d":"5,500"}]
[62,"吴集",null,"吴集五里坪学校","图书架",201902,null,"多层可双面置书图书架","架",1500,1,1500,"自主采购",null,"2019-04-03",{"$f":"SUM(L68)","v":{"v":1500,"d":"1,500"}},{"v":1500,"d":"1,500"}]
[63,"吴集",null,"吴集五里坪学校","防撞设施",201903,null,"校门口防撞","个",150,10,1500,"自主采购",null,"2019-04-03",{"$f":"SUM(L69)","v":{"v":1500,"d":"1,500"}},{"v":1500,"d":"1,500"}]
[64,"吴集",null,"吴集五里坪学校","宣传栏",201904,null,"镶壁式宣传栏","平方",500,2,1000,"自主采购",null,"2019-04-03",{"$f":"SUM(L70)","v":{"v":1000,"d":"1,000"}},{"v":1000,"d":"1,000"}]
[65,"吴集",null,"吴集五里坪学校","清洗水井",201905,null,"人工+技术清洗","个",2000,1,2000,"自主采购",null,"2019-10-01",{"v":2000,"d":"2,000"},{"v":2000,"d":"2,000"}]
[66,"吴集",null,"吴集五里坪学校","打印机",201906,null,"惠普（HP）一体式A3打印机","台",8000,1,8000,"自主采购",null,"2019-10-23",{"$f":"SUM(L72)","v":{"v":8000,"d":"8,000"}},{"v":8000,"d":"8,000"}]
[67,"吴集",null,"江山小学","电脑",10001,"专用设备","电脑","台",3098,1,3098,"自主采购",null,"2019-04-01",{"v":3098,"d":"3,098"},{"v":3098,"d":"3,098"}]
[68,"吴集",null,"江山小学","床",10002,"家用用具","床","张",300,3,900,"自主采购",null,"2019-04-01",900,900]
[69,"吴集",null,"江山小学","维修门窗、风扇",10004,"通用设备","维修门窗、风扇","个",200,6,1200,"自主采购",null,"2019-05-01",{"v":1200,"d":"1,200"},{"v":1200,"d":"1,200"}]
[70,"吴集",null,"江山小学","图书架",10005,"通用设备","多层可双面置书图书架","架",1500,1,1500,"自主采购",null,"2019-05-01",{"v":1500,"d":"1,500"},{"v":1500,"d":"1,500"}]
[71,"吴集",null,"江山小学","防撞措施",10008,"建筑类","校门口防撞","个",150,10,1500,"自主采购",null,"2019-12-01",{"v":1500,"d":"1,500"},{"v":1500,"d":"1,500"}]
[72,"吴集",null,"江山小学","校门口操场",10009,"建筑类","30m*15m","平方",400,18,7200,"自主采购",null,"2019-12-01",{"v":7200,"d":"7,200"},{"v":7200,"d":"7,200"}]
[73,"吴集",null,"洣桥完小","电脑",1,null,"学校办公用台式电脑","台",4500,1,4500,"自主采购",null,"2019年上期",{"v":4500,"d":"4,500"},{"v":4500,"d":"4,500"}]
[74,"吴集",null,"洣桥完小","垃圾清理",2,null,"垃圾清理","天",750,4,3000,"自主采购",null,"2019年上期",{"v":3000,"d":"3,000"},{"v":3000,"d":"3,000"}]
[75,"吴集",null,"洣桥完小","垃圾清理",3,null,"垃圾清理","天",750,4,3000,"自主采购",null,"2019年下期",{"v":3000,"d":"3,000"},{"v":3000,"d":"3,000"}]
[76,"吴集",null,"洣桥完小","水电维修",4,null,"水电日常维护","期",1500,1,1500,"自主采购",null,"2019年上期",{"v":1500,"d":"1,500"},{"v":1500,"d":"1,500"}]
[77,"吴集",null,"洣桥完小","水电维修",5,null,"水电日常维护","期",1500,1,1500,"自主采购",null,"2019年下期",{"v":1500,"d":"1,500"},{"v":1500,"d":"1,500"}]
[78,"吴集",null,"洣桥完小","办公室窗帘",6,null,"教师办公室安装窗帘","条",260,24,6240,"自主采购",null,"2019年上期",{"v":6240,"d":"6,240"},{"v":6240,"d":"6,240"}]
[79,"吴集",null,"洣桥完小","床",7,null,"教师房间床铺","张",1200,2,2400,"自主采购",null,"2019年上期",{"v":2400,"d":"2,400"},{"v":2400,"d":"2,400"}]
[80,"吴集",null,"洣桥完小","电风扇",8,null,"落地风扇","台",200,14,2800,"自主采购",null,"2019年上期",{"v":2800,"d":"2,800"},{"v":2800,"d":"2,800"}]
[81,"吴集",null,"洣桥完小","深水泵",9,null,"深水泵","台",1000,1,1000,"自主采购",null,"2019年上期",{"v":1000,"d":"1,000"},{"v":1000,"d":"1,000"}]
[82,"吴集",null,"洣桥完小","烤火炉",10,null,"教师办公室烤火炉","个",200,14,2800,"自主采购",null,"2019年下期",{"v":2800,"d":"2,800"},{"v":2800,"d":"2,800"}]
[83,"吴集",null,"洣桥完小","打印机",11,null,"教师办公用打印机","台",2000,1,2000,"自主采购",null,"2019年上期",{"v":2000,"d":"2,000"},{"v":2000,"d":"2,000"}]
[84,"吴集",null,"洣桥完小","电脑",12,null,"学校办公用台式电脑","台",4500,1,4500,"自主采购",null,"2019年下期",{"v":4500,"d":"4,500"},{"v":4500,"d":"4,500"}]
[85,"吴集",null,"洣桥完小","厨房置物架",13,null,"厨房置物架","台",800,4,3200,"自主采购",null,"2019年上期",{"v":3200,"d":"3,200"},{"v":3200,"d":"3,200"}]
[86,"吴集",null,"洣桥完小","校园维修",14,null,"学校日常维修","平方",50,40,2000,"自主采购",null,"2019年上期",{"v":2000,"d":"2,000"},{"v":2000,"d":"2,000"}]
[87,"吴集",null,"洣桥完小","校园维修",15,null,"学校日常维修","平方",50,40,2000,"自主采购",null,"2019年下期",{"v":2000,"d":"2,000"},{"v":2000,"d":"2,000"}]
[88,"吴集",null,"洣桥完小","校园绿化养护",16,null,"校园绿化养护","平方",50,30,1500,"自主采购",null,"2019年上期",{"v":1500,"d":"1,500"},{"v":1500,"d":"1,500"}]
[89,"吴集",null,"洣桥完小","校园绿化养护",16,null,"校园绿化养护","平方",50,30,1500,"自主采购",null,"2019年下期",{"v":1500,"d":"1,500"},{"v":1500,"d":"1,500"}]
[90,"吴集",null,"洣桥完小","厨房门更换",17,null,"厨房门更换","条",1200,3,3600,"自主采购",null,"2019年下期",{"v":3600,"d":"3,600"},{"v":3600,"d":"3,600"}]
[91,"吴集",null,"早禾小学","厕所冲水装置改造",10001,"专用设备","厕所冲水装置改造","个",800,2,1600,"自主采购",null,"2020年上期",{"v":1600,"d":"1,600"},{"v":1600,"d":"1,600"}]
[92,"吴集",null,"早禾小学","网络改造",10002,"专用设备","网络改造","年",4000,1,4000,"自主采购",null,"2019年下期",{"v":4000,"d":"4,000"},{"v":4000,"d":"4,000"}]
[93,"吴集",null,"桐木桥小学","床",10001,"家用设备","床","张",1000,8,8000,"自主采购",null,"2019年下期",{"v":8000,"d":"8,000"},{"v":8000,"d":"8,000"}]
[94,"吴集",null,"桐木桥小学小学","落地扇",10002,"家用用具","落地扇","台",300,8,2400,"自主采购",null,"2021年上期",{"v":2400,"d":"2,400"},{"v":2400,"d":"2,400"}]
[95,"吴集",null,"桐木桥小学","维修屋顶",10003,"通用设备","维修屋顶","平方",200,30,6000,"自主采购",null,"2019年下期",{"v":6000,"d":"6,000"},{"v":6000,"d":"6,000"}]
[96,"吴集",null,"桐木桥小学","操坪沟圳",10004,"通用设备","操坪沟圳","米",30,100,3000,"自主采购",null,"2019年下期",{"v":3000,"d":"3,000"},{"v":3000,"d":"3,000"}]
[97,"吴集",null,"桐木桥小学","井屋搭雨棚",10005,"通用设备","井屋搭雨棚","平方",100,50,5000,"自主采购",null,"2022年上期",{"v":5000,"d":"5,000"},{"v":5000,"d":"5,000"}]
[98,"吴集",null,"南山小学","办公桌椅",null,null,"办公桌椅","套",1900,1,{"$f":"SUM(J104*K104)","v":1900},"自主采购",null,"2019年下期",{"$f":"SUM(L104)","v":{"v":1900,"d":"1,900"}},{"v":1900,"d":"1,900"}]
[99,"吴集",null,"南山小学","维修屋顶",null,null,"维修屋顶","平方",150,80,{"$f":"SUM(J105*K105)","v":12000},"自主采购",null,"2023年上期",{"$f":"SUM(L105)","v":{"v":12000,"d":"12,000"}},{"v":12000,"d":"12,000"}]

{"sheet":"23霞流","index":24,"n_rows":80,"n_cols":27,"rows_kept":80,"hidden":true,"merged":[[0,0,0,4],[1,0,1,17],[2,0,3,0],[2,1,3,1],[2,2,3,2],[2,3,3,3],[2,4,3,4],[2,5,3,5],[2,6,3,6],[2,7,3,7],[2,8,3,8],[2,9,3,9],[2,10,3,10],[2,11,3,11],[2,12,3,12],[2,13,3,13],[2,14,3,14],[2,15,2,17],[2,19,2,21],[2,22,2,24],[4,0,4,4],[5,0,5,4],[24,0,24,4],[40,0,40,4],[48,0,48,4],[57,0,57,4]]}
["附表二"]
["   2020年衡东县教育系统政府采购计划表"]
["序号","乡",null,"学校名称","采购项目名称","采购项目编码","采购类别","采购项目简述（主要参数）","规格型号","参考\n单价","采购数量","采购预算\n资金合计","拟采用采购方式","采购方式","计划采购时间","资金来源（元）",{"$nulls":3},"学生",null,null,"标准",null,null,"公用经费40%\n合计","40%节余"]
[{"$nulls":15},"合计","预算内资金","其他资金",null,"小学","初中","高中","小学","初中","省示范高中800\n市示范高中640"]
["霞流学校（乡）汇总",{"$nulls":10},{"$f":"SUM(L6+L25+L41+L49+L58)","v":{"v":579870,"d":"579,870"}},0,0,0,{"v":579870,"d":"579,870"},{"v":579870,"d":"579,870"},{"$f":"SUM(R6+R25+R41)","v":0},null,1769,663,0,{"$f":"600*0.4","v":240},{"$f":"800*0.4","v":320},640,{"$f":"SUM(T5*W5+U5*X5+V5*Y5)","v":{"v":636720,"d":"636,720"}},{"$f":"SUM(T5*W5+U5*X5+V5*Y5-P5)","v":{"v":56850,"d":"56,850"}}]
["霞流完小",{"$nulls":10},{"$f":"SUM(L7:L24)","v":{"v":184700,"d":"184,700"}},{"$nulls":3},{"$f":"SUM(Q6:R6)","v":{"v":184700,"d":"184,700"}},{"$f":"SUM(L6)","v":{"v":184700,"d":"184,700"}},{"$f":"SUM(R7:R24)","v":0}]
[1,"霞流",null,"霞流完小","铝电缆",null,"维修","更换寝室至老教学楼电缆及配件、","米",20,100,{"$f":"J7*K7","v":2000},"政府采购",null,"2019-03",{"v":2000,"d":"2,000"},{"v":2000,"d":"2,000"}]
[2,"霞流",null,"霞流完小","纱窗、软门帘",null,"维修","食堂四防装置","个",300,11,3300,"政府采购",null,"2019-03",{"v":3300,"d":"3,300"},{"v":3300,"d":"3,300"}]
[3,"霞流",null,"霞流完小","简易床",null,"设备添置","新教师简易床","张",400,3,1200,"政府采购",null,"2019-03",{"v":1200,"d":"1,200"},{"v":1200,"d":"1,200"}]
[4,"霞流",null,"霞流完小","维修劳务、混凝土",null,"维修","老教学楼维修搬物品劳务、综合楼三通一坪超出的罐装水泥","平方",160,80,12800,"政府采购",null,"2019-03",{"v":12800,"d":"12,800"},{"v":12800,"d":"12,800"}]
[5,"霞流",null,"霞流完小","维修",null,"维修","廉政文化建设","平方",18900,1,18900,"政府采购",null,"2019-03",{"v":18900,"d":"18,900"},{"v":18900,"d":"18,900"}]
[6,"霞流",null,"霞流完小","不锈钢锅",null,"设备添置","食堂用不锈钢锅","个",1000,1,1000,"政府采购",null,"2019-03",{"v":1000,"d":"1,000"},{"v":1000,"d":"1,000"}]
[7,"霞流",null,"霞流完小","教学设备",null,"设备添置","教学设备","套",3900,4,15600,"政府采购",null,"2019-03",{"v":15600,"d":"15,600"},{"v":15600,"d":"15,600"}]
[8,"霞流",null,"霞流完小","防水",null,"维修","门卫室、大门、沟圳维修","米",210,120,25200,"政府采购",null,"2019-04",{"v":25200,"d":"25,200"},{"v":25200,"d":"25,200"}]
[9,"霞流",null,"霞流完小","电风扇",null,"维修","学生食堂餐厅风扇","台",20,150,3000,"政府采购",null,"2019-05",{"v":3000,"d":"3,000"},{"v":3000,"d":"3,000"}]
[10,"霞流",null,"霞流完小","网络协议",null,"维护","网络服务","年",10000,1,10000,"政府采购",null,"2019-06",{"v":10000,"d":"10,000"},{"v":10000,"d":"10,000"}]
[11,"霞流",null,"霞流完小","水电器材",null,"维修","水电器材","平方",100,60,6000,"政府采购",null,"2019-06",{"v":6000,"d":"6,000"},{"v":6000,"d":"6,000"}]
[12,"霞流",null,"霞流完小","维修劳务",null,"维修","水电、泥工劳务","平 方",200,40,8000,"政府采购",null,"2019-06",{"v":8000,"d":"8,000"},{"v":8000,"d":"8,000"}]
[13,"霞流",null,"霞流完小","不锈钢扶手",null,"维修","更换综合楼扶手","平方",150,70,10500,"政府采购",null,"2019-08",{"v":10500,"d":"10,500"},{"v":10500,"d":"10,500"}]
[14,"霞流",null,"霞流完小","打印机",null,"设备添置","打印机","台",1400,3,4200,"政府采购",null,"2019-08",{"v":4200,"d":"4,200"},{"v":4200,"d":"4,200"}]
[15,"霞流",null,"霞流完小","大型复印机",null,"设备添置","大型复印机","台",21000,1,21000,"政府采购",null,"2019-08",{"v":21000,"d":"21,000"},{"v":21000,"d":"21,000"}]
[16,"霞流",null,"霞流完小","体育、幼儿器材",null,"设备添置","体育、幼儿器材、雨棚","平方",300,100,30000,"政府采购",null,"2019-08",{"v":30000,"d":"30,000"},{"v":30000,"d":"30,000"}]
[17,"霞流",null,"霞流完小","水电器材",null,"维修","水电器材","平方",100,40,4000,"政府采购",null,"2019-12",{"v":4000,"d":"4,000"},{"v":4000,"d":"4,000"}]
[18,"霞流",null,"霞流完小","维修劳务",null,"维修","水电、泥工劳务","平方",200,40,8000,"政府采购",null,"2019-12",{"v":8000,"d":"8,000"},{"v":8000,"d":"8,000"}]
["霞流中学",{"$nulls":10},{"$f":"SUM(L26:L40)","v":{"v":120240,"d":"120,240"}},{"$nulls":3},{"v":120240,"d":"120,240"},{"v":120240,"d":"120,240"},null,null,692,343,null,300,400,{"$f":"800+300","v":1100},{"$f":"SUM(T25*W25+U25*X25+V25*Y25)*2*0.3","v":{"v":206880,"d":"206,880"}},{"$f":"SUM(Z25-P25)","v":{"v":86640,"d":"86,640"}}]
[1,"霞流",null,"霞流中学","光纤费",null,"网络购置","20兆","年",5000,1,{"$f":"SUM(J26*K26)","v":5000},"政府采购",null,201907,{"v":5000,"d":"5,000"},{"v":5000,"d":"5,000"}]
[2,"霞流",null,"霞流中学","维修（总务室换门）",null,"维修","不锈钢门","条",1450,1,1450,"政府采购",null,201903,{"v":1450,"d":"1,450"},{"v":1450,"d":"1,450"}]
[3,"霞流",null,"霞流中学","维修（总务室刮涂料刷墙漆）",null,"维修","维修","平 方",14.375,80,1150,"政府采购",null,201903,{"v":1150,"d":"1,150"},{"v":1150,"d":"1,150"}]
[4,"霞流",null,"霞流中学","水电维修（日常维护）",null,"维修","维修","平方",500,30,15000,"政府采购",null,201906,{"v":15000,"d":"15,000"},{"v":15000,"d":"15,000"}]
[5,"霞流",null,"霞流中学","水电费",null,"水电费","水电费","年",20000,1,20000,"政府采购",null,201907,{"v":20000,"d":"20,000"},{"v":20000,"d":"20,000"}]
[6,"霞流",null,"霞流中学","网络、监控、校园广播系统维护",null,null,"网络、监控、校园广播系统维护","套",5000,1,5000,"政府采购",null,201906,{"v":5000,"d":"5,000"},{"v":5000,"d":"5,000"}]
[7,"霞流",null,"霞流中学","维修（女生宿舍右、前坪砌花池）",null,"维修","维修","平 方",80,100,8000,"政府采购",null,201904,{"v":8000,"d":"8,000"},{"v":8000,"d":"8,000"}]
[8,"霞流",null,"霞流中学","花草、苗木养护",null,null,"花草、苗木养护","平 方",200,20,4000,"政府采购",null,201906,{"v":4000,"d":"4,000"},{"v":4000,"d":"4,000"}]
[9,"霞流",null,"霞流中学","校园文化建设（各类宣传标语等）",null,null,"校园文化建设（各类宣传标语等）","平 方",400,30,12000,"政府采购",null,201909,{"v":12000,"d":"12,000"},{"v":12000,"d":"12,000"}]
[10,"霞流",null,"霞流中学","水电维修（日常维护）",null,"维修","水电维修（日常维护）","平 方",400,37.5,15000,"政府采购",null,201911,{"v":15000,"d":"15,000"},{"v":15000,"d":"15,000"}]
[11,"霞流",null,"霞流中学","图书(报刊杂志）",null,null,"图书(报刊杂志）","本",20,350,7000,"政府采购",null,201912,{"v":7000,"d":"7,000"},{"v":7000,"d":"7,000"}]
[12,"霞流",null,"霞流中学","花草、苗木养护",null,null,"花草、苗木养护","平 方",40,100,4000,"政府采购",null,201911,{"v":4000,"d":"4,000"},{"v":4000,"d":"4,000"}]
[13,"霞流",null,"霞流中学","水电费",null,null,"水电费","年",20000,1,20000,"政府采购",null,201912,{"$f":"SUM(Q38:R38)","v":{"v":20000,"d":"20,000"}},{"$f":"SUM(L38)","v":{"v":20000,"d":"20,000"}}]
[14,"霞流",null,"霞流中学","打印纸（A4）",null,null,"打印纸（A4）","件",240,5,1200,"政府采购",null,201909,{"v":1200,"d":"1,200"},{"v":1200,"d":"1,200"}]
[15,"霞流",null,"霞流中学","体育器材",null,null,"体育器材","套",1440,1,1440,"政府采购",null,201909,{"v":1440,"d":"1,440"},{"v":1440,"d":"1,440"}]
["洋塘完小",{"$nulls":10},{"$f":"SUM(L42:L48)","v":{"v":103000,"d":"103,000"}},{"$f":"SUM(M42:M48)","v":0},null,null,{"v":103000,"d":"103,000"},{"v":103000,"d":"103,000"},null,null,424,null,null,300,400,{"$f":"800+300","v":1100},{"$f":"SUM(T41*W41+U41*X41+V41*Y41)*2*0.3","v":{"v":76320,"d":"76,320"}},{"$f":"SUM(Z41-P41)","v":{"v":-26680,"d":"-26,680"}}]
[1,"霞流",null,"洋塘完小","晨光楼、宿舍楼门更换",null,"维修","晨光楼、宿舍楼门更换","条",1200,10,{"$f":"SUM(J42*K42)","v":12000},"政府采购",null,201903,{"v":12000,"d":"12,000"},{"v":12000,"d":"12,000"}]
[2,"霞流",null,"洋塘完小","新建垃圾池",null,"维修","新建垃圾池","平 方",500,40,20000,"政府采购",null,201906,{"v":20000,"d":"20,000"},{"v":20000,"d":"20,000"}]
[3,"霞流",null,"洋塘完小","办公电脑、打印机",null,"购置","办公电脑、打印机","台",6500,2,13000,"政府采购",null,201907,{"v":13000,"d":"13,000"},{"v":13000,"d":"13,000"}]
[4,"霞流",null,"洋塘完小","校园网络费",null,"购置","校园网络费","年",10000,1,10000,"政府采购",null,201906,{"v":10000,"d":"10,000"},{"v":10000,"d":"10,000"}]
[5,"霞流",null,"洋塘完小","食堂改造",null,"维修","食堂改造","平 方",500,40,20000,"政府采购",null,201911,{"v":20000,"d":"20,000"},{"v":20000,"d":"20,000"}]
[6,"霞流",null,"洋塘完小","厕所维修",null,"维修","厕所维修","平 方",500,16,8000,"政府采购",null,201911,{"v":8000,"d":"8,000"},{"v":8000,"d":"8,000"}]
[7,"霞流",null,"洋塘完小","校园卫生死角硬化、绿化",null,"维修","校园卫生死角硬化、绿化","平 方",500,40,20000,"政府采购",null,201912,{"v":20000,"d":"20,000"},{"v":20000,"d":"20,000"}]
["洋塘中学",{"$nulls":10},{"$f":"SUM(L50:L57)","v":{"v":82920,"d":"82,920"}},{"$nulls":3},{"v":82920,"d":"82,920"},{"v":82920,"d":"82,920"}]
[1,"霞流",null,"洋塘中学","多媒体投影仪及配件",null,null,"理光","台",4500,2,{"$f":"SUM(J50*K50)","v":9000},"政府采购",null,"3月",{"v":9000,"d":"9,000"},{"v":9000,"d":"9,000"}]
[2,"霞流",null,"洋塘中学","无线话筒、功放",null,null,"格伦士顿一拖二","台",3000,1,3000,"政府采购",null,"9月",{"v":3000,"d":"3,000"},{"v":3000,"d":"3,000"}]
[3,"霞流",null,"洋塘中学","实验桌学安全生电源",null,null,"物理实验室实验桌安全电源","个",24,200,4800,"政府采购",null,"9月",{"v":4800,"d":"4,800"},{"v":4800,"d":"4,800"}]
[4,"霞流",null,"洋塘中学","学校大门维修",null,null,"清除原来人造大理石，重新贴瓷砖","平方",200,100,20000,"政府采购",null,"4月",{"v":20000,"d":"20,000"},{"v":20000,"d":"20,000"}]
[5,"霞流",null,"洋塘中学","校园文化建设",null,null,"校园宣传栏、墙","平方",50,300,15000,"政府采购",null,"3月、9月",{"v":15000,"d":"15,000"},{"v":15000,"d":"15,000"}]
[6,"霞流",null,"洋塘中学","校园网络",null,null,"校园网络光纤","10G/年",10000,1,10000,"政府采购",null,"6月",{"v":10000,"d":"10,000"},{"v":10000,"d":"10,000"}]
[7,"霞流",null,"洋塘中学","学生餐厅（室内、外餐棚）",null,null,"地面磨石","平方",420,36,15120,"政府采购",null,"9月",{"v":15120,"d":"15,120"},{"v":15120,"d":"15,120"}]
[8,"霞流",null,"洋塘中学","教学楼维修",null,null,"屋顶防水(部分)",1960,100,60,6000,"政府采购",null,"3月",{"v":6000,"d":"6,000"},{"v":6000,"d":"6,000"}]
["霞流镇教育管理服务中心",{"$nulls":10},{"$f":"SUM(L59:L80)","v":89010},{"$f":"SUM(M59:M80)","v":0},null,null,{"v":89010,"d":"89,010"},{"v":89010,"d":"89,010"}]
[1,"霞流",null,"国全小学"," 屋顶维修",null,null," 屋顶维修","平 方",40,50,{"$f":"SUM(J59*K59)","v":2000},"政府采购",null,"4月",{"v":2000,"d":"2,000"},{"v":2000,"d":"2,000"}]
[2,"霞流",null,"国全小学","空调",null,null,"空调","台",2500,2,5000,"政府采购",null,"5月",{"v":5000,"d":"5,000"},{"v":5000,"d":"5,000"}]
[3,"霞流",null,"国全小学","建垃圾池",null,null,"建垃圾池","平 方",40,50,2000,"政府采购",null,"10月",{"v":2000,"d":"2,000"},{"v":2000,"d":"2,000"}]
[1,"霞流",null,"宋桥小学","手提电脑",null,null,"手提电脑","台",4800,1,4800,"政府采购",null,"2019年4月",{"v":4800,"d":"4,800"},{"v":4800,"d":"4,800"}]
[2,"霞流",null,"宋桥小学","打印机",null,null,"打印机","台",2000,1,2000,"政府采购",null,"2019年4月",{"v":2000,"d":"2,000"},{"v":2000,"d":"2,000"}]
[3,"霞流",null,"宋桥小学","空调",null,null,"空调","台",4000,1,4000,"政府采购",null,"2019年5月",{"v":4000,"d":"4,000"},{"v":4000,"d":"4,000"}]
[4,"霞流",null,"宋桥小学","手提电脑",null,null,"手提电脑","台",4800,1,4800,"政府采购",null,"2019年10月",{"v":4800,"d":"4,800"},{"v":4800,"d":"4,800"}]
[5,"霞流",null,"宋桥小学","电动道闸",null,null,"电动道闸","台",9000,1,9000,"政府采购",null,"2019-10-01",{"v":9000,"d":"9,000"},{"v":9000,"d":"9,000"}]
[1,"霞流",null,"添枝小学","空调",{"$nulls":3},"台",3500,2,7000,"政府采购",null,"2019年4月",{"v":7000,"d":"7,000"},{"v":7000,"d":"7,000"}]
[2,"霞流",null,"添枝小学","宿舍楼屋顶维修  教学楼电路维修",null,null,"宿舍楼屋顶维修  教学楼电路维修","平 方",40,50,2000,"政府采购",null,"2019年5月",{"v":2000,"d":"2,000"},{"v":2000,"d":"2,000"}]
[3,"霞流",null,"添枝小学","空调",{"$nulls":3},"台",3500,2,7000,"政府采购",null,"2019年10月",{"v":7000,"d":"7,000"},{"v":7000,"d":"7,000"}]
[4,"霞流",null,"添枝小学","教学楼  墙面维修刷漆",null,null,"教学楼  墙面维修刷漆","平 方",40,50,2000,"政府采购",null,"2019-10-01",{"$f":"SUM(Q70:R70)","v":{"v":2000,"d":"2,000"}},{"$f":"SUM(L70)","v":{"v":2000,"d":"2,000"}}]
[1,"霞流",null,"鸿霞小学","教师房门不锈钢防盗门",null,null,"教师房门不锈钢防盗门","条",550,4,2200,"政府采购",null,"2019年5-10月",{"v":2200,"d":"2,200"},{"v":2200,"d":"2,200"}]
[1,"霞流",null,"兴垅小学","笔记本电脑",null,null,"笔记本电脑","台",4700,1,4700,"政府采购",null,"2019年5月",{"v":4700,"d":"4,700"},{"v":4700,"d":"4,700"}]
[2,"霞流",null,"兴垅小学","深水泵",null,null,"深水泵","台",1000,1,1000,"政府采购",null,"2019年10月",{"v":1000,"d":"1,000"},{"v":1000,"d":"1,000"}]
[1,"霞流",null,"新井小学","兴建旗台添置旗杆",{"$nulls":3},"座",5210,1,5210,"政府采购",null,"2019年5月",{"v":5210,"d":"5,210"},{"v":5210,"d":"5,210"}]
[2,"霞流",null,"新井小学","水电维修",{"$nulls":3},"年",5500,1,5500,"政府采购",null,"2019年10月",{"v":5500,"d":"5,500"},{"v":5500,"d":"5,500"}]
[3,"霞流",null,"新井小学","校门维修",{"$nulls":3},"条",3000,1,3000,"政府采购",null,"2019年10月",{"v":3000,"d":"3,000"},{"v":3000,"d":"3,000"}]
[1,"霞流",null,"大村湾小学","校园绿化",null,null,"校园绿化","平 方",200,20,4000,"政府采购",null,2019.03,{"v":4000,"d":"4,000"},{"v":4000,"d":"4,000"}]
[2,"霞流",null,"大村湾小学","水电维修",null,null,"水电维修","年",2800,1,2800,"政府采购",null,2019.04,{"v":2800,"d":"2,800"},{"v":2800,"d":"2,800"}]
[3,"霞流",null,"大村湾小学","校门维修",null,null,"校门维修","条",1000,1,1000,"政府采购",null,2019.05,{"v":1000,"d":"1,000"},{"v":1000,"d":"1,000"}]
[4,"霞流",null,"大村湾小学","校园河堤坡维修",null,null,"校园河堤坡维修","平 方",500,16,8000,"政府采购",null,2019.11,{"v":8000,"d":"8,000"},{"v":8000,"d":"8,000"}]

{"sheet":"24新塘","index":25,"n_rows":58,"n_cols":27,"rows_kept":58,"hidden":true,"merged":[[0,0,0,4],[1,0,1,17],[2,0,3,0],[2,1,3,1],[2,2,3,2],[2,3,3,3],[2,4,3,4],[2,5,3,5],[2,6,3,6],[2,7,3,7],[2,8,3,8],[2,9,3,9],[2,10,3,10],[2,11,3,11],[2,12,3,12],[2,13,3,13],[2,14,3,14],[2,15,2,17],[2,19,2,21],[2,22,2,24],[4,0,4,4],[5,0,5,4],[24,0,24,4],[32,0,32,4],[40,0,40,4],[48,0,48,4]]}
["附表二"]
["   2020年衡东县教育系统政府采购计划表"]
["序号","乡",null,"学校名称","采购项目名称","采购项目编码","采购类别","采购项目简述（主要参数）","规格型号","参考\n单价","采购数量","采购预算\n资金合计","拟采用采购方式","采购方式","计划采购时间","资金来源（元）",{"$nulls":3},"学生",null,null,"标准",null,null,"公用经费40%\n合计","40%节余"]
[{"$nulls":15},"合计","预算内资金","其他资金",null,"小学","初中","高中","小学","初中","省示范高中800\n市示范高中640"]
["新塘镇学校（乡）汇总",{"$nulls":10},{"$f":"L6+L25+L33+L41+L49","v":{"v":597710,"d":"597,710"}},0,0,0,{"v":597710,"d":"597,710"},{"v":597710,"d":"597,710"},null,null,3482,379,0,{"$f":"600*0.4","v":240},{"$f":"800*0.4","v":320},640,{"$f":"SUM(T5*W5+U5*X5+V5*Y5)","v":{"v":956960,"d":"956,960"}},{"$f":"SUM(T5*W5+U5*X5+V5*Y5-P5)","v":{"v":359250,"d":"359,250"}}]
["新塘完小",{"$nulls":10},{"$f":"SUM(L7:L24)","v":{"v":395950,"d":"395,950"}},{"$nulls":3},{"$f":"SUM(P7:P24)","v":{"v":395950,"d":"395,950"}},{"$f":"SUM(Q7:Q24)","v":{"v":395950,"d":"395,950"}},{"$f":"SUM(R7:R9)","v":0}]
[1,"新塘",null,"新塘完小","雅马哈电子琴",null,null,"雅马哈电子琴","台",1400,2,{"$f":"J7*K7","v":2800},"自主采购",null,"2019-03-01",{"$f":"L7","v":{"v":2800,"d":"2,800"}},{"$f":"P7","v":{"v":2800,"d":"2,800"}},{"$f":"SUM(P7-Q7)","v":0}]
[2,"新塘",null,"新塘完小","教室、办公室电脑多媒体维护",null,"维修","空调电脑和投影仪打印机耗材及维修","套",28000,1,28000,"自主采购",null,"2019-03-02",{"v":28000,"d":"28,000"},{"v":28000,"d":"28,000"},{"$f":"SUM(P8-Q8)","v":0}]
[3,"新塘",null,"新塘完小","厕所屋顶及沟圳维修","B08","维修","厕所屋顶换新瓦及四周沟圳砌水泥等","平方米",500,81,40500,"自主采购",null,"2019-06-03",{"v":40500,"d":"40,500"},{"v":40500,"d":"40,500"},{"$f":"SUM(P9-Q9)","v":0}]
[4,"新塘",null,"新塘完小","一二栋教学楼屋顶维修",null,"维修","屋顶渗水，铺油防渗","平方米",500,95,47500,"自主采购",null,"2019-06-03",{"v":47500,"d":"47,500"},{"v":47500,"d":"47,500"},0]
[5,"新塘",null,"新塘完小","电脑","A02010104","物资","台式计算机（电脑室更换）","T4900-I/4170",4000,9,36000,"自主采购",null,"2019-05-04",{"v":36000,"d":"36,000"},{"v":36000,"d":"36,000"},0]
[6,"新塘",null,"新塘完小","投影仪",null,"物资","教室用投影仪","台",3800,10,38000,"自主采购",null,"2019-03-05",{"v":38000,"d":"38,000"},{"v":38000,"d":"38,000"},0]
[7,"新塘",null,"新塘完小","图书柜",null,"物资","图书室增设图书柜","架",1200,6,7200,"自主采购",null,"2019-03-06",{"v":7200,"d":"7,200"},{"v":7200,"d":"7,200"},{"$f":"SUM(P13-Q13)","v":0}]
[8,"新塘",null,"新塘完小","排污工程","B08","维修","校园外化粪池改道","立方米",16000,1,16000,"自主采购",null,"2019-05-07",{"v":16000,"d":"16,000"},{"v":16000,"d":"16,000"},0]
[9,"新塘",null,"新塘完小","二栋教学楼水管维修","B08","维修","地下水管及教师房间水管更换及维修","平方米",6500,2,13000,"自主采购",null,"2019-03-08",{"v":13000,"d":"13,000"},{"v":13000,"d":"13,000"},0]
[10,"新塘",null,"新塘完小","校门口防撞墩",null,"物资","校门口防撞墩","只",1000,15,15000,"自主采购",null,"2019-04-09",{"v":15000,"d":"15,000"},{"v":15000,"d":"15,000"},0]
[11,"新塘",null,"新塘完小","教师办公桌椅",null,"物资","教师办公桌椅","张",800,10,8000,"自主采购",null,"2019-03-10",{"v":8000,"d":"8,000"},{"v":8000,"d":"8,000"},0]
[12,"新塘",null,"新塘完小","学生课桌",null,"物资","学生课桌","张",230,210,48300,"自主采购",null,"2019-08-28",{"v":48300,"d":"48,300"},{"v":48300,"d":"48,300"},0]
[13,"新塘",null,"新塘完小","学生凳子",null,"物资","学生凳子","条",200,50,10000,"自主采购",null,"2019-08-30",{"v":10000,"d":"10,000"},{"v":10000,"d":"10,000"},0]
[14,"新塘",null,"新塘完小","图书",null,"物资","图书室添置新书","本",15,2000,30000,"自主采购",null,"2019-9-31",{"v":30000,"d":"30,000"},{"v":30000,"d":"30,000"},0]
[16,"新塘",null,"新塘完小","监控系统",null,"物资","监控室建设及更换大屏幕显示器","间",20000,1,20000,"自主采购",null,"2019-9-31",{"v":20000,"d":"20,000"},{"v":20000,"d":"20,000"},0]
[17,"新塘",null,"新塘完小","网络更新",null,"维修","学校网络更新","年",20000,1,20000,"自主采购",null,"2019-9-31",{"v":20000,"d":"20,000"},{"v":20000,"d":"20,000"},0]
[18,"新塘",null,"新塘完小","档案柜",null,"物资","档案柜","架",1200,10,12000,"自主采购",null,"2019-9-31",{"v":12000,"d":"12,000"},{"v":12000,"d":"12,000"},0]
[19,"新塘",null,"新塘完小","冰柜",null,"物资","食堂用","台",3650,1,3650,"自主采购",null,"2019-08-28",{"v":3650,"d":"3,650"},{"v":3650,"d":"3,650"},0]
["潭泊中学",{"$nulls":10},{"$f":"SUM(L26:L32)","v":{"v":31200,"d":"31,200"}},{"$nulls":3},{"$f":"SUM(P26:P32)","v":{"v":31200,"d":"31,200"}},{"$f":"SUM(Q26:Q32)","v":{"v":31200,"d":"31,200"}}]
[1,"新塘",null,"潭泊中学","打印机",null,"物资","激光打印复印机","1M*4M",1800,1,{"$f":"SUM(J26*K26)","v":1800},"自主采购",null,2019.5,{"v":1800,"d":"1,800"},{"v":1800,"d":"1,800"}]
[2,"新塘",null,"潭泊中学","添置电脑",null,"物资","台式计算机","T4900-I/4170",4000,1,4000,"自主采购",null,2019.5,{"v":4000,"d":"4,000"},{"v":4000,"d":"4,000"}]
[3,"新塘",null,"潭泊中学","宿舍楼排污",null,"维修","化粪池清理及室内水管","立方米",500,9,4500,"自主采购",null,2019.9,{"v":4500,"d":"4,500"},{"v":4500,"d":"4,500"}]
[4,"新塘",null,"潭泊中学","添置教师办公桌",null,"物资","实木办公桌","张",660,15,9900,"自主采购",null,2019.3,{"v":9900,"d":"9,900"},{"v":9900,"d":"9,900"}]
[5,"新塘",null,"潭泊中学","教师办公室用空调",null,"物资","壁挂式，1.5P","台",4000,1,4000,"自主采购",null,2019.6,{"v":4000,"d":"4,000"},{"v":4000,"d":"4,000"}]
[6,"新塘",null,"潭泊中学","添置教师办公桌",null,"物资","不锈钢靠背椅","立方米",200,15,3000,"自主采购",null,2019.3,{"v":3000,"d":"3,000"},{"v":3000,"d":"3,000"}]
[7,"新塘",null,"潭泊中学","校舍水电及学生餐厅屋顶漏水维修",null,"维修","水电维修及屋顶防水防漏维修","平方米",500,8,4000,"自主采购",null,2019.8,{"v":4000,"d":"4,000"},{"v":4000,"d":"4,000"}]
["新塘中学",{"$nulls":10},{"$f":"SUM(L34:L40)","v":{"v":60960,"d":"60,960"}},{"$nulls":3},{"$f":"SUM(P34:P40)","v":{"v":60960,"d":"60,960"}},{"$f":"SUM(Q34:Q40)","v":{"v":60960,"d":"60,960"}},{"$f":"SUM(R34:R35)","v":0}]
[1,"新塘",null,"新塘中学","校舍维修",null,null,"教学楼、生活楼墙面维修","平方米",30,500,15000,"自主采购",null,2019.8,{"v":15000,"d":"15,000"},{"v":15000,"d":"15,000"},{"$f":"SUM(P34-Q34)","v":0}]
[2,"新塘",null,"新塘中学","教室、办公室电脑多媒体、校园网络、维护",null,null,"教室、办公室电脑多媒体、校园网络、维护","台",300,20,6000,"自主采购",null,2019.3,{"$f":"SUM(L35)","v":{"v":6000,"d":"6,000"}},{"v":6000,"d":"6,000"},{"$f":"SUM(P35-Q35)","v":0}]
[3,"新塘",null,"新塘中学","添置办公电脑","A02010104","物资","台式计算机","T4900-I/4170",4000,1,4000,"自主采购",null,2019.3,{"v":4000,"d":"4,000"},{"v":4000,"d":"4,000"},0]
[4,"新塘",null,"新塘中学","校园垃圾处理","B08","维修","拖走","立方米",2500,4,9960,"自主采购",null,2019.8,{"v":9960,"d":"9,960"},{"v":9960,"d":"9,960"},{"$f":"SUM(P37-Q37)","v":0}]
[5,"新塘",null,"新塘中学","水电维修","B08","维修","总水管到二栋教学地下水管维修","平方米",6500,1,6000,"自主采购",null,2019.5,{"v":6000,"d":"6,000"},{"v":6000,"d":"6,000"},{"$f":"SUM(P38-Q38)","v":0}]
[6,"新塘",null,"新塘中学","屋顶漏水维修","B08","维修","屋顶防水防漏维修","平方米",8000,1,15000,"自主采购",null,2019.5,{"v":15000,"d":"15,000"},{"v":15000,"d":"15,000"},{"$f":"SUM(P39-Q39)","v":0}]
[7,"新塘",null,"新塘中学","门窗维修",null,"维修","门窗维修","平方米",100,50,5000,"自主采购",null,2019.8,{"v":5000,"d":"5,000"},{"v":5000,"d":"5,000"},{"$f":"SUM(P40-Q40)","v":0}]
["潭泊完小",{"$nulls":10},{"$f":"SUM(L42:L48)","v":{"v":54000,"d":"54,000"}},{"$nulls":3},{"$f":"SUM(P42:P48)","v":{"v":54000,"d":"54,000"}},{"$f":"SUM(Q42:Q48)","v":{"v":54000,"d":"54,000"}}]
[1,"新塘",null,"潭泊完小","校舍维修",null,null,"生活楼防水","平方米",30,50,{"$f":"SUM(J42*K42)","v":1500},"自主采购",null,2019.8,{"$f":"SUM(L42)","v":{"v":1500,"d":"1,500"}},{"v":1500,"d":"1,500"}]
[2,"新塘",null,"潭泊完小","教室、办公室电脑多媒体维护",null,null,"教室、办公室电脑多媒体维护","台",300,50,{"$f":"SUM(J43*K43)","v":15000},"自主采购",null,2019.11,{"$f":"SUM(L43)","v":{"v":15000,"d":"15,000"}},{"v":15000,"d":"15,000"}]
[3,"新塘",null,"潭泊完小","操场地面维修","B08",null,"操场地面维修","立方米",480,16,7600,"自主采购",null,2019.7,{"v":7600,"d":"7,600"},{"v":7600,"d":"7,600"}]
[4,"新塘",null,"潭泊完小","水电维修","B08","维修","校园水电维修","平方米",6500,1,6500,"自主采购",null,2019.12,{"v":6500,"d":"6,500"},{"v":6500,"d":"6,500"},{"$f":"SUM(P45-Q45)","v":0}]
[5,"新塘",null,"潭泊完小","校园文化建设宣传橱窗",null,null,"校园文化建设宣传橱窗","平方米",300,10,3000,"自主采购",null,2019.5,{"v":3000,"d":"3,000"},{"v":3000,"d":"3,000"},{"$f":"SUM(P46-Q46)","v":0}]
[6,"新塘",null,"潭泊完小","校园网络与教室一体机维护",null,"维修","校园网络与教室一体机维护",null,4000,2.5,10000,"自主采购",null,2019.7,{"v":10000,"d":"10,000"},{"v":10000,"d":"10,000"},{"$f":"SUM(P47-Q47)","v":0}]
[7,"新塘",null,"潭泊完小","围墙前坪硬化","B08","维修","围墙前坪硬化","立方米",520,20,10400,"自主采购",null,2019.5,{"v":10400,"d":"10,400"},{"v":10400,"d":"10,400"},{"$f":"SUM(P48-Q48)","v":0}]
["欧阳海小学",{"$nulls":10},{"$f":"SUM(L50:L58)","v":{"v":55600,"d":"55,600"}},{"$nulls":3},{"$f":"SUM(P50:P58)","v":{"v":55600,"d":"55,600"}},{"$f":"SUM(Q50:Q58)","v":{"v":55600,"d":"55,600"}},{"$f":"SUM(R50:R58)","v":0}]
[1,"新塘",null,"欧阳海小学","打印机",null,"物资","激光打印复印机","1M*4M",2000,2,4000,"自主采购",null,2019.5,{"$f":"SUM(L50)","v":{"v":4000,"d":"4,000"}},{"v":4000,"d":"4,000"}]
[2,"新塘",null,"欧阳海小学","食堂改造",null,"维修","食堂改造","平方米",500,16,{"$f":"SUM(J51*K51)","v":8000},"自主采购",null,2019.5,{"$f":"SUM(L51)","v":{"v":8000,"d":"8,000"}},{"v":8000,"d":"8,000"}]
[3,"新塘",null,"欧阳海小学","校舍维修",null,"维修","墙面维修、绿化带地面硬化","平方米",500,25,{"$f":"SUM(J52*K52)","v":12500},"自主采购",null,2019.11,{"v":12500,"d":"12,500"},{"v":12500,"d":"12,500"}]
[4,"新塘",null,"欧阳海小学","办公桌",null,"物资","办公桌","张",1000,4,4000,"自主采购",null,2019.5,{"$f":"SUM(L53)","v":{"v":4000,"d":"4,000"}},{"v":4000,"d":"4,000"}]
[5,"新塘",null,"欧阳海小学","窗帘",null,"物资","教师、电脑室","付",400,24,{"$f":"J54*K54","v":9600},"自主采购",null,2019.5,{"$f":"SUM(L54)","v":{"v":9600,"d":"9,600"}},{"v":9600,"d":"9,600"}]
[6,"新塘",null,"欧阳海小学","教学楼屋顶维修",null,"维修","教学楼屋顶维修","平方米",500,16,{"$f":"SUM(J55*K55)","v":8000},"自主采购",null,2019.11,{"$f":"SUM(L55)","v":{"v":8000,"d":"8,000"}},{"v":8000,"d":"8,000"}]
[7,"新塘",null,"欧阳海小学","放碗柜",null,"物资","放碗柜","个",2000,1,{"$f":"SUM(J56*K56)","v":2000},"自主采购",null,2019.11,{"$f":"SUM(L56)","v":{"v":2000,"d":"2,000"}},{"v":2000,"d":"2,000"}]
[8,"新塘",null,"欧阳海小学","消毒柜",null,"物资","消毒柜","个",2500,1,2500,"自主采购",null,2019.11,{"v":2500,"d":"2,500"},{"v":2500,"d":"2,500"}]
[9,"新塘",null,"欧阳海小学","教室、办公室电脑多媒体维护",null,"维修","教室门锁、办公室电脑、空调，多媒体教室设备","年",5000,1,{"$f":"SUM(J58*K58)","v":5000},"自主采购",null,2019.11,{"$f":"SUM(L58)","v":{"v":5000,"d":"5,000"}},{"v":5000,"d":"5,000"}]

{"sheet":"25杨林","index":26,"n_rows":66,"n_cols":27,"rows_kept":66,"hidden":true,"merged":[[0,0,0,4],[1,0,1,17],[2,0,3,0],[2,1,3,1],[2,2,3,2],[2,3,3,3],[2,4,3,4],[2,5,3,5],[2,6,3,6],[2,7,3,7],[2,8,3,8],[2,9,3,9],[2,10,3,10],[2,11,3,11],[2,12,3,12],[2,13,3,13],[2,14,3,14],[2,15,2,17],[2,19,2,21],[2,22,2,24],[4,0,4,4],[5,0,5,4],[12,0,12,4],[26,0,26,4],[34,0,34,4],[39,0,39,4],[46,0,46,4],[54,0,54,4],[60,0,60,4]]}
["附表二"]
["   2020年衡东县教育系统政府采购计划表"]
["序号","乡",null,"学校名称","采购项目名称","采购项目编码","采购类别","采购项目简述（主要参数）","规格型号","参考\n单价","采购数量","采购预算\n资金合计","拟采用采购方式","采购方式","计划采购时间","资金来源（元）",{"$nulls":3},"学生",null,null,"标准",null,null,"公用经费40%\n合计","40%节余"]
[{"$nulls":15},"合计","预算内资金","其他资金",null,"小学","初中","高中","小学","初中","省示范高中800\n市示范高中640"]
["杨林教育管理服务中心",{"$nulls":10},{"$f":"L6+L13+L27+L35+L40+L47+L55+L61","v":{"v":576093,"d":"576,093"}},0,0,0,{"v":576093,"d":"576,093"},{"v":576093,"d":"576,093"},null,{"$f":"S6+S13+S27+S35+S40","v":0},2274,525,0,{"$f":"600*0.4","v":240},{"$f":"800*0.4","v":320},640,{"$f":"SUM(T5*W5+U5*X5+V5*Y5)","v":{"v":713760,"d":"713,760"}},{"$f":"SUM(T5*W5+U5*X5+V5*Y5-P5)","v":{"v":137667,"d":"137,667"}}]
["杨林中学",{"$nulls":10},{"$f":"SUM(L7:L12)","v":{"v":131497,"d":"131,497"}},{"$nulls":3},{"$f":"SUM(P7:P12)","v":{"v":131497,"d":"131,497"}},{"$f":"SUM(Q7:Q12)","v":{"v":131497,"d":"131,497"}},null,null,692,343,null,300,400,{"$f":"800+300","v":1100},{"$f":"SUM(T6*W6+U6*X6+V6*Y6)*2*0.3","v":{"v":206880,"d":"206,880"}},{"$f":"SUM(Z6-P6)","v":{"v":75383,"d":"75,383"}}]
[1,"杨林",null,"杨林杨林中学","垃圾处理","C160102",null,"学校垃圾处理","年",16000,1,{"$f":"J7*K7","v":16000},"自行采购",null,2019.3,{"$f":"Q7","v":{"v":16000,"d":"16,000"}},{"$f":"L7","v":{"v":16000,"d":"16,000"}}]
[2,"杨林",null,"杨林杨林中学","水电维修","C1708",null,"教室、寝室、食堂、教师住房等维修","年",42000,1,42000,"自行采购",null,2019.3,{"v":42000,"d":"42,000"},{"v":42000,"d":"42,000"}]
[3,"杨林",null,"杨林杨林中学","体育器材添置","C200499",null,"乒乓球、篮球、羽毛球、跳绳等","付",31000,1,31000,"自行采购",null,2019.9,{"v":31000,"d":"31,000"},{"v":31000,"d":"31,000"}]
[4,"杨林",null,"杨林杨林中学","设备设施维护","A02",null,"更换电动大门","条",20000,1,20000,"自行采购",null,{"v":2019.1,"d":"2019.10"},{"v":20000,"d":"20,000"},{"v":20000,"d":"20,000"}]
[5,"杨林",null,"杨林杨林中学","其它建筑工程","A99",null,"各种宣传牌、宣传栏制作及标识","套",12000,1,12000,"自行采购",null,{"v":2019.1,"d":"2019.10"},{"v":12000,"d":"12,000"},{"v":12000,"d":"12,000"}]
[6,"杨林",null,"杨林杨林中学","台式计算机","A02010104",null,"戴尔3455-2248 3000系列4Gwin10","台",3499,3,10497,"自行采购",null,{"v":2019.1,"d":"2019.10"},{"v":10497,"d":"10,497"},{"v":10497,"d":"10,497"}]
["杨林完小",{"$nulls":10},{"$f":"SUM(L14:L26)","v":{"v":253400,"d":"253,400"}},{"$nulls":3},{"$f":"SUM(P14:P26)","v":{"v":253400,"d":"253,400"}},{"$f":"SUM(Q14:Q26)","v":{"v":253400,"d":"253,400"}},{"$f":"SUM(P13-Q13)","v":0},null,424,null,null,300,400,{"$f":"800+300","v":1100},{"$f":"SUM(T13*W13+U13*X13+V13*Y13)*2*0.3","v":{"v":76320,"d":"76,320"}},{"$f":"SUM(Z13-P13)","v":{"v":-177080,"d":"-177,080"}}]
[1,"杨林",null,"杨林完全小学","垃圾处理","C160102",null,"学校垃圾处理","年",12000,1,{"$f":"J14*K14","v":12000},"自行采购",null,2019.3,{"v":12000,"d":"12,000"},{"v":12000,"d":"12,000"}]
[2,"杨林",null,"杨林完全小学","办公用品","A09",null,"笔、教案等各种消耗用品","年",22000,1,22000,"自行采购",null,2019.3,{"v":22000,"d":"22,000"},{"v":22000,"d":"22,000"}]
[3,"杨林",null,"杨林完全小学","办公用品","A10",null,"A4纸","件",200,40,8000,{"$nulls":3},{"v":8000,"d":"8,000"},{"v":8000,"d":"8,000"}]
[4,"杨林",null,"杨林完全小学","零星维修",null,null,"桌椅、门窗，玻璃等","张",70,220,15400,"自行采购",null,2019.3,{"v":15400,"d":"15,400"},{"v":15400,"d":"15,400"}]
[5,"杨林",null,"杨林完全小学","设备设施维护",null,null,"电脑、多媒体投影仪等","年",20000,1,20000,"自行采购",null,2019.3,{"v":20000,"d":"20,000"},{"v":20000,"d":"20,000"}]
[6,"杨林",null,"杨林完全小学","设备设施采购","A00",null,"电脑","台",4000,5,20000,{"$nulls":3},{"v":20000,"d":"20,000"},{"v":20000,"d":"20,000"}]
[7,"杨林",null,"杨林完全小学","设备设施采购","A01",null,"热水器","台",2500,2,5000,{"$nulls":3},{"v":5000,"d":"5,000"},{"v":5000,"d":"5,000"}]
[8,"杨林",null,"杨林完全小学","设备设施采购","A02",null,"煤气灶等","台",5000,1,5000,"自行采购",null,2019.3,{"v":5000,"d":"5,000"},{"v":5000,"d":"5,000"}]
[9,"杨林",null,"杨林完全小学","屋顶维修","B0801",null,"用于老教学楼屋顶漏水处理","平方米",500,40,20000,"自行采购",null,2019.9,{"v":20000,"d":"20,000"},{"v":20000,"d":"20,000"}]
[10,"杨林",null,"杨林完全小学","校门口电路改造","B0899",null,"用于校外门口电路改造，含材料及人工费用","米",150,100,15000,"自行采购",null,2019.3,{"v":15000,"d":"15,000"},{"v":15000,"d":"15,000"}]
[11,"杨林",null,"杨林完全小学","校外新建下水道","B0899",null,"学校围墙西北角新建下水道","米",240,200,48000,"自行采购",null,2019.9,{"v":48000,"d":"48,000"},{"v":48000,"d":"48,000"}]
[12,"杨林",null,"杨林完全小学","澡堂维护维修","B0899",null,"用于澡堂墙壁，地面、水管、电路等","平方米",500,30,15000,"自行采购",null,2019.9,{"v":15000,"d":"15,000"},{"v":15000,"d":"15,000"}]
[13,"杨林",null,"杨林完全小学","校园文化建设","C2003",null,"校园广告宣传，阳光栏以及校园美化","架",9600,5,48000,"自行采购",null,2019.3,{"v":48000,"d":"48,000"},{"v":48000,"d":"48,000"}]
["青山完小",{"$nulls":10},{"$f":"SUM(L28:L34)","v":{"v":35380,"d":"35,380"}},{"$nulls":3},{"$f":"SUM(P28:P34)","v":{"v":35380,"d":"35,380"}},{"$f":"SUM(Q28:Q34)","v":{"v":35380,"d":"35,380"}}]
[1,"杨林",null,"青山完小","打印机","A02010601",null,"会议室","台",1980,1,{"$f":"J28*K28","v":1980},"自主采购",null,2019.02,{"v":1980,"d":"1,980"},{"v":1980,"d":"1,980"}]
[2,"杨林",null,"青山完小","信息网络及软件线路改装","A0230102",null,"信息网络及软件购置更新","年",4500,1,4500,"自主采购",null,2019.03,{"v":4500,"d":"4,500"},{"v":4500,"d":"4,500"}]
[3,"杨林",null,"青山完小","垃圾处理服务","C160102",null,"垃圾处理费","车",300,10,3000,"自主采购",null,2019.05,{"v":3000,"d":"3,000"},{"v":3000,"d":"3,000"}]
[4,"杨林",null,"青山完小","修缮工程","B08",null,"对已建成的建筑物进行维修改造，包括防水.木门窗钢门及木窗门维修等","平方米",400,19,7600,"自主采购",null,2019.09,{"v":7600,"d":"7,600"},{"v":7600,"d":"7,600"}]
[5,"杨林",null,"青山完小","办公用具","A060299",null,"办公桌","张",2000,1,2000,"自主采购",null,2019.09,{"v":2000,"d":"2,000"},{"v":2000,"d":"2,000"}]
[6,"杨林",null,"青山完小","门",null,null,"教师房间办公室","条",1500,5,7500,"自主采购",null,2019.1,{"v":7500,"d":"7,500"},{"v":7500,"d":"7,500"}]
[7,"杨林",null,"青山完小","其他建筑工程",null,null,"校园文化建设宣传栏","架",8800,1,8800,"自主采购",null,2019.1,{"v":8800,"d":"8,800"},{"v":8800,"d":"8,800"}]
["石峡完小",{"$nulls":10},{"$f":"SUM(L36:L39)","v":{"v":27080,"d":"27,080"}},{"$nulls":3},{"$f":"SUM(P36:P39)","v":{"v":27080,"d":"27,080"}},{"$f":"SUM(Q36:Q39)","v":{"v":27080,"d":"27,080"}}]
[1,"杨林",null,"石峡完小","办公经费",null,null,"消毒柜、紫外线消毒器、纱窗","台",5000,1,{"$f":"J36*K36","v":5000},"自主采购",null,2019.5,{"v":5000,"d":"5,000"},{"v":5000,"d":"5,000"}]
[2,"杨林",null,"石峡完小","厕所维护",null,null,"水路改修、水箱","米",240,22,{"$f":"J37*K37","v":5280},"自主采购",null,2019.6,{"v":5280,"d":"5,280"},{"v":5280,"d":"5,280"}]
[3,"杨林",null,"石峡完小","教师办公室、水电维修",null,null,"水箱、水管","米",240,45,{"$f":"J38*K38","v":10800},"自主采购",null,2019.9,{"v":10800,"d":"10,800"},{"v":10800,"d":"10,800"}]
[4,"杨林",null,"石峡完小","办公经费",null,null,"文化宣传栏","架",3000,2,{"$f":"J39*K39","v":6000},"自主采购",null,2019.9,{"v":6000,"d":"6,000"},{"v":6000,"d":"6,000"}]
["杨林教办",{"$nulls":10},{"$f":"SUM(L41:L46)","v":{"v":57600,"d":"57,600"}},{"$nulls":3},{"$f":"SUM(P41:P46)","v":{"v":57600,"d":"57,600"}},{"$f":"SUM(Q41:Q46)","v":{"v":57600,"d":"57,600"}}]
[1,"杨林",null,"杨林教育管理服务中心","档案柜","Ａ060205","物资","铁皮、多层","2m*1.2m",1600,1,{"$f":"J41*K41","v":1600},"自主采购",null,"2019、6",{"v":1600,"d":"1,600"},{"$f":"L41","v":{"v":1600,"d":"1,600"}}]
[2,"杨林",null,"杨林教育管理服务中心","添置打印复印机","A0201060102","物资","激光打印机","ＨＰ1005",1800,2,3600,"自主采购",null,"2019、6",{"v":3600,"d":"3,600"},{"v":3600,"d":"3,600"}]
[3,"杨林",null,"杨林教育管理服务中心","电脑类","A02010104","物资","联想电脑","台式",3200,2,6400,"自主采购",null,"2019、3－12",{"v":6400,"d":"6,400"},{"v":6400,"d":"6,400"}]
[4,"杨林",null,"杨林教育管理服务中心","电脑类","A02010104","物资","联想Air14电脑","笔记本",5000,2,10000,"自主采购",null,2019.6,{"v":10000,"d":"10,000"},{"v":10000,"d":"10,000"}]
[5,"杨林",null,"杨林教育管理服务中心","维修","B0303",null,"办公楼屋顶","平方米",120,200,24000,"自主采购",null,"2019、8",{"v":24000,"d":"24,000"},{"v":24000,"d":"24,000"}]
[6,"杨林",null,"杨林教育管理服务中心","维修","Ｂ08",null,"水井加深加固","立方米",500,24,12000,"自主采购",null,"2019、2－12",{"v":12000,"d":"12,000"},{"v":12000,"d":"12,000"}]
["湾头洲小学",{"$nulls":10},{"$f":"SUM(L48:L54)","v":{"v":20336,"d":"20,336"}},{"$nulls":3},{"$f":"SUM(P48:P54)","v":{"v":20336,"d":"20,336"}},{"$f":"SUM(Q48:Q54)","v":{"v":20336,"d":"20,336"}}]
[1,"杨林",null,"湾头洲小学","格力空调","B0606",null,"用于大办公室","台",3500,1,{"$f":"J48*K48","v":3500},"自行采购",null,2019.09,{"$f":"Q48+R48","v":{"v":3500,"d":"3,500"}},{"$f":"L48","v":{"v":3500,"d":"3,500"}}]
[2,"杨林",null,"湾头洲小学","厨房维护维修",null,null,"“三防”（纱窗门、纱窗、水井井盖上锁）","套",600,5,3000,"自行采购",null,2019.04,{"v":3000,"d":"3,000"},{"v":3000,"d":"3,000"}]
[3,"杨林",null,"湾头洲小学","LED电子显示屏",null,null,"用于校园公告、通知等","个",3500,1,3500,"自行采购",null,2019.06,{"v":3500,"d":"3,500"},{"v":3500,"d":"3,500"}]
[4,"杨林",null,"湾头洲小学","校园广播设备",null,null,"学校广播及铃声播报","个",5000,1,5000,"自行采购",null,2019.09,{"v":5000,"d":"5,000"},{"v":5000,"d":"5,000"}]
[5,"杨林",null,"湾头洲小学","教学投影仪",null,null,"六年级教室","台",4000,1,4000,"自行采购",null,2019.05,{"v":4000,"d":"4,000"},{"v":4000,"d":"4,000"}]
[6,"杨林",null,"湾头洲小学","办公椅","A0699",null,"办公室教师办公","张",200,5,1000,"自行采购",null,2019.04,{"v":1000,"d":"1,000"},{"v":1000,"d":"1,000"}]
[7,"杨林",null,"湾头洲小学","时钟",null,null,"挂在每间教室","个",56,6,336,"自行采购",null,2019.04,336,336]
["寺门前小学",{"$nulls":10},{"$f":"SUM(L56:L60)","v":{"v":18800,"d":"18,800"}},{"$nulls":3},{"$f":"SUM(P56:P60)","v":{"v":18800,"d":"18,800"}},{"$f":"SUM(Q56:Q60)","v":{"v":18800,"d":"18,800"}}]
[1,"杨林",null,"寺门前小学","水电维修",null,null,"2019年自来水.电及设备","米",240,45,{"$f":"J56*K56","v":10800},"自主采购",null,2019.5,{"v":10800,"d":"10,800"},{"$f":"L56","v":{"v":10800,"d":"10,800"}}]
[2,"杨林",null,"寺门前小学","电脑",null,null,"办公用","台",3500,1,{"$f":"J57*K57","v":3500},"自主采购",null,2019.9,{"v":3500,"d":"3,500"},{"$f":"L57","v":{"v":3500,"d":"3,500"}}]
[3,"杨林",null,"寺门前小学","体育器材",null,null,"篮球，羽毛球等用品","个",200,5,{"$f":"J58*K58","v":1000},"自主采购",null,2019.9,{"v":1000,"d":"1,000"},{"$f":"L58","v":{"v":1000,"d":"1,000"}}]
[4,"杨林",null,"寺门前小学","床，办公椅",null,null,"新进教师用","张",1000,2,{"$f":"J59*K59","v":2000},"自主采购",null,2019.9,{"v":2000,"d":"2,000"},{"$f":"L59","v":{"v":2000,"d":"2,000"}}]
[5,"杨林",null,"寺门前小学","厨房维修",null,null,"三防：纱窗门，井盖等","套",1500,1,{"$f":"J60*K60","v":1500},"自主采购",null,2019.4,{"v":1500,"d":"1,500"},{"$f":"L60","v":{"v":1500,"d":"1,500"}}]
["贺家桥小学",{"$nulls":10},{"$f":"SUM(L62:L66)","v":{"v":32000,"d":"32,000"}},{"$nulls":3},{"$f":"SUM(P62:P66)","v":{"v":32000,"d":"32,000"}},{"$f":"SUM(Q62:Q66)","v":{"v":32000,"d":"32,000"}}]
[1,"杨林",null,"贺家桥联校","管道疏通维修",null,null,"厨厕排污管道疏通、维护","米",100,50,{"$f":"J62*K62","v":5000},"自主采购",null,2019.5,{"v":5000,"d":"5,000"},{"v":5000,"d":"5,000"}]
[2,"杨林",null,"贺家桥联校","空调",null,null,"教师会议室空调","台",10000,1,{"$f":"J63*K63","v":10000},"自主采购",null,2019.9,{"v":10000,"d":"10,000"},{"v":10000,"d":"10,000"}]
[3,"杨林",null,"贺家桥联校","办公椅",null,null,"教师办公用","张",1000,5,{"$f":"J64*K64","v":5000},"自主采购",null,2019.9,{"v":5000,"d":"5,000"},{"v":5000,"d":"5,000"}]
[4,"杨林",null,"贺家桥联校","教学楼维修",null,null,"教学楼捡漏添瓦","平方米",250,24,{"$f":"J65*K65","v":6000},"自主采购",null,2019.9,{"v":6000,"d":"6,000"},{"v":6000,"d":"6,000"}]
[5,"杨林",null,"贺家桥联校","厕所防水",null,null,"厕所防水","平方米",250,24,{"$f":"J66*K66","v":6000},"自主采购",null,2019.4,{"v":6000,"d":"6,000"},{"v":6000,"d":"6,000"}]

{"sheet":"26杨桥","index":27,"n_rows":30,"n_cols":27,"rows_kept":30,"hidden":true,"merged":[[0,0,0,4],[1,0,1,17],[2,0,3,0],[2,1,3,1],[2,2,3,2],[2,3,3,3],[2,4,3,4],[2,5,3,5],[2,6,3,6],[2,7,3,7],[2,8,3,8],[2,9,3,9],[2,10,3,10],[2,11,3,11],[2,12,3,12],[2,13,3,13],[2,14,3,14],[2,15,2,17],[2,19,2,21],[2,22,2,24],[4,0,4,4],[5,0,5,4]]}
["附表二"]
["   2020年衡东县教育系统政府采购计划表"]
["序号","乡",null,"学校名称","采购项目名称","采购项目编码","采购类别","采购项目简述（主要参数）","规格型号","参考\n单价","采购数量","采购预算\n资金合计","拟采用采购方式","采购方式","计划采购时间","资金来源（元）",{"$nulls":3},"学生",null,null,"标准",null,null,"公用经费40%\n合计","40%节余"]
[{"$nulls":15},"合计","预算内资金","其他资金",null,"小学","初中","高中","小学","初中","省示范高中800\n市示范高中640"]
["XX学校（乡）汇总",{"$nulls":10},{"$f":"SUM(L7:L30)","v":{"v":427770,"d":"427,770"}},{"$nulls":3},{"$f":"SUM(P7:P30)","v":{"v":427770,"d":"427,770"}},{"$f":"SUM(Q7:Q30)","v":{"v":420770,"d":"420,770"}},{"$f":"SUM(R7:R30)","v":0},null,1949,315,0,{"$f":"600*0.4","v":240},{"$f":"800*0.4","v":320},640,{"$f":"SUM(T5*W5+U5*X5+V5*Y5)","v":{"v":568560,"d":"568,560"}},{"$f":"SUM(T5*W5+U5*X5+V5*Y5-P5)","v":{"v":140790,"d":"140,790"}}]
["XX教育管理服务中心",{"$nulls":10},{"$f":"SUM(L7:L19)","v":{"v":297620,"d":"297,620"}},{"$nulls":3},{"$f":"SUM(P7:P19)","v":{"v":297620,"d":"297,620"}},{"$f":"SUM(Q7:Q19)","v":{"v":290620,"d":"290,620"}},{"$f":"SUM(R7:R19)","v":0}]
[1,"杨桥",null,"杨桥完小","电路维修及人工材料",null,"项目","按40元/平方米","平方米",40,625,25000,"政府采购",null,"20189年4月至12月",{"v":25000,"d":"25,000"},{"v":25000,"d":"25,000"}]
[2,"杨桥",null,"杨桥完小","水路维修及人工材料",null,"项目","按30元/米","米",30,834,25000,"政府采购",null,"2019年4月至12月",{"v":25000,"d":"25,000"},{"v":25000,"d":"25,000"}]
[3,"杨桥",null,"杨桥完小","多媒体、电脑及广播系统维修等",null,"项目","按280元/台","台",280,108,30000,"政府采购",null,"2019年4月至12月",{"v":30000,"d":"30,000"},{"v":30000,"d":"30,000"}]
[4,"杨桥",null,"杨桥完小","饮水系统维修及人工材料",null,"项目","按40元/米","米",40,500,20000,"政府采购",null,"2019年4月至12月",{"v":20000,"d":"20,000"},{"v":20000,"d":"20,000"}]
[5,"杨桥",null,"杨桥完小","教室门锁、窗户等日常小维修",null,"物质","按50元/扇","扇",50,400,20000,"政府采购",null,"2019年4月至12月",{"v":20000,"d":"20,000"},{"v":20000,"d":"20,000"}]
[6,"杨桥",null,"杨桥完小","智能电钢琴",null,"物质","按9600元/台","台",9600,1,{"$f":"SUM(J12*K12)","v":9600},"政府采购",null,"2019-10-01",{"v":9600,"d":"9,600"},{"v":9600,"d":"9,600"}]
[7,"杨桥",null,"杨桥完小","食堂备餐间改造",null,"项目","按30000元/批","平方米",240,48,11520,"政府采购",null,"2019-04-01",{"v":11520,"d":"11,520"},{"v":11520,"d":"11,520"}]
[8,"杨桥",null,"杨桥完小","餐柜",null,null,"餐柜","台",4500,6,{"$f":"SUM(J14*K14)","v":27000},"政府采购",null,"2019-04-02",{"v":27000,"d":"27,000"},{"v":27000,"d":"27,000"}]
[9,"杨桥",null,"杨桥完小","日常维修及校园文化（一年级分校）",null,"项目","日常维修及校园文化（一年级分校）","平方米",200,150,30000,"政府采购",null,"2019年4月至12月",{"v":30000,"d":"30,000"},{"v":30000,"d":"30,000"}]
[10,"杨桥",null,"杨桥完小","班级文化建设、耗材、建设宣传栏等",null,"项目","按240/平方米","平方米",240,250,60000,"政府采购",null,"2019年4月至12月",{"v":60000,"d":"60,000"},{"v":60000,"d":"60,000"}]
[11,"杨桥",null,"杨桥完小","打印复印一体机",null,"物质","按2000元/台","台",2000,2,4000,"政府采购",null,"2019-04-01",{"$f":"SUM(L17)","v":{"v":4000,"d":"4,000"}},{"v":4000,"d":"4,000"}]
[12,"杨桥",null,"杨桥完小","苗木绿化",null,"项目","苗木绿化","棵",500,34,17000,"政府采购",null,"2014-04-01",{"$f":"SUM(L18)","v":{"v":17000,"d":"17,000"}},{"v":10000,"d":"10,000"}]
[13,"杨桥",null,"杨桥完小","佳能激光打印一体机（一年级分校）",null,"物质","按18500元/台","台",18500,1,18500,"政府采购",null,"2014-09-01",{"$f":"SUM(L19)","v":{"v":18500,"d":"18,500"}},{"v":18500,"d":"18,500"}]
[14,"杨桥",null,"杨桥 中学","寝室防盗门",null,"物质","寝室防盗门","条",1100,22,24200,"政府采购",null,2019.04,{"v":24200,"d":"24,200"},{"v":24200,"d":"24,200"}]
[15,"杨桥",null,"杨桥 中学","寝室加高不锈钢围栏",null,"物质","两层","米",85,110,9350,"政府采购",null,2019.04,{"v":9350,"d":"9,350"},{"v":9350,"d":"9,350"}]
[16,"杨桥",null,"杨桥 中学","办公电脑",null,"物质","加打印机","台",6500,5,32500,"政府采购",null,2019.08,{"v":32500,"d":"32,500"},{"v":32500,"d":"32,500"}]
[17,"杨桥",null,"杨桥 中学","办公空调",null,"物质","以前陈旧.以坏","台",3500,4,14000,"政府采购",null,2019.8,{"v":14000,"d":"14,000"},{"v":14000,"d":"14,000"}]
[18,"杨桥",null,"东烟完小","A3打印复印一体机",null,"物质","双面打印、复印A3试卷纸","台","9000",1,9000,"政府采购",null,9000,{"v":9000,"d":"9,000"},{"v":9000,"d":"9,000"}]
[19,"杨桥",null,"东烟完小","A4一体机",null,"物质","双面打印、复印A4纸","台",1800,2,3600,"政府采购",null,3600,{"v":3600,"d":"3,600"},{"v":3600,"d":"3,600"}]
[20,"杨桥",null,"东烟完小","联想台式机",null,"物质","联想台式机","台","4000",2,8000,"政府采购",null,8000,{"v":8000,"d":"8,000"},{"v":8000,"d":"8,000"}]
[21,"杨桥",null,"东烟完小","水电设备购置",null,"物质","水电维修改造","个","8000",1,8000,"政府采购",null,8000,{"v":8000,"d":"8,000"},{"v":8000,"d":"8,000"}]
[22,"杨桥",null,"东烟完小","网络设备购置",null,"物质","网络设备维护与添置","个","12000",1,12000,"政府采购",null,12000,{"v":12000,"d":"12,000"},{"v":12000,"d":"12,000"}]
[23,"杨桥",null,"东烟完小","环保设备添置",null,"物质","环保设备添置","个","5500",1,5500,"政府采购",null,5500,{"v":5500,"d":"5,500"},{"v":5500,"d":"5,500"}]
[24,"杨桥",null,"东烟完小","校舍维修",null,"维修","零星维修","平方米",4000,1,4000,"政府采购",null,4000,{"v":4000,"d":"4,000"},{"v":4000,"d":"4,000"}]

{"sheet":"27向阳","index":28,"n_rows":14,"n_cols":18,"rows_kept":14,"hidden":true,"merged":[[0,0,0,4],[1,0,1,17],[2,0,3,0],[2,1,3,1],[2,2,3,2],[2,3,3,3],[2,4,3,4],[2,5,3,5],[2,6,3,6],[2,7,3,7],[2,8,3,8],[2,9,3,9],[2,10,3,10],[2,11,3,11],[2,12,3,12],[2,13,3,13],[2,14,3,14],[2,15,2,17],[4,0,4,4],[5,0,5,4]]}
["附表二"]
["   2020年衡东县教育系统政府采购计划表"]
["序号","乡",null,"学校名称","采购项目名称","采购项目编码","采购类别","采购项目简述（主要参数）","规格型号","参考\n单价","采购数量","采购预算\n资金合计","拟采用采购方式","采购方式","计划采购时间","资金来源（元）"]
[{"$nulls":15},"合计","预算内资金","其他资金"]
["衡东县向阳幼儿园汇总",{"$nulls":10},{"$f":"L6","v":{"v":604496,"d":"604,496"}},{"$nulls":3},{"$f":"P6","v":{"v":604496,"d":"604,496"}},0,{"$f":"R6","v":{"v":604496,"d":"604,496"}}]
["衡东县向阳幼儿园",{"$nulls":10},{"$f":"SUM(L7:L14)","v":{"v":604496,"d":"604,496"}},{"$nulls":3},{"$f":"SUM(P7:P14)","v":{"v":604496,"d":"604,496"}},0,{"$f":"SUM(R7:R14)","v":{"v":604496,"d":"604,496"}}]
[1,"县直",null,"向阳幼儿园","幼儿户外运动包",null,"物资","幼儿户外运动包","批",99800,1,{"$f":"SUM(K7*J7)","v":99800},"自主采购",null,"2019年上",{"$f":"SUM(L7)","v":{"v":99800,"d":"99,800"}},0,{"$f":"P7","v":{"v":99800,"d":"99,800"}}]
[2,"县直",null,"向阳幼儿园","幼儿教材",null,"物资","幼儿教材","套",298,322,95956,"自主采购",null,"2019年上",{"v":95956,"d":"95,956"},0,{"v":95956,"d":"95,956"}]
[3,"县直",null,"向阳幼儿园","幼儿教材",null,"物资","幼儿教材","套",298,630,187740,"询价采购",null,"2019年下",{"v":187740,"d":"187,740"},0,{"v":187740,"d":"187,740"}]
[4,"县直",null,"向阳幼儿园","直饮水机",null,"物资","直饮水机","台",7000,5,35000,"自主采购",null,"2019年下",{"v":35000,"d":"35,000"},0,{"v":35000,"d":"35,000"}]
[5,"县直",null,"向阳幼儿园","货架",null,"物资","货架","台",2400,10,24000,"自主采购",null,"2019年下",{"v":24000,"d":"24,000"},0,{"v":24000,"d":"24,000"}]
[6,"县直",null,"向阳幼儿园","绿化",null,"维修","绿化","批",42000,1,42000,"自主采购",null,"2019年下",{"v":42000,"d":"42,000"},0,{"v":42000,"d":"42,000"}]
[7,"县直",null,"向阳幼儿园","护栏安装",null,"维修","护栏安装","平方米",120,500,60000,"自主采购",null,"2019年上",{"v":60000,"d":"60,000"},0,{"v":60000,"d":"60,000"}]
[8,"县直",null,"向阳幼儿园","零星维修",null,"维修","零星维修","批",60000,1,60000,"自主采购",null,"2019年下",{"v":60000,"d":"60,000"},0,{"v":60000,"d":"60,000"}]

{"sheet":"28杨山","index":29,"n_rows":77,"n_cols":27,"rows_kept":77,"hidden":true,"merged":[[0,0,0,4],[1,0,1,17],[2,0,3,0],[2,1,3,1],[2,2,3,2],[2,3,3,3],[2,4,3,4],[2,5,3,5],[2,6,3,6],[2,7,3,7],[2,8,3,8],[2,9,3,9],[2,10,3,10],[2,11,3,11],[2,12,3,12],[2,13,3,13],[2,14,3,14],[2,15,2,17],[2,19,2,21],[2,22,2,24],[4,0,4,4],[5,0,5,4]]}
["附表二"]
["   2020年衡东县教育系统政府采购计划表"]
["序号","乡",null,"学校名称","采购项目名称","采购项目编码","采购类别","采购项目简述（主要参数）","规格型号","参考\n单价","采购数量","采购预算\n资金合计","拟采用采购方式","采购方式","计划采购时间","资金来源（元）",{"$nulls":3},"学生",null,null,"标准",null,null,"公用经费40%\n合计","40%节余"]
[{"$nulls":15},"合计","预算内资金","其他资金",null,"小学","初中","高中","小学","初中","省示范高中800\n市示范高中640"]
["衡东县杨山中学汇总",{"$nulls":10},{"$f":"SUM(L6)","v":{"v":964118,"d":"964,118"}},{"$nulls":3},{"$f":"SUM(P6)","v":{"v":964118,"d":"964,118"}},{"$f":"SUM(Q6)","v":{"v":964118,"d":"964,118"}},0,{"$nulls":3},3009,{"$f":"600*0.4","v":240},{"$f":"800*0.4","v":320},{"$f":"2000*0.4","v":800},{"$f":"SUM(T5*W5+U5*X5+V5*Y5)","v":{"v":2407200,"d":"2,407,200"}},{"$f":"SUM(T5*W5+U5*X5+V5*Y5-P5)","v":{"v":1443082,"d":"1,443,082"}}]
["衡东县杨山中学",{"$nulls":10},{"$f":"SUM(L7:L73)","v":{"v":964118,"d":"964,118"}},{"$nulls":3},{"$f":"SUM(P7:P73)","v":{"v":964118,"d":"964,118"}},{"$f":"SUM(Q7:Q73)","v":{"v":964118,"d":"964,118"}},0,{"$nulls":3},3009,{"$f":"600*0.4","v":240},{"$f":"800*0.4","v":320},800,{"$f":"SUM(T6*W6+U6*X6+V6*Y6)","v":{"v":2407200,"d":"2,407,200"}},{"$f":"SUM(T6*W6+U6*X6+V6*Y6-P6)","v":{"v":1443082,"d":"1,443,082"}}]
[1,"县直",null,"衡东县杨山中学","台式电脑","A02010104","物资","联想 T4900V I3-810/8G/1TB","台",3680,10,{"$f":"SUM(K7*J7)","v":36800},"自主采购",null,"2019年",{"$f":"SUM(L7)","v":{"v":36800,"d":"36,800"}},{"$f":"SUM(P7)","v":{"v":36800,"d":"36,800"}},0]
[2,"县直",null,"衡东县杨山中学","教师上课用手提电脑","A02010105","物资","教师上课用手提电脑","台",4000,10,40000,"自主采购",null,"2019年",{"v":40000,"d":"40,000"},{"v":40000,"d":"40,000"},0]
[3,"县直",null,"衡东县杨山中学","日立投影机hcp-380x","A020202","物资","包安装","台",3980,15,59700,"自主采购",null,"2019年",{"v":59700,"d":"59,700"},{"v":59700,"d":"59,700"},0]
[4,"县直",null,"衡东县杨山中学","100*100幕布","A02","物资","三星100寸","块",700,10,7000,"自主采购",null,"2019年",{"v":7000,"d":"7,000"},{"v":7000,"d":"7,000"},0]
[5,"县直",null,"衡东县杨山中学","20米VGA线（公母头）","A02","物资","20米VGA线（公母头）","根",400,10,4000,"自主采购",null,"2019年",{"v":4000,"d":"4,000"},{"v":4000,"d":"4,000"},0]
[6,"县直",null,"衡东县杨山中学","3米VGA线（公母头）","A02","物资","3米VGA线（公母头）","根",65,20,1300,"自主采购",null,"2019年",{"v":1300,"d":"1,300"},{"v":1300,"d":"1,300"},0]
[7,"县直",null,"衡东县杨山中学","10米音频线","A02","物资","秋叶原音频线10米安装","根",78,16,1248,"自主采购",null,"2019年",{"v":1248,"d":"1,248"},{"v":1248,"d":"1,248"},0]
[8,"县直",null,"衡东县杨山中学","5120交换机（h3c)","A0201020201","物资","5120交换机（h3c)","台",5000,5,25000,"自主采购",null,"2019年",{"v":25000,"d":"25,000"},{"v":25000,"d":"25,000"},0]
[9,"县直",null,"衡东县杨山中学","无线路由器","A02010202","物资","无线路由器","台",280,10,2800,"自主采购",null,"2019年",{"v":2800,"d":"2,800"},{"v":2800,"d":"2,800"},0]
[10,"县直",null,"衡东县杨山中学","24寸显示器","A0201060401","物资","24寸显示器","台",900,5,4500,"自主采购",null,"2019年",{"v":4500,"d":"4,500"},{"v":4500,"d":"4,500"},0]
[11,"县直",null,"衡东县杨山中学","SSD硬盘240G","A02","物资","SSD硬盘240G","块",480,10,4800,"自主采购",null,"2019年",{"v":4800,"d":"4,800"},{"v":4800,"d":"4,800"},0]
[12,"县直",null,"衡东县杨山中学","内存DDR3 4G","A02","物资","内存DDR3 4G","条",270,10,2700,"自主采购",null,"2019年",{"v":2700,"d":"2,700"},{"v":2700,"d":"2,700"},0]
[13,"县直",null,"衡东县杨山中学","HDD硬盘 1TB","A02","物资","HDD硬盘 1TB","块",300,10,3000,"自主采购",null,"2019年",{"v":3000,"d":"3,000"},{"v":3000,"d":"3,000"},0]
[14,"县直",null,"衡东县杨山中学","内存DDR4 8G","A02","物资","内存DDR4 8G","斤",500,5,2500,"自主采购",null,"2019年",{"v":2500,"d":"2,500"},{"v":2500,"d":"2,500"},0]
[15,"县直",null,"衡东县杨山中学","多媒体、监控、网络维修维护",null,"服务","多媒体、监控、网络维修维护","年",30000,1,30000,"自主采购",null,"2019年",{"v":30000,"d":"30,000"},{"v":30000,"d":"30,000"},0]
[16,"县直",null,"衡东县杨山中学","电脑","A02010104","物资","HP台式机  I5/8G/1TB/24寸","台",4800,3,14400,"自主采购",null,"2019年",{"v":14400,"d":"14,400"},{"v":14400,"d":"14,400"},0]
[17,"县直",null,"衡东县杨山中学","录播摄像头",null,"物资","中庆录播摄像头","台",6000,2,12000,"自主采购",null,"2019年",{"v":12000,"d":"12,000"},{"v":12000,"d":"12,000"},0]
[18,"县直",null,"衡东县杨山中学","电源线",null,"物资","2*0.75","米",2,1000,2000,"自主采购",null,"2019年",{"v":2000,"d":"2,000"},{"v":2000,"d":"2,000"},0]
[19,"县直",null,"衡东县杨山中学","教师电脑桌",null,"物资","1.2米*0.6米","张",1000,1,1000,"自主采购",null,"2019年",{"v":1000,"d":"1,000"},{"v":1000,"d":"1,000"},0]
[20,"县直",null,"衡东县杨山中学","黑板",null,"物资","电脑制作室专用2米*1米","块",600,1,600,"自主采购",null,"2019年",600,600,0]
[21,"县直",null,"衡东县杨山中学","电子显示屏接收器",null,"物资","网络数据卡控制卡","块",480,2,960,"自主采购",null,"2019年",960,960,0]
[22,"县直",null,"衡东县杨山中学","电脑制作室电脑",null,"物资","I5-9600K/8G/1TB/8G组装机","台",6480,1,6480,"自主采购",null,"2019年",{"v":6480,"d":"6,480"},{"v":6480,"d":"6,480"},0]
[23,"县直",null,"衡东县杨山中学","投影机吊架",null,"物资","专用投影机吊架","套",260,3,780,"自主采购",null,"2019年",780,780,0]
[24,"县直",null,"衡东县杨山中学","打印机","A0202","物资","双面打印带复印HP  M427","台",4980,2,9960,"自主采购",null,"2019年",{"v":9960,"d":"9,960"},{"v":9960,"d":"9,960"},0]
[25,"县直",null,"衡东县杨山中学","碎纸机","A02021101","物资","科密3688","台",880,2,1760,"自主采购",null,"2019年",{"v":1760,"d":"1,760"},{"v":1760,"d":"1,760"},0]
[26,"县直",null,"衡东县杨山中学","验钞机",null,"物资","威融验钞机","台",1200,1,1200,"自主采购",null,"2019年",{"v":1200,"d":"1,200"},{"v":1200,"d":"1,200"},0]
[27,"县直",null,"衡东县杨山中学","跑表（60道）",null,"物资","跑表（60道）","块",120,20,2400,"自主采购",null,"2019年",{"v":2400,"d":"2,400"},{"v":2400,"d":"2,400"},0]
[28,"县直",null,"衡东县杨山中学","游泳圈",null,"物资","游泳圈","个",22,100,2200,"自主采购",null,"2019年",{"v":2200,"d":"2,200"},{"v":2200,"d":"2,200"},0]
[29,"县直",null,"衡东县杨山中学","白云军绿刚柄900拖把",null,"物资","白云军绿刚柄900拖把","把",28,40,1120,"自主采购",null,"2019年",{"v":1120,"d":"1,120"},{"v":1120,"d":"1,120"},0]
[30,"县直",null,"衡东县杨山中学","南孚电池5号",null,"物资","南孚电池5号","粒",1.9,850,1615,"自主采购",null,"2019年",{"v":1615,"d":"1,615"},{"v":1615,"d":"1,615"},0]
[31,"县直",null,"衡东县杨山中学","南孚电池7号",null,"物资","南孚电池7号","粒",1.9,450,855,"自主采购",null,"2019年",855,855,0]
[32,"县直",null,"衡东县杨山中学","南孚电池9号",null,"物资","南孚电池9号","粒",12,80,960,"自主采购",null,"2019年",960,960,0]
[33,"县直",null,"衡东县杨山中学","欧普LED9W灯泡",null,"物资","欧普LED9W灯泡","个",15.8,100,{"$f":"SUM(K39*J39)","v":1580},"自主采购",null,"2019年",{"$f":"SUM(L39)","v":{"v":1580,"d":"1,580"}},{"$f":"SUM(P39)","v":{"v":1580,"d":"1,580"}},0]
[34,"县直",null,"衡东县杨山中学","广播线",null,"物资","恒飞2*1.0","米",2.2,1000,2200,"自主采购",null,"2019年",{"v":2200,"d":"2,200"},{"v":2200,"d":"2,200"},0]
[35,"县直",null,"衡东县杨山中学","飞行48寸吊扇",null,"物资","飞行48寸吊扇","把",39,30,1170,"自主采购",null,"2019年",{"v":1170,"d":"1,170"},{"v":1170,"d":"1,170"},0]
[36,"县直",null,"衡东县杨山中学","草酸（洗厕所用）",null,"物资","草酸（洗厕所用）","桶",68,20,1360,"自主采购",null,"2019年",{"v":1360,"d":"1,360"},{"v":1360,"d":"1,360"},0]
[37,"县直",null,"衡东县杨山中学","油墨","A09","物资","油墨","支",180,80,14400,"自主采购",null,"2019年",{"v":14400,"d":"14,400"},{"v":14400,"d":"14,400"},0]
[38,"县直",null,"衡东县杨山中学","版纸","A09","物资","版纸","支",380,40,15200,"自主采购",null,"2019年",{"v":15200,"d":"15,200"},{"v":15200,"d":"15,200"},0]
[39,"县直",null,"衡东县杨山中学","8K油印纸","A09","物资","8K油印纸","锭",310,200,62000,"自主采购",null,"2019年",{"v":62000,"d":"62,000"},{"v":62000,"d":"62,000"},0]
[40,"县直",null,"衡东县杨山中学","A4散装纸","A09","物资","A4散装纸","锭",310,20,6200,"自主采购",null,"2019年",{"v":6200,"d":"6,200"},{"v":6200,"d":"6,200"},0]
[41,"县直",null,"衡东县杨山中学","A4包装纸","A09","物资","A4包装纸","锭",200,40,8000,"自主采购",null,"2019年",{"v":8000,"d":"8,000"},{"v":8000,"d":"8,000"},0]
[42,"县直",null,"衡东县杨山中学","地膜胶",null,"物资","地膜胶","块",70,110,7700,"自主采购",null,"2019年",{"v":7700,"d":"7,700"},{"v":7700,"d":"7,700"},0]
[43,"县直",null,"衡东县杨山中学","不锈钢门",null,"物资","不锈钢门","条",1600,1,1600,"自主采购",null,"2019年",{"v":1600,"d":"1,600"},{"v":1600,"d":"1,600"},0]
[44,"县直",null,"衡东县杨山中学","密码锁",null,"物资","密码锁","把",1280,1,1280,"自主采购",null,"2019年",{"v":1280,"d":"1,280"},{"v":1280,"d":"1,280"},0]
[45,"县直",null,"衡东县杨山中学","铁皮柜（15格）",null,"物资","铁皮柜（15格）","个",800,2,1600,"自主采购",null,"2019年",{"v":1600,"d":"1,600"},{"v":1600,"d":"1,600"},0]
[46,"县直",null,"衡东县杨山中学","电钢琴",null,"物资","电钢琴","台",5000,2,10000,"自主采购",null,"2019年",{"v":10000,"d":"10,000"},{"v":10000,"d":"10,000"},0]
[47,"县直",null,"衡东县杨山中学","校园文化建设设计费",null,"服务","校园文化建设设计费","次",55000,1,55000,"自主采购",null,"2019年",{"v":55000,"d":"55,000"},{"v":55000,"d":"55,000"},0]
[48,"县直",null,"衡东县杨山中学","木课桌椅",null,"物资","木课桌椅","套",180,200,36000,"自主采购",null,"2019年",{"v":36000,"d":"36,000"},{"v":36000,"d":"36,000"},0]
[49,"县直",null,"衡东县杨山中学","空调",null,"物资","空调","台",6000,10,60000,"自主采购",null,"2019年",{"v":60000,"d":"60,000"},{"v":60000,"d":"60,000"},0]
[50,"县直",null,"衡东县杨山中学","医务室用药品",null,"物资","医务室用药品","年",20000,1,20000,"自主采购",null,"2019年",{"v":20000,"d":"20,000"},{"v":20000,"d":"20,000"},0]
[51,"县直",null,"衡东县杨山中学","美术器材",null,"物资","美术器材","一批",20000,1,20000,"自主采购",null,"2019年",{"v":20000,"d":"20,000"},{"v":20000,"d":"20,000"},0]
[52,"县直",null,"衡东县杨山中学","防碰撞据马",null,"物资","防碰撞据马","米",1000,9,9000,"自主采购",null,"2019年",{"v":9000,"d":"9,000"},{"v":9000,"d":"9,000"},0]
[53,"县直",null,"衡东县杨山中学","复合木地板",null,"物资","复合木地板","㎡",70,60,4200,"自主采购",null,"2019年",{"v":4200,"d":"4,200"},{"v":4200,"d":"4,200"},0]
[54,"县直",null,"衡东县杨山中学","物理、化学、生物实验室仪器药品",null,"物资","物理、化学、生物实验室仪器药品","一批",30000,1,30000,"自主采购",null,"2019年",{"v":30000,"d":"30,000"},{"v":30000,"d":"30,000"},0]
[55,"县直",null,"衡东县杨山中学","校园内白蚁防治购买服务",null,"服务","校园内白蚁防治购买服务","年",20000,1,20000,"自主采购",null,"2019年",{"v":20000,"d":"20,000"},{"v":20000,"d":"20,000"},0]
[56,"县直",null,"衡东县杨山中学","窗帘",null,"物资","教室用窗帘","个",700,20,14000,"自主采购",null,"2019年",{"v":14000,"d":"14,000"},{"v":14000,"d":"14,000"},0]
[57,"县直",null,"衡东县杨山中学","护眼灯",null,"物资","护眼灯","盏",80,20,1600,"自主采购",null,"2019年",{"v":1600,"d":"1,600"},{"v":1600,"d":"1,600"},0]
[58,"县直",null,"衡东县杨山中学","前校门华灯",null,"物资","前校门华灯","盏",30000,2,60000,"自主采购",null,"2019年",{"v":60000,"d":"60,000"},{"v":60000,"d":"60,000"},0]
[59,"县直",null,"衡东县杨山中学","速印机、复印一体机租赁费",null,null,"速印机、复印一体机租赁费","年",20000,1,20000,"自主采购",null,"2019年",{"v":20000,"d":"20,000"},{"v":20000,"d":"20,000"},0]
[60,"县直",null,"衡东县杨山中学","“清风园：廉政文化墙下绿化池","B08",null,"工程","项",7000,1,7000,"自主采购",null,"2019年",{"v":7000,"d":"7,000"},{"v":7000,"d":"7,000"},0]
[61,"县直",null,"衡东县杨山中学","13栋205室卫生间、洗漱间防水翻修","B08",null,"维修","项",10000,1,10000,"自主采购",null,"2019年",{"v":10000,"d":"10,000"},{"v":10000,"d":"10,000"},0]
[62,"县直",null,"衡东县杨山中学","体艺组办公室屋顶防水维修","B08",null,"维修","项",23000,1,23000,"自主采购",null,"2019年",{"v":23000,"d":"23,000"},{"v":23000,"d":"23,000"},0]
[63,"县直",null,"衡东县杨山中学","图书馆卫生间漏水维修","B08",null,"一共三层楼","层",10000,3,30000,"自主采购",null,"2019年",{"v":30000,"d":"30,000"},{"v":30000,"d":"30,000"},0]
[64,"县直",null,"衡东县杨山中学","16栋公寓楼屋顶防水","B08",null,"维修","㎡",43,800,34400,"自主采购",null,"2019年",{"v":34400,"d":"34,400"},{"v":34400,"d":"34,400"},0]
[65,"县直",null,"衡东县杨山中学","田径场跑道维修","B08",null,"维修","项",20000,1,{"$f":"SUM(K71*J71)","v":20000},"自主采购",null,"2019年",{"v":20000,"d":"20,000"},{"$f":"SUM(P71)","v":{"v":20000,"d":"20,000"}},0]
[66,"县直",null,"衡东县杨山中学","三栋二楼会议室屋顶维修","B08",null,"维修","项",20000,1,20000,"自主采购",null,"2019年",{"v":20000,"d":"20,000"},{"v":20000,"d":"20,000"},0]
[67,"县直",null,"衡东县杨山中学","3栋至6栋三角坪地段绿化",null,null,"工程","项",49990,1,49990,"自主采购",null,"2019年",{"v":49990,"d":"49,990"},{"v":49990,"d":"49,990"},0]
[68,{"$nulls":3},"南孚电池5号",null,"物资","南孚电池5号","粒",1.9,850,1615]
[69,{"$nulls":3},"南孚电池7号",null,"物资","南孚电池7号","粒",1.9,450,855]
[70,{"$nulls":3},"南孚电池9号",null,"物资","南孚电池9号","粒",12,80,960]
[71,{"$nulls":3},"欧普LED9W灯泡",null,"物资","欧普LED9W灯泡","个",15.8,100,1580]